{"text_format":"2","workbook":"xlsx","n_sheets":5,"sheets":["Resumo do Orçamento","Orçamento","Comp Unit","Cronograma","Curva ABC"],"not_rendered":{"charts":0,"images":0,"macros":0,"external_links":0,"defined_names":5,"comments":0,"pivot_tables":0},"unopened":[],"bounds":{"document_bytes":16777216,"sheet_cells":100000,"run_cost":"one","rows_first":2000,"rows_last":500,"rows_between":2000,"halvings":0,"cell_chars":16384,"cell_head_chars":4096},"cells_cut":0,"cells_raw":0,"read":"whole","date_system":"1900"}

{"sheet":"Resumo do Orçamento","index":0,"n_rows":47,"n_cols":9,"rows_kept":47,"cut":false,"hidden":false,"merged":[[3,1,3,6],[4,1,4,6],[5,1,5,6],[0,3,0,5],[0,6,0,8],[1,3,1,5],[1,6,1,8],[2,0,2,8],[9,1,9,6],[10,1,10,6],[11,1,11,6],[6,1,6,6],[7,1,7,6],[8,1,8,6],[15,1,15,6],[16,1,16,6],[17,1,17,6],[12,1,12,6],[13,1,13,6],[14,1,14,6],[21,1,21,6],[22,1,22,6],[23,1,23,6],[18,1,18,6],[19,1,19,6],[20,1,20,6],[27,1,27,6],[28,1,28,6],[29,1,29,6],[24,1,24,6],[25,1,25,6],[26,1,26,6],[33,1,33,6],[34,1,34,6],[35,1,35,6],[30,1,30,6],[31,1,31,6],[32,1,32,6],[39,1,39,6],[40,1,40,6],[41,1,41,6],[36,1,36,6],[37,1,37,6],[38,1,38,6],[45,4,45,5],[45,6,45,8],[46,4,46,5],[46,6,46,8],[42,1,42,6],[44,4,44,5],[44,6,44,8]]}
[null,"Obra","Bancos","B.D.I.",null,null,"Encargos Sociais"]
[null,"PROJETO BÁSICO DE UMA PONTE MISTA EM CONCRETO E AÇO SOBRE O RIO MEARIM LIGANDO PEDREIRAS A TRIZIDELA DO VALE COM EXTENSÃO DE 136M E LARGURA 12,20M CLASSE 45TON.","SINAPI - 05/2022 - Maranhão\nSBC - 07/2022 - Maranhão\nSICRO3 - 01/2022 - Maranhão\nSICRO2 - 11/2016 - Maranhão\nCAEMA - 12/2019 - Maranhão\n","24,23% (e 15,92% BDI diferenciado)"]
["Planilha Orçamentária Resumida"]
["Item","Descrição",{"$nulls":5},"Total","Peso (%)"]
[" 1 ","ELABORAÇÃO DE PROJETO EXECUTIVO",{"$nulls":5},820692.75,2.6459122809655851E-2]
[" 2 ","SERVIÇOS INICIAIS",{"$nulls":5},1541485.82,4.9697481329916769E-2]
[" 3 ","INFRA-ESTRUTURA E FUNDAÇÕES (6 EIXOS)",{"$nulls":5},6512456.2000000002,0.20996149702590239]
[" 3.1 ","FUNDAÇÕES EM TUBULÕES A AR COMPRIMIDO (Eixos 2 a 5) em Concreto Armado, Diâmetro do Fuste 1,40m, Diâmetro Base Alargada 3,50m,",{"$nulls":5},6060416.3600000003,0.19538773889118366]
[" 3.2 ","VIGA DE TAVAMENTO PARA FUSTE DE TUBULÃO (2,00 X 1,50 X 9,70) X 4",{"$nulls":5},152454.59,4.9151338545463334E-3]
[" 3.3 ","FUNDAÇÕES EM ESTACAS METÁLICAS 1TR68, ENCAMISADAS EM CONCRETO ARMADO Fck 30MPa (EIXOS 1 E EIXO 6)",{"$nulls":5},237416.94,7.6543188331475989E-3]
[" 3.4 ","ENCAMISAMENTO DAS ESTACAS COM 1,5M DE PROFUNDIDADE EM CONCRETO Fck 30MPa",{"$nulls":5},15451.39,4.9815259802147432E-4]
[" 3.5 ","BLOCO DE COROAMENTO DAS ESTACAS (2,70 X 2,20 X 0,85) X 4",{"$nulls":5},42079.49,1.3566421705049608E-3]
[" 3.6 ","VIGA DE TRAVAMENTO ENTRE BLOCOS",{"$nulls":5},4637.43,1.4951067849835681E-4]
[" 4 ","MESO ESTRUTURAS EM CONCRETO ARMADO",{"$nulls":5},777472.5,2.5065702552666828E-2]
[" 4.1 ","PILARES CIRLULARES DIÂMETRO 1,40M 4 VEZES ( EIXOS 1 E 6)",{"$nulls":5},131182.68,4.2293277729330307E-3]
[" 4.2 ","VIGA DE TRAVAMENTO PARA OS PILARES (60CM X  120CM X 630CM ) X 3 = 13,62M3",{"$nulls":5},35558.199999999997,1.1463958718903081E-3]
[" 4.3 ","VIGAS DE APOIO (BERÇO) (1,00 X 1,20 X 11,00)M , 2 VEZES (EIXOS 1 E 6)",{"$nulls":5},70962.19,2.2878200155321614E-3]
[" 4.4 ","VIGAS DE APOIO (BERÇO) (1,10 X 1,30/2,10 X 11,00)M , 2 VEZES (EIXOS 2 E 5)",{"$nulls":5},108352.1,3.4932701922663649E-3]
[" 4.5 ","VIGAS DE APOIO (BERÇO) (1,10 X 1,30 X 11,00)M , 2 VEZES (EIXOS 3 E 4)",{"$nulls":5},83501.2,2.6920775229872995E-3]
[" 4.6 ","BASE DE REGULARIZAÇÃO COM GRAUTE (500 X 500 X 50)MM + (620 X 410 X 50)MM PARA ASSENTAMENTO DOS APRELHOS DE APOIOS = 0,505M3",{"$nulls":5},1767.51,5.6984497739616696E-5]
[" 4.7 ","APARELHOS DE APOIO EM NEOPRENE FRETADO (200 X 300 X 30)MM = 1,8DM3 X 16UND = 28,80dm3",{"$nulls":5},3610.65,1.1640730562404004E-4]
[" 4.8 ","APARELHOS DE APOIO EM NEOPRENE FRETADO (250 X 400 X 42)MM =4,2DM3 x 24UND= 100,80dm3",{"$nulls":5},12637.29,4.0742605328393088E-4]
[" 4.9 ","ESCORAMENTO PARA BLOCOS DAS ESTACAS, BLOCOS DOS TUBULÕES, PILARES, VIGA DE TRAVAMENTO E VIGA DE APOIO",{"$nulls":5},329900.68,1.0635993320410075E-2]
[" 5 ","SUPER ESTRUTURA",{"$nulls":5},10184925.199999999,0.32836184634744081]
[" 5.1 ","VIGAS METÁLICAS LONGARINAS EM AÇO DE ALTA RESISTÊNCIA A CORROSÃO, ASTM A588 VS-1300 X 199 kg/m vão 15m, MESA SUPERIOR 360/ 12,7mm, MESA INFERIOR 400 X 19mm , ALMA  1268,3 X 9,5mm INCLUINDO CONTRAVENTAMENTOS E CHUMBADORES PESO (31,18TON.)",{"$nulls":5},919591.74,2.9647624867412452E-2]
[" 5.2 ","VIGAS METÁLICAS LONGARINAS EM AÇO DE ALTA RESISTÊNCIA A CORROSÃO, ASTM A588 VS-2100 X 443 kg/m vão 30m, MESA SUPERIOR 500/ 19mm, MESA INFERIOR 620 X 22,4mm , ALMA 2058,6 X 16mm INCLUINDO CONTRAVENTAMENTOS E CHUMBADORES PESO (67,33TON.)",{"$nulls":5},1985763.69,6.4020993660130865E-2]
[" 5.3 ","VIGAS METÁLICAS LONGARINAS EM AÇO DE ALTA RESISTÊNCIA A CORROSÃO, ASTM A588 VS-2100 X 496 kg/m vão 38m, MESA SUPERIOR 500 X 22mm, MESA INFERIOR 620 X 31,5mm , ALMA 2046,5 X 16mm INCLUINDO CONTRAVENTAMENTOS E CHUMBADORES PESO (175,39TON.)",{"$nulls":5},5172777.2699999996,0.16677026701396633]
[" 5.4 ","LAJE DO TABULEIRO EM CONCRETO ARMADO FCK30MPA, ESPESSURA MEDIA 28,5CM",{"$nulls":5},934404.23,3.012517933834789E-2]
[" 5.5 ","PLACAS DE PRÉ LAJES PREMOLDADAS",{"$nulls":5},258329.64,8.3285439893726176E-3]
[" 5.6 ","CORTINAS E ALAS",{"$nulls":5},188790.35,6.0865982499880879E-3]
[" 5.7 ","LAJE DE TRANSIÇÃO (12,20 X 4 X 0,25)M DUAS VEZES= 25,83M3",{"$nulls":5},78071.009999999995,2.5170082731495679E-3]
[" 5.8 ","GUARDA RODAS (DEFENSSAS 2 VEZES)= 136,00m/ GRUARDA RODAS",{"$nulls":5},205059.82,6.6111257357956707E-3]
[" 5.9 ","PASSEIO PARA PEDESTRES COM ACESSIBILIDADE",{"$nulls":5},229546.45,7.4005743453570486E-3]
[" 5.10 ","DRENO DE TUBO DE PVC DIAMETRO 75mm A CADA 3m",{"$nulls":5},13103.6,4.2245988117795165E-4]
[" 5.11 ","REVESTIMENTO DA PISTA DE ROLAMENTO EM CONCRETO SIMPLES 30MPa",{"$nulls":5},25755.13,8.3034503186320534E-4]
[" 5.12 ","PASSARELAS E RAMPAS PARA CONCRETAGEM",{"$nulls":5},113835.15,3.6700436477665912E-3]
[" 5.13 ","LIMPEZA DA OBRA",{"$nulls":5},59897.120000000003,1.9310823131125426E-3]
[" 6 ","RAMPAS DE ACESSO E ILUMINAÇÃO",{"$nulls":5},11030582.640000001,0.35562583041438811]
[" 6.1 ","RAMPA DE ACESSO LADO DE PEDREIRAS-258.00 m",{"$nulls":5},2695447.63,8.69011939841869E-2]
[" 6.2 ","RAMPA DE ACESSO LADO DE TRIZIDELA DO VALE-612.00 m",{"$nulls":5},8335135.0099999998,0.26872463643020122]
[" 7 ","ILUMINAÇÃO E ASFALTAMENTO DA PONTE TRIZIDELA - PEDREIRAS - 136 m",{"$nulls":5},149768.04,4.8285195200292062E-3]
[" 7.1 ","INSTALAÇÕES ELÉTRICAS, ILUMINAÇÃO",{"$nulls":5},48389.43,1.5600745480683789E-3]
[" 7.2 ","PAVIMENTAÇÃO ASFÁLTICA E SARJETA",{"$nulls":5},101378.61,3.2684449719608279E-3]
[]
[{"$nulls":4},"Total sem BDI",null,25459275.129999999]
[{"$nulls":4},"Total do BDI",null,5558108.0199999996]
[{"$nulls":4},"Total Geral",null,31017383.149999999]

{"sheet":"Orçamento","index":1,"n_rows":256,"n_cols":10,"rows_kept":256,"cut":false,"hidden":false,"merged":[[0,4,0,5],[0,6,0,7],[0,8,0,9],[1,4,1,5],[1,6,1,7],[1,8,1,9],[255,0,255,2],[255,5,255,6],[255,7,255,9],[2,0,2,9],[253,0,253,2],[253,5,253,6],[253,7,253,9],[254,0,254,2],[254,5,254,6],[254,7,254,9]]}
[null,null,null,"Obra","Bancos",null,"B.D.I.",null,"Encargos Sociais"]
[null,null,null,"PROJETO BÁSICO DE UMA PONTE MISTA EM CONCRETO E AÇO SOBRE O RIO MEARIM LIGANDO PEDREIRAS A TRIZIDELA DO VALE COM EXTENSÃO DE 136M E LARGURA 12,20M CLASSE 45TON.","SINAPI - 05/2022 - Maranhão\nSBC - 07/2022 - Maranhão\nSICRO3 - 01/2022 - Maranhão\n",null,"24,23%"]
["Orçamento Sintético"]
["Item","Código","Banco","Descrição","Und","Quant.","Valor Unit","Valor Unit com BDI","Total","Peso (%)"]
[" 1 ",null,null,"ELABORAÇÃO DE PROJETO EXECUTIVO",{"$nulls":4},820692.75,2.6459122809655851E-2]
[" 1.1 "," COMP PRP - 0002 ","Próprio","Contratação de Serviço para Detalhamento e Eleboraçâo de Projeto Executivo","m²",1659.2,389.59,483.98,803019.61,2.5889341022632337E-2]
[" 1.2 "," COMP PRP - 0003 ","Próprio","Aprovações Órgãos Oficiais, Taxas e Registros de Obras","und",1,1426.5,1772.14,1772.14,5.7133768875018717E-5]
[" 1.3 "," COMP PRP - 0004 ","Próprio","SONDAGEM DE PERCUSSAO  DE CONFIRMAÇÃO (M)","M",100,128,159.01,15901,5.1264801814849431E-4]
[" 2 ",null,null,"SERVIÇOS INICIAIS",{"$nulls":4},1541485.82,4.9697481329916769E-2]
[" 2.1 "," 00001581 ","Próprio","MOBILIZAÇÃO E DESMOBILIZAÇÃO DE OBRA","UN",1,64179.23,79729.850000000006,79729.850000000006,2.5704892516053533E-3]
[" 2.2 "," 879 ","Próprio","ADMINISTRAÇÃO DA OBRA","MES",1,851844.86,1058246.8600000001,1058246.8600000001,3.4117864001689646E-2]
[" 2.3 "," 016500 ","SBC","PLACA DE RESPONSABILIDADE TECNICA EM OBRAS","m²",25,43.46,53.99,1349.75,4.3515921168224022E-5]
[" 2.4 "," COMP PRP - 0005 ","Próprio","LOCACAO DE CONTAINER 2,30 X 6,00 M, ALT. 2,50 M, PARA ESCRITORIO, SEM DIVISORIAS INTERNAS E SEM SANITARIO","MES",18,648.42999999999995,805.54,14499.72,4.6747077049921922E-4]
[" 2.5 "," COMP PRP - 0006 ","Próprio","LOCACAO DE CONTAINER 2,30 X 6,00 M, ALT. 2,50 M, COM 1 SANITARIO, PARA ESCRITORIO, COMPLETO, SEM DIVISORIAS INTERNAS","MES",18,830,1031.0999999999999,18559.8,5.9836769305279065E-4]
[" 2.6 "," COMP PRP - 0007 ","Próprio","LOCACAO DE CONTAINER 2,30 X 6,00 M, ALT. 2,50 M, PARA SANITARIO, COM 4 BACIAS, 8 CHUVEIROS,1 LAVATORIO E 1 MICTORIO","MES",18,1037.5,1288.8800000000001,23199.84,7.479625179147326E-4]
[" 2.7 "," 93207 ","SINAPI","EXECUÇÃO DE ESCRITÓRIO EM CANTEIRO DE OBRA EM CHAPA DE MADEIRA COMPENSADA, NÃO INCLUSO MOBILIÁRIO E EQUIPAMENTOS. AF_02/2016","m²",240,1160.1500000000001,1441.25,345900,1.1151811173986803E-2]
[" 3 ",null,null,"INFRA-ESTRUTURA E FUNDAÇÕES (6 EIXOS)",{"$nulls":4},6512456.2000000002,0.20996149702590239]
[" 3.1 ",null,null,"FUNDAÇÕES EM TUBULÕES A AR COMPRIMIDO (Eixos 2 a 5) em Concreto Armado, Diâmetro do Fuste 1,40m, Diâmetro Base Alargada 3,50m,",{"$nulls":4},6060416.3600000003,0.19538773889118366]
[" 3.1.1 "," 6106319 ","SICRO3","Escavação manual de fuste de tubulão a ar comprimido em material de 2ª categoria na profundidade de 10 a 15 m","m³",336.12,6685.26,8305.09,2791506.85,8.9998141896764111E-2]
[" 3.1.2 "," 6106213 ","SICRO3","Escavação manual de base alargada de tubulão a ar comprimido em material de 3ª categoria na profundidade de 10 a 15 m","m³",126.1,11187.89,13898.71,1752627.33,5.6504680666460416E-2]
[" 3.1.3 "," 1107900 ","SICRO3","Concreto fck = 30 MPa - confecção em betoneira e lançamento manual - areia e brita comerciais","m³",336.12,439.05,545.42999999999995,183329.93,5.9105543853721267E-3]
[" 3.1.4 "," 1100657 ","SICRO3","Adensamento de concreto por vibrador de imersão","m³",336.12,3.07,3.81,1280.6099999999999,4.1286848532868573E-5]
[" 3.1.5 "," 0407819 ","SICRO3","Armação em aço CA-50 - fornecimento, preparo e colocação","kg",26889,12.48,15.5,416779.5,1.343696526507266E-2]
[" 3.1.6 "," 1107900 ","SICRO3","Concreto fck = 30 MPa - confecção em betoneira e lançamento manual - areia e brita comerciais","m³",126.1,439.05,545.42999999999995,68778.720000000001,2.2174249731960385E-3]
[" 3.1.7 "," 1100657 ","SICRO3","Adensamento de concreto por vibrador de imersão","m³",126.1,3.07,3.81,480.44,1.5489378896878347E-5]
[" 3.1.8 "," 0407819 ","SICRO3","Armação em aço CA-50 - fornecimento, preparo e colocação","kg",2960,12.48,15.5,45880,1.4791705598800652E-3]
[" 3.1.9 "," 6106218 ","SICRO3","Colocação e retirada de campânula de ar comprimido em tubulão com apoio de guindaste","un",30,411.27,510.92,15327.6,4.9416161014859822E-4]
[" 3.1.10 "," COMP PRP - 0008 ","Próprio","PONTE BRANCA DE MADEIRA PARA ACESSO AOS TUBULOES E/OU BATE ESTACAS","m³",3362.88,187.77,233.26,784425.38,2.5289863306859915E-2]
[" 3.2 ",null,null,"VIGA DE TAVAMENTO PARA FUSTE DE TUBULÃO (2,00 X 1,50 X 9,70) X 4",{"$nulls":4},152454.59,4.9151338545463334E-3]
[" 3.2.1 "," 1107900 ","SICRO3","Concreto fck = 30 MPa - confecção em betoneira e lançamento manual - areia e brita comerciais","m³",116.4,439.05,545.42999999999995,63488.05,2.046853846211717E-3]
[" 3.2.2 "," 1106051 ","SICRO3","Lançamento livre de concreto usinado por meio de caminhão betoneira - confecção em central dosadora de 40 m³/h","m³",116.4,34.26,42.56,4953.9799999999996,1.5971624608183621E-4]
[" 3.2.3 "," 1100657 ","SICRO3","Adensamento de concreto por vibrador de imersão","m³",116.4,3.07,3.81,443.48,1.4297789012546019E-5]
[" 3.2.4 "," 0407819 ","SICRO3","Armação em aço CA-50 - fornecimento, preparo e colocação","kg",3492,12.48,15.5,54126,1.7450214848314823E-3]
[" 3.2.5 "," 3108016 ","SICRO3","Fôrmas de compensado plastificado 14 mm - uso geral - utilização de 2 vezes - confecção, instalação e retirada","m²",218,108.72,135.06,29443.08,9.4924448840875216E-4]
[" 3.3 ",null,null,"FUNDAÇÕES EM ESTACAS METÁLICAS 1TR68, ENCAMISADAS EM CONCRETO ARMADO Fck 30MPa (EIXOS 1 E EIXO 6)",{"$nulls":4},237416.94,7.6543188331475989E-3]
[" 3.3.1 "," COMP PRP - 0009 ","Próprio","PLATAFORMA DE MADEIRA PARA CRAVAÇÃO DE ESTACAS EIXOS 1 E 6","m³",180,187.77,233.26,41986.8,1.3536538461981762E-3]
[" 3.3.2 "," 2306113 ","SICRO3","Estaca trilho TR 68 - fornecimento e cravação","m",384,374.7,465.48,178744.32000000001,5.7627143829507748E-3]
[" 3.3.3 "," 5914434 ","SICRO3","Transporte com caminhão carroceria de 9 t - rodovia pavimentada","tkm",7833,0.7,0.86,6736.38,2.1718079721370692E-4]
[" 3.3.4 "," 020712 ","SBC","CORTE DE TRILHOS DE ACO TR-45/68Kgf/m COM ELETRODOS ELETRICOS","M",384,20.86,25.91,9949.44,3.2076980678494147E-4]
[" 3.4 ",null,null,"ENCAMISAMENTO DAS ESTACAS COM 1,5M DE PROFUNDIDADE EM CONCRETO Fck 30MPa",{"$nulls":4},15451.39,4.9815259802147432E-4]
[" 3.4.1 "," 1107900 ","SICRO3","Concreto fck = 30 MPa - confecção em betoneira e lançamento manual - areia e brita comerciais","m³",3.84,439.05,545.42999999999995,2094.4499999999998,6.7525038778134324E-5]
[" 3.4.2 "," 1106051 ","SICRO3","Lançamento livre de concreto usinado por meio de caminhão betoneira - confecção em central dosadora de 40 m³/h","m³",3.84,34.26,42.56,163.43,5.2689809198168928E-6]
[" 3.4.3 "," 1100657 ","SICRO3","Adensamento de concreto por vibrador de imersão","m³",3.84,3.07,3.81,14.63,4.7167099588154652E-7]
[" 3.4.4 "," 0407819 ","SICRO3","Armação em aço CA-50 - fornecimento, preparo e colocação","kg",432,12.48,15.5,6696,2.158789465770906E-4]
[" 3.4.5 "," 3108016 ","SICRO3","Fôrmas de compensado plastificado 14 mm - uso geral - utilização de 2 vezes - confecção, instalação e retirada","m²",48,108.72,135.06,6482.88,2.0900796075055093E-4]
[" 3.5 ",null,null,"BLOCO DE COROAMENTO DAS ESTACAS (2,70 X 2,20 X 0,85) X 4",{"$nulls":4},42079.49,1.3566421705049608E-3]
[" 3.5.1 "," 1107900 ","SICRO3","Concreto fck = 30 MPa - confecção em betoneira e lançamento manual - areia e brita comerciais","m³",20.2,439.05,545.42999999999995,11017.68,3.5520984948080638E-4]
[" 3.5.2 "," 1106051 ","SICRO3","Lançamento livre de concreto usinado por meio de caminhão betoneira - confecção em central dosadora de 40 m³/h","m³",20.2,34.26,42.56,859.71,2.7717038405285329E-5]
[" 3.5.3 "," 1100657 ","SICRO3","Adensamento de concreto por vibrador de imersão","m³",20.2,3.07,3.81,76.959999999999994,2.4811893262504317E-6]
[" 3.5.4 "," 0407819 ","SICRO3","Armação em aço CA-50 - fornecimento, preparo e colocação","kg",1778,12.48,15.5,27559,8.8850177549552563E-4]
[" 3.5.5 "," 3108016 ","SICRO3","Fôrmas de compensado plastificado 14 mm - uso geral - utilização de 2 vezes - confecção, instalação e retirada","m²",19,108.72,135.06,2566.14,8.2732317797093078E-5]
[" 3.6 ",null,null,"VIGA DE TRAVAMENTO ENTRE BLOCOS",{"$nulls":4},4637.43,1.4951067849835681E-4]
[" 3.6.1 "," 1107900 ","SICRO3","Concreto fck = 30 MPa - confecção em betoneira e lançamento manual - areia e brita comerciais","m³",3.5,439.05,545.42999999999995,1909,6.1546133365541507E-5]
[" 3.6.2 "," 1106051 ","SICRO3","Lançamento livre de concreto usinado por meio de caminhão betoneira - confecção em central dosadora de 40 m³/h","m³",3.5,34.26,42.56,148.96,4.8024683217030186E-6]
[" 3.6.3 "," 1100657 ","SICRO3","Adensamento de concreto por vibrador de imersão","m³",3.5,3.07,3.81,13.33,4.2975901401920814E-7]
[" 3.6.4 "," 3108016 ","SICRO3","Fôrmas de compensado plastificado 14 mm - uso geral - utilização de 2 vezes - confecção, instalação e retirada","m²",19,108.72,135.06,2566.14,8.2732317797093078E-5]
[" 4 ",null,null,"MESO ESTRUTURAS EM CONCRETO ARMADO",{"$nulls":4},777472.5,2.5065702552666828E-2]
[" 4.1 ",null,null,"PILARES CIRLULARES DIÂMETRO 1,40M 4 VEZES ( EIXOS 1 E 6)",{"$nulls":4},131182.68,4.2293277729330307E-3]
[" 4.1.1 "," 1107900 ","SICRO3","Concreto fck = 30 MPa - confecção em betoneira e lançamento manual - areia e brita comerciais","m³",55.29,439.05,545.42999999999995,30156.82,9.7225545605061784E-4]
[" 4.1.2 "," 1106051 ","SICRO3","Lançamento livre de concreto usinado por meio de caminhão betoneira - confecção em central dosadora de 40 m³/h","m³",55.29,34.26,42.56,2353.14,7.5865200768879176E-5]
[" 4.1.3 "," 1100657 ","SICRO3","Adensamento de concreto por vibrador de imersão","m³",55.29,3.07,3.81,210.65,6.7913530610012144E-6]
[" 4.1.4 "," 0407819 ","SICRO3","Armação em aço CA-50 - fornecimento, preparo e colocação","kg",4976,12.48,15.5,77128,2.4866056439064878E-3]
[" 4.1.5 "," 3108016 ","SICRO3","Fôrmas de compensado plastificado 14 mm - uso geral - utilização de 2 vezes - confecção, instalação e retirada","m²",157.96,108.72,135.06,21334.07,6.8781011914604412E-4]
[" 4.2 ",null,null,"VIGA DE TRAVAMENTO PARA OS PILARES (60CM X  120CM X 630CM ) X 3 = 13,62M3",{"$nulls":4},35558.199999999997,1.1463958718903081E-3]
[" 4.2.1 "," 1107900 ","SICRO3","Concreto fck = 30 MPa - confecção em betoneira e lançamento manual - areia e brita comerciais","m³",13.62,439.05,545.42999999999995,7428.75,2.3950279635372786E-4]
[" 4.2.2 "," 1106051 ","SICRO3","Lançamento livre de concreto usinado por meio de caminhão betoneira - confecção em central dosadora de 40 m³/h","m³",13.62,34.26,42.56,579.66,1.8688230312556202E-5]
[" 4.2.3 "," 1100657 ","SICRO3","Adensamento de concreto por vibrador de imersão","m³",13.62,3.07,3.81,51.89,1.6729328760282603E-6]
[" 4.2.4 "," 0407819 ","SICRO3","Armação em aço CA-50 - fornecimento, preparo e colocação","kg",1280,12.48,15.5,19840,6.3964132319137951E-4]
[" 4.2.5 "," 3108016 ","SICRO3","Fôrmas de compensado plastificado 14 mm - uso geral - utilização de 2 vezes - confecção, instalação e retirada","m²",56.7,108.72,135.06,7657.9,2.4689058915661622E-4]
[" 4.3 ",null,null,"VIGAS DE APOIO (BERÇO) (1,00 X 1,20 X 11,00)M , 2 VEZES (EIXOS 1 E 6)",{"$nulls":4},70962.19,2.2878200155321614E-3]
[" 4.3.1 "," 1107900 ","SICRO3","Concreto fck = 30 MPa - confecção em betoneira e lançamento manual - areia e brita comerciais","m³",26.4,439.05,545.42999999999995,14399.35,4.6423484309958624E-4]
[" 4.3.2 "," 1106051 ","SICRO3","Lançamento livre de concreto usinado por meio de caminhão betoneira - confecção em central dosadora de 40 m³/h","m³",26.4,34.26,42.56,1123.58,3.622420352375858E-5]
[" 4.3.3 "," 1100657 ","SICRO3","Adensamento de concreto por vibrador de imersão","m³",26.4,3.07,3.81,100.58,3.2426977967030724E-6]
[" 4.3.4 "," 0407819 ","SICRO3","Armação em aço CA-50 - fornecimento, preparo e colocação","kg",2904,12.48,15.5,45012,1.4511862519904423E-3]
[" 4.3.5 "," 3108016 ","SICRO3","Fôrmas de compensado plastificado 14 mm - uso geral - utilização de 2 vezes - confecção, instalação e retirada","m²",76.459999999999994,108.72,135.06,10326.68,3.3293201912167113E-4]
[" 4.4 ",null,null,"VIGAS DE APOIO (BERÇO) (1,10 X 1,30/2,10 X 11,00)M , 2 VEZES (EIXOS 2 E 5)",{"$nulls":4},108352.1,3.4932701922663649E-3]
[" 4.4.1 "," 1107900 ","SICRO3","Concreto fck = 30 MPa - confecção em betoneira e lançamento manual - areia e brita comerciais","m³",41.14,439.05,545.42999999999995,22438.99,7.2343272453014788E-4]
[" 4.4.2 "," 1106051 ","SICRO3","Lançamento livre de concreto usinado por meio de caminhão betoneira - confecção em central dosadora de 40 m³/h","m³",41.14,34.26,42.56,1750.91,5.644931397122068E-5]
[" 4.4.3 "," 1100657 ","SICRO3","Adensamento de concreto por vibrador de imersão","m³",41.14,3.07,3.81,156.74,5.0532954131560901E-6]
[" 4.4.4 "," 0407819 ","SICRO3","Armação em aço CA-50 - fornecimento, preparo e colocação","kg",4525,12.48,15.5,70137.5,2.2612320214382754E-3]
[" 4.4.5 "," 3108016 ","SICRO3","Fôrmas de compensado plastificado 14 mm - uso geral - utilização de 2 vezes - confecção, instalação e retirada","m²",102.68,108.72,135.06,13867.96,4.4710283691356471E-4]
[" 4.5 ",null,null,"VIGAS DE APOIO (BERÇO) (1,10 X 1,30 X 11,00)M , 2 VEZES (EIXOS 3 E 4)",{"$nulls":4},83501.2,2.6920775229872995E-3]
[" 4.5.1 "," 1107900 ","SICRO3","Concreto fck = 30 MPa - confecção em betoneira e lançamento manual - areia e brita comerciais","m³",31.46,439.05,545.42999999999995,17159.22,5.5321301339374921E-4]
[" 4.5.2 "," 1106051 ","SICRO3","Lançamento livre de concreto usinado por meio de caminhão betoneira - confecção em central dosadora de 40 m³/h","m³",31.46,34.26,42.56,1338.93,4.3167084519185171E-5]
[" 4.5.3 "," 1100657 ","SICRO3","Adensamento de concreto por vibrador de imersão","m³",31.46,3.07,3.81,119.86,3.8642847277075984E-6]
[" 4.5.4 "," 0407819 ","SICRO3","Armação em aço CA-50 - fornecimento, preparo e colocação","kg",3460,12.48,15.5,53630,1.7290304517516978E-3]
[" 4.5.5 "," 3108016 ","SICRO3","Fôrmas de compensado plastificado 14 mm - uso geral - utilização de 2 vezes - confecção, instalação e retirada","m²",83.32,108.72,135.06,11253.19,3.6280268859495971E-4]
[" 4.6 ",null,null,"BASE DE REGULARIZAÇÃO COM GRAUTE (500 X 500 X 50)MM + (620 X 410 X 50)MM PARA ASSENTAMENTO DOS APRELHOS DE APOIOS = 0,505M3",{"$nulls":4},1767.51,5.6984497739616696E-5]
[" 4.6.1 "," 1108055 ","SICRO3","Argamassa autoadensável para reparos e grauteamento - confecção em misturador e lançamento manual","m³",0.51,2789.76,3465.71,1767.51,5.6984497739616696E-5]
[" 4.7 ",null,null,"APARELHOS DE APOIO EM NEOPRENE FRETADO (200 X 300 X 30)MM = 1,8DM3 X 16UND = 28,80dm3",{"$nulls":4},3610.65,1.1640730562404004E-4]
[" 4.7.1 "," 0307731 ","SICRO3","Aparelho de apoio de neoprene fretado para estruturas moldadas no local - fornecimento e instalação","dm³",28.8,100.92,125.37,3610.65,1.1640730562404004E-4]
[" 4.8 ",null,null,"APARELHOS DE APOIO EM NEOPRENE FRETADO (250 X 400 X 42)MM =4,2DM3 x 24UND= 100,80dm3",{"$nulls":4},12637.29,4.0742605328393088E-4]
[" 4.8.1 "," 0307731 ","SICRO3","Aparelho de apoio de neoprene fretado para estruturas moldadas no local - fornecimento e instalação","dm³",100.8,100.92,125.37,12637.29,4.0742605328393088E-4]
[" 4.9 ",null,null,"ESCORAMENTO PARA BLOCOS DAS ESTACAS, BLOCOS DOS TUBULÕES, PILARES, VIGA DE TRAVAMENTO E VIGA DE APOIO",{"$nulls":4},329900.68,1.0635993320410075E-2]
[" 4.9.1 "," 2 S 03 119 01 ","SICRO2","Escoramento com madeira de OAE","m³",4622.3999999999996,57.45,71.37,329900.68,1.0635993320410075E-2]
[" 5 ",null,null,"SUPER ESTRUTURA",{"$nulls":4},10184925.199999999,0.32836184634744081]
[" 5.1 ",null,null,"VIGAS METÁLICAS LONGARINAS EM AÇO DE ALTA RESISTÊNCIA A CORROSÃO, ASTM A588 VS-1300 X 199 kg/m vão 15m, MESA SUPERIOR 360/ 12,7mm, MESA INFERIOR 400 X 19mm , ALMA  1268,3 X 9,5mm INCLUINDO CONTRAVENTAMENTOS E CHUMBADORES PESO (31,18TON.)",{"$nulls":4},919591.74,2.9647624867412452E-2]
[" 5.1.1 "," 5914479 ","SICRO3","Transporte com caminhão carroceria de 15 t - rodovia pavimentada","tkm",9354,0.66,0.81,7576.74,2.4427399188896439E-4]
[" 5.1.2 "," COMP PRP - 0010 ","Próprio","Fornecimento, fabricação e montagem de estrutura em Aço ASTM A-588 (NBR 5008), para Vigamentos, transversinas, contraventamentos e demais acessórios, inclusive todos os serviços de nivelamento e ajustes de montagem, soldas, chumbadores, conectores e ligações. - BDI = 15,92","KG",31180,25.24,29.25,912015,2.9403350875523489E-2]
[" 5.2 ",null,null,"VIGAS METÁLICAS LONGARINAS EM AÇO DE ALTA RESISTÊNCIA A CORROSÃO, ASTM A588 VS-2100 X 443 kg/m vão 30m, MESA SUPERIOR 500/ 19mm, MESA INFERIOR 620 X 22,4mm , ALMA 2058,6 X 16mm INCLUINDO CONTRAVENTAMENTOS E CHUMBADORES PESO (67,33TON.)",{"$nulls":4},1985763.69,6.4020993660130865E-2]
[" 5.2.1 "," 5914479 ","SICRO3","Transporte com caminhão carroceria de 15 t - rodovia pavimentada","tkm",20199,0.66,0.81,16361.19,5.2748453732790151E-4]
[" 5.2.2 "," COMP PRP - 0010 ","Próprio","Fornecimento, fabricação e montagem de estrutura em Aço ASTM A-588 (NBR 5008), para Vigamentos, transversinas, contraventamentos e demais acessórios, inclusive todos os serviços de nivelamento e ajustes de montagem, soldas, chumbadores, conectores e ligações. - BDI = 15,92","KG",67330,25.24,29.25,1969402.5,6.3493509122802966E-2]
[" 5.3 ",null,null,"VIGAS METÁLICAS LONGARINAS EM AÇO DE ALTA RESISTÊNCIA A CORROSÃO, ASTM A588 VS-2100 X 496 kg/m vão 38m, MESA SUPERIOR 500 X 22mm, MESA INFERIOR 620 X 31,5mm , ALMA 2046,5 X 16mm INCLUINDO CONTRAVENTAMENTOS E CHUMBADORES PESO (175,39TON.)",{"$nulls":4},5172777.2699999996,0.16677026701396633]
[" 5.3.1 "," 5914479 ","SICRO3","Transporte com caminhão carroceria de 15 t - rodovia pavimentada","tkm",52617,0.66,0.81,42619.77,1.3740607901669487E-3]
[" 5.3.2 "," COMP PRP - 0010 ","Próprio","Fornecimento, fabricação e montagem de estrutura em Aço ASTM A-588 (NBR 5008), para Vigamentos, transversinas, contraventamentos e demais acessórios, inclusive todos os serviços de nivelamento e ajustes de montagem, soldas, chumbadores, conectores e ligações. - BDI = 15,92","KG",175390,25.24,29.25,5130157.5,0.16539620622379939]
[" 5.4 ",null,null,"LAJE DO TABULEIRO EM CONCRETO ARMADO FCK30MPA, ESPESSURA MEDIA 28,5CM",{"$nulls":4},934404.23,3.012517933834789E-2]
[" 5.4.1 "," 1107900 ","SICRO3","Concreto fck = 30 MPa - confecção em betoneira e lançamento manual - areia e brita comerciais","m³",408.53,439.05,545.42999999999995,222824.51,7.1838590935418738E-3]
[" 5.4.2 "," 1106051 ","SICRO3","Lançamento livre de concreto usinado por meio de caminhão betoneira - confecção em central dosadora de 40 m³/h","m³",408.53,34.26,42.56,17387.03,5.6055760461533322E-4]
[" 5.4.3 "," 1100657 ","SICRO3","Adensamento de concreto por vibrador de imersão","m³",408.53,3.07,3.81,1556.49,5.0181215883777739E-5]
[" 5.4.4 "," 0407819 ","SICRO3","Armação em aço CA-50 - fornecimento, preparo e colocação","kg",36768,12.48,15.5,569904,1.8373697008672377E-2]
[" 5.4.5 "," 3108016 ","SICRO3","Fôrmas de compensado plastificado 14 mm - uso geral - utilização de 2 vezes - confecção, instalação e retirada","m²",444.38,108.72,135.06,60017.96,1.9349781930265771E-3]
[" 5.4.6 "," 2 S 03 119 01 ","SICRO2","Escoramento com madeira de OAE","m³",878.72,57.45,71.37,62714.239999999998,2.0219062226079507E-3]
[" 5.5 ",null,null,"PLACAS DE PRÉ LAJES PREMOLDADAS",{"$nulls":4},258329.64,8.3285439893726176E-3]
[" 5.5.1 "," 1107900 ","SICRO3","Concreto fck = 30 MPa - confecção em betoneira e lançamento manual - areia e brita comerciais","m³",64.34,439.05,545.42999999999995,35092.959999999999,1.1313965407813585E-3]
[" 5.5.2 "," 1106051 ","SICRO3","Lançamento livre de concreto usinado por meio de caminhão betoneira - confecção em central dosadora de 40 m³/h","m³",64.34,34.26,42.56,2738.31,8.8283076194969084E-5]
[" 5.5.3 "," 1100657 ","SICRO3","Adensamento de concreto por vibrador de imersão","m³",64.34,3.07,3.81,245.13,7.9029877799346206E-6]
[" 5.5.4 "," 0407819 ","SICRO3","Armação em aço CA-50 - fornecimento, preparo e colocação","kg",12868,12.48,15.5,199454,6.4303941772083373E-3]
[" 5.5.5 "," 3108016 ","SICRO3","Fôrmas de compensado plastificado 14 mm - uso geral - utilização de 2 vezes - confecção, instalação e retirada","m²",154,108.72,135.06,20799.240000000002,6.7056720740801758E-4]
[" 5.6 ",null,null,"CORTINAS E ALAS",{"$nulls":4},188790.35,6.0865982499880879E-3]
[" 5.6.1 "," 1107900 ","SICRO3","Concreto fck = 30 MPa - confecção em betoneira e lançamento manual - areia e brita comerciais","m³",23.52,439.05,545.42999999999995,12828.51,4.1359098341602036E-4]
[" 5.6.2 "," 1106051 ","SICRO3","Lançamento livre de concreto usinado por meio de caminhão betoneira - confecção em central dosadora de 40 m³/h","m³",23.52,34.26,42.56,1001.01,3.2272548433861027E-5]
[" 5.6.3 "," 1100657 ","SICRO3","Adensamento de concreto por vibrador de imersão","m³",23.52,3.07,3.81,89.61,2.8890251497570322E-6]
[" 5.6.4 "," 0407819 ","SICRO3","Armação em aço CA-50 - fornecimento, preparo e colocação","kg",3022,12.48,15.5,46841,1.5101531864721476E-3]
[" 5.6.5 "," 3108016 ","SICRO3","Fôrmas de compensado plastificado 14 mm - uso geral - utilização de 2 vezes - confecção, instalação e retirada","m²",231.82,108.72,135.06,31309.599999999999,1.0094210671669766E-3]
[" 5.6.6 "," 2 S 03 119 01 ","SICRO2","Escoramento com madeira de OAE","m³",1355.2,57.45,71.37,96720.62,3.1182714393493249E-3]
[" 5.7 ",null,null,"LAJE DE TRANSIÇÃO (12,20 X 4 X 0,25)M DUAS VEZES= 25,83M3",{"$nulls":4},78071.009999999995,2.5170082731495679E-3]
[" 5.7.1 "," 1107900 ","SICRO3","Concreto fck = 30 MPa - confecção em betoneira e lançamento manual - areia e brita comerciais","m³",25.83,439.05,545.42999999999995,14088.45,4.5421143143727777E-4]
[" 5.7.2 "," 1106051 ","SICRO3","Lançamento livre de concreto usinado por meio de caminhão betoneira - confecção em central dosadora de 40 m³/h","m³",25.83,34.26,42.56,1099.32,3.5442061462235248E-5]
[" 5.7.3 "," 1100657 ","SICRO3","Adensamento de concreto por vibrador de imersão","m³",25.83,3.07,3.81,98.41,3.1727370269790151E-6]
[" 5.7.4 "," 0407819 ","SICRO3","Armação em aço CA-50 - fornecimento, preparo e colocação","kg",3564,12.48,15.5,55242,1.7810013092609974E-3]
[" 5.7.5 "," 3108016 ","SICRO3","Fôrmas de compensado plastificado 14 mm - uso geral - utilização de 2 vezes - confecção, instalação e retirada","m²",19.86,108.72,135.06,2682.29,8.6476992176562768E-5]
[" 5.7.6 "," 1106057 ","SICRO3","Concreto magro - confecção em betoneira e lançamento manual - areia e brita comerciais","m³",10.17,384.72,477.93,4860.54,1.5670374178551551E-4]
[" 5.8 ",null,null,"GUARDA RODAS (DEFENSSAS 2 VEZES)= 136,00m/ GRUARDA RODAS",{"$nulls":4},205059.82,6.6111257357956707E-3]
[" 5.8.1 "," 1107900 ","SICRO3","Concreto fck = 30 MPa - confecção em betoneira e lançamento manual - areia e brita comerciais","m³",62,439.05,545.42999999999995,33816.660000000003,1.0902486465883567E-3]
[" 5.8.2 "," 1106051 ","SICRO3","Lançamento livre de concreto usinado por meio de caminhão betoneira - confecção em central dosadora de 40 m³/h","m³",62,34.26,42.56,2638.72,8.5072295984453474E-5]
[" 5.8.3 "," 1100657 ","SICRO3","Adensamento de concreto por vibrador de imersão","m³",62,3.07,3.81,236.22,7.6157295042473625E-6]
[" 5.8.4 "," 0407819 ","SICRO3","Armação em aço CA-50 - fornecimento, preparo e colocação","kg",4836,12.48,15.5,74958,2.4166448741824308E-3]
[" 5.8.5 "," 3108016 ","SICRO3","Fôrmas de compensado plastificado 14 mm - uso geral - utilização de 2 vezes - confecção, instalação e retirada","m²",476.02,108.72,135.06,64291.26,2.072749325405293E-3]
[" 5.8.6 "," 2 S 03 119 01 ","SICRO2","Escoramento com madeira de OAE","m³",408,57.45,71.37,29118.959999999999,9.3879486413088974E-4]
[" 5.9 ",null,null,"PASSEIO PARA PEDESTRES COM ACESSIBILIDADE",{"$nulls":4},229546.45,7.4005743453570486E-3]
[" 5.9.1 "," 1107900 ","SICRO3","Concreto fck = 30 MPa - confecção em betoneira e lançamento manual - areia e brita comerciais","m³",14.55,439.05,545.42999999999995,7936,2.5585652927655184E-4]
[" 5.9.2 "," 1106051 ","SICRO3","Lançamento livre de concreto usinado por meio de caminhão betoneira - confecção em central dosadora de 40 m³/h","m³",14.55,34.26,42.56,619.24,1.9964288960334167E-5]
[" 5.9.3 "," 1100657 ","SICRO3","Adensamento de concreto por vibrador de imersão","m³",14.55,3.07,3.81,55.43,1.7870624266380124E-6]
[" 5.9.4 "," 0407819 ","SICRO3","Armação em aço CA-50 - fornecimento, preparo e colocação","kg",655,12.48,15.5,10152.5,3.2731645835183876E-4]
[" 5.9.5 "," 3108016 ","SICRO3","Fôrmas de compensado plastificado 14 mm - uso geral - utilização de 2 vezes - confecção, instalação e retirada","m²",182.72,108.72,135.06,24678.16,7.9562353408914191E-4]
[" 5.9.6 "," 055046 ","SBC","TUBO FERRO GALVANIZADO 3\"\"","M",816,183.59,228.07,186105.12,6.0000264722525438E-3]
[" 5.10 ",null,null,"DRENO DE TUBO DE PVC DIAMETRO 75mm A CADA 3m",{"$nulls":4},13103.6,4.2245988117795165E-4]
[" 5.10.1 "," 2006408 ","SICRO3","Dreno de PVC D = 75 mm para OAE - fornecimento e instalação","m",164,64.319999999999993,79.900000000000006,13103.6,4.2245988117795165E-4]
[" 5.11 ",null,null,"REVESTIMENTO DA PISTA DE ROLAMENTO EM CONCRETO SIMPLES 30MPa",{"$nulls":4},25755.13,8.3034503186320534E-4]
[" 5.11.1 "," 1107900 ","SICRO3","Concreto fck = 30 MPa - confecção em betoneira e lançamento manual - areia e brita comerciais","m³",43.52,439.05,545.42999999999995,23737.11,7.6528409521871613E-4]
[" 5.11.2 "," 1106051 ","SICRO3","Lançamento livre de concreto usinado por meio de caminhão betoneira - confecção em central dosadora de 40 m³/h","m³",43.52,34.26,42.56,1852.21,5.971522455787828E-5]
[" 5.11.3 "," 1100657 ","SICRO3","Adensamento de concreto por vibrador de imersão","m³",43.52,3.07,3.81,165.81,5.3457120866110203E-6]
[" 5.12 ",null,null,"PASSARELAS E RAMPAS PARA CONCRETAGEM",{"$nulls":4},113835.15,3.6700436477665912E-3]
[" 5.12.1 "," 2 S 03 119 01 ","SICRO2","Escoramento com madeira de OAE","m³",1595,57.45,71.37,113835.15,3.6700436477665912E-3]
[" 5.13 ",null,null,"LIMPEZA DA OBRA",{"$nulls":4},59897.120000000003,1.9310823131125426E-3]
[" 5.13.1 "," 210023 ","SBC","LIMPEZA FINAL DE OBRAS","m²",1659.2,29.06,36.1,59897.120000000003,1.9310823131125426E-3]
[" 6 ",null,null,"RAMPAS DE ACESSO E ILUMINAÇÃO",{"$nulls":4},11030582.640000001,0.35562583041438811]
[" 6.1 ",null,null,"RAMPA DE ACESSO LADO DE PEDREIRAS-258.00 m",{"$nulls":4},2695447.63,8.69011939841869E-2]
[" 6.1.1 ",null,null,"TERRAPLENAGEM E TERRA ARMADA - DMT JAZIDA 14.29KM",{"$nulls":4},1579744.97,5.0930955792123297E-2]
[" 6.1.1.1 "," 4016007 ","SICRO3","Escavação e carga de material de jazida com trator de 97 kW e carregadeira de 1,72 m³","m³",717.24,4.22,5.24,3758.33,1.2116850676360169E-4]
[" 6.1.1.2 "," 5914359 ","SICRO3","Transporte com caminhão basculante de 10 m³ - rodovia em leito natural","tkm",10249.36,1.03,1.27,13016.68,4.1965758159066363E-4]
[" 6.1.1.3 "," 4011209 ","SICRO3","Regularização do subleito","m²",3586.2,0.96,1.19,4267.57,1.3758639725866106E-4]
[" 6.1.1.4 "," 5502978 ","SICRO3","Compactação de aterros a 100% do Proctor normal","m³",717.24,4.13,5.13,3679.44,1.1862509426427871E-4]
[" 6.1.1.5 "," 2 S 05 303 07 ","SICRO2","Terra armada - ECE - encontro portante 0,0","m²",3586.2,238,295.66000000000003,1060295.8899999999,3.4183924700301481E-2]
[" 6.1.1.6 "," 5 S 05 303 09 ","SICRO2","Escamas de concreto armado para terra armada","m³",416.49,881.94,1095.6300000000001,456318.93,1.4711715936616658E-2]
[" 6.1.1.7 "," 2 S 05 303 10 ","SICRO2","Concr. soleira e arremates de maciço terra armada","m³",110.91,278.76,346.3,38408.129999999997,1.2382775753279496E-3]
[" 6.1.2 ",null,null,"GUARDA RODAS (DEFENSAS 2 VEZES) = 258,00m/ GUARDA RODAS",{"$nulls":4},389012.25,1.2541749512482648E-2]
[" 6.1.2.1 "," 1107900 ","SICRO3","Concreto fck = 30 MPa - confecção em betoneira e lançamento manual - areia e brita comerciais","m³",117.62,439.05,545.42999999999995,64153.47,2.0683069777277453E-3]
[" 6.1.2.2 "," 1106051 ","SICRO3","Lançamento livre de concreto usinado por meio de caminhão betoneira - confecção em central dosadora de 40 m³/h","m³",117.62,34.26,42.56,5005.8999999999996,1.613901461574459E-4]
[" 6.1.2.3 "," 1100657 ","SICRO3","Adensamento de concreto por vibrador de imersão","m³",117.62,3.07,3.81,448.13,1.4447704947668998E-5]
[" 6.1.2.4 "," 0407819 ","SICRO3","Armação em aço CA-50 - fornecimento, preparo e colocação","kg",9174.18,12.48,15.5,142199.79,4.584519245621789E-3]
[" 6.1.2.5 "," 3108016 ","SICRO3","Fôrmas de compensado plastificado 14 mm - uso geral - utilização de 2 vezes - confecção, instalação e retirada","m²",903.04,108.72,135.06,121964.58,3.9321363575443987E-3]
[" 6.1.2.6 "," 2 S 03 119 01 ","SICRO2","Escoramento com madeira de OAE","m³",774,57.45,71.37,55240.38,1.7809490804835998E-3]
[" 6.1.3 ",null,null,"PASSEIO PARA PEDESTRES COM ACESSIBILIDADE",{"$nulls":4},435461.69,1.4039278810017859E-2]
[" 6.1.3.1 "," 1107900 ","SICRO3","Concreto fck = 30 MPa - confecção em betoneira e lançamento manual - areia e brita comerciais","m³",27.6,439.05,545.42999999999995,15053.86,4.8533623636783167E-4]
[" 6.1.3.2 "," 1106051 ","SICRO3","Lançamento livre de concreto usinado por meio de caminhão betoneira - confecção em central dosadora de 40 m³/h","m³",27.6,34.26,42.56,1174.6500000000001,3.787069961122752E-5]
[" 6.1.3.3 "," 1100657 ","SICRO3","Adensamento de concreto por vibrador de imersão","m³",27.6,3.07,3.81,105.15,3.3900345329422158E-6]
[" 6.1.3.4 "," 0407819 ","SICRO3","Armação em aço CA-50 - fornecimento, preparo e colocação","kg",1242.57,12.48,15.5,19259.830000000002,6.2093665048593887E-4]
[" 6.1.3.5 "," 3108016 ","SICRO3","Fôrmas de compensado plastificado 14 mm - uso geral - utilização de 2 vezes - confecção, instalação e retirada","m²",346.63,108.72,135.06,46815.839999999997,1.5093420284231812E-3]
[" 6.1.3.6 "," 055046 ","SBC","TUBO FERRO GALVANIZADO 3\"\"","M",1548,183.59,228.07,353052.36,1.1382403160596738E-2]
[" 6.1.4 ",null,null,"INSTALAÇÕES ELÉTRICAS E ILUMINAÇÃO",{"$nulls":4},84549.42,2.7258721211624844E-3]
[" 6.1.4.1 "," CPCF33 ","Próprio","Poste em ferro galvanizado 3\" x 8 m, completo, inclusive base sustentação - 01 luminária com lâmpada","un",17,2900.44,3603.21,61254.57,1.9748464821733357E-3]
[" 6.1.4.2 "," CPCF34 ","Próprio","CAIXA DE PASSAGEM 40X40X50CM FUNDO DE BRITA COM TAMPA","Un",17,119.82,148.85,2530.4499999999998,8.1581672695041655E-5]
[" 6.1.4.3 "," 97667 ","SINAPI","ELETRODUTO FLEXÍVEL CORRUGADO, PEAD, DN 50 (1 1/2\"), PARA REDE ENTERRADA DE DISTRIBUIÇÃO DE ENERGIA ELÉTRICA - FORNECIMENTO E INSTALAÇÃO. AF_12/2021","M",536,9.1199999999999992,11.32,6067.52,1.9561676014567334E-4]
[" 6.1.4.4 "," 91933 ","SINAPI","CABO DE COBRE FLEXÍVEL ISOLADO, 10 MM², ANTI-CHAMA 0,6/1,0 KV, PARA CIRCUITOS TERMINAIS - FORNECIMENTO E INSTALAÇÃO. AF_12/2015","M",567.6,15.78,19.600000000000001,11124.96,3.5866855518403072E-4]
[" 6.1.4.5 "," 91927 ","SINAPI","CABO DE COBRE FLEXÍVEL ISOLADO, 2,5 MM², ANTI-CHAMA 0,6/1,0 KV, PARA CIRCUITOS TERMINAIS - FORNECIMENTO E INSTALAÇÃO. AF_12/2015","M",448.8,5.24,6.5,2917.2,9.4050487299087321E-5]
[" 6.1.4.6 "," 3290 ","ORSE","Aterramento composto de haste de cobre l = 2,40m, interligada com cabo de cobre tipo cordoalha","un",6,87.84,109.12,654.72,2.1108163665315524E-5]
[" 6.1.5 ",null,null,"PAVIMENTAÇÃO ASFÁLTICA",{"$nulls":4},206679.3,6.6633377484006089E-3]
[" 6.1.5.1 "," CP021 ","Próprio","AQUISIÇÃO DE CAP 50/70","T",12.43,6350,7360.92,91496.23,2.9498371786402617E-3]
[" 6.1.5.2 "," CP724 ","Próprio","AQUISIÇÃO DE CM-30","T",1.98,7380,8554.89,16938.68,5.4610280687073366E-4]
[" 6.1.5.4 "," CP010 ","Próprio","TRANSPORTE DE CAP 50/70","T",12.43,385.58,446.96,5555.71,1.7911601288647072E-4]
[" 6.1.5.5 "," CP716 ","Próprio","Transporte de asfalto diluído tipo cm-30","T",1.98,385.58,446.96,884.98,2.8531742852717089E-5]
[" 6.1.5.8 "," 4011352 ","SICRO3","Imprimação com emulsão asfáltica","m²",1651.2,0.38,0.47,776.06,2.5020163572374091E-5]
[" 6.1.5.9 "," 4011463 ","SICRO3","Concreto asfáltico - faixa C - areia e brita comerciais","t",177.5,166.13,206.38,36632.449999999997,1.1810296769023212E-3]
[" 6.1.5.9 "," 5914389 ","SICRO3","Transporte com caminhão basculante de 10 m³ - rodovia pavimentada (Até 150 KM DA USINA)","tkm",26625,0.67,0.83,22098.75,7.1246339167719251E-4]
[" 6.1.5.10 "," 2003323 ","SICRO3","Sarjeta triangular de concreto - STC 03 - escavação mecânica - areia e brita comerciais","m",516,50.39,62.59,32296.44,1.0412367749985383E-3]
[" 6.2 ",null,null,"RAMPA DE ACESSO LADO DE TRIZIDELA DO VALE-612.00 m",{"$nulls":4},8335135.0099999998,0.26872463643020122]
[" 6.2.1 ",null,null,"TERRAPLENAGEM E TERRA ARMADA - DMT JAZIDA 14.29 KM",{"$nulls":4},5686574.4500000002,0.18333508092864373]
[" 6.2.1.1 "," 4016007 ","SICRO3","Escavação e carga de material de jazida com trator de 97 kW e carregadeira de 1,72 m³","m³",1701.36,4.22,5.24,8915.1200000000008,2.8742334441582315E-4]
[" 6.2.1.2 "," 5914359 ","SICRO3","Transporte com caminhão basculante de 10 m³ - rodovia em leito natural","tkm",24312.43,1.03,1.27,30876.78,9.9546695640570179E-4]
[" 6.2.1.3 "," 4011209 ","SICRO3","Regularização do subleito","m²",8506.7999999999993,0.96,1.19,10123.09,3.2636828036216849E-4]
[" 6.2.1.4 "," 5502978 ","SICRO3","Compactação de aterros a 100% do Proctor normal","m³",1701.36,4.13,5.13,8727.9699999999993,2.8138963102694885E-4]
[" 6.2.1.5 "," 2 S 05 303 08 ","SICRO2","Terra armada - ECE - encontro portante 6,0","m²",8506.7999999999993,320,397.53,3381708.2,0.1090262251862469]
[" 6.2.1.6 "," 2 S 05 303 09 ","SICRO2","Escamas de concreto armado para terra armada","m³",1968.11,881.94,1095.6300000000001,2156320.35,6.9519737998916267E-2]
[" 6.2.1.7 "," 2 S 05 303 10 ","SICRO2","Concr. soleira e arremates de maciço terra armada","m³",259.61,278.76,346.3,89902.94,2.8984695312699194E-3]
[" 6.2.2 ",null,null,"GUARDA RODAS (DEFENSAS 2 VEZES) = 612,00m/ GUARDA RODAS",{"$nulls":4},922769.19,2.9750065811080521E-2]
[" 6.2.2.1 "," 1107900 ","SICRO3","Concreto fck = 30 MPa - confecção em betoneira e lançamento manual - areia e brita comerciais","m³",279,439.05,545.42999999999995,152174.97,4.9061189096476047E-3]
[" 6.2.2.2 "," 1106051 ","SICRO3","Lançamento livre de concreto usinado por meio de caminhão betoneira - confecção em central dosadora de 40 m³/h","m³",279,34.26,42.56,11874.24,3.8282533193004063E-4]
[" 6.2.2.3 "," 1100657 ","SICRO3","Adensamento de concreto por vibrador de imersão","m³",279,3.07,3.81,1062.99,3.4270782769113134E-5]
[" 6.2.2.4 "," 0407819 ","SICRO3","Armação em aço CA-50 - fornecimento, preparo e colocação","kg",21762,12.48,15.5,337311,1.0874901933820938E-2]
[" 6.2.2.5 "," 3108016 ","SICRO3","Fôrmas de compensado plastificado 14 mm - uso geral - utilização de 2 vezes - confecção, instalação e retirada","m²",2142.09,108.72,135.06,289310.67,9.3273719643238179E-3]
[" 6.2.2.6 "," 2 S 03 119 01 ","SICRO2","Escoramento com madeira de OAE","m³",1836,57.45,71.37,131035.32,4.2245768885890043E-3]
[" 6.2.3 ",null,null,"PASSEIO PARA PEDESTRES COM ACESSIBILIDADE",{"$nulls":4},1032962.06,3.3302682402464374E-2]
[" 6.2.3.1 "," 1107900 ","SICRO3","Concreto fck = 30 MPa - confecção em betoneira e lançamento manual - areia e brita comerciais","m³",65.48,439.05,545.42999999999995,35714.75,1.1514430417061149E-3]
[" 6.2.3.2 "," 1106051 ","SICRO3","Lançamento livre de concreto usinado por meio de caminhão betoneira - confecção em central dosadora de 40 m³/h","m³",65.48,34.26,42.56,2786.82,8.9847037918155265E-5]
[" 6.2.3.3 "," 1100657 ","SICRO3","Adensamento de concreto por vibrador de imersão","m³",65.48,3.07,3.81,249.47,8.0429093193827345E-6]
[" 6.2.3.4 "," 0407819 ","SICRO3","Armação em aço CA-50 - fornecimento, preparo e colocação","kg",2947.5,12.48,15.5,45686.25,1.4729240625832743E-3]
[" 6.2.3.5 "," 3108016 ","SICRO3","Fôrmas de compensado plastificado 14 mm - uso geral - utilização de 2 vezes - confecção, instalação e retirada","m²",822.24,108.72,135.06,111051.73,3.5803062258009991E-3]
[" 6.2.3.6 "," 055046 ","SBC","TUBO FERRO GALVANIZADO 3\"\"","M",3672,183.59,228.07,837473.04,2.7000119125136449E-2]
[" 6.2.4 ",null,null,"INSTALAÇÕES ELÉTRICAS E ILUMINAÇÃO",{"$nulls":4},202651.02,6.5334660574033632E-3]
[" 6.2.4.1 "," CPCF33 ","Próprio","Poste em ferro galvanizado 3\" x 8 m, completo, inclusive base sustentação - 01 luminária com lâmpada","un",41,2900.44,3603.21,147731.60999999999,4.7628650452415742E-3]
[" 6.2.4.2 "," CPCF34 ","Próprio","CAIXA DE PASSAGEM 40X40X50CM FUNDO DE BRITA COM TAMPA","Un",41,119.82,148.85,6102.85,1.9675579885274752E-4]
[" 6.2.4.3 "," 97667 ","SINAPI","ELETRODUTO FLEXÍVEL CORRUGADO, PEAD, DN 50 (1 1/2\"), PARA REDE ENTERRADA DE DISTRIBUIÇÃO DE ENERGIA ELÉTRICA - FORNECIMENTO E INSTALAÇÃO. AF_12/2021","M",1244,9.1199999999999992,11.32,14082.08,4.5400606272615231E-4]
[" 6.2.4.4 "," 91933 ","SINAPI","CABO DE COBRE FLEXÍVEL ISOLADO, 10 MM², ANTI-CHAMA 0,6/1,0 KV, PARA CIRCUITOS TERMINAIS - FORNECIMENTO E INSTALAÇÃO. AF_12/2015","M",1346.4,15.78,19.600000000000001,26389.439999999999,8.507951774132822E-4]
[" 6.2.4.5 "," 91927 ","SINAPI","CABO DE COBRE FLEXÍVEL ISOLADO, 2,5 MM², ANTI-CHAMA 0,6/1,0 KV, PARA CIRCUITOS TERMINAIS - FORNECIMENTO E INSTALAÇÃO. AF_12/2015","M",1082.4000000000001,5.24,6.5,7035.6,2.2682764583897529E-4]
[" 6.2.4.6 "," 3290 ","ORSE","Aterramento composto de haste de cobre l = 2,40m, interligada com cabo de cobre tipo cordoalha","un",12,87.84,109.12,1309.44,4.2216327330631049E-5]
[" 6.2.5 ",null,null,"PAVIMENTAÇÃO ASFÁLTICA",{"$nulls":4},490178.29,1.5803341230609263E-2]
[" 6.2.5.1 "," CP021 ","Próprio","AQUISIÇÃO DE CAP 50/70","T",29.47,6350,7360.92,216926.31,6.9937012078338402E-3]
[" 6.2.5.2 "," CP724 ","Próprio","AQUISIÇÃO DE CM-30","T",4.7,7380,8554.89,40207.980000000003,1.2963047142163571E-3]
[" 6.2.5.3 "," CP010 ","Próprio","TRANSPORTE DE CAP 50/70","T",29.47,385.58,446.96,13171.91,4.246621946248873E-4]
[" 6.2.5.4 "," CP716 ","Próprio","Transporte de asfalto diluído tipo cm-30","T",4.7,385.58,446.96,2100.71,6.7726861090794502E-5]
[" 6.2.5.5 "," 4011352 ","SICRO3","Imprimação com emulsão asfáltica","m²",3916.8,0.38,0.47,1840.89,5.9350267915815461E-5]
[" 6.2.5.6 "," 4011463 ","SICRO3","Concreto asfáltico - faixa C - areia e brita comerciais","t",421.06,166.13,206.38,86898.36,2.8016019139899622E-3]
[" 6.2.5.7 "," 5914389 ","SICRO3","Transporte com caminhão basculante de 10 m³ - rodovia pavimentada (Até 150 KM DA USINA)","tkm",63159,0.67,0.83,52421.97,1.6900835814061897E-3]
[" 6.2.5.8 "," 2003323 ","SICRO3","Sarjeta triangular de concreto - STC 03 - escavação mecânica - areia e brita comerciais","m",1224,50.39,62.59,76610.16,2.4699104895314163E-3]
[" 7 ",null,null,"ILUMINAÇÃO E ASFALTAMENTO DA PONTE TRIZIDELA - PEDREIRAS - 136 m",{"$nulls":4},149768.04,4.8285195200292062E-3]
[" 7.1 ",null,null,"INSTALAÇÕES ELÉTRICAS, ILUMINAÇÃO",{"$nulls":4},48389.43,1.5600745480683789E-3]
[" 7.1.1 "," CPCF35 ","Próprio","Poste PNG em ferro galvanizado 3\" x 8 m, completo, inclusive base sustentação - 02 luminária com lâmpada","un",9,3180.44,3951.06,35559.54,1.1464390734716122E-3]
[" 7.1.2 "," CPCF34 ","Próprio","CAIXA DE PASSAGEM 40X40X50CM FUNDO DE BRITA COM TAMPA","Un",9,119.82,148.85,1339.65,4.3190297309139694E-5]
[" 7.1.3 "," 97667 ","SINAPI","ELETRODUTO FLEXÍVEL CORRUGADO, PEAD, DN 50 (1 1/2\"), PARA REDE ENTERRADA DE DISTRIBUIÇÃO DE ENERGIA ELÉTRICA - FORNECIMENTO E INSTALAÇÃO. AF_12/2021","M",322,9.1199999999999992,11.32,3645.04,1.1751603874422914E-4]
[" 7.1.4 "," 91933 ","SINAPI","CABO DE COBRE FLEXÍVEL ISOLADO, 10 MM², ANTI-CHAMA 0,6/1,0 KV, PARA CIRCUITOS TERMINAIS - FORNECIMENTO E INSTALAÇÃO. AF_12/2015","M",299.2,15.78,19.600000000000001,5864.32,1.8906559498072938E-4]
[" 7.1.5 "," 91927 ","SINAPI","CABO DE COBRE FLEXÍVEL ISOLADO, 2,5 MM², ANTI-CHAMA 0,6/1,0 KV, PARA CIRCUITOS TERMINAIS - FORNECIMENTO E INSTALAÇÃO. AF_12/2015","M",237.6,5.24,6.5,1544.4,4.9791434452457989E-5]
[" 7.1.6 "," 3290 ","ORSE","Aterramento composto de haste de cobre l = 2,40m, interligada com cabo de cobre tipo cordoalha","un",4,87.84,109.12,436.48,1.407210911021035E-5]
[" 7.2 ",null,null,"PAVIMENTAÇÃO ASFÁLTICA E SARJETA",{"$nulls":4},101378.61,3.2684449719608279E-3]
[" 7.2.1 "," CP021 ","Próprio","AQUISIÇÃO DE CAP 50/70","T",6.55,6350,7360.92,48214.02,1.5544193321157076E-3]
[" 7.2.2 "," CP193 ","Próprio","Aquisição de emulsão asfáltica rr-2c","t",0.39,3960.65,4591.18,1790.56,5.7727629418022007E-5]
[" 7.2.3 "," CP010 ","Próprio","TRANSPORTE DE CAP 50/70","T",6.55,385.58,446.96,2927.58,9.4385138354265068E-5]
[" 7.2.4 "," CP612 ","Próprio","TRANSPORTE DE EMULSÃO ASFÁLTICA RR-2C","t",0.39,385.58,446.96,174.31,5.6197519680186172E-6]
[" 7.2.5 "," 4011353 ","SICRO3","Pintura de ligação","m²",870.4,0.27,0.33,287.23,9.2602911925534254E-6]
[" 7.2.6 "," 4011463 ","SICRO3","Concreto asfáltico - faixa C - areia e brita comerciais","t",93.57,166.13,206.38,19310.97,6.225854033724312E-4]
[" 7.2.7 "," 5914389 ","SICRO3","Transporte com caminhão basculante de 10 m³ - rodovia pavimentada (Até 150 KM DA USINA)","tkm",14035.5,0.67,0.83,11649.46,3.7557842786618188E-4]
[" 7.2.8 "," 2003323 ","SICRO3","Sarjeta triangular de concreto - STC 03 - escavação mecânica - areia e brita comerciais","m",272,50.39,62.59,17024.48,5.48868997673648E-4]
[]
[{"$nulls":5},"Total sem BDI",null,25459275.129999999]
[{"$nulls":5},"Total do BDI",null,5558108.0199999996]
[{"$nulls":5},"Total Geral",null,31017383.149999999]

{"sheet":"Comp Unit","index":2,"n_rows":3638,"n_cols":10,"rows_kept":3638,"cut":false,"hidden":false,"merged":[[0,2,0,3],[0,4,0,5],[0,6,0,7],[0,8,0,9],[1,2,1,3],[1,4,1,5],[1,6,1,7],[1,8,1,9],[18,4,18,5],[19,4,19,5],[21,7,21,8],[23,4,23,5],[24,4,24,5],[25,4,25,5],[10,4,10,5],[11,4,11,5],[12,4,12,5],[13,4,13,5],[15,7,15,8],[17,4,17,5],[2,0,2,9],[3,0,3,9],[4,4,4,5],[5,4,5,5],[6,4,6,5],[8,7,8,8],[42,4,42,5],[43,4,43,5],[44,4,44,5],[45,4,45,5],[47,7,47,8],[49,4,49,5],[34,4,34,5],[35,4,35,5],[36,4,36,5],[37,4,37,5],[39,7,39,8],[41,4,41,5],[26,4,26,5],[27,4,27,5],[28,4,28,5],[30,7,30,8],[32,4,32,5],[33,4,33,5],[68,4,68,5],[69,4,69,5],[70,4,70,5],[71,4,71,5],[72,4,72,5],[73,4,73,5],[59,7,59,8],[61,4,61,5],[62,4,62,5],[63,4,63,5],[65,7,65,8],[67,4,67,5],[50,4,50,5],[51,4,51,5],[53,7,53,8],[55,4,55,5],[56,4,56,5],[57,4,57,5],[86,4,86,5],[87,4,87,5],[88,4,88,5],[89,4,89,5],[90,4,90,5],[91,4,91,5],[80,4,80,5],[81,4,81,5],[82,4,82,5],[83,4,83,5],[84,4,84,5],[85,4,85,5],[74,4,74,5],[75,4,75,5],[76,4,76,5],[77,4,77,5],[78,4,78,5],[79,4,79,5],[104,4,104,5],[105,4,105,5],[106,4,106,5],[107,4,107,5],[108,4,108,5],[109,4,109,5],[98,4,98,5],[99,4,99,5],[100,4,100,5],[101,4,101,5],[102,4,102,5],[103,4,103,5],[92,4,92,5],[93,4,93,5],[94,4,94,5],[95,4,95,5],[96,4,96,5],[97,4,97,5],[122,4,122,5],[123,4,123,5],[124,4,124,5],[125,4,125,5],[126,4,126,5],[127,4,127,5],[116,4,116,5],[117,4,117,5],[118,4,118,5],[119,4,119,5],[120,4,120,5],[121,4,121,5],[110,4,110,5],[111,4,111,5],[112,4,112,5],[113,4,113,5],[114,4,114,5],[115,4,115,5],[140,4,140,5],[141,4,141,5],[142,4,142,5],[144,7,144,8],[146,4,146,5],[147,4,147,5],[134,4,134,5],[135,4,135,5],[136,4,136,5],[137,4,137,5],[138,4,138,5],[139,4,139,5],[128,4,128,5],[129,4,129,5],[130,4,130,5],[131,4,131,5],[132,4,132,5],[133,4,133,5],[163,0,163,5],[163,6,163,8],[164,0,164,5],[164,6,164,8],[165,0,165,5],[165,6,165,8],[160,0,160,5],[160,6,160,8],[161,0,161,5],[161,6,161,8],[162,0,162,5],[162,6,162,8],[148,7,148,8],[148,9,149,9],[155,0,155,5],[155,6,155,8],[156,5,156,8],[159,0,159,5],[159,6,159,8],[148,0,149,0],[148,1,149,1],[148,2,149,2],[148,3,149,3],[148,4,149,4],[148,5,148,6],[174,7,174,8],[174,9,175,9],[182,0,182,5],[182,6,182,8],[183,5,183,8],[187,0,187,5],[187,6,187,8],[173,4,173,5],[174,0,175,0],[174,1,175,1],[174,2,175,2],[174,3,175,3],[174,4,175,4],[174,5,174,6],[166,6,166,8],[167,6,167,8],[168,0,168,5],[168,6,168,8],[170,7,170,8],[172,4,172,5],[194,6,194,8],[195,6,195,8],[196,6,196,8],[197,6,197,8],[198,6,198,8],[199,0,199,5],[199,6,199,8],[191,0,191,5],[191,6,191,8],[192,0,192,5],[192,6,192,8],[193,0,193,5],[193,6,193,8],[188,0,188,5],[188,6,188,8],[189,0,189,5],[189,6,189,8],[190,0,190,5],[190,6,190,8],[217,0,217,5],[217,6,217,8],[218,0,218,5],[218,6,218,8],[219,0,219,5],[219,6,219,8],[205,9,206,9],[212,0,212,5],[212,6,212,8],[213,5,213,8],[216,0,216,5],[216,6,216,8],[201,7,201,8],[203,4,203,5],[204,4,204,5],[205,0,206,0],[205,1,206,1],[205,2,206,2],[205,3,206,3],[205,4,206,4],[205,5,205,6],[205,7,205,8],[229,0,229,5],[229,6,229,8],[230,7,230,8],[231,7,231,8],[232,7,232,8],[233,7,233,8],[223,6,223,8],[224,6,224,8],[225,6,225,8],[226,6,226,8],[227,6,227,8],[228,6,228,8],[220,0,220,5],[220,6,220,8],[221,0,221,5],[221,6,221,8],[222,0,222,5],[222,6,222,8],[250,9,251,9],[253,0,253,5],[253,6,253,8],[254,5,254,8],[256,0,256,5],[256,6,256,8],[246,7,246,8],[248,4,248,5],[249,4,249,5],[250,0,251,0],[250,1,251,1],[250,2,251,2],[250,3,251,3],[250,4,251,4],[250,5,250,6],[250,7,250,8],[234,7,234,8],[235,7,235,8],[236,0,236,5],[236,6,236,8],[237,6,237,8],[244,0,244,5],[244,6,244,8],[264,7,264,8],[266,4,266,5],[267,4,267,5],[268,5,268,8],[271,0,271,5],[271,6,271,8],[260,0,260,5],[260,6,260,8],[261,0,261,5],[261,6,261,8],[262,0,262,5],[262,6,262,8],[257,0,257,5],[257,6,257,8],[258,0,258,5],[258,6,258,8],[259,0,259,5],[259,6,259,8],[278,6,278,8],[279,6,279,8],[280,6,280,8],[281,0,281,5],[281,6,281,8],[282,7,282,8],[275,0,275,5],[275,6,275,8],[276,0,276,5],[276,6,276,8],[277,0,277,5],[277,6,277,8],[272,0,272,5],[272,6,272,8],[273,0,273,5],[273,6,273,8],[274,0,274,5],[274,6,274,8],[292,7,292,8],[294,4,294,5],[295,4,295,5],[296,0,297,0],[296,1,297,1],[296,2,297,2],[296,3,297,3],[296,4,297,4],[296,5,296,6],[296,7,296,8],[283,7,283,8],[284,7,284,8],[285,0,285,5],[285,6,285,8],[286,6,286,8],[290,0,290,5],[290,6,290,8],[306,0,306,5],[306,6,306,8],[307,0,307,5],[307,6,307,8],[308,0,308,5],[308,6,308,8],[303,0,303,5],[303,6,303,8],[304,0,304,5],[304,6,304,8],[305,0,305,5],[305,6,305,8],[296,9,297,9],[299,0,299,5],[299,6,299,8],[300,5,300,8],[302,0,302,5],[302,6,302,8],[322,4,322,5],[323,4,323,5],[324,4,324,5],[325,4,325,5],[326,4,326,5],[327,4,327,5],[314,0,314,5],[314,6,314,8],[315,6,315,8],[318,0,318,5],[318,6,318,8],[320,7,320,8],[309,6,309,8],[310,6,310,8],[311,0,311,5],[311,6,311,8],[312,7,312,8],[313,7,313,8],[343,0,343,5],[343,6,343,8],[344,0,344,5],[344,6,344,8],[345,0,345,5],[345,6,345,8],[336,4,336,5],[337,4,337,5],[338,5,338,8],[341,0,341,5],[341,6,341,8],[342,0,342,5],[342,6,342,8],[328,4,328,5],[329,4,329,5],[330,4,330,5],[331,4,331,5],[332,4,332,5],[334,7,334,8],[354,6,354,8],[357,0,357,5],[357,6,357,8],[359,7,359,8],[361,4,361,5],[362,4,362,5],[350,0,350,5],[350,6,350,8],[351,7,351,8],[352,7,352,8],[353,0,353,5],[353,6,353,8],[346,0,346,5],[346,6,346,8],[347,0,347,5],[347,6,347,8],[348,6,348,8],[349,6,349,8],[372,0,372,5],[372,6,372,8],[373,0,373,5],[373,6,373,8],[374,0,374,5],[374,6,374,8],[363,7,363,8],[363,9,364,9],[367,0,367,5],[367,6,367,8],[368,5,368,8],[371,0,371,5],[371,6,371,8],[363,0,364,0],[363,1,364,1],[363,2,364,2],[363,3,364,3],[363,4,364,4],[363,5,363,6],[384,6,384,8],[385,6,385,8],[386,0,386,5],[386,6,386,8],[387,7,387,8],[388,7,388,8],[378,6,378,8],[379,6,379,8],[380,6,380,8],[381,6,381,8],[382,6,382,8],[383,6,383,8],[375,0,375,5],[375,6,375,8],[376,0,376,5],[376,6,376,8],[377,0,377,5],[377,6,377,8],[409,4,409,5],[410,4,410,5],[411,4,411,5],[412,4,412,5],[413,4,413,5],[414,4,414,5],[395,0,395,5],[395,6,395,8],[396,6,396,8],[405,0,405,5],[405,6,405,8],[407,7,407,8],[389,7,389,8],[390,7,390,8],[391,7,391,8],[392,7,392,8],[393,7,393,8],[394,7,394,8],[425,7,425,8],[425,9,426,9],[428,0,428,5],[428,6,428,8],[429,5,429,8],[431,0,431,5],[431,6,431,8],[423,4,423,5],[424,4,424,5],[425,0,426,0],[425,1,426,1],[425,2,426,2],[425,3,426,3],[425,4,426,4],[425,5,425,6],[415,4,415,5],[416,4,416,5],[417,4,417,5],[418,4,418,5],[419,4,419,5],[421,7,421,8],[438,6,438,8],[439,6,439,8],[440,0,440,5],[440,6,440,8],[441,7,441,8],[442,7,442,8],[435,0,435,5],[435,6,435,8],[436,0,436,5],[436,6,436,8],[437,0,437,5],[437,6,437,8],[432,0,432,5],[432,6,432,8],[433,0,433,5],[433,6,433,8],[434,0,434,5],[434,6,434,8],[453,7,453,8],[453,9,454,9],[456,0,456,5],[456,6,456,8],[457,0,457,5],[457,6,457,8],[451,4,451,5],[452,4,452,5],[453,0,454,0],[453,1,454,1],[453,2,454,2],[453,3,454,3],[453,4,454,4],[453,5,453,6],[443,0,443,5],[443,6,443,8],[444,6,444,8],[447,0,447,5],[447,6,447,8],[449,7,449,8],[468,4,468,5],[469,4,469,5],[471,7,471,8],[473,4,473,5],[474,4,474,5],[475,0,476,0],[475,1,476,1],[475,2,476,2],[475,3,476,3],[475,4,476,4],[461,0,461,5],[461,6,461,8],[463,7,463,8],[465,4,465,5],[466,4,466,5],[467,4,467,5],[458,0,458,5],[458,6,458,8],[459,0,459,5],[459,6,459,8],[460,0,460,5],[460,6,460,8],[486,0,486,5],[486,6,486,8],[487,0,487,5],[487,6,487,8],[488,0,488,5],[488,6,488,8],[483,0,483,5],[483,6,483,8],[484,0,484,5],[484,6,484,8],[485,0,485,5],[485,6,485,8],[475,5,475,6],[475,7,475,8],[475,9,476,9],[479,0,479,5],[479,6,479,8],[480,5,480,8],[501,7,501,8],[503,4,503,5],[504,4,504,5],[505,5,505,8],[507,0,507,5],[507,6,507,8],[493,7,493,8],[494,7,494,8],[495,0,495,5],[495,6,495,8],[496,6,496,8],[499,0,499,5],[499,6,499,8],[489,0,489,5],[489,6,489,8],[490,6,490,8],[491,6,491,8],[492,0,492,5],[492,6,492,8],[514,6,514,8],[515,6,515,8],[516,6,516,8],[517,0,517,5],[517,6,517,8],[518,7,518,8],[511,0,511,5],[511,6,511,8],[512,0,512,5],[512,6,512,8],[513,0,513,5],[513,6,513,8],[508,0,508,5],[508,6,508,8],[509,0,509,5],[509,6,509,8],[510,0,510,5],[510,6,510,8],[532,9,533,9],[535,0,535,5],[535,6,535,8],[536,5,536,8],[539,0,539,5],[539,6,539,8],[528,7,528,8],[530,4,530,5],[531,4,531,5],[532,0,533,0],[532,1,533,1],[532,2,533,2],[532,3,533,3],[532,4,533,4],[532,5,532,6],[532,7,532,8],[519,7,519,8],[520,7,520,8],[521,0,521,5],[521,6,521,8],[522,6,522,8],[526,0,526,5],[526,6,526,8],[546,6,546,8],[547,6,547,8],[548,6,548,8],[549,6,549,8],[550,6,550,8],[551,0,551,5],[551,6,551,8],[543,0,543,5],[543,6,543,8],[544,0,544,5],[544,6,544,8],[545,0,545,5],[545,6,545,8],[540,0,540,5],[540,6,540,8],[541,0,541,5],[541,6,541,8],[542,0,542,5],[542,6,542,8],[563,0,563,5],[563,6,563,8],[564,0,564,5],[564,6,564,8],[565,0,565,5],[565,6,565,8],[557,9,558,9],[560,0,560,5],[560,6,560,8],[561,0,561,5],[561,6,561,8],[562,0,562,5],[562,6,562,8],[553,7,553,8],[555,4,555,5],[556,4,556,5],[557,0,558,0],[557,1,558,1],[557,2,558,2],[557,3,558,3],[557,4,558,4],[557,5,557,6],[557,7,557,8],[577,7,577,8],[577,9,578,9],[582,0,582,5],[582,6,582,8],[583,5,583,8],[586,0,586,5],[586,6,586,8],[576,4,576,5],[577,0,578,0],[577,1,578,1],[577,2,578,2],[577,3,578,3],[577,4,578,4],[577,5,577,6],[567,7,567,8],[569,4,569,5],[570,4,570,5],[571,4,571,5],[573,7,573,8],[575,4,575,5],[593,6,593,8],[594,6,594,8],[595,6,595,8],[596,6,596,8],[597,0,597,5],[597,6,597,8],[590,0,590,5],[590,6,590,8],[591,0,591,5],[591,6,591,8],[592,0,592,5],[592,6,592,8],[587,0,587,5],[587,6,587,8],[588,0,588,5],[588,6,588,8],[589,0,589,5],[589,6,589,8],[614,4,614,5],[615,4,615,5],[616,4,616,5],[618,7,618,8],[620,4,620,5],[621,4,621,5],[603,6,603,8],[608,0,608,5],[608,6,608,8],[610,7,610,8],[612,4,612,5],[613,4,613,5],[598,7,598,8],[599,7,599,8],[600,7,600,8],[601,7,601,8],[602,0,602,5],[602,6,602,8],[630,0,630,5],[630,6,630,8],[631,6,631,8],[632,6,632,8],[633,0,633,5],[633,6,633,8],[627,0,627,5],[627,6,627,8],[628,0,628,5],[628,6,628,8],[629,0,629,5],[629,6,629,8],[622,5,622,8],[624,0,624,5],[624,6,624,8],[625,0,625,5],[625,6,625,8],[626,0,626,5],[626,6,626,8],[651,4,651,5],[652,4,652,5],[653,0,654,0],[653,1,654,1],[653,2,654,2],[653,3,654,3],[653,4,654,4],[653,5,653,6],[642,7,642,8],[644,4,644,5],[645,4,645,5],[646,4,646,5],[647,4,647,5],[649,7,649,8],[634,7,634,8],[635,7,635,8],[636,0,636,5],[636,6,636,8],[637,6,637,8],[640,0,640,5],[640,6,640,8],[664,0,664,5],[664,6,664,8],[665,0,665,5],[665,6,665,8],[666,0,666,5],[666,6,666,8],[661,0,661,5],[661,6,661,8],[662,0,662,5],[662,6,662,8],[663,0,663,5],[663,6,663,8],[653,7,653,8],[653,9,654,9],[657,0,657,5],[657,6,657,8],[658,5,658,8],[660,0,660,5],[660,6,660,8],[678,0,678,5],[678,6,678,8],[679,0,679,5],[679,6,679,8],[680,0,680,5],[680,6,680,8],[672,9,673,9],[675,0,675,5],[675,6,675,8],[676,0,676,5],[676,6,676,8],[677,0,677,5],[677,6,677,8],[668,7,668,8],[670,4,670,5],[671,4,671,5],[672,0,673,0],[672,1,673,1],[672,2,673,2],[672,3,673,3],[672,4,673,4],[672,5,672,6],[672,7,672,8],[698,0,698,5],[698,6,698,8],[699,0,699,5],[699,6,699,8],[700,0,700,5],[700,6,700,8],[686,9,687,9],[694,0,694,5],[694,6,694,8],[695,5,695,8],[697,0,697,5],[697,6,697,8],[682,7,682,8],[684,4,684,5],[685,4,685,5],[686,0,687,0],[686,1,687,1],[686,2,687,2],[686,3,687,3],[686,4,687,4],[686,5,686,6],[686,7,686,8],[709,9,710,9],[716,0,716,5],[716,6,716,8],[717,5,717,8],[719,0,719,5],[719,6,719,8],[705,7,705,8],[707,4,707,5],[708,4,708,5],[709,0,710,0],[709,1,710,1],[709,2,710,2],[709,3,710,3],[709,4,710,4],[709,5,709,6],[709,7,709,8],[701,0,701,5],[701,6,701,8],[702,0,702,5],[702,6,702,8],[703,0,703,5],[703,6,703,8],[727,7,727,8],[729,4,729,5],[730,4,730,5],[731,0,731,5],[731,6,731,8],[732,0,732,5],[732,6,732,8],[723,0,723,5],[723,6,723,8],[724,0,724,5],[724,6,724,8],[725,0,725,5],[725,6,725,8],[720,0,720,5],[720,6,720,8],[721,0,721,5],[721,6,721,8],[722,0,722,5],[722,6,722,8],[743,4,743,5],[744,0,745,0],[744,1,745,1],[744,2,745,2],[744,3,745,3],[744,4,745,4],[744,5,744,6],[736,6,736,8],[737,6,737,8],[738,0,738,5],[738,6,738,8],[740,7,740,8],[742,4,742,5],[733,0,733,5],[733,6,733,8],[734,0,734,5],[734,6,734,8],[735,0,735,5],[735,6,735,8],[753,0,753,5],[753,6,753,8],[754,6,754,8],[755,6,755,8],[756,0,756,5],[756,6,756,8],[750,0,750,5],[750,6,750,8],[751,0,751,5],[751,6,751,8],[752,0,752,5],[752,6,752,8],[744,7,744,8],[744,9,745,9],[748,0,748,5],[748,6,748,8],[749,0,749,5],[749,6,749,8],[766,7,766,8],[766,9,767,9],[770,0,770,5],[770,6,770,8],[771,0,771,5],[771,6,771,8],[764,4,764,5],[765,4,765,5],[766,0,767,0],[766,1,767,1],[766,2,767,2],[766,3,767,3],[766,4,767,4],[766,5,766,6],[757,6,757,8],[758,6,758,8],[759,6,759,8],[760,0,760,5],[760,6,760,8],[762,7,762,8],[780,7,780,8],[782,4,782,5],[783,4,783,5],[784,4,784,5],[785,4,785,5],[786,4,786,5],[775,0,775,5],[775,6,775,8],[776,6,776,8],[777,6,777,8],[778,0,778,5],[778,6,778,8],[772,0,772,5],[772,6,772,8],[773,0,773,5],[773,6,773,8],[774,0,774,5],[774,6,774,8],[802,7,802,8],[804,4,804,5],[805,4,805,5],[806,4,806,5],[807,4,807,5],[808,4,808,5],[795,4,795,5],[796,4,796,5],[797,4,797,5],[798,4,798,5],[799,4,799,5],[800,4,800,5],[787,4,787,5],[788,4,788,5],[790,7,790,8],[792,4,792,5],[793,4,793,5],[794,4,794,5],[825,4,825,5],[826,4,826,5],[828,7,828,8],[830,4,830,5],[831,4,831,5],[832,4,832,5],[817,4,817,5],[819,7,819,8],[821,4,821,5],[822,4,822,5],[823,4,823,5],[824,4,824,5],[810,7,810,8],[812,4,812,5],[813,4,813,5],[814,4,814,5],[815,4,815,5],[816,4,816,5],[849,4,849,5],[850,0,850,5],[850,6,850,8],[851,0,851,5],[851,6,851,8],[852,0,852,5],[852,6,852,8],[840,7,840,8],[842,4,842,5],[843,4,843,5],[844,4,844,5],[846,7,846,8],[848,4,848,5],[833,4,833,5],[834,4,834,5],[835,4,835,5],[836,4,836,5],[837,4,837,5],[838,4,838,5],[865,7,865,8],[867,4,867,5],[868,4,868,5],[869,4,869,5],[871,7,871,8],[873,4,873,5],[857,0,857,5],[857,6,857,8],[859,7,859,8],[861,4,861,5],[862,4,862,5],[863,4,863,5],[853,0,853,5],[853,6,853,8],[854,0,854,5],[854,6,854,8],[855,6,855,8],[856,6,856,8],[883,0,883,5],[883,6,883,8],[884,0,884,5],[884,6,884,8],[885,0,885,5],[885,6,885,8],[875,7,875,8],[875,9,876,9]],"merged_total":3666,"flags":["merged_cut"]}
[null,null,"Composições Analíticas com Preço Unitário",null,"Bancos",null,"B.D.I.",null,"Encargos Sociais"]
[null,null,"PROJETO BÁSICO DE UMA PONTE MISTA EM CONCRETO E AÇO SOBRE O RIO MEARIM LIGANDO PEDREIRAS A TRIZIDELA DO VALE COM EXTENSÃO DE 136M E LARGURA 12,20M CLASSE 45TON.",null,"SINAPI - 05/2022 - Maranhão\nSBC - 07/2022 - Maranhão\nSICRO3 - 01/2022 - Maranhão",null,"24,23%"]
["Composições Analíticas com Preço Unitário"]
["Composições Principais"]
[" 1.1 ","Código","Banco","Descrição","Tipo",null,"Und","Quant.","Valor Unit","Total"]
["Composição"," COMP PRP - 0002 ","Próprio","Contratação de Serviço para Detalhamento e Eleboraçâo de Projeto Executivo","SERP - SERVIÇOS PRELIMINARES",null,"m²",1,389.59,389.59]
["Insumo"," 041005 ","SBC","PROJETO EXECUTIVO ESTRUTURAL","Material",null,"m²",25.800699999999999,15.1,389.59]
[{"$nulls":4},"MO sem LS =>",0,"LS =>",0,"MO com LS =>",0]
[{"$nulls":4},"Valor do BDI =>",94.39,null,"Valor com BDI =>",null,483.98]
[]
[" 1.2 ","Código","Banco","Descrição","Tipo",null,"Und","Quant.","Valor Unit","Total"]
["Composição"," COMP PRP - 0003 ","Próprio","Aprovações Órgãos Oficiais, Taxas e Registros de Obras","SERP - SERVIÇOS PRELIMINARES",null,"und",1,1426.5,1426.5]
["Insumo"," PROPRIO 22 ","Próprio","Aprovações Órgãos Oficiais, Taxas e Registros de Obras ","Serviços",null,"und",1,1200,1200]
["Insumo"," PROPRIO 23 ","Próprio","TAXA DE ART","Serviços",null,"und",1,226.5,226.5]
[{"$nulls":4},"MO sem LS =>",0,"LS =>",0,"MO com LS =>",0]
[{"$nulls":4},"Valor do BDI =>",345.64,null,"Valor com BDI =>",null,1772.14]
[]
[" 1.3 ","Código","Banco","Descrição","Tipo",null,"Und","Quant.","Valor Unit","Total"]
["Composição"," COMP PRP - 0004 ","Próprio","SONDAGEM DE PERCUSSAO  DE CONFIRMAÇÃO (M)","SERP - SERVIÇOS PRELIMINARES",null,"M",1,128,128]
["Insumo"," PROPRIO 24 ","Próprio","SONDAGEM DE PERCUSSAO  DE CONFIRMAÇÃO (M)","Serviços",null,"M",1,128,128]
[{"$nulls":4},"MO sem LS =>",0,"LS =>",0,"MO com LS =>",0]
[{"$nulls":4},"Valor do BDI =>",31.01,null,"Valor com BDI =>",null,159.01]
[]
[" 2.1 ","Código","Banco","Descrição","Tipo",null,"Und","Quant.","Valor Unit","Total"]
["Composição"," 00001581 ","Próprio","MOBILIZAÇÃO E DESMOBILIZAÇÃO DE OBRA","SEDI - SERVIÇOS DIVERSOS",null,"UN",1,64179.23,64179.23]
["Insumo"," E9686 ","SICRO3","Caminhão carroceria com guindauto com capacidade de 20 t.m - 136 kW","Equipamento",null,"UN",0,283.91770000000002,0]
["Insumo"," E9666 ","SICRO3","Cavalo mecânico com semirreboque com capacidade de 30 t - 265 kW","Equipamento",null,"UN",0,378.76159999999999,0]
["Insumo"," E9512 ","SICRO3","Veículo leve - 53 kW","Equipamento",null,"UN",0,63.689399999999999,0]
["Insumo"," E9579 ","SICRO3","Caminhão basculante com capacidade de 10 m³ - 188 kW","Equipamento",null,"UN",257.88266951000003,248.8699,64179.23]
[{"$nulls":4},"MO sem LS =>",0,"LS =>",0,"MO com LS =>",0]
[{"$nulls":4},"Valor do BDI =>",15550.62,null,"Valor com BDI =>",null,79729.850000000006]
[]
[" 2.2 ","Código","Banco","Descrição","Tipo",null,"Und","Quant.","Valor Unit","Total"]
["Composição"," 879 ","Próprio","ADMINISTRAÇÃO DA OBRA","ASTU - ASSENTAMENTO DE TUBOS E PECAS",null,"MES",1,851844.86,851844.86]
["Insumo"," P9840 ","SICRO3","Encarregado geral","Mão de Obra",null,"mês",18,10834.527,195021.48]
["Insumo"," P9812 ","SICRO3","Engenheiro","Mão de Obra",null,"mês",18,22370.100900000001,402661.81]
["Insumo"," P9876 ","SICRO3","Técnico de segurança do trabalho","Mão de Obra",null,"mês",18,6017.9174999999996,108322.51]
["Insumo"," P9827 ","SICRO3","Vigia","Mão de Obra",null,"mês",36,4051.085,145839.06]
[{"$nulls":4},"MO sem LS =>",851844.86,"LS =>",0,"MO com LS =>",851844.86]
[{"$nulls":4},"Valor do BDI =>",206402,null,"Valor com BDI =>",null,1058246.8600000001]
[]
[" 2.3 ","Código","Banco","Descrição","Tipo",null,"Und","Quant.","Valor Unit","Total"]
["Composição"," 016500 ","SBC","PLACA DE RESPONSABILIDADE TECNICA EM OBRAS","DESPESAS LEGAIS",null,"m²",1,43.46,43.46]
["Composição Auxiliar"," 88262 ","SINAPI","CARPINTEIRO DE FORMAS COM ENCARGOS COMPLEMENTARES","SEDI - SERVIÇOS DIVERSOS",null,"H",0.58599999999999997,21.08,12.35]
["Composição Auxiliar"," 88316 ","SINAPI","SERVENTE COM ENCARGOS COMPLEMENTARES","SEDI - SERVIÇOS DIVERSOS",null,"H",1.171,15.9,18.61]
["Insumo"," 008852 ","SBC","PLACA DE IDENTIFICACAO DE OBRAS","Material",null,"m²",1,12.5,12.5]
[{"$nulls":4},"MO sem LS =>",25.5,"LS =>",0,"MO com LS =>",25.5]
[{"$nulls":4},"Valor do BDI =>",10.53,null,"Valor com BDI =>",null,53.99]
[]
[" 2.4 ","Código","Banco","Descrição","Tipo",null,"Und","Quant.","Valor Unit","Total"]
["Composição"," COMP PRP - 0005 ","Próprio","LOCACAO DE CONTAINER 2,30 X 6,00 M, ALT. 2,50 M, PARA ESCRITORIO, SEM DIVISORIAS INTERNAS E SEM SANITARIO","SEOP - SERVIÇOS OPERACIONAIS",null,"MES",1,648.42999999999995,648.42999999999995]
["Insumo"," 00010776 ","SINAPI","LOCACAO DE CONTAINER 2,30 X 6,00 M, ALT. 2,50 M, PARA ESCRITORIO, SEM DIVISORIAS INTERNAS E SEM SANITARIO (NAO INCLUI MOBILIZACAO/DESMOBILIZACAO)","Equipamento",null,"MES",1,648.42999999999995,648.42999999999995]
[{"$nulls":4},"MO sem LS =>",0,"LS =>",0,"MO com LS =>",0]
[{"$nulls":4},"Valor do BDI =>",157.11000000000001,null,"Valor com BDI =>",null,805.54]
[]
[" 2.5 ","Código","Banco","Descrição","Tipo",null,"Und","Quant.","Valor Unit","Total"]
["Composição"," COMP PRP - 0006 ","Próprio","LOCACAO DE CONTAINER 2,30 X 6,00 M, ALT. 2,50 M, COM 1 SANITARIO, PARA ESCRITORIO, COMPLETO, SEM DIVISORIAS INTERNAS","SEOP - SERVIÇOS OPERACIONAIS",null,"MES",1,830,830]
["Insumo"," 00010775 ","SINAPI","LOCACAO DE CONTAINER 2,30 X 6,00 M, ALT. 2,50 M, COM 1 SANITARIO, PARA ESCRITORIO, COMPLETO, SEM DIVISORIAS INTERNAS (NAO INCLUI MOBILIZACAO/DESMOBILIZACAO)","Equipamento",null,"MES",1,830,830]
[{"$nulls":4},"MO sem LS =>",0,"LS =>",0,"MO com LS =>",0]
[{"$nulls":4},"Valor do BDI =>",201.1,null,"Valor com BDI =>",null,1031.0999999999999]
[]
[" 2.6 ","Código","Banco","Descrição","Tipo",null,"Und","Quant.","Valor Unit","Total"]
["Composição"," COMP PRP - 0007 ","Próprio","LOCACAO DE CONTAINER 2,30 X 6,00 M, ALT. 2,50 M, PARA SANITARIO, COM 4 BACIAS, 8 CHUVEIROS,1 LAVATORIO E 1 MICTORIO","SEOP - SERVIÇOS OPERACIONAIS",null,"MES",1,1037.5,1037.5]
["Insumo"," 00010778 ","SINAPI","LOCACAO DE CONTAINER 2,30 X 6,00 M, ALT. 2,50 M, PARA SANITARIO, COM 4 BACIAS, 8 CHUVEIROS,1 LAVATORIO E 1 MICTORIO (NAO INCLUI MOBILIZACAO/DESMOBILIZACAO)","Equipamento",null,"MES",1,1037.5,1037.5]
[{"$nulls":4},"MO sem LS =>",0,"LS =>",0,"MO com LS =>",0]
[{"$nulls":4},"Valor do BDI =>",251.38,null,"Valor com BDI =>",null,1288.8800000000001]
[]
[" 2.7 ","Código","Banco","Descrição","Tipo",null,"Und","Quant.","Valor Unit","Total"]
["Composição"," 93207 ","SINAPI","EXECUÇÃO DE ESCRITÓRIO EM CANTEIRO DE OBRA EM CHAPA DE MADEIRA COMPENSADA, NÃO INCLUSO MOBILIÁRIO E EQUIPAMENTOS. AF_02/2016","CANT - CANTEIRO DE OBRAS",null,"m²",1,1160.1500000000001,1160.1500000000001]
["Composição Auxiliar"," 98444 ","SINAPI","PAREDE DE MADEIRA COMPENSADA PARA CONSTRUÇÃO TEMPORÁRIA EM CHAPA SIMPLES, INTERNA, COM ÁREA LÍQUIDA MENOR QUE 6 M², SEM VÃO. AF_05/2018","CANT - CANTEIRO DE OBRAS",null,"m²",0.182,147.38999999999999,26.82]
["Composição Auxiliar"," 98447 ","SINAPI","PAREDE DE MADEIRA COMPENSADA PARA CONSTRUÇÃO TEMPORÁRIA EM CHAPA SIMPLES, INTERNA, COM ÁREA LÍQUIDA MAIOR OU IGUAL A 6 M², COM VÃO. AF_05/2018","CANT - CANTEIRO DE OBRAS",null,"m²",0.247,170.45,42.1]
["Composição Auxiliar"," 98448 ","SINAPI","PAREDE DE MADEIRA COMPENSADA PARA CONSTRUÇÃO TEMPORÁRIA EM CHAPA SIMPLES, INTERNA, COM ÁREA LÍQUIDA MENOR QUE 6 M², COM VÃO. AF_05/2018","CANT - CANTEIRO DE OBRAS",null,"m²",0.19259999999999999,211.08,40.65]
["Composição Auxiliar"," 98442 ","SINAPI","PAREDE DE MADEIRA COMPENSADA PARA CONSTRUÇÃO TEMPORÁRIA EM CHAPA SIMPLES, EXTERNA, COM ÁREA LÍQUIDA MENOR QUE 6 M², SEM VÃO. AF_05/2018","CANT - CANTEIRO DE OBRAS",null,"m²",0.34289999999999998,165.47,56.73]
["Composição Auxiliar"," 98445 ","SINAPI","PAREDE DE MADEIRA COMPENSADA PARA CONSTRUÇÃO TEMPORÁRIA EM CHAPA SIMPLES, EXTERNA, COM ÁREA LÍQUIDA MAIOR OU IGUAL A 6 M², COM VÃO. AF_05/2018","CANT - CANTEIRO DE OBRAS",null,"m²",0.46539999999999998,194.79,90.65]
["Composição Auxiliar"," 98441 ","SINAPI","PAREDE DE MADEIRA COMPENSADA PARA CONSTRUÇÃO TEMPORÁRIA EM CHAPA SIMPLES, EXTERNA, COM ÁREA LÍQUIDA MAIOR OU IGUAL A 6 M², SEM VÃO. AF_05/2018","CANT - CANTEIRO DE OBRAS",null,"m²",0.2979,162.87,48.51]
["Composição Auxiliar"," 98443 ","SINAPI","PAREDE DE MADEIRA COMPENSADA PARA CONSTRUÇÃO TEMPORÁRIA EM CHAPA SIMPLES, INTERNA, COM ÁREA LÍQUIDA MAIOR OU IGUAL A 6 M², SEM VÃO. AF_05/2018","CANT - CANTEIRO DE OBRAS",null,"m²",0.15809999999999999,145.54,23]
["Composição Auxiliar"," 98446 ","SINAPI","PAREDE DE MADEIRA COMPENSADA PARA CONSTRUÇÃO TEMPORÁRIA EM CHAPA SIMPLES, EXTERNA, COM ÁREA LÍQUIDA MENOR QUE 6 M², COM VÃO. AF_05/2018","CANT - CANTEIRO DE OBRAS",null,"m²",0.3629,246.12,89.31]
["Composição Auxiliar"," 92543 ","SINAPI","TRAMA DE MADEIRA COMPOSTA POR TERÇAS PARA TELHADOS DE ATÉ 2 ÁGUAS PARA TELHA ONDULADA DE FIBROCIMENTO, METÁLICA, PLÁSTICA OU TERMOACÚSTICA, INCLUSO TRANSPORTE VERTICAL. AF_07/2019","COBE - COBERTURA",null,"m²",1.3621000000000001,25.88,35.25]
["Composição Auxiliar"," 94210 ","SINAPI","TELHAMENTO COM TELHA ONDULADA DE FIBROCIMENTO E = 6 MM, COM RECOBRIMENTO LATERAL DE 1 1/4 DE ONDA PARA TELHADO COM INCLINAÇÃO MÁXIMA DE 10°, COM ATÉ 2 ÁGUAS, INCLUSO IÇAMENTO. AF_07/2019","COBE - COBERTURA",null,"m²",1.3621000000000001,64.430000000000007,87.76]
["Composição Auxiliar"," 90822 ","SINAPI","PORTA DE MADEIRA PARA PINTURA, SEMI-OCA (LEVE OU MÉDIA), 80X210CM, ESPESSURA DE 3,5CM, INCLUSO DOBRADIÇAS - FORNECIMENTO E INSTALAÇÃO. AF_12/2019","ESQV - ESQUADRIAS/FERRAGENS/VIDROS",null,"UN",5.7799999999999997E-2,257.66000000000003,14.89]
["Composição Auxiliar"," 90820 ","SINAPI","PORTA DE MADEIRA PARA PINTURA, SEMI-OCA (LEVE OU MÉDIA), 60X210CM, ESPESSURA DE 3,5CM, INCLUSO DOBRADIÇAS - FORNECIMENTO E INSTALAÇÃO. AF_12/2019","ESQV - ESQUADRIAS/FERRAGENS/VIDROS",null,"UN",3.85E-2,233.75,8.99]
["Composição Auxiliar"," 100665 ","SINAPI","JANELA DE MADEIRA - CEDRINHO/ANGELIM OU EQUIVALENTE DA REGIÃO - DE ABRIR COM 4 FOLHAS (2 VENEZIANAS E 2 GUILHOTINAS PARA VIDRO), COM BATENTE, ALIZAR E FERRAGENS. EXCLUSIVE VIDROS, ACABAMENTO E CONTRAMARCO. FORNECIMENTO E INSTALAÇÃO. AF_12/2019","ESQV - ESQUADRIAS/FERRAGENS/VIDROS",null,"m²",9.64E-2,1061.3399999999999,102.31]
["Composição Auxiliar"," 91341 ","SINAPI","PORTA EM ALUMÍNIO DE ABRIR TIPO VENEZIANA COM GUARNIÇÃO, FIXAÇÃO COM PARAFUSOS - FORNECIMENTO E INSTALAÇÃO. AF_12/2019","ESQV - ESQUADRIAS/FERRAGENS/VIDROS",null,"m²",3.2399999999999998E-2,633.67999999999995,20.53]
["Composição Auxiliar"," 94559 ","SINAPI","JANELA DE AÇO TIPO BASCULANTE PARA VIDROS, COM BATENTE, FERRAGENS E PINTURA ANTICORROSIVA. EXCLUSIVE VIDROS, ACABAMENTO, ALIZAR E CONTRAMARCO. FORNECIMENTO E INSTALAÇÃO. AF_12/2019","ESQV - ESQUADRIAS/FERRAGENS/VIDROS",null,"m²",2.8899999999999999E-2,781.76,22.59]
["Composição Auxiliar"," 95240 ","SINAPI","LASTRO DE CONCRETO MAGRO, APLICADO EM PISOS, LAJES SOBRE SOLO OU RADIERS, ESPESSURA DE 3 CM. AF_07/2016","FUES - FUNDAÇÕES E ESTRUTURAS",null,"m²",5.4000000000000003E-3,14.57,7.0000000000000007E-2]
["Composição Auxiliar"," 95241 ","SINAPI","LASTRO DE CONCRETO MAGRO, APLICADO EM PISOS, LAJES SOBRE SOLO OU RADIERS, ESPESSURA DE 5 CM. AF_07/2016","FUES - FUNDAÇÕES E ESTRUTURAS",null,"m²",1.3559000000000001,24.3,32.94]
["Composição Auxiliar"," 101165 ","SINAPI","ALVENARIA DE EMBASAMENTO COM BLOCO ESTRUTURAL DE CONCRETO, DE 14X19X29CM E ARGAMASSA DE ASSENTAMENTO COM PREPARO EM BETONEIRA. AF_05/2020","FUES - FUNDAÇÕES E ESTRUTURAS",null,"m³",2.3900000000000001E-2,750.18,17.920000000000002]
["Composição Auxiliar"," 91911 ","SINAPI","CURVA 90 GRAUS PARA ELETRODUTO, PVC, ROSCÁVEL, DN 20 MM (1/2\"), PARA CIRCUITOS TERMINAIS, INSTALADA EM PAREDE - FORNECIMENTO E INSTALAÇÃO. AF_12/2015","INEL - INSTALAÇÃO ELÉTRICA/ELETRIFICAÇÃO E ILUMINAÇÃO EXTERNA",null,"UN",0.19270000000000001,10.81,2.08]
["Composição Auxiliar"," 91862 ","SINAPI","ELETRODUTO RÍGIDO ROSCÁVEL, PVC, DN 20 MM (1/2\"), PARA CIRCUITOS TERMINAIS, INSTALADO EM FORRO - FORNECIMENTO E INSTALAÇÃO. AF_12/2015","INEL - INSTALAÇÃO ELÉTRICA/ELETRIFICAÇÃO E ILUMINAÇÃO EXTERNA",null,"M",0.53,9.4499999999999993,5]
["Composição Auxiliar"," 95811 ","SINAPI","CONDULETE DE PVC, TIPO LB, PARA ELETRODUTO DE PVC SOLDÁVEL DN 25 MM (3/4''), APARENTE - FORNECIMENTO E INSTALAÇÃO. AF_11/2016","INEL - INSTALAÇÃO ELÉTRICA/ELETRIFICAÇÃO E ILUMINAÇÃO EXTERNA",null,"UN",0.13489999999999999,13.93,1.87]
["Composição Auxiliar"," 91870 ","SINAPI","ELETRODUTO RÍGIDO ROSCÁVEL, PVC, DN 20 MM (1/2\"), PARA CIRCUITOS TERMINAIS, INSTALADO EM PAREDE - FORNECIMENTO E INSTALAÇÃO. AF_12/2015","INEL - INSTALAÇÃO ELÉTRICA/ELETRIFICAÇÃO E ILUMINAÇÃO EXTERNA",null,"M",1.7343999999999999,9.35,16.21]
["Composição Auxiliar"," 91926 ","SINAPI","CABO DE COBRE FLEXÍVEL ISOLADO, 2,5 MM², ANTI-CHAMA 450/750 V, PARA CIRCUITOS TERMINAIS - FORNECIMENTO E INSTALAÇÃO. AF_12/2015","INEL - INSTALAÇÃO ELÉTRICA/ELETRIFICAÇÃO E ILUMINAÇÃO EXTERNA",null,"M",3.4689000000000001,3.91,13.56]
["Composição Auxiliar"," 91937 ","SINAPI","CAIXA OCTOGONAL 3\" X 3\", PVC, INSTALADA EM LAJE - FORNECIMENTO E INSTALAÇÃO. AF_12/2015","INEL - INSTALAÇÃO ELÉTRICA/ELETRIFICAÇÃO E ILUMINAÇÃO EXTERNA",null,"UN",0.1734,9.4600000000000009,1.64]
["Composição Auxiliar"," 95805 ","SINAPI","CONDULETE DE PVC, TIPO B, PARA ELETRODUTO DE PVC SOLDÁVEL DN 25 MM (3/4''), APARENTE - FORNECIMENTO E INSTALAÇÃO. AF_11/2016","INEL - INSTALAÇÃO ELÉTRICA/ELETRIFICAÇÃO E ILUMINAÇÃO EXTERNA",null,"UN",0.28910000000000002,20.84,6.02]
["Composição Auxiliar"," 91924 ","SINAPI","CABO DE COBRE FLEXÍVEL ISOLADO, 1,5 MM², ANTI-CHAMA 450/750 V, PARA CIRCUITOS TERMINAIS - FORNECIMENTO E INSTALAÇÃO. AF_12/2015","INEL - INSTALAÇÃO ELÉTRICA/ELETRIFICAÇÃO E ILUMINAÇÃO EXTERNA",null,"M",1.4165000000000001,2.67,3.78]
["Composição Auxiliar"," 92981 ","SINAPI","CABO DE COBRE FLEXÍVEL ISOLADO, 16 MM², ANTI-CHAMA 450/750 V, PARA DISTRIBUIÇÃO - FORNECIMENTO E INSTALAÇÃO. AF_12/2015","INEL - INSTALAÇÃO ELÉTRICA/ELETRIFICAÇÃO E ILUMINAÇÃO EXTERNA",null,"M",0.19270000000000001,16.11,3.1]
["Composição Auxiliar"," 91928 ","SINAPI","CABO DE COBRE FLEXÍVEL ISOLADO, 4 MM², ANTI-CHAMA 450/750 V, PARA CIRCUITOS TERMINAIS - FORNECIMENTO E INSTALAÇÃO. AF_12/2015","INEL - INSTALAÇÃO ELÉTRICA/ELETRIFICAÇÃO E ILUMINAÇÃO EXTERNA",null,"M",2.0234999999999999,6.47,13.09]
["Composição Auxiliar"," 97886 ","SINAPI","CAIXA ENTERRADA ELÉTRICA RETANGULAR, EM ALVENARIA COM TIJOLOS CERÂMICOS MACIÇOS, FUNDO COM BRITA, DIMENSÕES INTERNAS: 0,3X0,3X0,3 M. AF_12/2020","INEL - INSTALAÇÃO ELÉTRICA/ELETRIFICAÇÃO E ILUMINAÇÃO EXTERNA",null,"UN",3.85E-2,137.96,5.31]
["Composição Auxiliar"," 101875 ","SINAPI","QUADRO DE DISTRIBUIÇÃO DE ENERGIA EM CHAPA DE AÇO GALVANIZADO, DE EMBUTIR, COM BARRAMENTO TRIFÁSICO, PARA 12 DISJUNTORES DIN 100A - FORNECIMENTO E INSTALAÇÃO. AF_10/2020","INEL - INSTALAÇÃO ELÉTRICA/ELETRIFICAÇÃO E ILUMINAÇÃO EXTERNA",null,"UN",1.9300000000000001E-2,491.13,9.4700000000000006]
["Composição Auxiliar"," 101891 ","SINAPI","DISJUNTOR MONOPOLAR TIPO NEMA, CORRENTE NOMINAL DE 35 ATÉ 50A - FORNECIMENTO E INSTALAÇÃO. AF_10/2020","INEL - INSTALAÇÃO ELÉTRICA/ELETRIFICAÇÃO E ILUMINAÇÃO EXTERNA",null,"UN",0.1734,22.7,3.93]
["Composição Auxiliar"," 91945 ","SINAPI","SUPORTE PARAFUSADO COM PLACA DE ENCAIXE 4\" X 2\" ALTO (2,00 M DO PISO) PARA PONTO ELÉTRICO - FORNECIMENTO E INSTALAÇÃO. AF_12/2015","INEL - INSTALAÇÃO ELÉTRICA/ELETRIFICAÇÃO E ILUMINAÇÃO EXTERNA",null,"UN",5.7799999999999997E-2,8.25,0.47]
["Composição Auxiliar"," 92023 ","SINAPI","INTERRUPTOR SIMPLES (1 MÓDULO) COM 1 TOMADA DE EMBUTIR 2P+T 10 A,  INCLUINDO SUPORTE E PLACA - FORNECIMENTO E INSTALAÇÃO. AF_12/2015","INEL - INSTALAÇÃO ELÉTRICA/ELETRIFICAÇÃO E ILUMINAÇÃO EXTERNA",null,"UN",0.13489999999999999,39.56,5.33]
["Composição Auxiliar"," 97593 ","SINAPI","LUMINÁRIA TIPO SPOT, DE SOBREPOR, COM 1 LÂMPADA FLUORESCENTE DE 15 W, SEM REATOR - FORNECIMENTO E INSTALAÇÃO. AF_02/2020","INEL - INSTALAÇÃO ELÉTRICA/ELETRIFICAÇÃO E ILUMINAÇÃO EXTERNA",null,"UN",7.7100000000000002E-2,188.41,14.52]
["Composição Auxiliar"," 97586 ","SINAPI","LUMINÁRIA TIPO CALHA, DE SOBREPOR, COM 2 LÂMPADAS TUBULARES FLUORESCENTES DE 36 W, COM REATOR DE PARTIDA RÁPIDA - FORNECIMENTO E INSTALAÇÃO. AF_02/2020","INEL - INSTALAÇÃO ELÉTRICA/ELETRIFICAÇÃO E ILUMINAÇÃO EXTERNA",null,"UN",0.11559999999999999,220.53,25.49]
["Composição Auxiliar"," 92000 ","SINAPI","TOMADA BAIXA DE EMBUTIR (1 MÓDULO), 2P+T 10 A, INCLUINDO SUPORTE E PLACA - FORNECIMENTO E INSTALAÇÃO. AF_12/2015","INEL - INSTALAÇÃO ELÉTRICA/ELETRIFICAÇÃO E ILUMINAÇÃO EXTERNA",null,"UN",7.7100000000000002E-2,23.7,1.82]
["Composição Auxiliar"," 92008 ","SINAPI","TOMADA BAIXA DE EMBUTIR (2 MÓDULOS), 2P+T 10 A, INCLUINDO SUPORTE E PLACA - FORNECIMENTO E INSTALAÇÃO. AF_12/2015","INEL - INSTALAÇÃO ELÉTRICA/ELETRIFICAÇÃO E ILUMINAÇÃO EXTERNA",null,"UN",0.1542,38.06,5.86]
["Composição Auxiliar"," 97611 ","SINAPI","LÂMPADA COMPACTA FLUORESCENTE DE 15 W, BASE E27 - FORNECIMENTO E INSTALAÇÃO. AF_02/2020","INEL - INSTALAÇÃO ELÉTRICA/ELETRIFICAÇÃO E ILUMINAÇÃO EXTERNA",null,"UN",3.85E-2,19.02,0.73]
["Composição Auxiliar"," 97612 ","SINAPI","LÂMPADA COMPACTA FLUORESCENTE DE 20 W, BASE E27 - FORNECIMENTO E INSTALAÇÃO. AF_02/2020","INEL - INSTALAÇÃO ELÉTRICA/ELETRIFICAÇÃO E ILUMINAÇÃO EXTERNA",null,"UN",3.85E-2,20.65,0.79]
["Composição Auxiliar"," 96985 ","SINAPI","HASTE DE ATERRAMENTO 5/8  PARA SPDA - FORNECIMENTO E INSTALAÇÃO. AF_12/2017","INEL - INSTALAÇÃO ELÉTRICA/ELETRIFICAÇÃO E ILUMINAÇÃO EXTERNA",null,"UN",3.85E-2,97.1,3.73]
["Composição Auxiliar"," 89711 ","SINAPI","TUBO PVC, SERIE NORMAL, ESGOTO PREDIAL, DN 40 MM, FORNECIDO E INSTALADO EM RAMAL DE DESCARGA OU RAMAL DE ESGOTO SANITÁRIO. AF_12/2014","INHI - INSTALAÇÕES HIDROS SANITÁRIAS",null,"M",0.13880000000000001,18.010000000000002,2.4900000000000002]
["Composição Auxiliar"," 89712 ","SINAPI","TUBO PVC, SERIE NORMAL, ESGOTO PREDIAL, DN 50 MM, FORNECIDO E INSTALADO EM RAMAL DE DESCARGA OU RAMAL DE ESGOTO SANITÁRIO. AF_12/2014","INHI - INSTALAÇÕES HIDROS SANITÁRIAS",null,"M",0.12529999999999999,27.54,3.45]
["Composição Auxiliar"," 89714 ","SINAPI","TUBO PVC, SERIE NORMAL, ESGOTO PREDIAL, DN 100 MM, FORNECIDO E INSTALADO EM RAMAL DE DESCARGA OU RAMAL DE ESGOTO SANITÁRIO. AF_12/2014","INHI - INSTALAÇÕES HIDROS SANITÁRIAS",null,"M",0.1472,52.82,7.77]
["Composição Auxiliar"," 100556 ","SINAPI","CAIXA DE PASSAGEM PARA TELEFONE 15X15X10CM (SOBREPOR), FORNECIMENTO E INSTALACAO. AF_11/2019","INES - INSTALAÇÕES ESPECIAIS",null,"UN",1.9300000000000001E-2,42.64,0.82]
["Composição Auxiliar"," 98283 ","SINAPI","CABO TELEFÔNICO CCI-50 4 PARES, SEM BLINDAGEM, INSTALADO EM DISTRIBUIÇÃO DE EDIFICAÇÃO RESIDENCIAL - FORNECIMENTO E INSTALAÇÃO. AF_11/2019","INES - INSTALAÇÕES ESPECIAIS",null,"M",0.61670000000000003,8.48,5.22]
["Composição Auxiliar"," 89748 ","SINAPI","CURVA CURTA 90 GRAUS, PVC, SERIE NORMAL, ESGOTO PREDIAL, DN 100 MM, JUNTA ELÁSTICA, FORNECIDO E INSTALADO EM RAMAL DE DESCARGA OU RAMAL DE ESGOTO SANITÁRIO. AF_12/2014","INHI - INSTALAÇÕES HIDROS SANITÁRIAS",null,"UN",5.7799999999999997E-2,41.18,2.38]
["Composição Auxiliar"," 89724 ","SINAPI","JOELHO 90 GRAUS, PVC, SERIE NORMAL, ESGOTO PREDIAL, DN 40 MM, JUNTA SOLDÁVEL, FORNECIDO E INSTALADO EM RAMAL DE DESCARGA OU RAMAL DE ESGOTO SANITÁRIO. AF_12/2014","INHI - INSTALAÇÕES HIDROS SANITÁRIAS",null,"UN",7.7100000000000002E-2,9.83,0.75]
["Composição Auxiliar"," 89726 ","SINAPI","JOELHO 45 GRAUS, PVC, SERIE NORMAL, ESGOTO PREDIAL, DN 40 MM, JUNTA SOLDÁVEL, FORNECIDO E INSTALADO EM RAMAL DE DESCARGA OU RAMAL DE ESGOTO SANITÁRIO. AF_12/2014","INHI - INSTALAÇÕES HIDROS SANITÁRIAS",null,"UN",5.7799999999999997E-2,6.63,0.38]
["Composição Auxiliar"," 89784 ","SINAPI","TE, PVC, SERIE NORMAL, ESGOTO PREDIAL, DN 50 X 50 MM, JUNTA ELÁSTICA, FORNECIDO E INSTALADO EM RAMAL DE DESCARGA OU RAMAL DE ESGOTO SANITÁRIO. AF_12/2014","INHI - INSTALAÇÕES HIDROS SANITÁRIAS",null,"UN",5.7799999999999997E-2,20.3,1.17]
["Composição Auxiliar"," 89731 ","SINAPI","JOELHO 90 GRAUS, PVC, SERIE NORMAL, ESGOTO PREDIAL, DN 50 MM, JUNTA ELÁSTICA, FORNECIDO E INSTALADO EM RAMAL DE DESCARGA OU RAMAL DE ESGOTO SANITÁRIO. AF_12/2014","INHI - INSTALAÇÕES HIDROS SANITÁRIAS",null,"UN",1.9300000000000001E-2,10.54,0.2]
["Composição Auxiliar"," 89796 ","SINAPI","TE, PVC, SERIE NORMAL, ESGOTO PREDIAL, DN 100 X 100 MM, JUNTA ELÁSTICA, FORNECIDO E INSTALADO EM RAMAL DE DESCARGA OU RAMAL DE ESGOTO SANITÁRIO. AF_12/2014","INHI - INSTALAÇÕES HIDROS SANITÁRIAS",null,"UN",3.85E-2,41.74,1.6]
["Composição Auxiliar"," 89482 ","SINAPI","CAIXA SIFONADA, PVC, DN 100 X 100 X 50 MM, FORNECIDA E INSTALADA EM RAMAIS DE ENCAMINHAMENTO DE ÁGUA PLUVIAL. AF_12/2014","INHI - INSTALAÇÕES HIDROS SANITÁRIAS",null,"UN",3.85E-2,36.57,1.4]
["Composição Auxiliar"," 97906 ","SINAPI","CAIXA ENTERRADA HIDRÁULICA RETANGULAR, EM ALVENARIA COM BLOCOS DE CONCRETO, DIMENSÕES INTERNAS: 0,6X0,6X0,6 M PARA REDE DE ESGOTO. AF_12/2020","INHI - INSTALAÇÕES HIDROS SANITÁRIAS",null,"UN",1.9300000000000001E-2,362.03,6.98]
["Composição Auxiliar"," 86934 ","SINAPI","BANCADA DE MÁRMORE SINTÉTICO 120 X 60CM, COM CUBA INTEGRADA, INCLUSO SIFÃO TIPO FLEXÍVEL EM PVC, VÁLVULA EM PLÁSTICO CROMADO TIPO AMERICANA E TORNEIRA CROMADA LONGA, DE PAREDE, PADRÃO POPULAR - FORNECIMENTO E INSTALAÇÃO. AF_01/2020","INHI - INSTALAÇÕES HIDROS SANITÁRIAS",null,"UN",1.9300000000000001E-2,337.13,6.5]
["Composição Auxiliar"," 86888 ","SINAPI","VASO SANITÁRIO SIFONADO COM CAIXA ACOPLADA LOUÇA BRANCA - FORNECIMENTO E INSTALAÇÃO. AF_01/2020","INHI - INSTALAÇÕES HIDROS SANITÁRIAS",null,"UN",3.85E-2,437.05,16.82]
["Composição Auxiliar"," 86943 ","SINAPI","LAVATÓRIO LOUÇA BRANCA SUSPENSO, 29,5 X 39CM OU EQUIVALENTE, PADRÃO POPULAR, INCLUSO SIFÃO FLEXÍVEL EM PVC, VÁLVULA E ENGATE FLEXÍVEL 30CM EM PLÁSTICO E TORNEIRA CROMADA DE MESA, PADRÃO POPULAR - FORNECIMENTO E INSTALAÇÃO. AF_01/2020","INHI - INSTALAÇÕES HIDROS SANITÁRIAS",null,"UN",3.85E-2,210.37,8.09]
["Composição Auxiliar"," 89957 ","SINAPI","PONTO DE CONSUMO TERMINAL DE ÁGUA FRIA (SUBRAMAL) COM TUBULAÇÃO DE PVC, DN 25 MM, INSTALADO EM RAMAL DE ÁGUA, INCLUSOS RASGO E CHUMBAMENTO EM ALVENARIA. AF_12/2014","INHI - INSTALAÇÕES HIDROS SANITÁRIAS",null,"UN",9.64E-2,119.77,11.54]
["Composição Auxiliar"," 90443 ","SINAPI","RASGO EM ALVENARIA PARA RAMAIS/ DISTRIBUIÇÃO COM DIAMETROS MENORES OU IGUAIS A 40 MM. AF_05/2015","INHI - INSTALAÇÕES HIDROS SANITÁRIAS",null,"M",0.1002,10.42,1.04]
["Composição Auxiliar"," 91173 ","SINAPI","FIXAÇÃO DE TUBOS VERTICAIS DE PPR DIÂMETROS MENORES OU IGUAIS A 40 MM COM ABRAÇADEIRA METÁLICA RÍGIDA TIPO D 1/2\", FIXADA EM PERFILADO EM ALVENARIA. AF_05/2015","INHI - INSTALAÇÕES HIDROS SANITÁRIAS",null,"M",1.7343999999999999,1.76,3.05]
["Composição Auxiliar"," 91170 ","SINAPI","FIXAÇÃO DE TUBOS HORIZONTAIS DE PVC, CPVC OU COBRE DIÂMETROS MENORES OU IGUAIS A 40 MM OU ELETROCALHAS ATÉ 150MM DE LARGURA, COM ABRAÇADEIRA METÁLICA RÍGIDA TIPO D 1/2\u0094, FIXADA EM PERFILADO EM LAJE. AF_05/2015","INHI - INSTALAÇÕES HIDROS SANITÁRIAS",null,"M",0.53,3.46,1.83]
["Composição Auxiliar"," 90466 ","SINAPI","CHUMBAMENTO LINEAR EM ALVENARIA PARA RAMAIS/DISTRIBUIÇÃO COM DIÂMETROS MENORES OU IGUAIS A 40 MM. AF_05/2015","INHI - INSTALAÇÕES HIDROS SANITÁRIAS",null,"M",0.1002,10.61,1.06]
["Composição Auxiliar"," 103328 ","SINAPI","ALVENARIA DE VEDAÇÃO DE BLOCOS CERÂMICOS FURADOS NA HORIZONTAL DE 9X19X19 CM (ESPESSURA 9 CM) E ARGAMASSA DE ASSENTAMENTO COM PREPARO EM BETONEIRA. AF_12/2021","PARE - PAREDES/PAINEIS",null,"m²",0.1023,73.97,7.56]
["Composição Auxiliar"," 96995 ","SINAPI","REATERRO MANUAL APILOADO COM SOQUETE. AF_10/2017","MOVT - MOVIMENTO DE TERRA",null,"m³",6.0000000000000001E-3,38.130000000000003,0.22]
["Composição Auxiliar"," 93358 ","SINAPI","ESCAVAÇÃO MANUAL DE VALA COM PROFUNDIDADE MENOR OU IGUAL A 1,30 M. AF_02/2021","MOVT - MOVIMENTO DE TERRA",null,"m³",2.3300000000000001E-2,62.9,1.46]
["Composição Auxiliar"," 88489 ","SINAPI","APLICAÇÃO MANUAL DE PINTURA COM TINTA LÁTEX ACRÍLICA EM PAREDES, DUAS DEMÃOS. AF_06/2014","PINT - PINTURAS",null,"m²",4.4976000000000003,13.34,59.99]
["Composição Auxiliar"," 89171 ","SINAPI","(COMPOSIÇÃO REPRESENTATIVA) DO SERVIÇO DE REVESTIMENTO CERÂMICO PARA PISO COM PLACAS TIPO ESMALTADA EXTRA DE DIMENSÕES 35X35 CM, PARA EDIFICAÇÃO HABITACIONAL UNIFAMILIAR (CASA) E EDIFICAÇÃO PÚBLICA PADRÃO. AF_11/2014","PISO - PISOS",null,"m²",8.0600000000000005E-2,53.79,4.33]
["Composição Auxiliar"," 87877 ","SINAPI","CHAPISCO APLICADO EM ALVENARIAS E ESTRUTURAS DE CONCRETO INTERNAS, COM ROLO PARA TEXTURA ACRÍLICA.  ARGAMASSA INDUSTRIALIZADA COM PREPARO EM MISTURADOR 300 KG. AF_06/2014","REVE - REVESTIMENTO E TRATAMENTO DE SUPERFÍCIES",null,"m²",0.20469999999999999,10.74,2.19]
["Composição Auxiliar"," 87548 ","SINAPI","MASSA ÚNICA, PARA RECEBIMENTO DE PINTURA, EM ARGAMASSA TRAÇO 1:2:8, PREPARO MANUAL, APLICADA MANUALMENTE EM FACES INTERNAS DE PAREDES, ESPESSURA DE 10MM, COM EXECUÇÃO DE TALISCAS. AF_06/2014","REVE - REVESTIMENTO E TRATAMENTO DE SUPERFÍCIES",null,"m²",3.85E-2,20.94,0.8]
["Composição Auxiliar"," 89173 ","SINAPI","(COMPOSIÇÃO REPRESENTATIVA) DO SERVIÇO DE EMBOÇO/MASSA ÚNICA, APLICADO MANUALMENTE, TRAÇO 1:2:8, EM BETONEIRA DE 400L, PAREDES INTERNAS, COM EXECUÇÃO DE TALISCAS, EDIFICAÇÃO HABITACIONAL UNIFAMILIAR (CASAS) E EDIFICAÇÃO PÚBLICA PADRÃO. AF_12/2014","REVE - REVESTIMENTO E TRATAMENTO DE SUPERFÍCIES",null,"m²",0.20469999999999999,29.76,6.09]
["Insumo"," 00010886 ","SINAPI","EXTINTOR DE INCENDIO PORTATIL COM CARGA DE AGUA PRESSURIZADA DE 10 L, CLASSE A","Material",null,"UN",1.9300000000000001E-2,171.5,3.3]
["Insumo"," 00003080 ","SINAPI","FECHADURA ESPELHO PARA PORTA EXTERNA, EM ACO INOX (MAQUINA, TESTA E CONTRA-TESTA) E EM ZAMAC (MACANETA, LINGUETA E TRINCOS) COM ACABAMENTO CROMADO, MAQUINA DE 40 MM, INCLUINDO CHAVE TIPO CILINDRO","Material",null,"CJ",5.7799999999999997E-2,73.45,4.24]
["Insumo"," 00010891 ","SINAPI","EXTINTOR DE INCENDIO PORTATIL COM CARGA DE PO QUIMICO SECO (PQS) DE 4 KG, CLASSE BC","Material",null,"UN",1.9300000000000001E-2,165.84,3.2]
["Insumo"," 00003097 ","SINAPI","FECHADURA ROSETA REDONDA PARA PORTA DE BANHEIRO, EM ACO INOX (MAQUINA, TESTA E CONTRA-TESTA) E EM ZAMAC (MACANETA, LINGUETA E TRINCOS) COM ACABAMENTO CROMADO, MAQUINA DE 40 MM, INCLUINDO CHAVE TIPO TRANQUETA","Material",null,"CJ",3.85E-2,82.24,3.16]
["Insumo"," 00011587 ","SINAPI","FORRO DE PVC LISO, BRANCO, REGUA DE 10 CM, ESPESSURA DE 8 MM A 10 MM (COM COLOCACAO / SEM ESTRUTURA METALICA)","Material",null,"m²",0.99380000000000002,74.72,74.25]
[{"$nulls":4},"MO sem LS =>",180.4,"LS =>",0,"MO com LS =>",180.4]
[{"$nulls":4},"Valor do BDI =>",281.10000000000002,null,"Valor com BDI =>",null,1441.25]
[]
[" 3.1.1 ","Código","Banco","Descrição","Tipo",null,"Und","Quant.","Valor Unit","Total"]
["Composição"," 6106319 ","SICRO3","Escavação manual de fuste de tubulão a ar comprimido em material de 2ª categoria na profundidade de 10 a 15 m","",null,"m³",1,6685.26,6685.26]
["A","Código","Banco","Equipamentos","Quantidade","Utilização",null,"Custo Operacional",null,"Custo Horário"]
[{"$nulls":5},"Operativa","Improdutiva","Operativa","Improdutiva"]
["Insumo","E9019","SICRO3","Câmara hiperbárica com filtro, serpentina e reservatório de ar - D = 1,80 m e H = 2 m",0.76105,1,0,56.296599999999998,42.309699999999999,42.844499999999996]
["Insumo","E9659","SICRO3","Campânula de ar comprimido com capacidade de 3 m³",0.76105,1,0,31.479600000000001,29.1479,23.9575]
["Insumo","E9640","SICRO3","Compressor de ar portátil de 33,51 l/s (71 PCM) - 14 kW",1.5221,1,0,23.466100000000001,6.5210999999999997,35.717799999999997]
["Insumo","E9517","SICRO3","Compressor de ar portátil de 430,42 l/s (912 PCM) - 242 kW",0.76105,1,0,300.22570000000002,53.753300000000003,228.48679999999999]
["Insumo","E9677","SICRO3","Martelete perfurador/rompedor a ar comprimido de 10 kg com capacidade de 1.800 gpm",0.76105,1,0,24.774699999999999,24.1844,18.854800000000001]
[{"$nulls":6},"Custo Horário de Equipamentos =>",null,null,349.8614]
["B","Código","Banco","Mão de Obra","Quantidade","Salário Hora",null,null,null,"Custo Horário"]
["Insumo","P9835","SICRO3","Perfurador de tubulão a ar comprimido com insalubridade",1,null,null,null,24.0793,24.0793]
["Insumo","P9824","SICRO3","Servente",0.76105,null,null,null,17.772500000000001,13.5258]
[{"$nulls":6},"Custo Horário da Mão de Obra =>",null,null,37.6051]
[{"$nulls":6},"Adc.M.O. - Ferramentas (0,0%) =>",null,null,0]
[{"$nulls":6},"Custo Horário de Execução =>",null,null,387.46640000000002]
[{"$nulls":6},"Fator de Influencia da Chuva - FIC =>",null,null,0]
[{"$nulls":6},"Custo do FIC =>",null,null,0]
[{"$nulls":6},"Produção de Equipe =>",null,null,5.8099999999999999E-2]
[{"$nulls":6},"Custo Unitário de Execução =>",null,null,6673.5522000000001]
["C","Banco","Código","Material","Quantidade","Unidade","Preço Unitário",null,null,"Custo Horário"]
["Insumo","SICRO3","M1391","Ponteiro para martelete - D = 22 mm e C = 1,00 m",0.04,"un",292.72070000000002,null,null,11.7088]
[{"$nulls":6},"Custo Total do Material =>",null,null,11.7088]
[{"$nulls":4},"MO sem LS =>",647.69309550465039,"LS =>",0,"MO com LS =>",647.69309550465039]
[{"$nulls":4},"Valor do BDI =>",1619.83,null,"Valor com BDI =>",null,8305.09]
[]
[" 3.1.2 ","Código","Banco","Descrição","Tipo",null,"Und","Quant.","Valor Unit","Total"]
["Composição"," 6106213 ","SICRO3","Escavação manual de base alargada de tubulão a ar comprimido em material de 3ª categoria na profundidade de 10 a 15 m","",null,"m³",1,11187.89,11187.89]
["A","Código","Banco","Equipamentos","Quantidade","Utilização",null,"Custo Operacional",null,"Custo Horário"]
[{"$nulls":5},"Operativa","Improdutiva","Operativa","Improdutiva"]
["Insumo","E9019","SICRO3","Câmara hiperbárica com filtro, serpentina e reservatório de ar - D = 1,80 m e H = 2 m",0.76114000000000004,1,0,56.296599999999998,42.309699999999999,42.849600000000002]
["Insumo","E9659","SICRO3","Campânula de ar comprimido com capacidade de 3 m³",0.76114000000000004,1,0,31.479600000000001,29.1479,23.9604]
["Insumo","E9640","SICRO3","Compressor de ar portátil de 33,51 l/s (71 PCM) - 14 kW",0.76114000000000004,1,0,23.466100000000001,6.5210999999999997,17.861000000000001]
["Insumo","E9517","SICRO3","Compressor de ar portátil de 430,42 l/s (912 PCM) - 242 kW",0.76114000000000004,1,0,300.22570000000002,53.753300000000003,228.5138]
["Insumo","E9646","SICRO3","Compressor de ar portátil de 58,52 l/s (124 PCM) - 27 kW",0.76114000000000004,1,0,36.4681,7.6599000000000004,27.757300000000001]
["Insumo","E9527","SICRO3","Martelete perfurador/rompedor a ar comprimido de 25 kg para rocha com capacidade de",0.76114000000000004,1,0,26.528300000000002,25.152100000000001,20.191800000000001]
[{"$nulls":6},"Custo Horário de Equipamentos =>",null,null,361.13380000000001]
["B","Código","Banco","Mão de Obra","Quantidade","Salário Hora",null,null,null,"Custo Horário"]
["Insumo","P9852","SICRO3","Blaster",1,null,null,null,30.746600000000001,30.746600000000001]
["Insumo","P9835","SICRO3","Perfurador de tubulão a ar comprimido com insalubridade",1,null,null,null,24.0793,24.0793]
["Insumo","P9824","SICRO3","Servente",0.76129000000000002,null,null,null,17.772500000000001,13.53]
[{"$nulls":6},"Custo Horário da Mão de Obra =>",null,null,68.355900000000005]
[{"$nulls":6},"Adc.M.O. - Ferramentas (0,0%) =>",null,null,0]
[{"$nulls":6},"Custo Horário de Execução =>",null,null,429.4898]
[{"$nulls":6},"Fator de Influencia da Chuva - FIC =>",null,null,0]
[{"$nulls":6},"Custo do FIC =>",null,null,0]
[{"$nulls":6},"Produção de Equipe =>",null,null,3.8899999999999997E-2]
[{"$nulls":6},"Custo Unitário de Execução =>",null,null,11029.526400000001]
["C","Banco","Código","Material","Quantidade","Unidade","Preço Unitário",null,null,"Custo Horário"]
["Insumo","SICRO3","M2024","Cordel detonante NP 10",9.2840199999999999,"m",1.5539000000000001,null,null,14.426399999999999]
["Insumo","SICRO3","M2042","Emulsão explosiva encartuchada",8.3192900000000005,"kg",9.6257000000000001,null,null,80.078999999999994]
["Insumo","SICRO3","M0015","Espoleta elétrica Nº 8 - D = 6,0 mm",0.37136000000000002,"un",20.147400000000001,null,null,7.4819000000000004]
["Insumo","SICRO3","M2145","Série de brocas integrais S12",8.1470000000000001E-2,"un",691.98159999999996,null,null,56.375700000000002]
[{"$nulls":6},"Custo Total do Material =>",null,null,158.363]
[{"$nulls":4},"MO sem LS =>",1755.4167058294813,"LS =>",0,"MO com LS =>",1755.4167058294813]
[{"$nulls":4},"Valor do BDI =>",2710.82,null,"Valor com BDI =>",null,13898.71]
[]
[" 3.1.3 ","Código","Banco","Descrição","Tipo",null,"Und","Quant.","Valor Unit","Total"]
["Composição"," 1107900 ","SICRO3","Concreto fck = 30 MPa - confecção em betoneira e lançamento manual - areia e brita comerciais","",null,"m³",1,439.05,439.05]
["A","Código","Banco","Equipamentos","Quantidade","Utilização",null,"Custo Operacional",null,"Custo Horário"]
[{"$nulls":5},"Operativa","Improdutiva","Operativa","Improdutiva"]
["Insumo","E9010","SICRO3","Balança plataforma digital com mesa de 75 x 75 cm com capacidade de 500 kg",1,1,0,1.5392999999999999,1.0341,1.5392999999999999]
["Insumo","E9519","SICRO3","Betoneira com motor a gasolina com capacidade de 600 l - 10 kW",1,1,0,51.0229,27.496400000000001,51.0229]
["Insumo","E9521","SICRO3","Grupo gerador - 2,5/3 kVA",1,1,0,4.1054000000000004,0.22869999999999999,4.1054000000000004]
["Insumo","E9071","SICRO3","Transportador manual carrinho de mão com capacidade de 80 l",4,0.86,0.14000000000000001,0.66890000000000005,0.45469999999999999,2.5556000000000001]
["Insumo","E9064","SICRO3","Transportador manual gerica com capacidade de 180 l",3,0.4,0.6,1.4708000000000001,0.99990000000000001,3.5648]
[{"$nulls":6},"Custo Horário de Equipamentos =>",null,null,62.787999999999997]
["B","Código","Banco","Mão de Obra","Quantidade","Salário Hora",null,null,null,"Custo Horário"]
["Insumo","P9821","SICRO3","Pedreiro",1,null,null,null,23.605599999999999,23.605599999999999]
["Insumo","P9824","SICRO3","Servente",9,null,null,null,17.772500000000001,159.95249999999999]
[{"$nulls":6},"Custo Horário da Mão de Obra =>",null,null,183.5581]
[{"$nulls":6},"Adc.M.O. - Ferramentas (0,0%) =>",null,null,0]
[{"$nulls":6},"Custo Horário de Execução =>",null,null,246.34610000000001]
[{"$nulls":6},"Fator de Influencia da Chuva - FIC =>",null,null,0]
[{"$nulls":6},"Custo do FIC =>",null,null,0]
[{"$nulls":6},"Produção de Equipe =>",null,null,3.8530000000000002]
[{"$nulls":6},"Custo Unitário de Execução =>",null,null,63.936199999999999]
["C","Banco","Código","Material","Quantidade","Unidade","Preço Unitário",null,null,"Custo Horário"]
["Insumo","SICRO3","M0030","Aditivo plastificante e retardador de pega para concreto e argamassa",1.0570999999999999,"kg",5.6859000000000002,null,null,6.0106000000000002]
["Insumo","SICRO3","M0082","Areia média lavada",0.59362999999999999,"m³",80.777500000000003,null,null,47.951900000000002]
["Insumo","SICRO3","M0191","Brita 1",0.36753999999999998,"m³",125.554,null,null,46.146099999999997]
["Insumo","SICRO3","M0192","Brita 2",0.36753999999999998,"m³",125.4255,null,null,46.0989]
["Insumo","SICRO3","M0424","Cimento Portland CP II - 32 - saco",352.36529000000002,"kg",0.61129999999999995,null,null,215.40090000000001]
[{"$nulls":6},"Custo Total do Material =>",null,null,361.60840000000002]
["E","Banco","Insumo","Tempos Fixos","Código","Quantidade","Unidade","Preço Unitário",null,"Custo Horário"]
["Tempo Fixo","SICRO3","M0030","Carga, manobra e descarga de materiais diversos em caminhão carroceria de 15 t - carga e descarga manuais",5914655,1.06E-3,"t",29.92,null,3.1699999999999999E-2]
["Tempo Fixo","SICRO3","M0082","Carga, manobra e descarga de agregados ou solos em caminhão basculante de 10 m³ - carga com carregadeira de 3,40 m³(exclusa) e descarga livre",5914647,0.89044999999999996,"t",1.47,null,1.3089999999999999]
["Tempo Fixo","SICRO3","M0191","Carga, manobra e descarga de agregados ou solos em caminhão basculante de 10 m³ - carga com carregadeira de 3,40 m³(exclusa) e descarga livre",5914647,0.55130999999999997,"t",1.47,null,0.81040000000000001]
["Tempo Fixo","SICRO3","M0192","Carga, manobra e descarga de agregados ou solos em caminhão basculante de 10 m³ - carga com carregadeira de 3,40 m³(exclusa) e descarga livre",5914647,0.55130999999999997,"t",1.47,null,0.81040000000000001]
["Tempo Fixo","SICRO3","M0424","Carga, manobra e descarga de materiais diversos em caminhão carroceria de 15 t - carga e descarga manuais",5914655,0.35237000000000002,"t",29.92,null,10.542899999999999]
[{"$nulls":6},"Custo Total dos Tempos Fixos =>",null,null,13.5044]
["F","Banco","Insumo","Momento de Transporte","Quantidade","Unidade","Distância Média de Transporte (DMT)",null,null,"Custo Horário"]
[{"$nulls":6},"LN","RP","P"]
["Momento de Transporte","SICRO3","M0030","Aditivo plastificante e retardador de pega para concreto e argamassa - Caminhão carroceria com capacidade de 15 t - 188 kW",1.06E-3,"tkm","5914449\n0,000\nR$  1,02","5914464\n0,000\nR$  0,82","5914479\n0,000\nR$  0,66",0]
["Momento de Transporte","SICRO3","M0082","Areia média lavada - Caminhão basculante com capacidade de 10 m³ - 188 kW",0.89044999999999996,"tkm","5914359\n0,000\nR$  1,03","5914374\n0,000\nR$  0,82","5914389\n0,000\nR$  0,67",0]
["Momento de Transporte","SICRO3","M0191","Brita 1 - Caminhão basculante com capacidade de 10 m³ - 188 kW",0.55130999999999997,"tkm","5914359\n0,000\nR$  1,03","5914374\n0,000\nR$  0,82","5914389\n0,000\nR$  0,67",0]
["Momento de Transporte","SICRO3","M0192","Brita 2 - Caminhão basculante com capacidade de 10 m³ - 188 kW",0.55130999999999997,"tkm","5914359\n0,000\nR$  1,03","5914374\n0,000\nR$  0,82","5914389\n0,000\nR$  0,67",0]
["Momento de Transporte","SICRO3","M0424","Cimento Portland CP II - 32 - saco - Caminhão carroceria com capacidade de 15 t - 188 kW",0.35237000000000002,"tkm","5914449\n0,000\nR$  1,02","5914464\n0,000\nR$  0,82","5914479\n0,000\nR$  0,66",0]
[{"$nulls":6},"Custo total dos Momentos de Transportes =>",null,null,0]
[{"$nulls":4},"MO sem LS =>",50.823415042873094,"LS =>",0,"MO com LS =>",50.823415042873094]
[{"$nulls":4},"Valor do BDI =>",106.38,null,"Valor com BDI =>",null,545.42999999999995]
[]
[" 3.1.4 ","Código","Banco","Descrição","Tipo",null,"Und","Quant.","Valor Unit","Total"]
["Composição"," 1100657 ","SICRO3","Adensamento de concreto por vibrador de imersão","",null,"m³",1,3.07,3.07]
["A","Código","Banco","Equipamentos","Quantidade","Utilização",null,"Custo Operacional",null,"Custo Horário"]
[{"$nulls":5},"Operativa","Improdutiva","Operativa","Improdutiva"]
["Insumo","E9069","SICRO3","Vibrador de imersão para concreto - 4,10 kW",1,1,0,9.8566000000000003,0.80879999999999996,9.8566000000000003]
[{"$nulls":6},"Custo Horário de Equipamentos =>",null,null,9.8566000000000003]
["B","Código","Banco","Mão de Obra","Quantidade","Salário Hora",null,null,null,"Custo Horário"]
["Insumo","P9824","SICRO3","Servente",1,null,null,null,17.772500000000001,17.772500000000001]
[{"$nulls":6},"Custo Horário da Mão de Obra =>",null,null,17.772500000000001]
[{"$nulls":6},"Adc.M.O. - Ferramentas (0,0%) =>",null,null,0]
[{"$nulls":6},"Custo Horário de Execução =>",null,null,27.629100000000001]
[{"$nulls":6},"Fator de Influencia da Chuva - FIC =>",null,null,0]
[{"$nulls":6},"Custo do FIC =>",null,null,0]
[{"$nulls":6},"Produção de Equipe =>",null,null,9]
[{"$nulls":6},"Custo Unitário de Execução =>",null,null,3.0699000000000001]
[{"$nulls":4},"MO sem LS =>",1.9747222222222223,"LS =>",0,"MO com LS =>",1.9747222222222223]
[{"$nulls":4},"Valor do BDI =>",0.74,null,"Valor com BDI =>",null,3.81]
[]
[" 3.1.5 ","Código","Banco","Descrição","Tipo",null,"Und","Quant.","Valor Unit","Total"]
["Composição"," 0407819 ","SICRO3","Armação em aço CA-50 - fornecimento, preparo e colocação","",null,"kg",1,12.48,12.48]
["B","Código","Banco","Mão de Obra","Quantidade","Salário Hora",null,null,null,"Custo Horário"]
["Insumo","P9801","SICRO3","Ajudante",0.09,null,null,null,18.160499999999999,1.6344000000000001]
["Insumo","P9805","SICRO3","Armador",0.09,null,null,null,25.711500000000001,2.3140000000000001]
[{"$nulls":6},"Custo Horário da Mão de Obra =>",null,null,3.9485000000000001]
[{"$nulls":6},"Adc.M.O. - Ferramentas (0,0%) =>",null,null,0]
[{"$nulls":6},"Custo Horário de Execução =>",null,null,3.9485000000000001]
[{"$nulls":6},"Fator de Influencia da Chuva - FIC =>",null,null,0]
[{"$nulls":6},"Custo do FIC =>",null,null,0]
[{"$nulls":6},"Produção de Equipe =>",null,null,1]
[{"$nulls":6},"Custo Unitário de Execução =>",null,null,3.9485000000000001]
["C","Banco","Código","Material","Quantidade","Unidade","Preço Unitário",null,null,"Custo Horário"]
["Insumo","SICRO3","M0004","Aço CA 50",1.1000000000000001,"kg",7.6280999999999999,null,null,8.3909000000000002]
["Insumo","SICRO3","M0075","Arame liso recozido em aço-carbono - D = 1,24 mm (18 BWG)",1.4999999999999999E-2,"kg",7.0519999999999996,null,null,0.10580000000000001]
[{"$nulls":6},"Custo Total do Material =>",null,null,8.4967000000000006]
["E","Banco","Insumo","Tempos Fixos","Código","Quantidade","Unidade","Preço Unitário",null,"Custo Horário"]
["Tempo Fixo","SICRO3","M0004","Carga, manobra e descarga de materiais diversos em caminhão carroceria de 15 t - carga e descarga manuais",5914655,1.1000000000000001E-3,"t",29.92,null,3.2899999999999999E-2]
["Tempo Fixo","SICRO3","M0075","Carga, manobra e descarga de materiais diversos em caminhão carroceria de 15 t - carga e descarga manuais",5914655,2.0000000000000002E-5,"t",29.92,null,5.9999999999999995E-4]
[{"$nulls":6},"Custo Total dos Tempos Fixos =>",null,null,3.3500000000000002E-2]
["F","Banco","Insumo","Momento de Transporte","Quantidade","Unidade","Distância Média de Transporte (DMT)",null,null,"Custo Horário"]
[{"$nulls":6},"LN","RP","P"]
["Momento de Transporte","SICRO3","M0004","Aço CA 50 - Caminhão carroceria com capacidade de 15 t - 188 kW",1.1000000000000001E-3,"tkm","5914449\n0,000\nR$  1,02","5914464\n0,000\nR$  0,82","5914479\n0,000\nR$  0,66",0]
["Momento de Transporte","SICRO3","M0075","Arame liso recozido em aço-carbono - D = 1,24 mm (18 BWG) - Caminhão carroceria com capacidade de 15 t - 188 kW",2.0000000000000002E-5,"tkm","5914449\n0,000\nR$  1,02","5914464\n0,000\nR$  0,82","5914479\n0,000\nR$  0,66",0]
[{"$nulls":6},"Custo total dos Momentos de Transportes =>",null,null,0]
[{"$nulls":4},"MO sem LS =>",3.9585670945945948,"LS =>",0,"MO com LS =>",3.9585670945945948]
[{"$nulls":4},"Valor do BDI =>",3.02,null,"Valor com BDI =>",null,15.5]
[]
[" 3.1.9 ","Código","Banco","Descrição","Tipo",null,"Und","Quant.","Valor Unit","Total"]
["Composição"," 6106218 ","SICRO3","Colocação e retirada de campânula de ar comprimido em tubulão com apoio de guindaste","",null,"un",1,411.27,411.27]
["A","Código","Banco","Equipamentos","Quantidade","Utilização",null,"Custo Operacional",null,"Custo Horário"]
[{"$nulls":5},"Operativa","Improdutiva","Operativa","Improdutiva"]
["Insumo","E9686","SICRO3","Caminhão carroceria com guindauto com capacidade de 20 t.m - 136 kW",1,1,0,283.91770000000002,107.0844,283.91770000000002]
[{"$nulls":6},"Custo Horário de Equipamentos =>",null,null,283.91770000000002]
["B","Código","Banco","Mão de Obra","Quantidade","Salário Hora",null,null,null,"Custo Horário"]
["Insumo","P9824","SICRO3","Servente",2,null,null,null,17.772500000000001,35.545000000000002]
[{"$nulls":6},"Custo Horário da Mão de Obra =>",null,null,35.545000000000002]
[{"$nulls":6},"Adc.M.O. - Ferramentas (0,0%) =>",null,null,0]
[{"$nulls":6},"Custo Horário de Execução =>",null,null,319.46269999999998]
[{"$nulls":6},"Fator de Influencia da Chuva - FIC =>",null,null,0]
[{"$nulls":6},"Custo do FIC =>",null,null,0]
[{"$nulls":6},"Produção de Equipe =>",null,null,1]
[{"$nulls":6},"Custo Unitário de Execução =>",null,null,319.46269999999998]
["C","Banco","Código","Material","Quantidade","Unidade","Preço Unitário",null,null,"Custo Horário"]
["Insumo","SICRO3","M2979","Chumbador em aço CA 25",14.58779,"kg",6.2633000000000001,null,null,91.367699999999999]
[{"$nulls":6},"Custo Total do Material =>",null,null,91.367699999999999]
["E","Banco","Insumo","Tempos Fixos","Código","Quantidade","Unidade","Preço Unitário",null,"Custo Horário"]
["Tempo Fixo","SICRO3","M2979","Carga, manobra e descarga de materiais diversos em caminhão carroceria de 15 t - carga e descarga manuais",5914655,1.4590000000000001E-2,"t",29.92,null,0.4365]
[{"$nulls":6},"Custo Total dos Tempos Fixos =>",null,null,0.4365]
["F","Banco","Insumo","Momento de Transporte","Quantidade","Unidade","Distância Média de Transporte (DMT)",null,null,"Custo Horário"]
[{"$nulls":6},"LN","RP","P"]
["Momento de Transporte","SICRO3","M2979","Chumbador em aço CA 25 - Caminhão carroceria com capacidade de 15 t - 188 kW",1.4590000000000001E-2,"tkm","5914449\n0,000\nR$  1,02","5914464\n0,000\nR$  0,82","5914479\n0,000\nR$  0,66",0]
[{"$nulls":6},"Custo total dos Momentos de Transportes =>",null,null,0]
[{"$nulls":4},"MO sem LS =>",35.676402400000001,"LS =>",0,"MO com LS =>",35.676402419763512]
[{"$nulls":4},"Valor do BDI =>",99.65,null,"Valor com BDI =>",null,510.92]
[]
[" 3.1.10 ","Código","Banco","Descrição","Tipo",null,"Und","Quant.","Valor Unit","Total"]
["Composição"," COMP PRP - 0008 ","Próprio","PONTE BRANCA DE MADEIRA PARA ACESSO AOS TUBULOES E/OU BATE ESTACAS","SEES - SERVIÇOS ESPECIAIS",null,"m³",1,187.77,187.77]
["Insumo"," H020000949 ","CAEMA","BATE ESTACA EXPLOSAO D-12","Equipamento",null,"H",0.88109999999999999,37.880000000000003,33.369999999999997]
["Insumo"," P9801 ","SICRO3","Ajudante","Mão de Obra",null,"h",1,18.160499999999999,18.16]
["Insumo"," P9808 ","SICRO3","Carpinteiro","Mão de Obra",null,"h",1,23.899899999999999,23.89]
["Insumo"," P9824 ","SICRO3","Servente","Mão de Obra",null,"h",2.9369999999999998,17.772500000000001,52.19]
["Insumo"," M0284 ","SICRO3","Caibro de pinho - L = 7,5 cm e E = 7,5 cm","Material",null,"m",1,24.5124,24.51]
["Insumo"," D050000109 ","CAEMA","ESTACA DE MADEIRA DN=22CM, CAP. 6 A 8 T","Material",null,"M",2.6966999999999999,5.96,16.07]
["Insumo"," M0310 ","SICRO3","Peça de madeira - L = 7,5 cm e E = 2,5 cm","Material",null,"m",2.2000000000000002,4.9119000000000002,10.8]
["Insumo"," M1205 ","SICRO3","Prego de ferro","Material",null,"kg",0.37465999999999999,13.650499999999999,5.1100000000000003]
["Insumo"," M0286 ","SICRO3","Tábua - E = 2,5 cm e L = 30 cm","Material",null,"m",0.22222,16.516500000000001,3.67]
[{"$nulls":4},"MO sem LS =>",94.24,"LS =>",0,"MO com LS =>",94.24]
[{"$nulls":4},"Valor do BDI =>",45.49,null,"Valor com BDI =>",null,233.26]
[]
[" 3.2.2 ","Código","Banco","Descrição","Tipo",null,"Und","Quant.","Valor Unit","Total"]
["Composição"," 1106051 ","SICRO3","Lançamento livre de concreto usinado por meio de caminhão betoneira - confecção em central dosadora de 40 m³/h","",null,"m³",1,34.26,34.26]
["B","Código","Banco","Mão de Obra","Quantidade","Salário Hora",null,null,null,"Custo Horário"]
["Insumo","P9821","SICRO3","Pedreiro",1,null,null,null,23.605599999999999,23.605599999999999]
["Insumo","P9824","SICRO3","Servente",3,null,null,null,17.772500000000001,53.317500000000003]
[{"$nulls":6},"Custo Horário da Mão de Obra =>",null,null,76.923100000000005]
[{"$nulls":6},"Adc.M.O. - Ferramentas (0,0%) =>",null,null,0]
[{"$nulls":6},"Custo Horário de Execução =>",null,null,76.923100000000005]
[{"$nulls":6},"Fator de Influencia da Chuva - FIC =>",null,null,0]
[{"$nulls":6},"Custo do FIC =>",null,null,0]
[{"$nulls":6},"Produção de Equipe =>",null,null,33.200000000000003]
[{"$nulls":6},"Custo Unitário de Execução =>",null,null,2.3170000000000002]
["D","Banco","Código","Atividades Auxiliares","Quantidade","Unidade","Preço Unitário",null,null,"Custo Horário"]
["Atividade Auxiliar","SICRO3",1110000,"Concreto",1,"m³",0,null,null,0]
[{"$nulls":6},"Custo Total das Atividades =>",null,null,0]
["E","Banco","Insumo","Tempos Fixos","Código","Quantidade","Unidade","Preço Unitário",null,"Custo Horário"]
["Tempo Fixo","SICRO3",1110000,"Carga, manobra e descarga de concreto com caminhão betoneira - carga em central de concreto de 40 m³/h e descarga livre",5919538,2.4,"t",13.31,null,31.943999999999999]
[{"$nulls":6},"Custo Total dos Tempos Fixos =>",null,null,31.943999999999999]
["F","Banco","Insumo","Momento de Transporte","Quantidade","Unidade","Distância Média de Transporte (DMT)",null,null,"Custo Horário"]
[{"$nulls":6},"LN","RP","P"]
["Momento de Transporte","SICRO3",1110000,"Concreto - Caminhão betoneira com capacidade de 8 m³ - 188 kW",2.4,"tkm","5914539\n0,000\nR$  0,88","5914554\n0,000\nR$  0,70","5914569\n0,000\nR$  0,57",0]
[{"$nulls":6},"Custo total dos Momentos de Transportes =>",null,null,0]
[{"$nulls":4},"MO sem LS =>",2.3169608433734941,"LS =>",0,"MO com LS =>",2.3169608433734941]
[{"$nulls":4},"Valor do BDI =>",8.3000000000000007,null,"Valor com BDI =>",null,42.56]
[]
[" 3.2.5 ","Código","Banco","Descrição","Tipo",null,"Und","Quant.","Valor Unit","Total"]
["Composição"," 3108016 ","SICRO3","Fôrmas de compensado plastificado 14 mm - uso geral - utilização de 2 vezes - confecção, instalação e retirada","",null,"m²",1,108.72,108.72]
["A","Código","Banco","Equipamentos","Quantidade","Utilização",null,"Custo Operacional",null,"Custo Horário"]
[{"$nulls":5},"Operativa","Improdutiva","Operativa","Improdutiva"]
["Insumo","E9066","SICRO3","Grupo gerador - 13/14 kVA",6.0240000000000002E-2,1,0,16.0016,3.6846999999999999,0.96389999999999998]
["Insumo","E9535","SICRO3","Serra circular com bancada - D = 30 cm - 4 kW",6.0240000000000002E-2,1,0,24.2986,24.033300000000001,1.4637]
[{"$nulls":6},"Custo Horário de Equipamentos =>",null,null,2.4277000000000002]
["B","Código","Banco","Mão de Obra","Quantidade","Salário Hora",null,null,null,"Custo Horário"]
["Insumo","P9801","SICRO3","Ajudante",0.65,null,null,null,18.160499999999999,11.8043]
["Insumo","P9808","SICRO3","Carpinteiro",0.65,null,null,null,23.899899999999999,15.5349]
[{"$nulls":6},"Custo Horário da Mão de Obra =>",null,null,27.339300000000001]
[{"$nulls":6},"Adc.M.O. - Ferramentas (0,0%) =>",null,null,0]
[{"$nulls":6},"Custo Horário de Execução =>",null,null,29.7669]
[{"$nulls":6},"Fator de Influencia da Chuva - FIC =>",null,null,0]
[{"$nulls":6},"Custo do FIC =>",null,null,0]
[{"$nulls":6},"Produção de Equipe =>",null,null,1]
[{"$nulls":6},"Custo Unitário de Execução =>",null,null,29.7669]
["C","Banco","Código","Material","Quantidade","Unidade","Preço Unitário",null,null,"Custo Horário"]
["Insumo","SICRO3","M0284","Caibro de pinho - L = 7,5 cm e E = 7,5 cm",0.64166999999999996,"m",24.5124,null,null,15.728899999999999]
["Insumo","SICRO3","M0459","Compensado plastificado - E = 14 mm",0.57750000000000001,"m²",60.869399999999999,null,null,35.152099999999997]
["Insumo","SICRO3","M0560","Desmoldante para fôrmas de madeira",1.0529999999999999E-2,"l",14.616300000000001,null,null,0.15390000000000001]
["Insumo","SICRO3","M0310","Peça de madeira - L = 7,5 cm e E = 2,5 cm",0.28438000000000002,"m",4.9119000000000002,null,null,1.3968]
["Insumo","SICRO3","M1205","Prego de ferro",0.20394999999999999,"kg",13.650499999999999,null,null,2.7839999999999998]
["Insumo","SICRO3","M0290","Tábua - E = 2,5 cm e L = 10 cm",2.9853800000000001,"m",4.8722000000000003,null,null,14.545400000000001]
["Insumo","SICRO3","M0286","Tábua - E = 2,5 cm e L = 30 cm",0.51332999999999995,"m",16.516500000000001,null,null,8.4784000000000006]
[{"$nulls":6},"Custo Total do Material =>",null,null,78.239500000000007]
["E","Banco","Insumo","Tempos Fixos","Código","Quantidade","Unidade","Preço Unitário",null,"Custo Horário"]
["Tempo Fixo","SICRO3","M0284","Carga, manobra e descarga de materiais diversos em caminhão carroceria de 15 t - carga e descarga manuais",5914655,3.6099999999999999E-3,"t",29.92,null,0.108]
["Tempo Fixo","SICRO3","M0459","Carga, manobra e descarga de materiais diversos em caminhão carroceria de 15 t - carga e descarga manuais",5914655,8.09E-3,"t",29.92,null,0.24210000000000001]
["Tempo Fixo","SICRO3","M0560","Carga, manobra e descarga de materiais diversos em caminhão carroceria de 15 t - carga e descarga manuais",5914655,1.0000000000000001E-5,"t",29.92,null,2.9999999999999997E-4]
["Tempo Fixo","SICRO3","M0310","Carga, manobra e descarga de materiais diversos em caminhão carroceria de 15 t - carga e descarga manuais",5914655,5.2999999999999998E-4,"t",29.92,null,1.5900000000000001E-2]
["Tempo Fixo","SICRO3","M1205","Carga, manobra e descarga de materiais diversos em caminhão carroceria de 15 t - carga e descarga manuais",5914655,2.0000000000000001E-4,"t",29.92,null,6.0000000000000001E-3]
["Tempo Fixo","SICRO3","M0290","Carga, manobra e descarga de materiais diversos em caminhão carroceria de 15 t - carga e descarga manuais",5914655,7.4599999999999996E-3,"t",29.92,null,0.22320000000000001]
["Tempo Fixo","SICRO3","M0286","Carga, manobra e descarga de materiais diversos em caminhão carroceria de 15 t - carga e descarga manuais",5914655,3.8500000000000001E-3,"t",29.92,null,0.1152]
[{"$nulls":6},"Custo Total dos Tempos Fixos =>",null,null,0.7107]
["F","Banco","Insumo","Momento de Transporte","Quantidade","Unidade","Distância Média de Transporte (DMT)",null,null,"Custo Horário"]
[{"$nulls":6},"LN","RP","P"]
["Momento de Transporte","SICRO3","M0284","Caibro de pinho - L = 7,5 cm e E = 7,5 cm - Caminhão carroceria com capacidade de 15 t - 188 kW",3.6099999999999999E-3,"tkm","5914449\n0,000\nR$  1,02","5914464\n0,000\nR$  0,82","5914479\n0,000\nR$  0,66",0]
["Momento de Transporte","SICRO3","M0459","Compensado plastificado - E = 14 mm - Caminhão carroceria com capacidade de 15 t - 188 kW",8.09E-3,"tkm","5914449\n0,000\nR$  1,02","5914464\n0,000\nR$  0,82","5914479\n0,000\nR$  0,66",0]
["Momento de Transporte","SICRO3","M0560","Desmoldante para fôrmas de madeira - Caminhão carroceria com capacidade de 15 t - 188 kW",1.0000000000000001E-5,"tkm","5914449\n0,000\nR$  1,02","5914464\n0,000\nR$  0,82","5914479\n0,000\nR$  0,66",0]
["Momento de Transporte","SICRO3","M0310","Peça de madeira - L = 7,5 cm e E = 2,5 cm - Caminhão carroceria com capacidade de 15 t - 188 kW",5.2999999999999998E-4,"tkm","5914449\n0,000\nR$  1,02","5914464\n0,000\nR$  0,82","5914479\n0,000\nR$  0,66",0]
["Momento de Transporte","SICRO3","M1205","Prego de ferro - Caminhão carroceria com capacidade de 15 t - 188 kW",2.0000000000000001E-4,"tkm","5914449\n0,000\nR$  1,02","5914464\n0,000\nR$  0,82","5914479\n0,000\nR$  0,66",0]
["Momento de Transporte","SICRO3","M0290","Tábua - E = 2,5 cm e L = 10 cm - Caminhão carroceria com capacidade de 15 t - 188 kW",7.4599999999999996E-3,"tkm","5914449\n0,000\nR$  1,02","5914464\n0,000\nR$  0,82","5914479\n0,000\nR$  0,66",0]
["Momento de Transporte","SICRO3","M0286","Tábua - E = 2,5 cm e L = 30 cm - Caminhão carroceria com capacidade de 15 t - 188 kW",3.8500000000000001E-3,"tkm","5914449\n0,000\nR$  1,02","5914464\n0,000\nR$  0,82","5914479\n0,000\nR$  0,66",0]
[{"$nulls":6},"Custo total dos Momentos de Transportes =>",null,null,0]
[{"$nulls":4},"MO sem LS =>",27.55316044341216,"LS =>",0,"MO com LS =>",27.55316044341216]
[{"$nulls":4},"Valor do BDI =>",26.34,null,"Valor com BDI =>",null,135.06]
[]
[" 3.3.1 ","Código","Banco","Descrição","Tipo",null,"Und","Quant.","Valor Unit","Total"]
["Composição"," COMP PRP - 0009 ","Próprio","PLATAFORMA DE MADEIRA PARA CRAVAÇÃO DE ESTACAS EIXOS 1 E 6","SEES - SERVIÇOS ESPECIAIS",null,"m³",1,187.77,187.77]
["Insumo"," H020000949 ","CAEMA","BATE ESTACA EXPLOSAO D-12","Equipamento",null,"H",0.88109999999999999,37.880000000000003,33.369999999999997]
["Insumo"," P9801 ","SICRO3","Ajudante","Mão de Obra",null,"h",1,18.160499999999999,18.16]
["Insumo"," P9808 ","SICRO3","Carpinteiro","Mão de Obra",null,"h",1,23.899899999999999,23.89]
["Insumo"," P9824 ","SICRO3","Servente","Mão de Obra",null,"h",2.9369999999999998,17.772500000000001,52.19]
["Insumo"," M0284 ","SICRO3","Caibro de pinho - L = 7,5 cm e E = 7,5 cm","Material",null,"m",1,24.5124,24.51]
["Insumo"," D050000109 ","CAEMA","ESTACA DE MADEIRA DN=22CM, CAP. 6 A 8 T","Material",null,"M",2.6966999999999999,5.96,16.07]
["Insumo"," M0310 ","SICRO3","Peça de madeira - L = 7,5 cm e E = 2,5 cm","Material",null,"m",2.2000000000000002,4.9119000000000002,10.8]
["Insumo"," M1205 ","SICRO3","Prego de ferro","Material",null,"kg",0.37465999999999999,13.650499999999999,5.1100000000000003]
["Insumo"," M0286 ","SICRO3","Tábua - E = 2,5 cm e L = 30 cm","Material",null,"m",0.22222,16.516500000000001,3.67]
[{"$nulls":4},"MO sem LS =>",94.24,"LS =>",0,"MO com LS =>",94.24]
[{"$nulls":4},"Valor do BDI =>",45.49,null,"Valor com BDI =>",null,233.26]
[]
[" 3.3.2 ","Código","Banco","Descrição","Tipo",null,"Und","Quant.","Valor Unit","Total"]
["Composição"," 2306113 ","SICRO3","Estaca trilho TR 68 - fornecimento e cravação","",null,"m",1,374.7,374.7]
["A","Código","Banco","Equipamentos","Quantidade","Utilização",null,"Custo Operacional",null,"Custo Horário"]
[{"$nulls":5},"Operativa","Improdutiva","Operativa","Improdutiva"]
["Insumo","E9502","SICRO3","Bate-estaca de gravidade para 6 t - 119 kW",1,1,0,222.72040000000001,102.8785,222.72040000000001]
[{"$nulls":6},"Custo Horário de Equipamentos =>",null,null,222.72040000000001]
["B","Código","Banco","Mão de Obra","Quantidade","Salário Hora",null,null,null,"Custo Horário"]
["Insumo","P9824","SICRO3","Servente",2,null,null,null,17.772500000000001,35.545000000000002]
[{"$nulls":6},"Custo Horário da Mão de Obra =>",null,null,35.545000000000002]
[{"$nulls":6},"Adc.M.O. - Ferramentas (0,0%) =>",null,null,0]
[{"$nulls":6},"Custo Horário de Execução =>",null,null,258.2654]
[{"$nulls":6},"Fator de Influencia da Chuva - FIC =>",null,null,0]
[{"$nulls":6},"Custo do FIC =>",null,null,0]
[{"$nulls":6},"Produção de Equipe =>",null,null,8.3000000000000007]
[{"$nulls":6},"Custo Unitário de Execução =>",null,null,31.116299999999999]
["C","Banco","Código","Material","Quantidade","Unidade","Preço Unitário",null,null,"Custo Horário"]
["Insumo","SICRO3","M1606","Trilho TR68 em aço-carbono usado",67.599999999999994,"kg",5.0628000000000002,null,null,342.24529999999999]
[{"$nulls":6},"Custo Total do Material =>",null,null,342.24529999999999]
["E","Banco","Insumo","Tempos Fixos","Código","Quantidade","Unidade","Preço Unitário",null,"Custo Horário"]
["Tempo Fixo","SICRO3","M1606","Carga, manobra e descarga de materiais diversos em caminhão carroceria com capacidade de 11 t e com guindauto de 45 t.m",5915015,6.7599999999999993E-2,"t",19.73,null,1.3337000000000001]
[{"$nulls":6},"Custo Total dos Tempos Fixos =>",null,null,1.3337000000000001]
["F","Banco","Insumo","Momento de Transporte","Quantidade","Unidade","Distância Média de Transporte (DMT)",null,null,"Custo Horário"]
[{"$nulls":6},"LN","RP","P"]
["Momento de Transporte","SICRO3","M1606","Trilho TR68 em aço-carbono usado - Caminhão carroceria com guindauto com capacidade de 45 t.m - 188 kW",6.7599999999999993E-2,"tkm","5915012\n0,000\nR$  2,03","5915013\n0,000\nR$  1,62","5915014\n0,000\nR$  1,32",0]
[{"$nulls":6},"Custo total dos Momentos de Transportes =>",null,null,0]
[{"$nulls":4},"MO sem LS =>",4.3991163204819275,"LS =>",0,"MO com LS =>",4.3991163407633449]
[{"$nulls":4},"Valor do BDI =>",90.78,null,"Valor com BDI =>",null,465.48]
[]
[" 3.3.3 ","Código","Banco","Descrição","Tipo",null,"Und","Quant.","Valor Unit","Total"]
["Composição"," 5914434 ","SICRO3","Transporte com caminhão carroceria de 9 t - rodovia pavimentada","",null,"tkm",1,0.7,0.7]
["A","Código","Banco","Equipamentos","Quantidade","Utilização",null,"Custo Operacional",null,"Custo Horário"]
[{"$nulls":5},"Operativa","Improdutiva","Operativa","Improdutiva"]
["Insumo","E9508","SICRO3","Caminhão carroceria com capacidade de 9 t - 136 kW",1,1,0,169.01089999999999,64.496399999999994,169.01089999999999]
[{"$nulls":6},"Custo Horário de Equipamentos =>",null,null,169.01089999999999]
[{"$nulls":6},"Custo Horário de Execução =>",null,null,169.01089999999999]
[{"$nulls":6},"Fator de Influencia da Chuva - FIC =>",null,null,0]
[{"$nulls":6},"Custo do FIC =>",null,null,0]
[{"$nulls":6},"Produção de Equipe =>",null,null,241.03]
[{"$nulls":6},"Custo Unitário de Execução =>",null,null,0.70120000000000005]
[{"$nulls":4},"MO sem LS =>",0,"LS =>",0,"MO com LS =>",0]
[{"$nulls":4},"Valor do BDI =>",0.16,null,"Valor com BDI =>",null,0.86]
[]
[" 3.3.4 ","Código","Banco","Descrição","Tipo",null,"Und","Quant.","Valor Unit","Total"]
["Composição"," 020712 ","SBC","CORTE DE TRILHOS DE ACO TR-45/68Kgf/m COM ELETRODOS ELETRICOS","PREPARACAO DO TERRENO",null,"M",1,20.86,20.86]
["Composição Auxiliar"," 88317 ","SINAPI","SOLDADOR COM ENCARGOS COMPLEMENTARES","SEDI - SERVIÇOS DIVERSOS",null,"H",0.22,22.02,4.84]
["Insumo"," 030447 ","SBC","MAQUINA SOLDA ELETR.SMASHWELD 180E ESAB 6,1kVA","Material",null,"H",0.218,0.96,0.2]
["Insumo"," 000433 ","SBC","SOLDA-ELETRODO OK 4804 AWS 7018 5,0mm 3/16\" (lata 17kg)","Material",null,"KG",0.26800000000000002,59.05,15.82]
[{"$nulls":4},"MO sem LS =>",3.95,"LS =>",0,"MO com LS =>",3.95]
[{"$nulls":4},"Valor do BDI =>",5.05,null,"Valor com BDI =>",null,25.91]
[]
[" 4.6.1 ","Código","Banco","Descrição","Tipo",null,"Und","Quant.","Valor Unit","Total"]
["Composição"," 1108055 ","SICRO3","Argamassa autoadensável para reparos e grauteamento - confecção em misturador e lançamento manual","",null,"m³",1,2789.76,2789.76]
["A","Código","Banco","Equipamentos","Quantidade","Utilização",null,"Custo Operacional",null,"Custo Horário"]
[{"$nulls":5},"Operativa","Improdutiva","Operativa","Improdutiva"]
["Insumo","E9788","SICRO3","Misturador de argamassa com capacidade de 0,250 m³ - 3,70 kW",1,1,0,29.787299999999998,25.025500000000001,29.787299999999998]
["Insumo","E9064","SICRO3","Transportador manual gerica com capacidade de 180 l",2,0.17,0.83,1.4708000000000001,0.99990000000000001,2.1598999999999999]
[{"$nulls":6},"Custo Horário de Equipamentos =>",null,null,31.947199999999999]
["B","Código","Banco","Mão de Obra","Quantidade","Salário Hora",null,null,null,"Custo Horário"]
["Insumo","P9821","SICRO3","Pedreiro",1,null,null,null,23.605599999999999,23.605599999999999]
["Insumo","P9824","SICRO3","Servente",2,null,null,null,17.772500000000001,35.545000000000002]
[{"$nulls":6},"Custo Horário da Mão de Obra =>",null,null,59.150599999999997]
[{"$nulls":6},"Adc.M.O. - Ferramentas (0,0%) =>",null,null,0]
[{"$nulls":6},"Custo Horário de Execução =>",null,null,91.097800000000007]
[{"$nulls":6},"Fator de Influencia da Chuva - FIC =>",null,null,0]
[{"$nulls":6},"Custo do FIC =>",null,null,0]
[{"$nulls":6},"Produção de Equipe =>",null,null,1.2176]
[{"$nulls":6},"Custo Unitário de Execução =>",null,null,74.817499999999995]
["C","Banco","Código","Material","Quantidade","Unidade","Preço Unitário",null,null,"Custo Horário"]
["Insumo","SICRO3","M0084","Argamassa pré-dosada autoadensável para grauteamento",1968.75,"kg",1.3491,null,null,2656.0405999999998]
[{"$nulls":6},"Custo Total do Material =>",null,null,2656.0405999999998]
["E","Banco","Insumo","Tempos Fixos","Código","Quantidade","Unidade","Preço Unitário",null,"Custo Horário"]
["Tempo Fixo","SICRO3","M0084","Carga, manobra e descarga de materiais diversos em caminhão carroceria de 15 t - carga e descarga manuais",5914655,1.96875,"t",29.92,null,58.905000000000001]
[{"$nulls":6},"Custo Total dos Tempos Fixos =>",null,null,58.905000000000001]
["F","Banco","Insumo","Momento de Transporte","Quantidade","Unidade","Distância Média de Transporte (DMT)",null,null,"Custo Horário"]
[{"$nulls":6},"LN","RP","P"]
["Momento de Transporte","SICRO3","M0084","Argamassa pré-dosada autoadensável para grauteamento - Caminhão carroceria com capacidade de 15 t - 188 kW",1.96875,"tkm","5914449\n0,000\nR$  1,02","5914464\n0,000\nR$  0,82","5914479\n0,000\nR$  0,66",0]
[{"$nulls":6},"Custo total dos Momentos de Transportes =>",null,null,0]
[{"$nulls":4},"MO sem LS =>",66.310885881646882,"LS =>",0,"MO com LS =>",66.310885881646882]
[{"$nulls":4},"Valor do BDI =>",675.95,null,"Valor com BDI =>",null,3465.71]
[]
[" 4.7.1 ","Código","Banco","Descrição","Tipo",null,"Und","Quant.","Valor Unit","Total"]
["Composição"," 0307731 ","SICRO3","Aparelho de apoio de neoprene fretado para estruturas moldadas no local - fornecimento e instalação","",null,"dm³",1,100.92,100.92]
["B","Código","Banco","Mão de Obra","Quantidade","Salário Hora",null,null,null,"Custo Horário"]
["Insumo","P9821","SICRO3","Pedreiro",2,null,null,null,23.605599999999999,47.211199999999998]
[{"$nulls":6},"Custo Horário da Mão de Obra =>",null,null,47.211199999999998]
[{"$nulls":6},"Adc.M.O. - Ferramentas (0,0%) =>",null,null,0]
[{"$nulls":6},"Custo Horário de Execução =>",null,null,47.211199999999998]
[{"$nulls":6},"Fator de Influencia da Chuva - FIC =>",null,null,0]
[{"$nulls":6},"Custo do FIC =>",null,null,0]
[{"$nulls":6},"Produção de Equipe =>",null,null,2]
[{"$nulls":6},"Custo Unitário de Execução =>",null,null,23.605599999999999]
["C","Banco","Código","Material","Quantidade","Unidade","Preço Unitário",null,null,"Custo Horário"]
["Insumo","SICRO3","M0798","Apoio de neoprene fretado",1,"dm³",75.333399999999997,null,null,75.333399999999997]
["Insumo","SICRO3","M0786","Placa de poliestireno expandido (EPS)",6.2700000000000004E-3,"m³",299.89940000000001,null,null,1.8804000000000001]
[{"$nulls":6},"Custo Total do Material =>",null,null,77.213800000000006]
["E","Banco","Insumo","Tempos Fixos","Código","Quantidade","Unidade","Preço Unitário",null,"Custo Horário"]
["Tempo Fixo","SICRO3","M0798","Carga, manobra e descarga de materiais diversos em caminhão carroceria de 15 t - carga e descarga manuais",5914655,3.2000000000000002E-3,"t",29.92,null,9.5699999999999993E-2]
["Tempo Fixo","SICRO3","M0786","Carga, manobra e descarga de materiais diversos em caminhão carroceria de 15 t - carga e descarga manuais",5914655,6.9999999999999994E-5,"t",29.92,null,2.0999999999999999E-3]
[{"$nulls":6},"Custo Total dos Tempos Fixos =>",null,null,9.7799999999999998E-2]
["F","Banco","Insumo","Momento de Transporte","Quantidade","Unidade","Distância Média de Transporte (DMT)",null,null,"Custo Horário"]
[{"$nulls":6},"LN","RP","P"]
["Momento de Transporte","SICRO3","M0798","Apoio de neoprene fretado - Caminhão carroceria com capacidade de 15 t - 188 kW",3.2000000000000002E-3,"tkm","5914449\n0,000\nR$  1,02","5914464\n0,000\nR$  0,82","5914479\n0,000\nR$  0,66",0]
["Momento de Transporte","SICRO3","M0786","Placa de poliestireno expandido (EPS) - Caminhão carroceria com capacidade de 15 t - 188 kW",6.9999999999999994E-5,"tkm","5914449\n0,000\nR$  1,02","5914464\n0,000\nR$  0,82","5914479\n0,000\nR$  0,66",0]
[{"$nulls":6},"Custo total dos Momentos de Transportes =>",null,null,0]
[{"$nulls":4},"MO sem LS =>",23.635050700000001,"LS =>",0,"MO com LS =>",23.635050713682432]
[{"$nulls":4},"Valor do BDI =>",24.45,null,"Valor com BDI =>",null,125.37]
[]
[" 4.9.1 ","Código","Banco","Descrição","Tipo",null,"Und","Quant.","Valor Unit","Total"]
["Composição"," 2 S 03 119 01 ","SICRO2","Escoramento com madeira de OAE","Construção Rodoviária",null,"m³",1,57.45,57.45]
["A","Código","Banco","Equipamentos","Quantidade","Utilização",null,"Custo Operacional",null,"Custo Horário"]
[{"$nulls":5},"Operativa","Improdutiva","Operativa","Improdutiva"]
["Insumo","E904","SICRO2","Máquina de Bancada : Maksiwa : SCMA -  serra circular de 12\" ",1,0.2,0.8,2.3134000000000001,0,0.4627]
[{"$nulls":6},"Custo Horário de Equipamentos =>",null,null,0.4627]
["B","Código","Banco","Mão de Obra","Quantidade","Salário Hora",null,null,null,"Custo Horário"]
["Insumo","T603","SICRO2","Carpinteiro ",0.67,null,null,null,14.992900000000001,10.045199999999999]
["Insumo","T701","SICRO2","Servente ",0.67,null,null,null,9.6196999999999999,6.4451999999999998]
[{"$nulls":6},"Custo Horário da Mão de Obra =>",null,null,16.490400000000001]
[{"$nulls":6},"Adc.M.O. - Ferramentas (20,51%) =>",null,null,3.3822000000000001]
[{"$nulls":6},"Custo Horário de Execução =>",null,null,20.3353]
[{"$nulls":6},"Fator de Influencia da Chuva - FIC =>",null,null,0]
[{"$nulls":6},"Custo do FIC =>",null,null,0]
[{"$nulls":6},"Produção de Equipe =>",null,null,1]
[{"$nulls":6},"Custo Unitário de Execução =>",null,null,20.3353]
["C","Banco","Código","Material","Quantidade","Unidade","Preço Unitário",null,null,"Custo Horário"]
["Insumo","SICRO2","M320","Pregos de ferro 18x30 ",0.11,"kg",5.08,null,null,0.55879999999999996]
["Insumo","SICRO2","M401","Pontaletes D=15 cm (tronco p/ esc.) ",0.5,"m",8.6300000000000008,null,null,4.3150000000000004]
["Insumo","SICRO2","M407","Tábua de 1ª 2,5 cm x 15,0 cm ",1.9,"m",13.33,null,null,25.327000000000002]
["Insumo","SICRO2","M414","Pranchão 7,5 x 30,0 cm ",0.125,"m",55.33,null,null,6.9162999999999997]
[{"$nulls":6},"Custo Total do Material =>",null,null,37.117100000000001]
[{"$nulls":4},"MO sem LS =>",16.490442000000002,"LS =>",0,"MO com LS =>",16.490442000000002]
[{"$nulls":4},"Valor do BDI =>",13.92,null,"Valor com BDI =>",null,71.37]
[]
[" 5.1.1 ","Código","Banco","Descrição","Tipo",null,"Und","Quant.","Valor Unit","Total"]
["Composição"," 5914479 ","SICRO3","Transporte com caminhão carroceria de 15 t - rodovia pavimentada","",null,"tkm",1,0.66,0.66]
["A","Código","Banco","Equipamentos","Quantidade","Utilização",null,"Custo Operacional",null,"Custo Horário"]
[{"$nulls":5},"Operativa","Improdutiva","Operativa","Improdutiva"]
["Insumo","E9592","SICRO3","Caminhão carroceria com capacidade de 15 t - 188 kW",1,1,0,247.6472,72.479299999999995,247.6472]
[{"$nulls":6},"Custo Horário de Equipamentos =>",null,null,247.6472]
[{"$nulls":6},"Custo Horário de Execução =>",null,null,247.6472]
[{"$nulls":6},"Fator de Influencia da Chuva - FIC =>",null,null,0]
[{"$nulls":6},"Custo do FIC =>",null,null,0]
[{"$nulls":6},"Produção de Equipe =>",null,null,372.88]
[{"$nulls":6},"Custo Unitário de Execução =>",null,null,0.66410000000000002]
[{"$nulls":4},"MO sem LS =>",0,"LS =>",0,"MO com LS =>",0]
[{"$nulls":4},"Valor do BDI =>",0.15,null,"Valor com BDI =>",null,0.81]
[]
[" 5.1.2 ","Código","Banco","Descrição","Tipo",null,"Und","Quant.","Valor Unit","Total"]
["Composição"," COMP PRP - 0010 ","Próprio","Fornecimento, fabricação e montagem de estrutura em Aço ASTM A-588 (NBR 5008), para Vigamentos, transversinas, contraventamentos e demais acessórios, inclusive todos os serviços de nivelamento e ajustes de montagem, soldas, chumbadores, conectores e ligações. - BDI = 15,92","SEES - SERVIÇOS ESPECIAIS",null,"KG",1,25.24,25.24]
["Insumo"," PROPRIO 25 ","Próprio","Fornecimento, fabricação e montagem de estrutura em Aço ASTM A-588 (NBR 5008), para Vigamentos, transversinas, contraventamentos e demais acessórios, inclusive todos os serviços de nivelamento e ajustes de montagem, soldas, chumbadores, conectores e ligações.","Serviços",null,"KG",1,25.24,25.24]
[{"$nulls":4},"MO sem LS =>",0,"LS =>",0,"MO com LS =>",0]
[{"$nulls":4},"Valor do BDI =>",4.01,null,"Valor com BDI =>",null,29.25]
[]
[" 5.7.6 ","Código","Banco","Descrição","Tipo",null,"Und","Quant.","Valor Unit","Total"]
["Composição"," 1106057 ","SICRO3","Concreto magro - confecção em betoneira e lançamento manual - areia e brita comerciais","",null,"m³",1,384.72,384.72]
["A","Código","Banco","Equipamentos","Quantidade","Utilização",null,"Custo Operacional",null,"Custo Horário"]
[{"$nulls":5},"Operativa","Improdutiva","Operativa","Improdutiva"]
["Insumo","E9519","SICRO3","Betoneira com motor a gasolina com capacidade de 600 l - 10 kW",1,1,0,51.0229,27.496400000000001,51.0229]
["Insumo","E9071","SICRO3","Transportador manual carrinho de mão com capacidade de 80 l",4,0.88,0.12,0.66890000000000005,0.45469999999999999,2.5728]
["Insumo","E9064","SICRO3","Transportador manual gerica com capacidade de 180 l",3,0.41,0.59,1.4708000000000001,0.99990000000000001,3.5789]
[{"$nulls":6},"Custo Horário de Equipamentos =>",null,null,57.174599999999998]
["B","Código","Banco","Mão de Obra","Quantidade","Salário Hora",null,null,null,"Custo Horário"]
["Insumo","P9821","SICRO3","Pedreiro",1,null,null,null,23.605599999999999,23.605599999999999]
["Insumo","P9824","SICRO3","Servente",9,null,null,null,17.772500000000001,159.95249999999999]
[{"$nulls":6},"Custo Horário da Mão de Obra =>",null,null,183.5581]
[{"$nulls":6},"Adc.M.O. - Ferramentas (0,0%) =>",null,null,0]
[{"$nulls":6},"Custo Horário de Execução =>",null,null,240.73269999999999]
[{"$nulls":6},"Fator de Influencia da Chuva - FIC =>",null,null,0]
[{"$nulls":6},"Custo do FIC =>",null,null,0]
[{"$nulls":6},"Produção de Equipe =>",null,null,3.9289999999999998]
[{"$nulls":6},"Custo Unitário de Execução =>",null,null,61.270899999999997]
["C","Banco","Código","Material","Quantidade","Unidade","Preço Unitário",null,null,"Custo Horário"]
["Insumo","SICRO3","M0082","Areia média lavada",0.59948000000000001,"m³",80.777500000000003,null,null,48.424500000000002]
["Insumo","SICRO3","M0192","Brita 2",0.73507999999999996,"m³",125.4255,null,null,92.197800000000001]
["Insumo","SICRO3","M0424","Cimento Portland CP II - 32 - saco",280.53417999999999,"kg",0.61129999999999995,null,null,171.4905]
[{"$nulls":6},"Custo Total do Material =>",null,null,312.11279999999999]
["E","Banco","Insumo","Tempos Fixos","Código","Quantidade","Unidade","Preço Unitário",null,"Custo Horário"]
["Tempo Fixo","SICRO3","M0082","Carga, manobra e descarga de agregados ou solos em caminhão basculante de 10 m³ - carga com carregadeira de 3,40 m³(exclusa) e descarga livre",5914647,0.89922000000000002,"t",1.47,null,1.3219000000000001]
["Tempo Fixo","SICRO3","M0192","Carga, manobra e descarga de agregados ou solos em caminhão basculante de 10 m³ - carga com carregadeira de 3,40 m³(exclusa) e descarga livre",5914647,1.1026199999999999,"t",1.47,null,1.6209]
["Tempo Fixo","SICRO3","M0424","Carga, manobra e descarga de materiais diversos em caminhão carroceria de 15 t - carga e descarga manuais",5914655,0.28053,"t",29.92,null,8.3934999999999995]
[{"$nulls":6},"Custo Total dos Tempos Fixos =>",null,null,11.3363]
["F","Banco","Insumo","Momento de Transporte","Quantidade","Unidade","Distância Média de Transporte (DMT)",null,null,"Custo Horário"]
[{"$nulls":6},"LN","RP","P"]
["Momento de Transporte","SICRO3","M0082","Areia média lavada - Caminhão basculante com capacidade de 10 m³ - 188 kW",0.89922000000000002,"tkm","5914359\n0,000\nR$  1,03","5914374\n0,000\nR$  0,82","5914389\n0,000\nR$  0,67",0]
["Momento de Transporte","SICRO3","M0192","Brita 2 - Caminhão basculante com capacidade de 10 m³ - 188 kW",1.1026199999999999,"tkm","5914359\n0,000\nR$  1,03","5914374\n0,000\nR$  0,82","5914389\n0,000\nR$  0,67",0]
["Momento de Transporte","SICRO3","M0424","Cimento Portland CP II - 32 - saco - Caminhão carroceria com capacidade de 15 t - 188 kW",0.28053,"tkm","5914449\n0,000\nR$  1,02","5914464\n0,000\nR$  0,82","5914479\n0,000\nR$  0,66",0]
[{"$nulls":6},"Custo total dos Momentos de Transportes =>",null,null,0]
[{"$nulls":4},"MO sem LS =>",49.24544931331716,"LS =>",0,"MO com LS =>",49.245449319229323]
[{"$nulls":4},"Valor do BDI =>",93.21,null,"Valor com BDI =>",null,477.93]
[]
[" 5.9.6 ","Código","Banco","Descrição","Tipo",null,"Und","Quant.","Valor Unit","Total"]
["Composição"," 055046 ","SBC","TUBO FERRO GALVANIZADO 3\"\"","INSTALACOES HIDRAULICAS - INCENDIO",null,"M",1,183.59,183.59]
["Composição Auxiliar"," 88248 ","SINAPI","AUXILIAR DE ENCANADOR OU BOMBEIRO HIDRÁULICO COM ENCARGOS COMPLEMENTARES","SEDI - SERVIÇOS DIVERSOS",null,"H",0.65300000000000002,16.11,10.51]
["Composição Auxiliar"," 88267 ","SINAPI","ENCANADOR OU BOMBEIRO HIDRÁULICO COM ENCARGOS COMPLEMENTARES","SEDI - SERVIÇOS DIVERSOS",null,"H",0.65300000000000002,20.73,13.53]
["Insumo"," 030758 ","SBC","TUBO ACO GALVANIZADO DIN 2440 NBR 5580 CLASSE L 3\" (7,07kg/m)","Material",null,"M",1.1000000000000001,145.05000000000001,159.55000000000001]
[{"$nulls":4},"MO sem LS =>",20.57,"LS =>",0,"MO com LS =>",20.57]
[{"$nulls":4},"Valor do BDI =>",44.48,null,"Valor com BDI =>",null,228.07]
[]
[" 5.10.1 ","Código","Banco","Descrição","Tipo",null,"Und","Quant.","Valor Unit","Total"]
["Composição"," 2006408 ","SICRO3","Dreno de PVC D = 75 mm para OAE - fornecimento e instalação","",null,"m",1,64.319999999999993,64.319999999999993]
["B","Código","Banco","Mão de Obra","Quantidade","Salário Hora",null,null,null,"Custo Horário"]
["Insumo","P9824","SICRO3","Servente",1,null,null,null,17.772500000000001,17.772500000000001]
[{"$nulls":6},"Custo Horário da Mão de Obra =>",null,null,17.772500000000001]
[{"$nulls":6},"Adc.M.O. - Ferramentas (0,0%) =>",null,null,0]
[{"$nulls":6},"Custo Horário de Execução =>",null,null,17.772500000000001]
[{"$nulls":6},"Fator de Influencia da Chuva - FIC =>",null,null,0]
[{"$nulls":6},"Custo do FIC =>",null,null,0]
[{"$nulls":6},"Produção de Equipe =>",null,null,2]
[{"$nulls":6},"Custo Unitário de Execução =>",null,null,8.8863000000000003]
["C","Banco","Código","Material","Quantidade","Unidade","Preço Unitário",null,null,"Custo Horário"]
["Insumo","SICRO3","M1472","Tubo de PVC rosqueável para água fria - D = 75 mm (3”)",1,"m",55.328200000000002,null,null,55.328200000000002]
[{"$nulls":6},"Custo Total do Material =>",null,null,55.328200000000002]
["E","Banco","Insumo","Tempos Fixos","Código","Quantidade","Unidade","Preço Unitário",null,"Custo Horário"]
["Tempo Fixo","SICRO3","M1472","Carga, manobra e descarga de materiais diversos em caminhão carroceria de 15 t - carga e descarga manuais",5914655,3.5899999999999999E-3,"t",29.92,null,0.1074]
[{"$nulls":6},"Custo Total dos Tempos Fixos =>",null,null,0.1074]
["F","Banco","Insumo","Momento de Transporte","Quantidade","Unidade","Distância Média de Transporte (DMT)",null,null,"Custo Horário"]
[{"$nulls":6},"LN","RP","P"]
["Momento de Transporte","SICRO3","M1472","Tubo de PVC rosqueável para água fria - D = 75 mm (3”) - Caminhão carroceria com capacidade de 15 t - 188 kW",3.5899999999999999E-3,"tkm","5914449\n0,000\nR$  1,02","5914464\n0,000\nR$  0,82","5914479\n0,000\nR$  0,66",0]
[{"$nulls":6},"Custo total dos Momentos de Transportes =>",null,null,0]
[{"$nulls":4},"MO sem LS =>",8.9185827,"LS =>",0,"MO com LS =>",8.9185827407094589]
[{"$nulls":4},"Valor do BDI =>",15.58,null,"Valor com BDI =>",null,79.900000000000006]
[]
[" 5.13.1 ","Código","Banco","Descrição","Tipo",null,"Und","Quant.","Valor Unit","Total"]
["Composição"," 210023 ","SBC","LIMPEZA FINAL DE OBRAS","LIMPEZA",null,"m²",1,29.06,29.06]
["Composição Auxiliar"," 88316 ","SINAPI","SERVENTE COM ENCARGOS COMPLEMENTARES","SEDI - SERVIÇOS DIVERSOS",null,"H",1.7769999999999999,15.9,28.25]
["Insumo"," 001500 ","SBC","ESTOPA COMUM EMBALAGEM 200 GRAMAS","Material",null,"UN",0.09,9.09,0.81]
[{"$nulls":4},"MO sem LS =>",22.72,"LS =>",0,"MO com LS =>",22.72]
[{"$nulls":4},"Valor do BDI =>",7.04,null,"Valor com BDI =>",null,36.1]
[]
[" 6.1.1.1 ","Código","Banco","Descrição","Tipo",null,"Und","Quant.","Valor Unit","Total"]
["Composição"," 4016007 ","SICRO3","Escavação e carga de material de jazida com trator de 97 kW e carregadeira de 1,72 m³","",null,"m³",1,4.22,4.22]
["A","Código","Banco","Equipamentos","Quantidade","Utilização",null,"Custo Operacional",null,"Custo Horário"]
[{"$nulls":5},"Operativa","Improdutiva","Operativa","Improdutiva"]
["Insumo","E9584","SICRO3","Carregadeira de pneus com capacidade de 1,72 m³ - 113 kW",1,1,0,169.67580000000001,81.939800000000005,169.67580000000001]
["Insumo","E9042","SICRO3","Trator sobre esteiras com lâmina - 97 kW",2,0.57999999999999996,0.42,212.66679999999999,86.750799999999998,319.56420000000003]
[{"$nulls":6},"Custo Horário de Equipamentos =>",null,null,489.24]
["B","Código","Banco","Mão de Obra","Quantidade","Salário Hora",null,null,null,"Custo Horário"]
["Insumo","P9824","SICRO3","Servente",1,null,null,null,17.772500000000001,17.772500000000001]
[{"$nulls":6},"Custo Horário da Mão de Obra =>",null,null,17.772500000000001]
[{"$nulls":6},"Adc.M.O. - Ferramentas (0,0%) =>",null,null,0]
[{"$nulls":6},"Custo Horário de Execução =>",null,null,507.01249999999999]
[{"$nulls":6},"Fator de Influencia da Chuva - FIC =>",null,null,2.6599999999999999E-2]
[{"$nulls":6},"Custo do FIC =>",null,null,0.1095]
[{"$nulls":6},"Produção de Equipe =>",null,null,123.34]
[{"$nulls":6},"Custo Unitário de Execução =>",null,null,4.1106999999999996]
[{"$nulls":4},"MO sem LS =>",0.14409356251013458,"LS =>",0,"MO com LS =>",0.14409356251013458]
[{"$nulls":4},"Valor do BDI =>",1.02,null,"Valor com BDI =>",null,5.24]
[]
[" 6.1.1.2 ","Código","Banco","Descrição","Tipo",null,"Und","Quant.","Valor Unit","Total"]
["Composição"," 5914359 ","SICRO3","Transporte com caminhão basculante de 10 m³ - rodovia em leito natural","",null,"tkm",1,1.03,1.03]
["A","Código","Banco","Equipamentos","Quantidade","Utilização",null,"Custo Operacional",null,"Custo Horário"]
[{"$nulls":5},"Operativa","Improdutiva","Operativa","Improdutiva"]
["Insumo","E9579","SICRO3","Caminhão basculante com capacidade de 10 m³ - 188 kW",1,1,0,248.8699,72.988900000000001,248.8699]
[{"$nulls":6},"Custo Horário de Equipamentos =>",null,null,248.8699]
[{"$nulls":6},"Custo Horário de Execução =>",null,null,248.8699]
[{"$nulls":6},"Fator de Influencia da Chuva - FIC =>",null,null,2.6599999999999999E-2]
[{"$nulls":6},"Custo do FIC =>",null,null,2.6599999999999999E-2]
[{"$nulls":6},"Produção de Equipe =>",null,null,249]
[{"$nulls":6},"Custo Unitário de Execução =>",null,null,0.99950000000000006]
[{"$nulls":4},"MO sem LS =>",0,"LS =>",0,"MO com LS =>",0]
[{"$nulls":4},"Valor do BDI =>",0.24,null,"Valor com BDI =>",null,1.27]
[]
[" 6.1.1.3 ","Código","Banco","Descrição","Tipo",null,"Und","Quant.","Valor Unit","Total"]
["Composição"," 4011209 ","SICRO3","Regularização do subleito","",null,"m²",1,0.96,0.96]
["A","Código","Banco","Equipamentos","Quantidade","Utilização",null,"Custo Operacional",null,"Custo Horário"]
[{"$nulls":5},"Operativa","Improdutiva","Operativa","Improdutiva"]
["Insumo","E9571","SICRO3","Caminhão tanque com capacidade de 10.000 l - 188 kW",2,0.51,0.49,302.41329999999999,77.066199999999995,383.9864]
["Insumo","E9518","SICRO3","Grade de 24 discos rebocável de D = 60 cm (24”)",1,0.69,0.31,4.8959000000000001,3.4094000000000002,4.4351000000000003]
["Insumo","E9524","SICRO3","Motoniveladora - 93 kW",1,0.71,0.28999999999999998,212.54259999999999,86.986599999999996,176.13140000000001]
["Insumo","E9762","SICRO3","Rolo compactador de pneus autopropelido de 27 t - 85 kW",1,0.96,0.04,207.16630000000001,97.438199999999995,202.77719999999999]
["Insumo","E9685","SICRO3","Rolo compactador pé de carneiro vibratório autopropelido por pneus de 11,6 t - 82 kW",1,1,0,170.68199999999999,71.280100000000004,170.68199999999999]
["Insumo","E9577","SICRO3","Trator agrícola sobre pneus - 77 kW",1,0.69,0.31,118.1467,38.799700000000001,93.549099999999996]
[{"$nulls":6},"Custo Horário de Equipamentos =>",null,null,1031.5612000000001]
["B","Código","Banco","Mão de Obra","Quantidade","Salário Hora",null,null,null,"Custo Horário"]
["Insumo","P9824","SICRO3","Servente",1,null,null,null,17.772500000000001,17.772500000000001]
[{"$nulls":6},"Custo Horário da Mão de Obra =>",null,null,17.772500000000001]
[{"$nulls":6},"Adc.M.O. - Ferramentas (0,0%) =>",null,null,0]
[{"$nulls":6},"Custo Horário de Execução =>",null,null,1049.3336999999999]
[{"$nulls":6},"Fator de Influencia da Chuva - FIC =>",null,null,2.6599999999999999E-2]
[{"$nulls":6},"Custo do FIC =>",null,null,2.4899999999999999E-2]
[{"$nulls":6},"Produção de Equipe =>",null,null,1121.33]
[{"$nulls":6},"Custo Unitário de Execução =>",null,null,0.93579999999999997]
[{"$nulls":4},"MO sem LS =>",1.5849482311184042E-2,"LS =>",0,"MO com LS =>",1.5849482311184042E-2]
[{"$nulls":4},"Valor do BDI =>",0.23,null,"Valor com BDI =>",null,1.19]
[]
[" 6.1.1.4 ","Código","Banco","Descrição","Tipo",null,"Und","Quant.","Valor Unit","Total"]
["Composição"," 5502978 ","SICRO3","Compactação de aterros a 100% do Proctor normal","",null,"m³",1,4.13,4.13]
["A","Código","Banco","Equipamentos","Quantidade","Utilização",null,"Custo Operacional",null,"Custo Horário"]
[{"$nulls":5},"Operativa","Improdutiva","Operativa","Improdutiva"]
["Insumo","E9571","SICRO3","Caminhão tanque com capacidade de 10.000 l - 188 kW",1,0.9,0.1,302.41329999999999,77.066199999999995,279.87860000000001]
["Insumo","E9518","SICRO3","Grade de 24 discos rebocável de D = 60 cm (24”)",1,0.52,0.48,4.8959000000000001,3.4094000000000002,4.1824000000000003]
["Insumo","E9524","SICRO3","Motoniveladora - 93 kW",1,0.28999999999999998,0.71,212.54259999999999,86.986599999999996,123.3978]
["Insumo","E9685","SICRO3","Rolo compactador pé de carneiro vibratório autopropelido por pneus de 11,6 t - 82 kW",1,1,0,170.68199999999999,71.280100000000004,170.68199999999999]
["Insumo","E9577","SICRO3","Trator agrícola sobre pneus - 77 kW",1,0.52,0.48,118.1467,38.799700000000001,80.060100000000006]
[{"$nulls":6},"Custo Horário de Equipamentos =>",null,null,658.20100000000002]
["B","Código","Banco","Mão de Obra","Quantidade","Salário Hora",null,null,null,"Custo Horário"]
["Insumo","P9824","SICRO3","Servente",1,null,null,null,17.772500000000001,17.772500000000001]
[{"$nulls":6},"Custo Horário da Mão de Obra =>",null,null,17.772500000000001]
[{"$nulls":6},"Adc.M.O. - Ferramentas (0,0%) =>",null,null,0]
[{"$nulls":6},"Custo Horário de Execução =>",null,null,675.97349999999994]
[{"$nulls":6},"Fator de Influencia da Chuva - FIC =>",null,null,2.6599999999999999E-2]
[{"$nulls":6},"Custo do FIC =>",null,null,0.107]
[{"$nulls":6},"Produção de Equipe =>",null,null,168.2]
[{"$nulls":6},"Custo Unitário de Execução =>",null,null,4.0189000000000004]
[{"$nulls":4},"MO sem LS =>",0.10566290130796671,"LS =>",0,"MO com LS =>",0.10566290130796671]
[{"$nulls":4},"Valor do BDI =>",1,null,"Valor com BDI =>",null,5.13]
[]
[" 6.1.1.5 ","Código","Banco","Descrição","Tipo",null,"Und","Quant.","Valor Unit","Total"]
["Composição"," 2 S 05 303 07 ","SICRO2","Terra armada - ECE - encontro portante 0,0","Construção Rodoviária",null,"m²",1,238,238]
[{"$nulls":6},"Custo Horário de Execução =>",null,null,0]
[{"$nulls":6},"Fator de Influencia da Chuva - FIC =>",null,null,0]
[{"$nulls":6},"Custo do FIC =>",null,null,0]
[{"$nulls":6},"Produção de Equipe =>",null,null,0]
[{"$nulls":6},"Custo Unitário de Execução =>",null,null,0]
["C","Banco","Código","Material","Quantidade","Unidade","Preço Unitário",null,null,"Custo Horário"]
["Insumo","SICRO2","M941","Terra arm. ECE-enc. portante 0<h<6m ",1,"m²",238,null,null,238]
[{"$nulls":6},"Custo Total do Material =>",null,null,238]
[{"$nulls":4},"MO sem LS =>",0,"LS =>",0,"MO com LS =>",0]
[{"$nulls":4},"Valor do BDI =>",57.66,null,"Valor com BDI =>",null,295.66000000000003]
[]
[" 6.1.1.6 ","Código","Banco","Descrição","Tipo",null,"Und","Quant.","Valor Unit","Total"]
["Composição"," 5 S 05 303 09 ","SICRO2","Escamas de concreto armado para terra armada","Restauração Rodoviária",null,"m³",1,881.94,881.94]
["A","Código","Banco","Equipamentos","Quantidade","Utilização",null,"Custo Operacional",null,"Custo Horário"]
[{"$nulls":5},"Operativa","Improdutiva","Operativa","Improdutiva"]
["Insumo","E402","SICRO2","Caminhão Carroceria : Mercedes Benz : 2726 K -  de madeira 15 t ",0.09,1,0,152.85380000000001,18.7194,13.7568]
["Insumo","E404","SICRO2","Caminhão Basculante : Mercedes Benz : 2726 K -  10 m3 - 15 t ",0.01,1,0,156.28210000000001,18.7194,1.5628]
[{"$nulls":6},"Custo Horário de Equipamentos =>",null,null,15.319699999999999]
[{"$nulls":6},"Custo Horário de Execução =>",null,null,15.319699999999999]
[{"$nulls":6},"Fator de Influencia da Chuva - FIC =>",null,null,0]
[{"$nulls":6},"Custo do FIC =>",null,null,0]
[{"$nulls":6},"Produção de Equipe =>",null,null,2]
[{"$nulls":6},"Custo Unitário de Execução =>",null,null,7.6597999999999997]
["C","Banco","Código","Material","Quantidade","Unidade","Preço Unitário",null,null,"Custo Horário"]
["Insumo","SICRO2","F943","Terra Armada - moldes metálicos ",1,"m³",230,null,null,230]
[{"$nulls":6},"Custo Total do Material =>",null,null,230]
["D","Banco","Código","Atividades Auxiliares","Quantidade","Unidade","Preço Unitário",null,null,"Custo Horário"]
["Atividade Auxiliar","SICRO2","1 A 01 422 01","Concr estr fck=25MPa contr raz uso ger conf e lanç",1,"m³",289.27999999999997,null,null,289.27999999999997]
["Atividade Auxiliar","SICRO2","1 A 01 580 02","Fornecimento, preparo e colocação formas aço CA 50",50,"kg",7.1,null,null,355]
[{"$nulls":6},"Custo Total das Atividades =>",null,null,644.28]
[{"$nulls":4},"MO sem LS =>",219.89337026106813,"LS =>",0,"MO com LS =>",219.89337026106813]
[{"$nulls":4},"Valor do BDI =>",213.69,null,"Valor com BDI =>",null,1095.6300000000001]
[]
[" 6.1.1.7 ","Código","Banco","Descrição","Tipo",null,"Und","Quant.","Valor Unit","Total"]
["Composição"," 2 S 05 303 10 ","SICRO2","Concr. soleira e arremates de maciço terra armada","Construção Rodoviária",null,"m³",1,278.76,278.76]
["A","Código","Banco","Equipamentos","Quantidade","Utilização",null,"Custo Operacional",null,"Custo Horário"]
[{"$nulls":5},"Operativa","Improdutiva","Operativa","Improdutiva"]
["Insumo","E402","SICRO2","Caminhão Carroceria : Mercedes Benz : 2726 K -  de madeira 15 t ",0.06,1,0,152.85380000000001,18.7194,9.1712000000000007]
["Insumo","E404","SICRO2","Caminhão Basculante : Mercedes Benz : 2726 K -  10 m3 - 15 t ",0.01,1,0,156.28210000000001,18.7194,1.5628]
[{"$nulls":6},"Custo Horário de Equipamentos =>",null,null,10.734]
[{"$nulls":6},"Custo Horário de Execução =>",null,null,10.734]
[{"$nulls":6},"Fator de Influencia da Chuva - FIC =>",null,null,0]
[{"$nulls":6},"Custo do FIC =>",null,null,0]
[{"$nulls":6},"Produção de Equipe =>",null,null,2]
[{"$nulls":6},"Custo Unitário de Execução =>",null,null,5.367]
["D","Banco","Código","Atividades Auxiliares","Quantidade","Unidade","Preço Unitário",null,null,"Custo Horário"]
["Atividade Auxiliar","SICRO2","1 A 01 415 01","Concr estr fck=15MPa contr raz uso ger conf e lanç",1,"m³",273.39,null,null,273.39]
[{"$nulls":6},"Custo Total das Atividades =>",null,null,273.39]
[{"$nulls":4},"MO sem LS =>",63.146357399999999,"LS =>",0,"MO com LS =>",63.146357400659966]
[{"$nulls":4},"Valor do BDI =>",67.540000000000006,null,"Valor com BDI =>",null,346.3]
[]
[" 6.1.4.1 ","Código","Banco","Descrição","Tipo",null,"Und","Quant.","Valor Unit","Total"]
["Composição"," CPCF33 ","Próprio","Poste em ferro galvanizado 3\" x 8 m, completo, inclusive base sustentação - 01 luminária com lâmpada",96,null,"un",1,2900.44,2900.44]
["Composição Auxiliar"," 95 ","ORSE","Concreto simples fabricado na obra, fck=13,5 mpa, lançado e adensado","Alvenarias de Pedra e Concretos para Fundações",null,"m³",0.05,444.09,22.2]
["Insumo"," 68 ","ORSE","Servente","Mão de Obra",null,"h",5,11.65,58.25]
["Insumo"," 1876 ","ORSE","Poste ferro galvanizado 148mm x 8m, completo, Conipost ref.: 0012/jg ou similar","Material",null,"un",1,2646,2646]
["Insumo"," 2455 ","ORSE","Aluguel de caminhão guindauto 3,0 t ( m. benz - 1215 c/48- 143,0 hp","Equipamento",null,"h",1,100.69,100.69]
["Insumo"," 66 ","ORSE","Pedreiro","Mão de Obra",null,"h",5,14.66,73.3]
[{"$nulls":4},"MO sem LS =>",137.13999999999999,"LS =>",0,"MO com LS =>",137.13999999999999]
[{"$nulls":4},"Valor do BDI =>",702.77,null,"Valor com BDI =>",null,3603.21]
[]
[" 6.1.4.2 ","Código","Banco","Descrição","Tipo",null,"Und","Quant.","Valor Unit","Total"]
["Composição"," CPCF34 ","Próprio","CAIXA DE PASSAGEM 40X40X50CM FUNDO DE BRITA COM TAMPA",7,null,"Un",1,119.82,119.82]
["Insumo"," 0005 ","AGETOP CIVIL","SERVENTE","Mão de Obra",null,"h",3.7772999999999999,12.31,46.49]
["Insumo"," 0004 ","AGETOP CIVIL","PEDREIRO","Mão de Obra",null,"h",2.6756000000000002,18.510000000000002,49.52]
["Insumo"," 1215 ","AGETOP CIVIL","CIMENTO PORTLAND C.P. 32","Material",null,"Kg",7.4305000000000003,0.6,4.45]
["Insumo"," 1221 ","AGETOP CIVIL","CAL HIDRATADA","Material",null,"Kg",9.4193999999999996,0.75,7.06]
["Insumo"," 0104 ","AGETOP CIVIL","AREIA MEDIA ","Material",null,"m³",6.2899999999999998E-2,162.78,10.23]
["Insumo"," 2386 ","AGETOP CIVIL","BRITA No. 01","Material",null,"m³",9.5999999999999992E-3,100.76,0.96]
["Insumo"," 2387 ","AGETOP CIVIL","BRITA No. 0","Material",null,"m³",9.5999999999999992E-3,116.12,1.1100000000000001]
[{"$nulls":4},"MO sem LS =>",96.01,"LS =>",0,"MO com LS =>",96.01]
[{"$nulls":4},"Valor do BDI =>",29.03,null,"Valor com BDI =>",null,148.85]
[]
[" 6.1.4.3 ","Código","Banco","Descrição","Tipo",null,"Und","Quant.","Valor Unit","Total"]
["Composição"," 97667 ","SINAPI","ELETRODUTO FLEXÍVEL CORRUGADO, PEAD, DN 50 (1 1/2\"), PARA REDE ENTERRADA DE DISTRIBUIÇÃO DE ENERGIA ELÉTRICA - FORNECIMENTO E INSTALAÇÃO. AF_12/2021","INEL - INSTALAÇÃO ELÉTRICA/ELETRIFICAÇÃO E ILUMINAÇÃO EXTERNA",null,"M",1,9.1199999999999992,9.1199999999999992]
["Composição Auxiliar"," 88264 ","SINAPI","ELETRICISTA COM ENCARGOS COMPLEMENTARES","SEDI - SERVIÇOS DIVERSOS",null,"H",6.7199999999999996E-2,21.59,1.45]
["Composição Auxiliar"," 88247 ","SINAPI","AUXILIAR DE ELETRICISTA COM ENCARGOS COMPLEMENTARES","SEDI - SERVIÇOS DIVERSOS",null,"H",6.7199999999999996E-2,16.91,1.1299999999999999]
["Insumo"," 00039246 ","SINAPI","ELETRODUTO/DUTO PEAD FLEXIVEL PAREDE SIMPLES, CORRUGACAO HELICOIDAL, COR PRETA, SEM ROSCA, DE 1 1/2\", PARA CABEAMENTO SUBTERRANEO (NBR 15715)","Material",null,"M",1.1000000000000001,5.95,6.54]
[{"$nulls":4},"MO sem LS =>",2.14,"LS =>",0,"MO com LS =>",2.14]
[{"$nulls":4},"Valor do BDI =>",2.2000000000000002,null,"Valor com BDI =>",null,11.32]
[]
[" 6.1.4.4 ","Código","Banco","Descrição","Tipo",null,"Und","Quant.","Valor Unit","Total"]
["Composição"," 91933 ","SINAPI","CABO DE COBRE FLEXÍVEL ISOLADO, 10 MM², ANTI-CHAMA 0,6/1,0 KV, PARA CIRCUITOS TERMINAIS - FORNECIMENTO E INSTALAÇÃO. AF_12/2015","INEL - INSTALAÇÃO ELÉTRICA/ELETRIFICAÇÃO E ILUMINAÇÃO EXTERNA",null,"M",1,15.78,15.78]
["Composição Auxiliar"," 88264 ","SINAPI","ELETRICISTA COM ENCARGOS COMPLEMENTARES","SEDI - SERVIÇOS DIVERSOS",null,"H",7.6999999999999999E-2,21.59,1.66]
["Composição Auxiliar"," 88247 ","SINAPI","AUXILIAR DE ELETRICISTA COM ENCARGOS COMPLEMENTARES","SEDI - SERVIÇOS DIVERSOS",null,"H",7.6999999999999999E-2,16.91,1.3]
["Insumo"," 00001020 ","SINAPI","CABO DE COBRE, FLEXIVEL, CLASSE 4 OU 5, ISOLACAO EM PVC/A, ANTICHAMA BWF-B, COBERTURA PVC-ST1, ANTICHAMA BWF-B, 1 CONDUTOR, 0,6/1 KV, SECAO NOMINAL 10 MM2","Material",null,"M",1.19,10.74,12.78]
["Insumo"," 00021127 ","SINAPI","FITA ISOLANTE ADESIVA ANTICHAMA, USO ATE 750 V, EM ROLO DE 19 MM X 5 M","Material",null,"UN",8.9999999999999993E-3,5.0199999999999996,0.04]
[{"$nulls":4},"MO sem LS =>",2.46,"LS =>",0,"MO com LS =>",2.46]
[{"$nulls":4},"Valor do BDI =>",3.82,null,"Valor com BDI =>",null,19.600000000000001]
[]
[" 6.1.4.5 ","Código","Banco","Descrição","Tipo",null,"Und","Quant.","Valor Unit","Total"]
["Composição"," 91927 ","SINAPI","CABO DE COBRE FLEXÍVEL ISOLADO, 2,5 MM², ANTI-CHAMA 0,6/1,0 KV, PARA CIRCUITOS TERMINAIS - FORNECIMENTO E INSTALAÇÃO. AF_12/2015","INEL - INSTALAÇÃO ELÉTRICA/ELETRIFICAÇÃO E ILUMINAÇÃO EXTERNA",null,"M",1,5.24,5.24]
["Composição Auxiliar"," 88264 ","SINAPI","ELETRICISTA COM ENCARGOS COMPLEMENTARES","SEDI - SERVIÇOS DIVERSOS",null,"H",0.03,21.59,0.64]
["Composição Auxiliar"," 88247 ","SINAPI","AUXILIAR DE ELETRICISTA COM ENCARGOS COMPLEMENTARES","SEDI - SERVIÇOS DIVERSOS",null,"H",0.03,16.91,0.5]
["Insumo"," 00001022 ","SINAPI","CABO DE COBRE, FLEXIVEL, CLASSE 4 OU 5, ISOLACAO EM PVC/A, ANTICHAMA BWF-B, COBERTURA PVC-ST1, ANTICHAMA BWF-B, 1 CONDUTOR, 0,6/1 KV, SECAO NOMINAL 2,5 MM2","Material",null,"M",1.19,3.42,4.0599999999999996]
["Insumo"," 00021127 ","SINAPI","FITA ISOLANTE ADESIVA ANTICHAMA, USO ATE 750 V, EM ROLO DE 19 MM X 5 M","Material",null,"UN",8.9999999999999993E-3,5.0199999999999996,0.04]
[{"$nulls":4},"MO sem LS =>",0.95,"LS =>",0,"MO com LS =>",0.95]
[{"$nulls":4},"Valor do BDI =>",1.26,null,"Valor com BDI =>",null,6.5]
[]
[" 6.1.4.6 ","Código","Banco","Descrição","Tipo",null,"Und","Quant.","Valor Unit","Total"]
["Composição"," 3290 ","ORSE","Aterramento composto de haste de cobre l = 2,40m, interligada com cabo de cobre tipo cordoalha","Conversão InfoWOrca",null,"un",1,87.84,87.84]
["Composição Auxiliar"," 10549 ","ORSE","Encargos Complementares - Servente","Provisórios",null,"h",1,3.65,3.65]
["Composição Auxiliar"," 10552 ","ORSE","Encargos Complementares - Eletricista","Provisórios",null,"h",1,3.51,3.51]
["Insumo"," 664 ","ORSE","Conector p/ haste de aterramento 5/8\"","Material",null,"un",1,5,5]
["Insumo"," 1096 ","ORSE","Haste cobreada copperweld p/aterramento d=  5/8\" x 2,40m, excluso conector","Material",null,"un",1,29.6,29.6]
["Insumo"," 965 ","ORSE","Fio de cobre nu tipo cordoalha para aterramento - 10mm2","Material",null,"m",3,5.23,15.69]
["Insumo"," 00002436 ","SINAPI","ELETRICISTA (HORISTA)","Mão de Obra",null,"H",1,17.809999999999999,17.809999999999999]
["Insumo"," 00006111 ","SINAPI","SERVENTE DE OBRAS","Mão de Obra",null,"H",1,12.58,12.58]
[{"$nulls":4},"MO sem LS =>",30.39,"LS =>",0,"MO com LS =>",30.39]
[{"$nulls":4},"Valor do BDI =>",21.28,null,"Valor com BDI =>",null,109.12]
[]
[" 6.1.5.1 ","Código","Banco","Descrição","Tipo",null,"Und","Quant.","Valor Unit","Total"]
["Composição"," CP021 ","Próprio","AQUISIÇÃO DE CAP 50/70","PAVI - PAVIMENTAÇÃO",null,"T",1,6350,6350]
["Insumo"," 2026 ","Próprio","ASFALTO CAP 50/70","Material",null,"T",1,6350,6350]
[{"$nulls":4},"MO sem LS =>",0,"LS =>",0,"MO com LS =>",0]
[{"$nulls":4},"Valor do BDI =>",1010.92,null,"Valor com BDI =>",null,7360.92]
[]
[" 6.1.5.2 ","Código","Banco","Descrição","Tipo",null,"Und","Quant.","Valor Unit","Total"]
["Composição"," CP724 ","Próprio","AQUISIÇÃO DE CM-30","SEDI - SERVIÇOS DIVERSOS",null,"T",1,7380,7380]
[{"$nulls":6},"Custo Horário de Execução =>",null,null,0]
[{"$nulls":6},"Fator de Influencia da Chuva - FIC =>",null,null,0]
[{"$nulls":6},"Custo do FIC =>",null,null,0]
[{"$nulls":6},"Produção de Equipe =>",null,null,1]
[{"$nulls":6},"Custo Unitário de Execução =>",null,null,0]
["C","Banco","Código","Material","Quantidade","Unidade","Preço Unitário",null,null,"Custo Horário"]
["Insumo","Próprio",38419,"AQUISIÇÃO DE ASFALTO DILUIDO - CM-30",1,"T",7380,null,null,7380]
[{"$nulls":6},"Custo Total do Material =>",null,null,7380]
[{"$nulls":4},"MO sem LS =>",0,"LS =>",0,"MO com LS =>",0]
[{"$nulls":4},"Valor do BDI =>",1174.8900000000001,null,"Valor com BDI =>",null,8554.89]
[]
[" 6.1.5.4 ","Código","Banco","Descrição","Tipo",null,"Und","Quant.","Valor Unit","Total"]
["Composição"," CP010 ","Próprio","TRANSPORTE DE CAP 50/70","PAVI - PAVIMENTAÇÃO",null,"T",1,385.58,385.58]
["Insumo"," 2261 ","Próprio","TRANSPORTE DE CAP 50/70","Serviços",null,"T",1,385.58,385.58]
[{"$nulls":4},"MO sem LS =>",0,"LS =>",0,"MO com LS =>",0]
[{"$nulls":4},"Valor do BDI =>",61.38,null,"Valor com BDI =>",null,446.96]
[]
[" 6.1.5.5 ","Código","Banco","Descrição","Tipo",null,"Und","Quant.","Valor Unit","Total"]
["Composição"," CP716 ","Próprio","Transporte de asfalto diluído tipo cm-30","ASTU - ASSENTAMENTO DE TUBOS E PECAS",null,"T",1,385.58,385.58]
["Insumo"," 2262 ","Próprio","TRANSPORTE DE ASFALTO DILUÍDO TIPO CM 30","Serviços",null,"T",1,385.58,385.58]
[{"$nulls":4},"MO sem LS =>",0,"LS =>",0,"MO com LS =>",0]
[{"$nulls":4},"Valor do BDI =>",61.38,null,"Valor com BDI =>",null,446.96]
[]
[" 6.1.5.8 ","Código","Banco","Descrição","Tipo",null,"Und","Quant.","Valor Unit","Total"]
["Composição"," 4011352 ","SICRO3","Imprimação com emulsão asfáltica","",null,"m²",1,0.38,0.38]
["A","Código","Banco","Equipamentos","Quantidade","Utilização",null,"Custo Operacional",null,"Custo Horário"]
[{"$nulls":5},"Operativa","Improdutiva","Operativa","Improdutiva"]
["Insumo","E9509","SICRO3","Caminhão tanque distribuidor de asfalto com capacidade de 6.000 l - 7 kW/136 kW",1,1,0,244.1884,69.203100000000006,244.1884]
["Insumo","E9558","SICRO3","Tanque de estocagem de asfalto com capacidade de 30.000 l",2,1,0,58.642800000000001,40.057299999999998,117.2856]
[{"$nulls":6},"Custo Horário de Equipamentos =>",null,null,361.47399999999999]
["B","Código","Banco","Mão de Obra","Quantidade","Salário Hora",null,null,null,"Custo Horário"]
["Insumo","P9824","SICRO3","Servente",2,null,null,null,17.772500000000001,35.545000000000002]
[{"$nulls":6},"Custo Horário da Mão de Obra =>",null,null,35.545000000000002]
[{"$nulls":6},"Adc.M.O. - Ferramentas (0,0%) =>",null,null,0]
[{"$nulls":6},"Custo Horário de Execução =>",null,null,397.01900000000001]
[{"$nulls":6},"Fator de Influencia da Chuva - FIC =>",null,null,4.4000000000000003E-3]
[{"$nulls":6},"Custo do FIC =>",null,null,1.6999999999999999E-3]
[{"$nulls":6},"Produção de Equipe =>",null,null,1038.46]
[{"$nulls":6},"Custo Unitário de Execução =>",null,null,0.38229999999999997]
["C","Banco","Código","Material","Quantidade","Unidade","Preço Unitário",null,null,"Custo Horário"]
["Insumo","SICRO3","M2092","Emulsão asfáltica para imprimação",1.2999999999999999E-3,"t",1E-3,null,null,0]
[{"$nulls":6},"Custo Total do Material =>",null,null,0]
[{"$nulls":4},"MO sem LS =>",3.422856922750997E-2,"LS =>",0,"MO com LS =>",3.422856922750997E-2]
[{"$nulls":4},"Valor do BDI =>",0.09,null,"Valor com BDI =>",null,0.47]
[]
[" 6.1.5.9 ","Código","Banco","Descrição","Tipo",null,"Und","Quant.","Valor Unit","Total"]
["Composição"," 4011463 ","SICRO3","Concreto asfáltico - faixa C - areia e brita comerciais","",null,"t",1,166.13,166.13]
["A","Código","Banco","Equipamentos","Quantidade","Utilização",null,"Custo Operacional",null,"Custo Horário"]
[{"$nulls":5},"Operativa","Improdutiva","Operativa","Improdutiva"]
["Insumo","E9762","SICRO3","Rolo compactador de pneus autopropelido de 27 t - 85 kW",1,0.71,0.28999999999999998,207.16630000000001,97.438199999999995,175.34520000000001]
["Insumo","E9681","SICRO3","Rolo compactador liso tandem vibratório autopropelido de 10,4 t - 82 kW",1,0.82,0.18,232.69839999999999,80.934899999999999,205.381]
["Insumo","E9545","SICRO3","Vibroacabadora de asfalto sobre esteiras - 82 kW",1,1,0,278.99740000000003,120.5159,278.99740000000003]
[{"$nulls":6},"Custo Horário de Equipamentos =>",null,null,659.72349999999994]
["B","Código","Banco","Mão de Obra","Quantidade","Salário Hora",null,null,null,"Custo Horário"]
["Insumo","P9824","SICRO3","Servente",8,null,null,null,17.772500000000001,142.18]
[{"$nulls":6},"Custo Horário da Mão de Obra =>",null,null,142.18]
[{"$nulls":6},"Adc.M.O. - Ferramentas (0,0%) =>",null,null,0]
[{"$nulls":6},"Custo Horário de Execução =>",null,null,801.90350000000001]
[{"$nulls":6},"Fator de Influencia da Chuva - FIC =>",null,null,4.4000000000000003E-3]
[{"$nulls":6},"Custo do FIC =>",null,null,3.5700000000000003E-2]
[{"$nulls":6},"Produção de Equipe =>",null,null,99.6]
[{"$nulls":6},"Custo Unitário de Execução =>",null,null,8.0511999999999997]
["D","Banco","Código","Atividades Auxiliares","Quantidade","Unidade","Preço Unitário",null,null,"Custo Horário"]
["Atividade Auxiliar","SICRO3",6416078,"Usinagem de concreto asfáltico - faixa C - areia e brita comerciais",1.02,"t",148.44999999999999,null,null,151.41900000000001]
[{"$nulls":6},"Custo Total das Atividades =>",null,null,151.41900000000001]
["E","Banco","Insumo","Tempos Fixos","Código","Quantidade","Unidade","Preço Unitário",null,"Custo Horário"]
["Tempo Fixo","SICRO3",6416078,"Carga, manobra e descarga de mistura betuminosa a quente em caminhão basculante de 10 m³ - carga em usina de asfalto100/140 t/h e descarga em vibroacabadora",5914649,1.02,"t",6.49,null,6.6197999999999997]
[{"$nulls":6},"Custo Total dos Tempos Fixos =>",null,null,6.6197999999999997]
["F","Banco","Insumo","Momento de Transporte","Quantidade","Unidade","Distância Média de Transporte (DMT)",null,null,"Custo Horário"]
[{"$nulls":6},"LN","RP","P"]
["Momento de Transporte","SICRO3",6416078,"Usinagem de concreto asfáltico - faixa C - areia e brita comerciais - Caminhão basculante com capacidade de 10 m³ - 188 kW",1.02,"tkm","5914359\n0,000\nR$  1,03","5914374\n0,000\nR$  0,82","5914389\n0,000\nR$  0,67",0]
[{"$nulls":6},"Custo total dos Momentos de Transportes =>",null,null,0]
[{"$nulls":4},"MO sem LS =>",2.1555401401606424,"LS =>",0,"MO com LS =>",2.1555401606425701]
[{"$nulls":4},"Valor do BDI =>",40.25,null,"Valor com BDI =>",null,206.38]
[]
[" 6.1.5.9 ","Código","Banco","Descrição","Tipo",null,"Und","Quant.","Valor Unit","Total"]
["Composição"," 5914389 ","SICRO3","Transporte com caminhão basculante de 10 m³ - rodovia pavimentada (Até 150 KM DA USINA)","",null,"tkm",1,0.67,0.67]
["A","Código","Banco","Equipamentos","Quantidade","Utilização",null,"Custo Operacional",null,"Custo Horário"]
[{"$nulls":5},"Operativa","Improdutiva","Operativa","Improdutiva"]
["Insumo","E9579","SICRO3","Caminhão basculante com capacidade de 10 m³ - 188 kW",1,1,0,248.8699,72.988900000000001,248.8699]
[{"$nulls":6},"Custo Horário de Equipamentos =>",null,null,248.8699]
[{"$nulls":6},"Custo Horário de Execução =>",null,null,248.8699]
[{"$nulls":6},"Fator de Influencia da Chuva - FIC =>",null,null,0]
[{"$nulls":6},"Custo do FIC =>",null,null,0]
[{"$nulls":6},"Produção de Equipe =>",null,null,373.5]
[{"$nulls":6},"Custo Unitário de Execução =>",null,null,0.6663]
[{"$nulls":4},"MO sem LS =>",0,"LS =>",0,"MO com LS =>",0]
[{"$nulls":4},"Valor do BDI =>",0.16,null,"Valor com BDI =>",null,0.83]
[]
[" 6.1.5.10 ","Código","Banco","Descrição","Tipo",null,"Und","Quant.","Valor Unit","Total"]
["Composição"," 2003323 ","SICRO3","Sarjeta triangular de concreto - STC 03 - escavação mecânica - areia e brita comerciais","",null,"m",1,50.39,50.39]
[{"$nulls":6},"Custo Horário de Execução =>",null,null,0]
[{"$nulls":6},"Fator de Influencia da Chuva - FIC =>",null,null,0]
[{"$nulls":6},"Custo do FIC =>",null,null,0]
[{"$nulls":6},"Produção de Equipe =>",null,null,1]
[{"$nulls":6},"Custo Unitário de Execução =>",null,null,0]
["D","Banco","Código","Atividades Auxiliares","Quantidade","Unidade","Preço Unitário",null,null,"Custo Horário"]
["Atividade Auxiliar","SICRO3",4805755,"Apiloamento manual",0.17460000000000001,"m³",26.66,null,null,4.6547999999999998]
["Atividade Auxiliar","SICRO3",1107892,"Concreto fck = 20 MPa - confecção em betoneira e lançamento manual - areia e brita comerciais",8.6900000000000005E-2,"m³",394.89,null,null,34.315899999999999]
["Atividade Auxiliar","SICRO3",2003842,"Enchimento de junta de concreto com argamassa asfáltica de densidade 1.700 kg/m³ - espessura de 1 cm",0.1231,"kg",53.67,null,null,6.6067999999999998]
["Atividade Auxiliar","SICRO3",2004521,"Escavação mecânica de vala trapezoidal ou triangular em material de 1ª categoria para drenagem superficial comretroescavadeira - 0,20 m² ≤ seção < 0,30 m²",0.2069,"m³",12.83,null,null,2.6545000000000001]
["Atividade Auxiliar","SICRO3",3108022,"Guia de madeira de 2,5 x 8,0 cm - confecção e instalação",0.58220000000000005,"m",3.71,null,null,2.16]
[{"$nulls":6},"Custo Total das Atividades =>",null,null,50.392000000000003]
[{"$nulls":4},"MO sem LS =>",13.884175820578886,"LS =>",0,"MO com LS =>",13.884175820578886]
[{"$nulls":4},"Valor do BDI =>",12.2,null,"Valor com BDI =>",null,62.59]
[]
[" 6.2.1.5 ","Código","Banco","Descrição","Tipo",null,"Und","Quant.","Valor Unit","Total"]
["Composição"," 2 S 05 303 08 ","SICRO2","Terra armada - ECE - encontro portante 6,0","Construção Rodoviária",null,"m²",1,320,320]
[{"$nulls":6},"Custo Horário de Execução =>",null,null,0]
[{"$nulls":6},"Fator de Influencia da Chuva - FIC =>",null,null,0]
[{"$nulls":6},"Custo do FIC =>",null,null,0]
[{"$nulls":6},"Produção de Equipe =>",null,null,0]
[{"$nulls":6},"Custo Unitário de Execução =>",null,null,0]
["C","Banco","Código","Material","Quantidade","Unidade","Preço Unitário",null,null,"Custo Horário"]
["Insumo","SICRO2","M942","Terra arm. ECE-enc. portante 6<h<9m ",1,"m²",320,null,null,320]
[{"$nulls":6},"Custo Total do Material =>",null,null,320]
[{"$nulls":4},"MO sem LS =>",0,"LS =>",0,"MO com LS =>",0]
[{"$nulls":4},"Valor do BDI =>",77.53,null,"Valor com BDI =>",null,397.53]
[]
[" 6.2.1.6 ","Código","Banco","Descrição","Tipo",null,"Und","Quant.","Valor Unit","Total"]
["Composição"," 2 S 05 303 09 ","SICRO2","Escamas de concreto armado para terra armada","Construção Rodoviária",null,"m³",1,881.94,881.94]
["A","Código","Banco","Equipamentos","Quantidade","Utilização",null,"Custo Operacional",null,"Custo Horário"]
[{"$nulls":5},"Operativa","Improdutiva","Operativa","Improdutiva"]
["Insumo","E402","SICRO2","Caminhão Carroceria : Mercedes Benz : 2726 K -  de madeira 15 t ",0.09,1,0,152.85380000000001,18.7194,13.7568]
["Insumo","E404","SICRO2","Caminhão Basculante : Mercedes Benz : 2726 K -  10 m3 - 15 t ",0.01,1,0,156.28210000000001,18.7194,1.5628]
[{"$nulls":6},"Custo Horário de Equipamentos =>",null,null,15.319699999999999]
[{"$nulls":6},"Custo Horário de Execução =>",null,null,15.319699999999999]
[{"$nulls":6},"Fator de Influencia da Chuva - FIC =>",null,null,0]
[{"$nulls":6},"Custo do FIC =>",null,null,0]
[{"$nulls":6},"Produção de Equipe =>",null,null,2]
[{"$nulls":6},"Custo Unitário de Execução =>",null,null,7.6597999999999997]
["C","Banco","Código","Material","Quantidade","Unidade","Preço Unitário",null,null,"Custo Horário"]
["Insumo","SICRO2","F943","Terra Armada - moldes metálicos ",1,"m³",230,null,null,230]
[{"$nulls":6},"Custo Total do Material =>",null,null,230]
["D","Banco","Código","Atividades Auxiliares","Quantidade","Unidade","Preço Unitário",null,null,"Custo Horário"]
["Atividade Auxiliar","SICRO2","1 A 01 422 01","Concr estr fck=25MPa contr raz uso ger conf e lanç",1,"m³",289.27999999999997,null,null,289.27999999999997]
["Atividade Auxiliar","SICRO2","1 A 01 580 02","Fornecimento, preparo e colocação formas aço CA 50",50,"kg",7.1,null,null,355]
[{"$nulls":6},"Custo Total das Atividades =>",null,null,644.28]
[{"$nulls":4},"MO sem LS =>",219.89337026106813,"LS =>",0,"MO com LS =>",219.89337026106813]
[{"$nulls":4},"Valor do BDI =>",213.69,null,"Valor com BDI =>",null,1095.6300000000001]
[]
[" 7.1.1 ","Código","Banco","Descrição","Tipo",null,"Und","Quant.","Valor Unit","Total"]
["Composição"," CPCF35 ","Próprio","Poste PNG em ferro galvanizado 3\" x 8 m, completo, inclusive base sustentação - 02 luminária com lâmpada",96,null,"un",1,3180.44,3180.44]
["Composição Auxiliar"," 95 ","ORSE","Concreto simples fabricado na obra, fck=13,5 mpa, lançado e adensado","Alvenarias de Pedra e Concretos para Fundações",null,"m³",0.05,444.09,22.2]
["Insumo"," 68 ","ORSE","Servente","Mão de Obra",null,"h",5,11.65,58.25]
["Insumo"," 1876 ","ORSE","Poste ferro galvanizado 148mm x 8m, completo, Conipost ref.: 0012/jg ou similar","Material",null,"un",1,2646,2646]
["Insumo"," 2455 ","ORSE","Aluguel de caminhão guindauto 3,0 t ( m. benz - 1215 c/48- 143,0 hp","Equipamento",null,"h",1,100.69,100.69]
["Insumo"," 66 ","ORSE","Pedreiro","Mão de Obra",null,"h",5,14.66,73.3]
["Insumo"," 700 ","Próprio","Lampada 200w para poste de iluminação pública","Material",null,"und",2,140,280]
[{"$nulls":4},"MO sem LS =>",137.13999999999999,"LS =>",0,"MO com LS =>",137.13999999999999]
[{"$nulls":4},"Valor do BDI =>",770.62,null,"Valor com BDI =>",null,3951.06]
[]
[" 7.2.2 ","Código","Banco","Descrição","Tipo",null,"Und","Quant.","Valor Unit","Total"]
["Composição"," CP193 ","Próprio","Aquisição de emulsão asfáltica rr-2c","ASTU - ASSENTAMENTO DE TUBOS E PECAS",null,"t",1,3960.65,3960.65]
["Insumo"," 2119 ","Próprio","Aquisição de emulsão asfáltica rr-2c","Material",null,"t",1,3960.65,3960.65]
[{"$nulls":4},"MO sem LS =>",0,"LS =>",0,"MO com LS =>",0]
[{"$nulls":4},"Valor do BDI =>",630.53,null,"Valor com BDI =>",null,4591.18]
[]
[" 7.2.4 ","Código","Banco","Descrição","Tipo",null,"Und","Quant.","Valor Unit","Total"]
["Composição"," CP612 ","Próprio","TRANSPORTE DE EMULSÃO ASFÁLTICA RR-2C","TRAN - TRANSPORTES, CARGAS E DESCARGAS",null,"t",1,385.58,385.58]
["Insumo"," 2120 ","Próprio","TRANSPORTE DE EMULSÃO ASFÁLTICA RR-2C","Material",null,"t",1,385.58,385.58]
[{"$nulls":4},"MO sem LS =>",0,"LS =>",0,"MO com LS =>",0]
[{"$nulls":4},"Valor do BDI =>",61.38,null,"Valor com BDI =>",null,446.96]
[]
[" 7.2.5 ","Código","Banco","Descrição","Tipo",null,"Und","Quant.","Valor Unit","Total"]
["Composição"," 4011353 ","SICRO3","Pintura de ligação","",null,"m²",1,0.27,0.27]
["A","Código","Banco","Equipamentos","Quantidade","Utilização",null,"Custo Operacional",null,"Custo Horário"]
[{"$nulls":5},"Operativa","Improdutiva","Operativa","Improdutiva"]
["Insumo","E9509","SICRO3","Caminhão tanque distribuidor de asfalto com capacidade de 6.000 l - 7 kW/136 kW",1,1,0,244.1884,69.203100000000006,244.1884]
["Insumo","E9558","SICRO3","Tanque de estocagem de asfalto com capacidade de 30.000 l",2,1,0,58.642800000000001,40.057299999999998,117.2856]
[{"$nulls":6},"Custo Horário de Equipamentos =>",null,null,361.47399999999999]
["B","Código","Banco","Mão de Obra","Quantidade","Salário Hora",null,null,null,"Custo Horário"]
["Insumo","P9824","SICRO3","Servente",2,null,null,null,17.772500000000001,35.545000000000002]
[{"$nulls":6},"Custo Horário da Mão de Obra =>",null,null,35.545000000000002]
[{"$nulls":6},"Adc.M.O. - Ferramentas (0,0%) =>",null,null,0]
[{"$nulls":6},"Custo Horário de Execução =>",null,null,397.01900000000001]
[{"$nulls":6},"Fator de Influencia da Chuva - FIC =>",null,null,4.4000000000000003E-3]
[{"$nulls":6},"Custo do FIC =>",null,null,1.1999999999999999E-3]
[{"$nulls":6},"Produção de Equipe =>",null,null,1500]
[{"$nulls":6},"Custo Unitário de Execução =>",null,null,0.26469999999999999]
["C","Banco","Código","Material","Quantidade","Unidade","Preço Unitário",null,null,"Custo Horário"]
["Insumo","SICRO3","M1946","Emulsão asfáltica - RR-1C",4.4999999999999999E-4,"t",1E-3,null,null,0]
[{"$nulls":6},"Custo Total do Material =>",null,null,0]
[{"$nulls":4},"MO sem LS =>",2.3696666666666668E-2,"LS =>",0,"MO com LS =>",2.3696666666666668E-2]
[{"$nulls":4},"Valor do BDI =>",0.06,null,"Valor com BDI =>",null,0.33]
[]
["Composições Auxiliares"]
[null,"Código","Banco","Descrição","Tipo",null,"Und","Quant.","Valor Unit","Total"]
["Composição"," 5914647 ","SICRO3","Carga, manobra e descarga de agregados ou solos em caminhão basculante de 10 m³ - carga com carregadeira de 3,40 m³(exclusa) e descarga livre","",null,"t",1,1.47,1.47]
["A","Código","Banco","Equipamentos","Quantidade","Utilização",null,"Custo Operacional",null,"Custo Horário"]
[{"$nulls":5},"Operativa","Improdutiva","Operativa","Improdutiva"]
["Insumo","E9579","SICRO3","Caminhão basculante com capacidade de 10 m³ - 188 kW",3,0.86,0.14000000000000001,248.8699,72.988900000000001,672.73969999999997]
[{"$nulls":6},"Custo Horário de Equipamentos =>",null,null,672.73969999999997]
[{"$nulls":6},"Custo Horário de Execução =>",null,null,672.73969999999997]
[{"$nulls":6},"Fator de Influencia da Chuva - FIC =>",null,null,0]
[{"$nulls":6},"Custo do FIC =>",null,null,0]
[{"$nulls":6},"Produção de Equipe =>",null,null,457.16]
[{"$nulls":6},"Custo Unitário de Execução =>",null,null,1.4716]
[{"$nulls":4},"MO sem LS =>",0,"LS =>",0,"MO com LS =>",0]
[{"$nulls":4},"Valor do BDI =>",0.35,null,"Valor com BDI =>",null,1.82]
[]
[null,"Código","Banco","Descrição","Tipo",null,"Und","Quant.","Valor Unit","Total"]
["Composição"," 5914649 ","SICRO3","Carga, manobra e descarga de mistura betuminosa a quente em caminhão basculante de 10 m³ - carga em usina de asfalto100/140 t/h e descarga em vibroacabadora","",null,"t",1,6.49,6.49]
["A","Código","Banco","Equipamentos","Quantidade","Utilização",null,"Custo Operacional",null,"Custo Horário"]
[{"$nulls":5},"Operativa","Improdutiva","Operativa","Improdutiva"]
["Insumo","E9579","SICRO3","Caminhão basculante com capacidade de 10 m³ - 188 kW",3,0.81,0.19,248.8699,72.988900000000001,646.35749999999996]
[{"$nulls":6},"Custo Horário de Equipamentos =>",null,null,646.35749999999996]
[{"$nulls":6},"Custo Horário de Execução =>",null,null,646.35749999999996]
[{"$nulls":6},"Fator de Influencia da Chuva - FIC =>",null,null,0]
[{"$nulls":6},"Custo do FIC =>",null,null,0]
[{"$nulls":6},"Produção de Equipe =>",null,null,99.6]
[{"$nulls":6},"Custo Unitário de Execução =>",null,null,6.4894999999999996]
[{"$nulls":4},"MO sem LS =>",0,"LS =>",0,"MO com LS =>",0]
[{"$nulls":4},"Valor do BDI =>",1.57,null,"Valor com BDI =>",null,8.06]
[]
[null,"Código","Banco","Descrição","Tipo",null,"Und","Quant.","Valor Unit","Total"]
["Composição"," 2004521 ","SICRO3","Escavação mecânica de vala trapezoidal ou triangular em material de 1ª categoria para drenagem superficial comretroescavadeira - 0,20 m² ≤ seção < 0,30 m²","",null,"m³",1,12.83,12.83]
["A","Código","Banco","Equipamentos","Quantidade","Utilização",null,"Custo Operacional",null,"Custo Horário"]
[{"$nulls":5},"Operativa","Improdutiva","Operativa","Improdutiva"]
["Insumo","E9773","SICRO3","Retroescavadeira de pneus com caçamba de escavação trapezoidal ou triangular com seção",1,1,0,127.8489,62.740400000000001,127.8489]
[{"$nulls":6},"Custo Horário de Equipamentos =>",null,null,127.8489]
["B","Código","Banco","Mão de Obra","Quantidade","Salário Hora",null,null,null,"Custo Horário"]
["Insumo","P9824","SICRO3","Servente",1,null,null,null,17.772500000000001,17.772500000000001]
[{"$nulls":6},"Custo Horário da Mão de Obra =>",null,null,17.772500000000001]
[{"$nulls":6},"Adc.M.O. - Ferramentas (0,0%) =>",null,null,0]
[{"$nulls":6},"Custo Horário de Execução =>",null,null,145.62139999999999]
[{"$nulls":6},"Fator de Influencia da Chuva - FIC =>",null,null,2.6599999999999999E-2]
[{"$nulls":6},"Custo do FIC =>",null,null,0.33289999999999997]
[{"$nulls":6},"Produção de Equipe =>",null,null,11.65]
[{"$nulls":6},"Custo Unitário de Execução =>",null,null,12.499700000000001]
[{"$nulls":4},"MO sem LS =>",1.5255364806866953,"LS =>",0,"MO com LS =>",1.5255364806866953]
[{"$nulls":4},"Valor do BDI =>",3.1,null,"Valor com BDI =>",null,15.93]
[]
[null,"Código","Banco","Descrição","Tipo",null,"Und","Quant.","Valor Unit","Total"]
["Composição"," 89173 ","SINAPI","(COMPOSIÇÃO REPRESENTATIVA) DO SERVIÇO DE EMBOÇO/MASSA ÚNICA, APLICADO MANUALMENTE, TRAÇO 1:2:8, EM BETONEIRA DE 400L, PAREDES INTERNAS, COM EXECUÇÃO DE TALISCAS, EDIFICAÇÃO HABITACIONAL UNIFAMILIAR (CASAS) E EDIFICAÇÃO PÚBLICA PADRÃO. AF_12/2014","REVE - REVESTIMENTO E TRATAMENTO DE SUPERFÍCIES",null,"m²",1,29.76,29.76]
["Composição Auxiliar"," 87527 ","SINAPI","EMBOÇO, PARA RECEBIMENTO DE CERÂMICA, EM ARGAMASSA TRAÇO 1:2:8, PREPARO MECÂNICO COM BETONEIRA 400L, APLICADO MANUALMENTE EM FACES INTERNAS DE PAREDES, PARA AMBIENTE COM ÁREA MENOR QUE 5M2, ESPESSURA DE 20MM, COM EXECUÇÃO DE TALISCAS. AF_06/2014","REVE - REVESTIMENTO E TRATAMENTO DE SUPERFÍCIES",null,"m²",0.11210000000000001,32.590000000000003,3.65]
["Composição Auxiliar"," 87531 ","SINAPI","EMBOÇO, PARA RECEBIMENTO DE CERÂMICA, EM ARGAMASSA TRAÇO 1:2:8, PREPARO MECÂNICO COM BETONEIRA 400L, APLICADO MANUALMENTE EM FACES INTERNAS DE PAREDES, PARA AMBIENTE COM ÁREA ENTRE 5M2 E 10M2, ESPESSURA DE 20MM, COM EXECUÇÃO DE TALISCAS. AF_06/2014","REVE - REVESTIMENTO E TRATAMENTO DE SUPERFÍCIES",null,"m²",0.154,28.55,4.3899999999999997]
["Composição Auxiliar"," 87529 ","SINAPI","MASSA ÚNICA, PARA RECEBIMENTO DE PINTURA, EM ARGAMASSA TRAÇO 1:2:8, PREPARO MECÂNICO COM BETONEIRA 400L, APLICADA MANUALMENTE EM FACES INTERNAS DE PAREDES, ESPESSURA DE 20MM, COM EXECUÇÃO DE TALISCAS. AF_06/2014","REVE - REVESTIMENTO E TRATAMENTO DE SUPERFÍCIES",null,"m²",0.7339,29.6,21.72]
[{"$nulls":4},"MO sem LS =>",13.38,"LS =>",0,"MO com LS =>",13.38]
[{"$nulls":4},"Valor do BDI =>",7.21,null,"Valor com BDI =>",null,36.97]
[]
[null,"Código","Banco","Descrição","Tipo",null,"Und","Quant.","Valor Unit","Total"]
["Composição"," 89171 ","SINAPI","(COMPOSIÇÃO REPRESENTATIVA) DO SERVIÇO DE REVESTIMENTO CERÂMICO PARA PISO COM PLACAS TIPO ESMALTADA EXTRA DE DIMENSÕES 35X35 CM, PARA EDIFICAÇÃO HABITACIONAL UNIFAMILIAR (CASA) E EDIFICAÇÃO PÚBLICA PADRÃO. AF_11/2014","PISO - PISOS",null,"m²",1,53.79,53.79]
["Composição Auxiliar"," 87248 ","SINAPI","REVESTIMENTO CERÂMICO PARA PISO COM PLACAS TIPO ESMALTADA EXTRA DE DIMENSÕES 35X35 CM APLICADA EM AMBIENTES DE ÁREA MAIOR QUE 10 M2. AF_06/2014","PISO - PISOS",null,"m²",0.60870000000000002,51.58,31.39]
["Composição Auxiliar"," 87246 ","SINAPI","REVESTIMENTO CERÂMICO PARA PISO COM PLACAS TIPO ESMALTADA EXTRA DE DIMENSÕES 35X35 CM APLICADA EM AMBIENTES DE ÁREA MENOR QUE 5 M2. AF_06/2014","PISO - PISOS",null,"m²",5.4800000000000001E-2,62.55,3.42]
["Composição Auxiliar"," 87247 ","SINAPI","REVESTIMENTO CERÂMICO PARA PISO COM PLACAS TIPO ESMALTADA EXTRA DE DIMENSÕES 35X35 CM APLICADA EM AMBIENTES DE ÁREA ENTRE 5 M2 E 10 M2. AF_06/2014","PISO - PISOS",null,"m²",0.33650000000000002,56.41,18.98]
[{"$nulls":4},"MO sem LS =>",8.06,"LS =>",0,"MO com LS =>",8.06]
[{"$nulls":4},"Valor do BDI =>",13.03,null,"Valor com BDI =>",null,66.819999999999993]
[]
[null,"Código","Banco","Descrição","Tipo",null,"Und","Quant.","Valor Unit","Total"]
["Composição"," 88238 ","SINAPI","AJUDANTE DE ARMADOR COM ENCARGOS COMPLEMENTARES","SEDI - SERVIÇOS DIVERSOS",null,"H",1,15.87,15.87]
["Composição Auxiliar"," 95308 ","SINAPI","CURSO DE CAPACITAÇÃO PARA AJUDANTE DE ARMADOR (ENCARGOS COMPLEMENTARES) - HORISTA","SEDI - SERVIÇOS DIVERSOS",null,"H",1,0.11,0.11]
["Insumo"," 00037370 ","SINAPI","ALIMENTACAO - HORISTA (COLETADO CAIXA)","Outros",null,"H",1,0.01,0.01]
["Insumo"," 00006114 ","SINAPI","AJUDANTE DE ARMADOR (HORISTA)","Mão de Obra",null,"H",1,12.53,12.53]
["Insumo"," 00043489 ","SINAPI","EPI - FAMILIA PEDREIRO - HORISTA (ENCARGOS COMPLEMENTARES - COLETADO CAIXA)","Equipamento",null,"H",1,1.0900000000000001,1.0900000000000001]
["Insumo"," 00037372 ","SINAPI","EXAMES - HORISTA (COLETADO CAIXA)","Outros",null,"H",1,0.81,0.81]
["Insumo"," 00043465 ","SINAPI","FERRAMENTAS - FAMILIA PEDREIRO - HORISTA (ENCARGOS COMPLEMENTARES - COLETADO CAIXA)","Equipamento",null,"H",1,0.74,0.74]
["Insumo"," 00037373 ","SINAPI","SEGURO - HORISTA (COLETADO CAIXA)","Taxas",null,"H",1,0.01,0.01]
["Insumo"," 00037371 ","SINAPI","TRANSPORTE - HORISTA (COLETADO CAIXA)","Serviços",null,"H",1,0.56999999999999995,0.56999999999999995]
[{"$nulls":4},"MO sem LS =>",12.64,"LS =>",0,"MO com LS =>",12.64]
[{"$nulls":4},"Valor do BDI =>",3.84,null,"Valor com BDI =>",null,19.71]
[]
[null,"Código","Banco","Descrição","Tipo",null,"Und","Quant.","Valor Unit","Total"]
["Composição"," 88239 ","SINAPI","AJUDANTE DE CARPINTEIRO COM ENCARGOS COMPLEMENTARES","SEDI - SERVIÇOS DIVERSOS",null,"H",1,16.52,16.52]
["Composição Auxiliar"," 95309 ","SINAPI","CURSO DE CAPACITAÇÃO PARA AJUDANTE DE CARPINTEIRO (ENCARGOS COMPLEMENTARES) - HORISTA","SEDI - SERVIÇOS DIVERSOS",null,"H",1,0.15,0.15]
["Insumo"," 00037370 ","SINAPI","ALIMENTACAO - HORISTA (COLETADO CAIXA)","Outros",null,"H",1,0.01,0.01]
["Insumo"," 00006117 ","SINAPI","CARPINTEIRO AUXILIAR (HORISTA)","Mão de Obra",null,"H",1,13.26,13.26]
["Insumo"," 00043483 ","SINAPI","EPI - FAMILIA CARPINTEIRO DE FORMAS - HORISTA (ENCARGOS COMPLEMENTARES - COLETADO CAIXA)","Equipamento",null,"H",1,1.26,1.26]
["Insumo"," 00037372 ","SINAPI","EXAMES - HORISTA (COLETADO CAIXA)","Outros",null,"H",1,0.81,0.81]
["Insumo"," 00043459 ","SINAPI","FERRAMENTAS - FAMILIA CARPINTEIRO DE FORMAS - HORISTA (ENCARGOS COMPLEMENTARES - COLETADO CAIXA)","Equipamento",null,"H",1,0.45,0.45]
["Insumo"," 00037373 ","SINAPI","SEGURO - HORISTA (COLETADO CAIXA)","Taxas",null,"H",1,0.01,0.01]
["Insumo"," 00037371 ","SINAPI","TRANSPORTE - HORISTA (COLETADO CAIXA)","Serviços",null,"H",1,0.56999999999999995,0.56999999999999995]
[{"$nulls":4},"MO sem LS =>",13.41,"LS =>",0,"MO com LS =>",13.41]
[{"$nulls":4},"Valor do BDI =>",4,null,"Valor com BDI =>",null,20.52]
[]
[null,"Código","Banco","Descrição","Tipo",null,"Und","Quant.","Valor Unit","Total"]
["Composição"," 101165 ","SINAPI","ALVENARIA DE EMBASAMENTO COM BLOCO ESTRUTURAL DE CONCRETO, DE 14X19X29CM E ARGAMASSA DE ASSENTAMENTO COM PREPARO EM BETONEIRA. AF_05/2020","FUES - FUNDAÇÕES E ESTRUTURAS",null,"m³",1,750.18,750.18]
["Composição Auxiliar"," 87292 ","SINAPI","ARGAMASSA TRAÇO 1:2:8 (EM VOLUME DE CIMENTO, CAL E AREIA MÉDIA ÚMIDA) PARA EMBOÇO/MASSA ÚNICA/ASSENTAMENTO DE ALVENARIA DE VEDAÇÃO, PREPARO MECÂNICO COM BETONEIRA 400 L. AF_08/2019","SEDI - SERVIÇOS DIVERSOS",null,"m³",0.13,448.68,58.32]
["Composição Auxiliar"," 88309 ","SINAPI","PEDREIRO COM ENCARGOS COMPLEMENTARES","SEDI - SERVIÇOS DIVERSOS",null,"H",10.263,21.34,219.01]
["Composição Auxiliar"," 88316 ","SINAPI","SERVENTE COM ENCARGOS COMPLEMENTARES","SEDI - SERVIÇOS DIVERSOS",null,"H",5.1319999999999997,15.9,81.59]
["Insumo"," 00034566 ","SINAPI","BLOCO DE CONCRETO ESTRUTURAL 14 X 19 X 29 CM, FBK 6 MPA (NBR 6136)","Material",null,"UN",122.27,3.2,391.26]
[{"$nulls":4},"MO sem LS =>",260.36,"LS =>",0,"MO com LS =>",260.36]
[{"$nulls":4},"Valor do BDI =>",181.76,null,"Valor com BDI =>",null,931.94]
[]
[null,"Código","Banco","Descrição","Tipo",null,"Und","Quant.","Valor Unit","Total"]
["Composição"," 103328 ","SINAPI","ALVENARIA DE VEDAÇÃO DE BLOCOS CERÂMICOS FURADOS NA HORIZONTAL DE 9X19X19 CM (ESPESSURA 9 CM) E ARGAMASSA DE ASSENTAMENTO COM PREPARO EM BETONEIRA. AF_12/2021","PARE - PAREDES/PAINEIS",null,"m²",1,73.97,73.97]
["Composição Auxiliar"," 87292 ","SINAPI","ARGAMASSA TRAÇO 1:2:8 (EM VOLUME DE CIMENTO, CAL E AREIA MÉDIA ÚMIDA) PARA EMBOÇO/MASSA ÚNICA/ASSENTAMENTO DE ALVENARIA DE VEDAÇÃO, PREPARO MECÂNICO COM BETONEIRA 400 L. AF_08/2019","SEDI - SERVIÇOS DIVERSOS",null,"m³",9.1000000000000004E-3,448.68,4.08]
["Composição Auxiliar"," 88309 ","SINAPI","PEDREIRO COM ENCARGOS COMPLEMENTARES","SEDI - SERVIÇOS DIVERSOS",null,"H",1.61,21.34,34.35]
["Composição Auxiliar"," 88316 ","SINAPI","SERVENTE COM ENCARGOS COMPLEMENTARES","SEDI - SERVIÇOS DIVERSOS",null,"H",0.80500000000000005,15.9,12.79]
["Insumo"," 00007271 ","SINAPI","BLOCO CERAMICO / TIJOLO VAZADO PARA ALVENARIA DE VEDACAO, 8 FUROS NA HORIZONTAL, DE 9 X 19 X 19 CM (L XA X C)","Material",null,"UN",28.31,0.75,21.23]
["Insumo"," 00037395 ","SINAPI","PINO DE ACO COM FURO, HASTE = 27 MM (ACAO DIRETA)","Material",null,"CENTO",5.0000000000000001E-3,42.28,0.21]
["Insumo"," 00034557 ","SINAPI","TELA DE ACO SOLDADA GALVANIZADA/ZINCADA PARA ALVENARIA, FIO D = *1,20 A 1,70* MM, MALHA 15 X 15 MM, (C X L) *50 X 7,5* CM","Material",null,"M",0.42,3.13,1.31]
[{"$nulls":4},"MO sem LS =>",40.06,"LS =>",0,"MO com LS =>",40.06]
[{"$nulls":4},"Valor do BDI =>",17.920000000000002,null,"Valor com BDI =>",null,91.89]
[]
[null,"Código","Banco","Descrição","Tipo",null,"Und","Quant.","Valor Unit","Total"]
["Composição"," 88489 ","SINAPI","APLICAÇÃO MANUAL DE PINTURA COM TINTA LÁTEX ACRÍLICA EM PAREDES, DUAS DEMÃOS. AF_06/2014","PINT - PINTURAS",null,"m²",1,13.34,13.34]
["Composição Auxiliar"," 88310 ","SINAPI","PINTOR COM ENCARGOS COMPLEMENTARES","SEDI - SERVIÇOS DIVERSOS",null,"H",0.187,22.4,4.18]
["Composição Auxiliar"," 88316 ","SINAPI","SERVENTE COM ENCARGOS COMPLEMENTARES","SEDI - SERVIÇOS DIVERSOS",null,"H",6.9000000000000006E-2,15.9,1.0900000000000001]
["Insumo"," 00007356 ","SINAPI","TINTA LATEX ACRILICA PREMIUM, COR BRANCO FOSCO","Material",null,"L",0.33,24.47,8.07]
[{"$nulls":4},"MO sem LS =>",4.24,"LS =>",0,"MO com LS =>",4.24]
[{"$nulls":4},"Valor do BDI =>",3.23,null,"Valor com BDI =>",null,16.57]
[]
[null,"Código","Banco","Descrição","Tipo",null,"Und","Quant.","Valor Unit","Total"]
["Composição"," 87393 ","SINAPI","ARGAMASSA INDUSTRIALIZADA PARA CHAPISCO ROLADO, PREPARO COM MISTURADOR DE EIXO HORIZONTAL DE 300 KG. AF_08/2019","SEDI - SERVIÇOS DIVERSOS",null,"m³",1,6528.71,6528.71]
["Composição Auxiliar"," 88386 ","SINAPI","MISTURADOR DE ARGAMASSA, EIXO HORIZONTAL, CAPACIDADE DE MISTURA 300 KG, MOTOR ELÉTRICO POTÊNCIA 5 CV - CHP DIURNO. AF_06/2014","CHOR - CUSTOS HORÁRIOS DE MÁQUINAS E EQUIPAMENTOS",null,"CHP",1.1000000000000001,4.1399999999999997,4.55]
["Composição Auxiliar"," 88392 ","SINAPI","MISTURADOR DE ARGAMASSA, EIXO HORIZONTAL, CAPACIDADE DE MISTURA 300 KG, MOTOR ELÉTRICO POTÊNCIA 5 CV - CHI DIURNO. AF_06/2014","CHOR - CUSTOS HORÁRIOS DE MÁQUINAS E EQUIPAMENTOS",null,"CHI",3.62,0.92,3.33]
["Composição Auxiliar"," 88377 ","SINAPI","OPERADOR DE BETONEIRA ESTACIONÁRIA/MISTURADOR COM ENCARGOS COMPLEMENTARES","SEDI - SERVIÇOS DIVERSOS",null,"H",4.72,17.34,81.84]
["Insumo"," 00037552 ","SINAPI","ARGAMASSA INDUSTRIALIZADA PARA CHAPISCO ROLADO","Material",null,"KG",1981.23,3.25,6438.99]
[{"$nulls":4},"MO sem LS =>",71.599999999999994,"LS =>",0,"MO com LS =>",71.599999999999994]
[{"$nulls":4},"Valor do BDI =>",1581.9,null,"Valor com BDI =>",null,8110.61]
[]
[null,"Código","Banco","Descrição","Tipo",null,"Und","Quant.","Valor Unit","Total"]
["Composição"," 87367 ","SINAPI","ARGAMASSA TRAÇO 1:1:6 (EM VOLUME DE CIMENTO, CAL E AREIA MÉDIA ÚMIDA) PARA EMBOÇO/MASSA ÚNICA/ASSENTAMENTO DE ALVENARIA DE VEDAÇÃO, PREPARO MANUAL. AF_08/2019","SEDI - SERVIÇOS DIVERSOS",null,"m³",1,541.71,541.71]
["Composição Auxiliar"," 88316 ","SINAPI","SERVENTE COM ENCARGOS COMPLEMENTARES","SEDI - SERVIÇOS DIVERSOS",null,"H",11.23,15.9,178.55]
["Insumo"," 00001106 ","SINAPI","CAL HIDRATADA CH-I PARA ARGAMASSAS","Material",null,"KG",116.4,0.87,101.26]
["Insumo"," 00000370 ","SINAPI","AREIA MEDIA - POSTO JAZIDA/FORNECEDOR (RETIRADO NA JAZIDA, SEM TRANSPORTE)","Material",null,"m³",1.1599999999999999,70,81.2]
["Insumo"," 00001379 ","SINAPI","CIMENTO PORTLAND COMPOSTO CP II-32","Material",null,"KG",261.89,0.69,180.7]
[{"$nulls":4},"MO sem LS =>",143.63,"LS =>",0,"MO com LS =>",143.63]
[{"$nulls":4},"Valor do BDI =>",131.25,null,"Valor com BDI =>",null,672.96]
[]
[null,"Código","Banco","Descrição","Tipo",null,"Und","Quant.","Valor Unit","Total"]
["Composição"," 87369 ","SINAPI","ARGAMASSA TRAÇO 1:2:8 (EM VOLUME DE CIMENTO, CAL E AREIA MÉDIA ÚMIDA) PARA EMBOÇO/MASSA ÚNICA/ASSENTAMENTO DE ALVENARIA DE VEDAÇÃO, PREPARO MANUAL. AF_08/2019","SEDI - SERVIÇOS DIVERSOS",null,"m³",1,538,538]
["Composição Auxiliar"," 88316 ","SINAPI","SERVENTE COM ENCARGOS COMPLEMENTARES","SEDI - SERVIÇOS DIVERSOS",null,"H",11.1,15.9,176.49]
["Insumo"," 00000370 ","SINAPI","AREIA MEDIA - POSTO JAZIDA/FORNECEDOR (RETIRADO NA JAZIDA, SEM TRANSPORTE)","Material",null,"m³",1.1399999999999999,70,79.8]
["Insumo"," 00001106 ","SINAPI","CAL HIDRATADA CH-I PARA ARGAMASSAS","Material",null,"KG",171.13,0.87,148.88]
["Insumo"," 00001379 ","SINAPI","CIMENTO PORTLAND COMPOSTO CP II-32","Material",null,"KG",192.52,0.69,132.83000000000001]
[{"$nulls":4},"MO sem LS =>",141.96,"LS =>",0,"MO com LS =>",141.96]
[{"$nulls":4},"Valor do BDI =>",130.35,null,"Valor com BDI =>",null,668.35]
[]
[null,"Código","Banco","Descrição","Tipo",null,"Und","Quant.","Valor Unit","Total"]
["Composição"," 87292 ","SINAPI","ARGAMASSA TRAÇO 1:2:8 (EM VOLUME DE CIMENTO, CAL E AREIA MÉDIA ÚMIDA) PARA EMBOÇO/MASSA ÚNICA/ASSENTAMENTO DE ALVENARIA DE VEDAÇÃO, PREPARO MECÂNICO COM BETONEIRA 400 L. AF_08/2019","SEDI - SERVIÇOS DIVERSOS",null,"m³",1,448.68,448.68]
["Composição Auxiliar"," 88831 ","SINAPI","BETONEIRA CAPACIDADE NOMINAL DE 400 L, CAPACIDADE DE MISTURA 280 L, MOTOR ELÉTRICO TRIFÁSICO POTÊNCIA DE 2 CV, SEM CARREGADOR - CHI DIURNO. AF_10/2014","CHOR - CUSTOS HORÁRIOS DE MÁQUINAS E EQUIPAMENTOS",null,"CHI",3.45,0.34,1.17]
["Composição Auxiliar"," 88830 ","SINAPI","BETONEIRA CAPACIDADE NOMINAL DE 400 L, CAPACIDADE DE MISTURA 280 L, MOTOR ELÉTRICO TRIFÁSICO POTÊNCIA DE 2 CV, SEM CARREGADOR - CHP DIURNO. AF_10/2014","CHOR - CUSTOS HORÁRIOS DE MÁQUINAS E EQUIPAMENTOS",null,"CHP",1.05,1.6,1.68]
["Composição Auxiliar"," 88377 ","SINAPI","OPERADOR DE BETONEIRA ESTACIONÁRIA/MISTURADOR COM ENCARGOS COMPLEMENTARES","SEDI - SERVIÇOS DIVERSOS",null,"H",4.5,17.34,78.03]
["Insumo"," 00001106 ","SINAPI","CAL HIDRATADA CH-I PARA ARGAMASSAS","Material",null,"KG",174.1,0.87,151.46]
["Insumo"," 00000370 ","SINAPI","AREIA MEDIA - POSTO JAZIDA/FORNECEDOR (RETIRADO NA JAZIDA, SEM TRANSPORTE)","Material",null,"m³",1.1599999999999999,70,81.2]
["Insumo"," 00001379 ","SINAPI","CIMENTO PORTLAND COMPOSTO CP II-32","Material",null,"KG",195.86,0.69,135.13999999999999]
[{"$nulls":4},"MO sem LS =>",68.260000000000005,"LS =>",0,"MO com LS =>",68.260000000000005]
[{"$nulls":4},"Valor do BDI =>",108.71,null,"Valor com BDI =>",null,557.39]
[]
[null,"Código","Banco","Descrição","Tipo",null,"Und","Quant.","Valor Unit","Total"]
["Composição"," 100475 ","SINAPI","ARGAMASSA TRAÇO 1:3 (EM VOLUME DE CIMENTO E AREIA MÉDIA ÚMIDA) COM ADIÇÃO DE IMPERMEABILIZANTE, PREPARO MECÂNICO COM BETONEIRA 400 L. AF_08/2019","SEDI - SERVIÇOS DIVERSOS",null,"m³",1,644.91999999999996,644.91999999999996]
["Composição Auxiliar"," 88830 ","SINAPI","BETONEIRA CAPACIDADE NOMINAL DE 400 L, CAPACIDADE DE MISTURA 280 L, MOTOR ELÉTRICO TRIFÁSICO POTÊNCIA DE 2 CV, SEM CARREGADOR - CHP DIURNO. AF_10/2014","CHOR - CUSTOS HORÁRIOS DE MÁQUINAS E EQUIPAMENTOS",null,"CHP",0.87,1.6,1.39]
["Composição Auxiliar"," 88831 ","SINAPI","BETONEIRA CAPACIDADE NOMINAL DE 400 L, CAPACIDADE DE MISTURA 280 L, MOTOR ELÉTRICO TRIFÁSICO POTÊNCIA DE 2 CV, SEM CARREGADOR - CHI DIURNO. AF_10/2014","CHOR - CUSTOS HORÁRIOS DE MÁQUINAS E EQUIPAMENTOS",null,"CHI",2.88,0.34,0.97]
["Composição Auxiliar"," 88377 ","SINAPI","OPERADOR DE BETONEIRA ESTACIONÁRIA/MISTURADOR COM ENCARGOS COMPLEMENTARES","SEDI - SERVIÇOS DIVERSOS",null,"H",3.75,17.34,65.02]
["Insumo"," 00000123 ","SINAPI","ADITIVO IMPERMEABILIZANTE DE PEGA NORMAL PARA ARGAMASSAS E CONCRETOS SEM ARMACAO, LIQUIDO E ISENTO DE CLORETOS","Material",null,"L",19.440000000000001,8.57,166.6]
["Insumo"," 00000370 ","SINAPI","AREIA MEDIA - POSTO JAZIDA/FORNECEDOR (RETIRADO NA JAZIDA, SEM TRANSPORTE)","Material",null,"m³",1.08,70,75.599999999999994]
["Insumo"," 00001379 ","SINAPI","CIMENTO PORTLAND COMPOSTO CP II-32","Material",null,"KG",486,0.69,335.34]
[{"$nulls":4},"MO sem LS =>",56.88,"LS =>",0,"MO com LS =>",56.88]
[{"$nulls":4},"Valor do BDI =>",156.26,null,"Valor com BDI =>",null,801.18]
[]
[null,"Código","Banco","Descrição","Tipo",null,"Und","Quant.","Valor Unit","Total"]
["Composição"," 88629 ","SINAPI","ARGAMASSA TRAÇO 1:3 (EM VOLUME DE CIMENTO E AREIA MÉDIA ÚMIDA), PREPARO MANUAL. AF_08/2019","SEDI - SERVIÇOS DIVERSOS",null,"m³",1,544.4,544.4]
["Composição Auxiliar"," 88316 ","SINAPI","SERVENTE COM ENCARGOS COMPLEMENTARES","SEDI - SERVIÇOS DIVERSOS",null,"H",8.57,15.9,136.26]
["Insumo"," 00000370 ","SINAPI","AREIA MEDIA - POSTO JAZIDA/FORNECEDOR (RETIRADO NA JAZIDA, SEM TRANSPORTE)","Material",null,"m³",1.07,70,74.900000000000006]
["Insumo"," 00001379 ","SINAPI","CIMENTO PORTLAND COMPOSTO CP II-32","Material",null,"KG",482.96,0.69,333.24]
[{"$nulls":4},"MO sem LS =>",109.61,"LS =>",0,"MO com LS =>",109.61]
[{"$nulls":4},"Valor do BDI =>",131.9,null,"Valor com BDI =>",null,676.3]
[]
[null,"Código","Banco","Descrição","Tipo",null,"Und","Quant.","Valor Unit","Total"]
["Composição"," 87316 ","SINAPI","ARGAMASSA TRAÇO 1:4 (EM VOLUME DE CIMENTO E AREIA GROSSA ÚMIDA) PARA CHAPISCO CONVENCIONAL, PREPARO MECÂNICO COM BETONEIRA 400 L. AF_08/2019","SEDI - SERVIÇOS DIVERSOS",null,"m³",1,392.72,392.72]
["Composição Auxiliar"," 88830 ","SINAPI","BETONEIRA CAPACIDADE NOMINAL DE 400 L, CAPACIDADE DE MISTURA 280 L, MOTOR ELÉTRICO TRIFÁSICO POTÊNCIA DE 2 CV, SEM CARREGADOR - CHP DIURNO. AF_10/2014","CHOR - CUSTOS HORÁRIOS DE MÁQUINAS E EQUIPAMENTOS",null,"CHP",1.08,1.6,1.72]
["Composição Auxiliar"," 88831 ","SINAPI","BETONEIRA CAPACIDADE NOMINAL DE 400 L, CAPACIDADE DE MISTURA 280 L, MOTOR ELÉTRICO TRIFÁSICO POTÊNCIA DE 2 CV, SEM CARREGADOR - CHI DIURNO. AF_10/2014","CHOR - CUSTOS HORÁRIOS DE MÁQUINAS E EQUIPAMENTOS",null,"CHI",3.56,0.34,1.21]
["Composição Auxiliar"," 88377 ","SINAPI","OPERADOR DE BETONEIRA ESTACIONÁRIA/MISTURADOR COM ENCARGOS COMPLEMENTARES","SEDI - SERVIÇOS DIVERSOS",null,"H",4.6399999999999997,17.34,80.45]
["Insumo"," 00000367 ","SINAPI","AREIA GROSSA - POSTO JAZIDA/FORNECEDOR (RETIRADO NA JAZIDA, SEM TRANSPORTE)","Material",null,"m³",1.02,70.91,72.319999999999993]
["Insumo"," 00001379 ","SINAPI","CIMENTO PORTLAND COMPOSTO CP II-32","Material",null,"KG",343.52,0.69,237.02]
[{"$nulls":4},"MO sem LS =>",70.38,"LS =>",0,"MO com LS =>",70.38]
[{"$nulls":4},"Valor do BDI =>",95.15,null,"Valor com BDI =>",null,487.87]
[]
[null,"Código","Banco","Descrição","Tipo",null,"Und","Quant.","Valor Unit","Total"]
["Composição"," 88245 ","SINAPI","ARMADOR COM ENCARGOS COMPLEMENTARES","SEDI - SERVIÇOS DIVERSOS",null,"H",1,21.2,21.2]
["Composição Auxiliar"," 95314 ","SINAPI","CURSO DE CAPACITAÇÃO PARA ARMADOR (ENCARGOS COMPLEMENTARES) - HORISTA","SEDI - SERVIÇOS DIVERSOS",null,"H",1,0.16,0.16]
["Insumo"," 00037370 ","SINAPI","ALIMENTACAO - HORISTA (COLETADO CAIXA)","Outros",null,"H",1,0.01,0.01]
["Insumo"," 00000378 ","SINAPI","ARMADOR (HORISTA)","Mão de Obra",null,"H",1,17.809999999999999,17.809999999999999]
["Insumo"," 00043489 ","SINAPI","EPI - FAMILIA PEDREIRO - HORISTA (ENCARGOS COMPLEMENTARES - COLETADO CAIXA)","Equipamento",null,"H",1,1.0900000000000001,1.0900000000000001]
["Insumo"," 00037372 ","SINAPI","EXAMES - HORISTA (COLETADO CAIXA)","Outros",null,"H",1,0.81,0.81]
["Insumo"," 00043465 ","SINAPI","FERRAMENTAS - FAMILIA PEDREIRO - HORISTA (ENCARGOS COMPLEMENTARES - COLETADO CAIXA)","Equipamento",null,"H",1,0.74,0.74]
["Insumo"," 00037373 ","SINAPI","SEGURO - HORISTA (COLETADO CAIXA)","Taxas",null,"H",1,0.01,0.01]
["Insumo"," 00037371 ","SINAPI","TRANSPORTE - HORISTA (COLETADO CAIXA)","Serviços",null,"H",1,0.56999999999999995,0.56999999999999995]
[{"$nulls":4},"MO sem LS =>",17.97,"LS =>",0,"MO com LS =>",17.97]
[{"$nulls":4},"Valor do BDI =>",5.13,null,"Valor com BDI =>",null,26.33]
[]
[null,"Código","Banco","Descrição","Tipo",null,"Und","Quant.","Valor Unit","Total"]
["Composição"," 92783 ","SINAPI","ARMAÇÃO DE LAJE DE UMA ESTRUTURA CONVENCIONAL DE CONCRETO ARMADO EM UMA EDIFICAÇÃO TÉRREA OU SOBRADO UTILIZANDO AÇO CA-60 DE 4,2 MM - MONTAGEM. AF_12/2015","FUES - FUNDAÇÕES E ESTRUTURAS",null,"KG",1,17.97,17.97]
["Composição Auxiliar"," 92799 ","SINAPI","CORTE E DOBRA DE AÇO CA-60, DIÂMETRO DE 4,2 MM, UTILIZADO EM LAJE. AF_12/2015","FUES - FUNDAÇÕES E ESTRUTURAS",null,"KG",1,12.28,12.28]
["Composição Auxiliar"," 88238 ","SINAPI","AJUDANTE DE ARMADOR COM ENCARGOS COMPLEMENTARES","SEDI - SERVIÇOS DIVERSOS",null,"H",3.1E-2,15.87,0.49]
["Composição Auxiliar"," 88245 ","SINAPI","ARMADOR COM ENCARGOS COMPLEMENTARES","SEDI - SERVIÇOS DIVERSOS",null,"H",0.18959999999999999,21.2,4.01]
["Insumo"," 00043132 ","SINAPI","ARAME RECOZIDO 16 BWG, D = 1,65 MM (0,016 KG/M) OU 18 BWG, D = 1,25 MM (0,01 KG/M)","Material",null,"KG",2.5000000000000001E-2,23.3,0.57999999999999996]
["Insumo"," 00039017 ","SINAPI","ESPACADOR / DISTANCIADOR CIRCULAR COM ENTRADA LATERAL, EM PLASTICO, PARA VERGALHAO *4,2 A 12,5* MM, COBRIMENTO 20 MM","Material",null,"UN",2.8159999999999998,0.22,0.61]
[{"$nulls":4},"MO sem LS =>",5.62,"LS =>",0,"MO com LS =>",5.62]
[{"$nulls":4},"Valor do BDI =>",4.3499999999999996,null,"Valor com BDI =>",null,22.32]
[]
[null,"Código","Banco","Descrição","Tipo",null,"Und","Quant.","Valor Unit","Total"]
["Composição"," 88247 ","SINAPI","AUXILIAR DE ELETRICISTA COM ENCARGOS COMPLEMENTARES","SEDI - SERVIÇOS DIVERSOS",null,"H",1,16.91,16.91]
["Composição Auxiliar"," 95316 ","SINAPI","CURSO DE CAPACITAÇÃO PARA AUXILIAR DE ELETRICISTA (ENCARGOS COMPLEMENTARES) - HORISTA","SEDI - SERVIÇOS DIVERSOS",null,"H",1,0.4,0.4]
["Insumo"," 00000247 ","SINAPI","AJUDANTE DE ELETRICISTA (HORISTA)","Mão de Obra",null,"H",1,13.26,13.26]
["Insumo"," 00037370 ","SINAPI","ALIMENTACAO - HORISTA (COLETADO CAIXA)","Outros",null,"H",1,0.01,0.01]
["Insumo"," 00043484 ","SINAPI","EPI - FAMILIA ELETRICISTA - HORISTA (ENCARGOS COMPLEMENTARES - COLETADO CAIXA)","Equipamento",null,"H",1,1.07,1.07]
["Insumo"," 00037372 ","SINAPI","EXAMES - HORISTA (COLETADO CAIXA)","Outros",null,"H",1,0.81,0.81]
["Insumo"," 00043460 ","SINAPI","FERRAMENTAS - FAMILIA ELETRICISTA - HORISTA (ENCARGOS COMPLEMENTARES - COLETADO CAIXA)","Equipamento",null,"H",1,0.78,0.78]
["Insumo"," 00037373 ","SINAPI","SEGURO - HORISTA (COLETADO CAIXA)","Taxas",null,"H",1,0.01,0.01]
["Insumo"," 00037371 ","SINAPI","TRANSPORTE - HORISTA (COLETADO CAIXA)","Serviços",null,"H",1,0.56999999999999995,0.56999999999999995]
[{"$nulls":4},"MO sem LS =>",13.66,"LS =>",0,"MO com LS =>",13.66]
[{"$nulls":4},"Valor do BDI =>",4.09,null,"Valor com BDI =>",null,21]
[]
[null,"Código","Banco","Descrição","Tipo",null,"Und","Quant.","Valor Unit","Total"]
["Composição"," 88248 ","SINAPI","AUXILIAR DE ENCANADOR OU BOMBEIRO HIDRÁULICO COM ENCARGOS COMPLEMENTARES","SEDI - SERVIÇOS DIVERSOS",null,"H",1,16.11,16.11]
["Composição Auxiliar"," 95317 ","SINAPI","CURSO DE CAPACITAÇÃO PARA AUXILIAR DE ENCANADOR OU BOMBEIRO HIDRÁULICO (ENCARGOS COMPLEMENTARES) - HORISTA","SEDI - SERVIÇOS DIVERSOS",null,"H",1,0.19,0.19]
["Insumo"," 00037370 ","SINAPI","ALIMENTACAO - HORISTA (COLETADO CAIXA)","Outros",null,"H",1,0.01,0.01]
["Insumo"," 00000246 ","SINAPI","AUXILIAR DE ENCANADOR OU BOMBEIRO HIDRAULICO (HORISTA)","Mão de Obra",null,"H",1,13.26,13.26]
["Insumo"," 00043485 ","SINAPI","EPI - FAMILIA ENCANADOR - HORISTA (ENCARGOS COMPLEMENTARES - COLETADO CAIXA)","Equipamento",null,"H",1,0.94,0.94]
["Insumo"," 00037372 ","SINAPI","EXAMES - HORISTA (COLETADO CAIXA)","Outros",null,"H",1,0.81,0.81]
["Insumo"," 00043461 ","SINAPI","FERRAMENTAS - FAMILIA ENCANADOR - HORISTA (ENCARGOS COMPLEMENTARES - COLETADO CAIXA)","Equipamento",null,"H",1,0.32,0.32]
["Insumo"," 00037373 ","SINAPI","SEGURO - HORISTA (COLETADO CAIXA)","Taxas",null,"H",1,0.01,0.01]
["Insumo"," 00037371 ","SINAPI","TRANSPORTE - HORISTA (COLETADO CAIXA)","Serviços",null,"H",1,0.56999999999999995,0.56999999999999995]
[{"$nulls":4},"MO sem LS =>",13.45,"LS =>",0,"MO com LS =>",13.45]
[{"$nulls":4},"Valor do BDI =>",3.9,null,"Valor com BDI =>",null,20.010000000000002]
[]
[null,"Código","Banco","Descrição","Tipo",null,"Und","Quant.","Valor Unit","Total"]
["Composição"," 88256 ","SINAPI","AZULEJISTA OU LADRILHISTA COM ENCARGOS COMPLEMENTARES","SEDI - SERVIÇOS DIVERSOS",null,"H",1,21.25,21.25]
["Composição Auxiliar"," 95324 ","SINAPI","CURSO DE CAPACITAÇÃO PARA AZULEJISTA OU LADRILHISTA (ENCARGOS COMPLEMENTARES) - HORISTA","SEDI - SERVIÇOS DIVERSOS",null,"H",1,0.21,0.21]
["Insumo"," 00037370 ","SINAPI","ALIMENTACAO - HORISTA (COLETADO CAIXA)","Outros",null,"H",1,0.01,0.01]
["Insumo"," 00004760 ","SINAPI","AZULEJISTA OU LADRILHEIRO (HORISTA)","Mão de Obra",null,"H",1,17.809999999999999,17.809999999999999]
["Insumo"," 00043489 ","SINAPI","EPI - FAMILIA PEDREIRO - HORISTA (ENCARGOS COMPLEMENTARES - COLETADO CAIXA)","Equipamento",null,"H",1,1.0900000000000001,1.0900000000000001]
["Insumo"," 00037372 ","SINAPI","EXAMES - HORISTA (COLETADO CAIXA)","Outros",null,"H",1,0.81,0.81]
["Insumo"," 00043465 ","SINAPI","FERRAMENTAS - FAMILIA PEDREIRO - HORISTA (ENCARGOS COMPLEMENTARES - COLETADO CAIXA)","Equipamento",null,"H",1,0.74,0.74]
["Insumo"," 00037373 ","SINAPI","SEGURO - HORISTA (COLETADO CAIXA)","Taxas",null,"H",1,0.01,0.01]
["Insumo"," 00037371 ","SINAPI","TRANSPORTE - HORISTA (COLETADO CAIXA)","Serviços",null,"H",1,0.56999999999999995,0.56999999999999995]
[{"$nulls":4},"MO sem LS =>",18.02,"LS =>",0,"MO com LS =>",18.02]
[{"$nulls":4},"Valor do BDI =>",5.14,null,"Valor com BDI =>",null,26.39]
[]
[null,"Código","Banco","Descrição","Tipo",null,"Und","Quant.","Valor Unit","Total"]
["Composição"," 4805755 ","SICRO3","Apiloamento manual","",null,"m³",1,26.66,26.66]
["B","Código","Banco","Mão de Obra","Quantidade","Salário Hora",null,null,null,"Custo Horário"]
["Insumo","P9824","SICRO3","Servente",1,null,null,null,17.772500000000001,17.772500000000001]
[{"$nulls":6},"Custo Horário da Mão de Obra =>",null,null,17.772500000000001]
[{"$nulls":6},"Adc.M.O. - Ferramentas (0,0%) =>",null,null,0]
[{"$nulls":6},"Custo Horário de Execução =>",null,null,17.772500000000001]
[{"$nulls":6},"Fator de Influencia da Chuva - FIC =>",null,null,0]
[{"$nulls":6},"Custo do FIC =>",null,null,0]
[{"$nulls":6},"Produção de Equipe =>",null,null,0.66669999999999996]
[{"$nulls":6},"Custo Unitário de Execução =>",null,null,26.6586]
[{"$nulls":4},"MO sem LS =>",26.658616706916465,"LS =>",0,"MO com LS =>",26.658616706916465]
[{"$nulls":4},"Valor do BDI =>",6.45,null,"Valor com BDI =>",null,33.11]
[]
[null,"Código","Banco","Descrição","Tipo",null,"Und","Quant.","Valor Unit","Total"]
["Composição"," 1 A 01 170 01 ","SICRO2","Areia extraída com escavadeira hidráulica","Atividades Auxiliares",null,"m³",1,7.66,7.66]
["A","Código","Banco","Equipamentos","Quantidade","Utilização",null,"Custo Operacional",null,"Custo Horário"]
[{"$nulls":5},"Operativa","Improdutiva","Operativa","Improdutiva"]
["Insumo","E016","SICRO2","Carregadeira de Pneus : Case : W-20 E -  1,91 m3 ",1,0.42,0.57999999999999996,140.22710000000001,23.832599999999999,72.718299999999999]
["Insumo","E063","SICRO2","Escavadeira Hidráulica : Caterpillar : 320DL -  c/ est. - cap 600l p/ longo alcance ",1,1,0,223.85749999999999,24.959199999999999,223.85749999999999]
[{"$nulls":6},"Custo Horário de Equipamentos =>",null,null,296.57580000000002]
["B","Código","Banco","Mão de Obra","Quantidade","Salário Hora",null,null,null,"Custo Horário"]
["Insumo","T501","SICRO2","Encarregado de turma ",1,null,null,null,29.465800000000002,29.465800000000002]
["Insumo","T701","SICRO2","Servente ",4,null,null,null,9.6196999999999999,38.4788]
[{"$nulls":6},"Custo Horário da Mão de Obra =>",null,null,67.944599999999994]
[{"$nulls":6},"Adc.M.O. - Ferramentas (15,51%) =>",null,null,10.5382]
[{"$nulls":6},"Custo Horário de Execução =>",null,null,375.05860000000001]
[{"$nulls":6},"Fator de Influencia da Chuva - FIC =>",null,null,0]
[{"$nulls":6},"Custo do FIC =>",null,null,0]
[{"$nulls":6},"Produção de Equipe =>",null,null,49]
[{"$nulls":6},"Custo Unitário de Execução =>",null,null,7.6543000000000001]
["C","Banco","Código","Material","Quantidade","Unidade","Preço Unitário",null,null,"Custo Horário"]
["Insumo","SICRO2","M980","Indenização de jazida ",1,"m³",0.01,null,null,0.01]
[{"$nulls":6},"Custo Total do Material =>",null,null,0.01]
[{"$nulls":4},"MO sem LS =>",1.3866244897959183,"LS =>",0,"MO com LS =>",1.3866244897959183]
[{"$nulls":4},"Valor do BDI =>",1.85,null,"Valor com BDI =>",null,9.51]
[]
[null,"Código","Banco","Descrição","Tipo",null,"Und","Quant.","Valor Unit","Total"]
["Composição"," 86934 ","SINAPI","BANCADA DE MÁRMORE SINTÉTICO 120 X 60CM, COM CUBA INTEGRADA, INCLUSO SIFÃO TIPO FLEXÍVEL EM PVC, VÁLVULA EM PLÁSTICO CROMADO TIPO AMERICANA E TORNEIRA CROMADA LONGA, DE PAREDE, PADRÃO POPULAR - FORNECIMENTO E INSTALAÇÃO. AF_01/2020","INHI - INSTALAÇÕES HIDROS SANITÁRIAS",null,"UN",1,337.13,337.13]
["Composição Auxiliar"," 86911 ","SINAPI","TORNEIRA CROMADA LONGA, DE PAREDE, 1/2\u0094 OU 3/4\u0094, PARA PIA DE COZINHA, PADRÃO POPULAR - FORNECIMENTO E INSTALAÇÃO. AF_01/2020","INHI - INSTALAÇÕES HIDROS SANITÁRIAS",null,"UN",1,59.67,59.67]
["Composição Auxiliar"," 86880 ","SINAPI","VÁLVULA EM PLÁSTICO CROMADO TIPO AMERICANA 3.1/2\u0094 X 1.1/2\u0094 SEM ADAPTADOR PARA PIA - FORNECIMENTO E INSTALAÇÃO. AF_01/2020","INHI - INSTALAÇÕES HIDROS SANITÁRIAS",null,"UN",1,19.350000000000001,19.350000000000001]
["Composição Auxiliar"," 86883 ","SINAPI","SIFÃO DO TIPO FLEXÍVEL EM PVC 1  X 1.1/2  - FORNECIMENTO E INSTALAÇÃO. AF_01/2020","INHI - INSTALAÇÕES HIDROS SANITÁRIAS",null,"UN",1,11.28,11.28]
["Composição Auxiliar"," 86894 ","SINAPI","BANCADA DE MÁRMORE SINTÉTICO, DE 120 X 60CM, COM CUBA INTEGRADA - FORNECIMENTO E INSTALAÇÃO. AF_01/2020","INHI - INSTALAÇÕES HIDROS SANITÁRIAS",null,"UN",1,246.83,246.83]
[{"$nulls":4},"MO sem LS =>",30.17,"LS =>",0,"MO com LS =>",30.17]
[{"$nulls":4},"Valor do BDI =>",81.680000000000007,null,"Valor com BDI =>",null,418.81]
[]
[null,"Código","Banco","Descrição","Tipo",null,"Und","Quant.","Valor Unit","Total"]
["Composição"," 86894 ","SINAPI","BANCADA DE MÁRMORE SINTÉTICO, DE 120 X 60CM, COM CUBA INTEGRADA - FORNECIMENTO E INSTALAÇÃO. AF_01/2020","INHI - INSTALAÇÕES HIDROS SANITÁRIAS",null,"UN",1,246.83,246.83]
["Composição Auxiliar"," 88267 ","SINAPI","ENCANADOR OU BOMBEIRO HIDRÁULICO COM ENCARGOS COMPLEMENTARES","SEDI - SERVIÇOS DIVERSOS",null,"H",0.82540000000000002,20.73,17.11]
["Composição Auxiliar"," 88316 ","SINAPI","SERVENTE COM ENCARGOS COMPLEMENTARES","SEDI - SERVIÇOS DIVERSOS",null,"H",0.63590000000000002,15.9,10.11]
["Insumo"," 00007568 ","SINAPI","BUCHA DE NYLON SEM ABA S10, COM PARAFUSO DE 6,10 X 65 MM EM ACO ZINCADO COM ROSCA SOBERBA, CABECA CHATA E FENDA PHILLIPS","Material",null,"UN",4,0.61,2.44]
["Insumo"," 00000541 ","SINAPI","BANCADA DE MARMORE SINTETICO COM UMA CUBA, 120 X *60* CM","Material",null,"UN",1,147.9,147.9]
["Insumo"," 00004823 ","SINAPI","MASSA PLASTICA PARA MARMORE/GRANITO","Material",null,"KG",6.9199999999999998E-2,40.229999999999997,2.78]
["Insumo"," 00037329 ","SINAPI","REJUNTE EPOXI, QUALQUER COR","Material",null,"KG",9.3600000000000003E-2,122.43,11.45]
["Insumo"," 00037591 ","SINAPI","SUPORTE MAO-FRANCESA EM ACO, ABAS IGUAIS 40 CM, CAPACIDADE MINIMA 70 KG, BRANCO","Material",null,"UN",2,27.52,55.04]
[{"$nulls":4},"MO sem LS =>",23.040000000000003,"LS =>",0,"MO com LS =>",23.040000000000003]
[{"$nulls":4},"Valor do BDI =>",59.8,null,"Valor com BDI =>",null,306.63]
[]
[null,"Código","Banco","Descrição","Tipo",null,"Und","Quant.","Valor Unit","Total"]
["Composição"," 88831 ","SINAPI","BETONEIRA CAPACIDADE NOMINAL DE 400 L, CAPACIDADE DE MISTURA 280 L, MOTOR ELÉTRICO TRIFÁSICO POTÊNCIA DE 2 CV, SEM CARREGADOR - CHI DIURNO. AF_10/2014","CHOR - CUSTOS HORÁRIOS DE MÁQUINAS E EQUIPAMENTOS",null,"CHI",1,0.34,0.34]
["Composição Auxiliar"," 88827 ","SINAPI","BETONEIRA CAPACIDADE NOMINAL DE 400 L, CAPACIDADE DE MISTURA 280 L, MOTOR ELÉTRICO TRIFÁSICO POTÊNCIA DE 2 CV, SEM CARREGADOR - JUROS. AF_10/2014","CHOR - CUSTOS HORÁRIOS DE MÁQUINAS E EQUIPAMENTOS",null,"H",1,0.03,0.03]
["Composição Auxiliar"," 88826 ","SINAPI","BETONEIRA CAPACIDADE NOMINAL DE 400 L, CAPACIDADE DE MISTURA 280 L, MOTOR ELÉTRICO TRIFÁSICO POTÊNCIA DE 2 CV, SEM CARREGADOR - DEPRECIAÇÃO. AF_10/2014","CHOR - CUSTOS HORÁRIOS DE MÁQUINAS E EQUIPAMENTOS",null,"H",1,0.31,0.31]
[{"$nulls":4},"MO sem LS =>",0,"LS =>",0,"MO com LS =>",0]
[{"$nulls":4},"Valor do BDI =>",0.08,null,"Valor com BDI =>",null,0.42]
[]
[null,"Código","Banco","Descrição","Tipo",null,"Und","Quant.","Valor Unit","Total"]
["Composição"," 88830 ","SINAPI","BETONEIRA CAPACIDADE NOMINAL DE 400 L, CAPACIDADE DE MISTURA 280 L, MOTOR ELÉTRICO TRIFÁSICO POTÊNCIA DE 2 CV, SEM CARREGADOR - CHP DIURNO. AF_10/2014","CHOR - CUSTOS HORÁRIOS DE MÁQUINAS E EQUIPAMENTOS",null,"CHP",1,1.6,1.6]
["Composição Auxiliar"," 88827 ","SINAPI","BETONEIRA CAPACIDADE NOMINAL DE 400 L, CAPACIDADE DE MISTURA 280 L, MOTOR ELÉTRICO TRIFÁSICO POTÊNCIA DE 2 CV, SEM CARREGADOR - JUROS. AF_10/2014","CHOR - CUSTOS HORÁRIOS DE MÁQUINAS E EQUIPAMENTOS",null,"H",1,0.03,0.03]
["Composição Auxiliar"," 88828 ","SINAPI","BETONEIRA CAPACIDADE NOMINAL DE 400 L, CAPACIDADE DE MISTURA 280 L, MOTOR ELÉTRICO TRIFÁSICO POTÊNCIA DE 2 CV, SEM CARREGADOR - MANUTENÇÃO. AF_10/2014","CHOR - CUSTOS HORÁRIOS DE MÁQUINAS E EQUIPAMENTOS",null,"H",1,0.34,0.34]
["Composição Auxiliar"," 88829 ","SINAPI","BETONEIRA CAPACIDADE NOMINAL DE 400 L, CAPACIDADE DE MISTURA 280 L, MOTOR ELÉTRICO TRIFÁSICO POTÊNCIA DE 2 CV, SEM CARREGADOR - MATERIAIS NA OPERAÇÃO. AF_10/2014","CHOR - CUSTOS HORÁRIOS DE MÁQUINAS E EQUIPAMENTOS",null,"H",1,0.92,0.92]
["Composição Auxiliar"," 88826 ","SINAPI","BETONEIRA CAPACIDADE NOMINAL DE 400 L, CAPACIDADE DE MISTURA 280 L, MOTOR ELÉTRICO TRIFÁSICO POTÊNCIA DE 2 CV, SEM CARREGADOR - DEPRECIAÇÃO. AF_10/2014","CHOR - CUSTOS HORÁRIOS DE MÁQUINAS E EQUIPAMENTOS",null,"H",1,0.31,0.31]
[{"$nulls":4},"MO sem LS =>",0,"LS =>",0,"MO com LS =>",0]
[{"$nulls":4},"Valor do BDI =>",0.38,null,"Valor com BDI =>",null,1.98]
[]
[null,"Código","Banco","Descrição","Tipo",null,"Und","Quant.","Valor Unit","Total"]
["Composição"," 88826 ","SINAPI","BETONEIRA CAPACIDADE NOMINAL DE 400 L, CAPACIDADE DE MISTURA 280 L, MOTOR ELÉTRICO TRIFÁSICO POTÊNCIA DE 2 CV, SEM CARREGADOR - DEPRECIAÇÃO. AF_10/2014","CHOR - CUSTOS HORÁRIOS DE MÁQUINAS E EQUIPAMENTOS",null,"H",1,0.31,0.31]
["Insumo"," 00010535 ","SINAPI","BETONEIRA CAPACIDADE NOMINAL 400 L, CAPACIDADE DE MISTURA  280 L, MOTOR ELETRICO TRIFASICO 220/380 V POTENCIA 2 CV, SEM CARREGADOR","Equipamento",null,"UN",6.3999999999999997E-5,4919,0.31]
[{"$nulls":4},"MO sem LS =>",0,"LS =>",0,"MO com LS =>",0]
[{"$nulls":4},"Valor do BDI =>",7.0000000000000007E-2,null,"Valor com BDI =>",null,0.38]
[]
[null,"Código","Banco","Descrição","Tipo",null,"Und","Quant.","Valor Unit","Total"]
["Composição"," 88827 ","SINAPI","BETONEIRA CAPACIDADE NOMINAL DE 400 L, CAPACIDADE DE MISTURA 280 L, MOTOR ELÉTRICO TRIFÁSICO POTÊNCIA DE 2 CV, SEM CARREGADOR - JUROS. AF_10/2014","CHOR - CUSTOS HORÁRIOS DE MÁQUINAS E EQUIPAMENTOS",null,"H",1,0.03,0.03]
["Insumo"," 00010535 ","SINAPI","BETONEIRA CAPACIDADE NOMINAL 400 L, CAPACIDADE DE MISTURA  280 L, MOTOR ELETRICO TRIFASICO 220/380 V POTENCIA 2 CV, SEM CARREGADOR","Equipamento",null,"UN",7.6000000000000001E-6,4919,0.03]
[{"$nulls":4},"MO sem LS =>",0,"LS =>",0,"MO com LS =>",0]
[{"$nulls":4},"Valor do BDI =>",0,null,"Valor com BDI =>",null,0.03]
[]
[null,"Código","Banco","Descrição","Tipo",null,"Und","Quant.","Valor Unit","Total"]
["Composição"," 88828 ","SINAPI","BETONEIRA CAPACIDADE NOMINAL DE 400 L, CAPACIDADE DE MISTURA 280 L, MOTOR ELÉTRICO TRIFÁSICO POTÊNCIA DE 2 CV, SEM CARREGADOR - MANUTENÇÃO. AF_10/2014","CHOR - CUSTOS HORÁRIOS DE MÁQUINAS E EQUIPAMENTOS",null,"H",1,0.34,0.34]
["Insumo"," 00010535 ","SINAPI","BETONEIRA CAPACIDADE NOMINAL 400 L, CAPACIDADE DE MISTURA  280 L, MOTOR ELETRICO TRIFASICO 220/380 V POTENCIA 2 CV, SEM CARREGADOR","Equipamento",null,"UN",6.9999999999999994E-5,4919,0.34]
[{"$nulls":4},"MO sem LS =>",0,"LS =>",0,"MO com LS =>",0]
[{"$nulls":4},"Valor do BDI =>",0.08,null,"Valor com BDI =>",null,0.42]
[]
[null,"Código","Banco","Descrição","Tipo",null,"Und","Quant.","Valor Unit","Total"]
["Composição"," 88829 ","SINAPI","BETONEIRA CAPACIDADE NOMINAL DE 400 L, CAPACIDADE DE MISTURA 280 L, MOTOR ELÉTRICO TRIFÁSICO POTÊNCIA DE 2 CV, SEM CARREGADOR - MATERIAIS NA OPERAÇÃO. AF_10/2014","CHOR - CUSTOS HORÁRIOS DE MÁQUINAS E EQUIPAMENTOS",null,"H",1,0.92,0.92]
["Insumo"," 00002705 ","SINAPI","ENERGIA ELETRICA ATE 2000 KWH INDUSTRIAL, SEM DEMANDA","Material",null,"KWH",1.25,0.74,0.92]
[{"$nulls":4},"MO sem LS =>",0,"LS =>",0,"MO com LS =>",0]
[{"$nulls":4},"Valor do BDI =>",0.22,null,"Valor com BDI =>",null,1.1399999999999999]
[]
[null,"Código","Banco","Descrição","Tipo",null,"Und","Quant.","Valor Unit","Total"]
["Composição"," 89226 ","SINAPI","BETONEIRA CAPACIDADE NOMINAL DE 600 L, CAPACIDADE DE MISTURA 360 L, MOTOR ELÉTRICO TRIFÁSICO POTÊNCIA DE 4 CV, SEM CARREGADOR - CHI DIURNO. AF_11/2014","CHOR - CUSTOS HORÁRIOS DE MÁQUINAS E EQUIPAMENTOS",null,"CHI",1,1.43,1.43]
["Composição Auxiliar"," 89221 ","SINAPI","BETONEIRA CAPACIDADE NOMINAL DE 600 L, CAPACIDADE DE MISTURA 360 L, MOTOR ELÉTRICO TRIFÁSICO POTÊNCIA DE 4 CV, SEM CARREGADOR - DEPRECIAÇÃO. AF_11/2014","CHOR - CUSTOS HORÁRIOS DE MÁQUINAS E EQUIPAMENTOS",null,"H",1,1.28,1.28]
["Composição Auxiliar"," 89222 ","SINAPI","BETONEIRA CAPACIDADE NOMINAL DE 600 L, CAPACIDADE DE MISTURA 360 L, MOTOR ELÉTRICO TRIFÁSICO POTÊNCIA DE 4 CV, SEM CARREGADOR - JUROS. AF_11/2014","CHOR - CUSTOS HORÁRIOS DE MÁQUINAS E EQUIPAMENTOS",null,"H",1,0.15,0.15]
[{"$nulls":4},"MO sem LS =>",0,"LS =>",0,"MO com LS =>",0]
[{"$nulls":4},"Valor do BDI =>",0.34,null,"Valor com BDI =>",null,1.77]
[]
[null,"Código","Banco","Descrição","Tipo",null,"Und","Quant.","Valor Unit","Total"]
["Composição"," 89225 ","SINAPI","BETONEIRA CAPACIDADE NOMINAL DE 600 L, CAPACIDADE DE MISTURA 360 L, MOTOR ELÉTRICO TRIFÁSICO POTÊNCIA DE 4 CV, SEM CARREGADOR - CHP DIURNO. AF_11/2014","CHOR - CUSTOS HORÁRIOS DE MÁQUINAS E EQUIPAMENTOS",null,"CHP",1,4.68,4.68]
["Composição Auxiliar"," 89221 ","SINAPI","BETONEIRA CAPACIDADE NOMINAL DE 600 L, CAPACIDADE DE MISTURA 360 L, MOTOR ELÉTRICO TRIFÁSICO POTÊNCIA DE 4 CV, SEM CARREGADOR - DEPRECIAÇÃO. AF_11/2014","CHOR - CUSTOS HORÁRIOS DE MÁQUINAS E EQUIPAMENTOS",null,"H",1,1.28,1.28]
["Composição Auxiliar"," 89223 ","SINAPI","BETONEIRA CAPACIDADE NOMINAL DE 600 L, CAPACIDADE DE MISTURA 360 L, MOTOR ELÉTRICO TRIFÁSICO POTÊNCIA DE 4 CV, SEM CARREGADOR - MANUTENÇÃO. AF_11/2014","CHOR - CUSTOS HORÁRIOS DE MÁQUINAS E EQUIPAMENTOS",null,"H",1,1.4,1.4]
["Composição Auxiliar"," 89222 ","SINAPI","BETONEIRA CAPACIDADE NOMINAL DE 600 L, CAPACIDADE DE MISTURA 360 L, MOTOR ELÉTRICO TRIFÁSICO POTÊNCIA DE 4 CV, SEM CARREGADOR - JUROS. AF_11/2014","CHOR - CUSTOS HORÁRIOS DE MÁQUINAS E EQUIPAMENTOS",null,"H",1,0.15,0.15]
["Composição Auxiliar"," 89224 ","SINAPI","BETONEIRA CAPACIDADE NOMINAL DE 600 L, CAPACIDADE DE MISTURA 360 L, MOTOR ELÉTRICO TRIFÁSICO POTÊNCIA DE 4 CV, SEM CARREGADOR - MATERIAIS NA OPERAÇÃO. AF_11/2014","CHOR - CUSTOS HORÁRIOS DE MÁQUINAS E EQUIPAMENTOS",null,"H",1,1.85,1.85]
[{"$nulls":4},"MO sem LS =>",0,"LS =>",0,"MO com LS =>",0]
[{"$nulls":4},"Valor do BDI =>",1.1299999999999999,null,"Valor com BDI =>",null,5.81]
[]
[null,"Código","Banco","Descrição","Tipo",null,"Und","Quant.","Valor Unit","Total"]
["Composição"," 89221 ","SINAPI","BETONEIRA CAPACIDADE NOMINAL DE 600 L, CAPACIDADE DE MISTURA 360 L, MOTOR ELÉTRICO TRIFÁSICO POTÊNCIA DE 4 CV, SEM CARREGADOR - DEPRECIAÇÃO. AF_11/2014","CHOR - CUSTOS HORÁRIOS DE MÁQUINAS E EQUIPAMENTOS",null,"H",1,1.28,1.28]
["Insumo"," 00036397 ","SINAPI","BETONEIRA, CAPACIDADE NOMINAL 600 L, CAPACIDADE DE MISTURA  360L, MOTOR ELETRICO TRIFASICO 220/380V, POTENCIA 4CV, EXCLUSO CARREGADOR","Equipamento",null,"UN",6.3999999999999997E-5,20009.490000000002,1.28]
[{"$nulls":4},"MO sem LS =>",0,"LS =>",0,"MO com LS =>",0]
[{"$nulls":4},"Valor do BDI =>",0.31,null,"Valor com BDI =>",null,1.59]
[]
[null,"Código","Banco","Descrição","Tipo",null,"Und","Quant.","Valor Unit","Total"]
["Composição"," 89222 ","SINAPI","BETONEIRA CAPACIDADE NOMINAL DE 600 L, CAPACIDADE DE MISTURA 360 L, MOTOR ELÉTRICO TRIFÁSICO POTÊNCIA DE 4 CV, SEM CARREGADOR - JUROS. AF_11/2014","CHOR - CUSTOS HORÁRIOS DE MÁQUINAS E EQUIPAMENTOS",null,"H",1,0.15,0.15]
["Insumo"," 00036397 ","SINAPI","BETONEIRA, CAPACIDADE NOMINAL 600 L, CAPACIDADE DE MISTURA  360L, MOTOR ELETRICO TRIFASICO 220/380V, POTENCIA 4CV, EXCLUSO CARREGADOR","Equipamento",null,"UN",7.6000000000000001E-6,20009.490000000002,0.15]
[{"$nulls":4},"MO sem LS =>",0,"LS =>",0,"MO com LS =>",0]
[{"$nulls":4},"Valor do BDI =>",0.03,null,"Valor com BDI =>",null,0.18]
[]
[null,"Código","Banco","Descrição","Tipo",null,"Und","Quant.","Valor Unit","Total"]
["Composição"," 89223 ","SINAPI","BETONEIRA CAPACIDADE NOMINAL DE 600 L, CAPACIDADE DE MISTURA 360 L, MOTOR ELÉTRICO TRIFÁSICO POTÊNCIA DE 4 CV, SEM CARREGADOR - MANUTENÇÃO. AF_11/2014","CHOR - CUSTOS HORÁRIOS DE MÁQUINAS E EQUIPAMENTOS",null,"H",1,1.4,1.4]
["Insumo"," 00036397 ","SINAPI","BETONEIRA, CAPACIDADE NOMINAL 600 L, CAPACIDADE DE MISTURA  360L, MOTOR ELETRICO TRIFASICO 220/380V, POTENCIA 4CV, EXCLUSO CARREGADOR","Equipamento",null,"UN",6.9999999999999994E-5,20009.490000000002,1.4]
[{"$nulls":4},"MO sem LS =>",0,"LS =>",0,"MO com LS =>",0]
[{"$nulls":4},"Valor do BDI =>",0.33,null,"Valor com BDI =>",null,1.73]
[]
[null,"Código","Banco","Descrição","Tipo",null,"Und","Quant.","Valor Unit","Total"]
["Composição"," 89224 ","SINAPI","BETONEIRA CAPACIDADE NOMINAL DE 600 L, CAPACIDADE DE MISTURA 360 L, MOTOR ELÉTRICO TRIFÁSICO POTÊNCIA DE 4 CV, SEM CARREGADOR - MATERIAIS NA OPERAÇÃO. AF_11/2014","CHOR - CUSTOS HORÁRIOS DE MÁQUINAS E EQUIPAMENTOS",null,"H",1,1.85,1.85]
["Insumo"," 00002705 ","SINAPI","ENERGIA ELETRICA ATE 2000 KWH INDUSTRIAL, SEM DEMANDA","Material",null,"KWH",2.5,0.74,1.85]
[{"$nulls":4},"MO sem LS =>",0,"LS =>",0,"MO com LS =>",0]
[{"$nulls":4},"Valor do BDI =>",0.44,null,"Valor com BDI =>",null,2.29]
[]
[null,"Código","Banco","Descrição","Tipo",null,"Und","Quant.","Valor Unit","Total"]
["Composição"," 1 A 01 200 01 ","SICRO2","Brita produzida em central de britagem de 80 m3/h","Atividades Auxiliares",null,"m³",1,33.42,33.42]
["A","Código","Banco","Equipamentos","Quantidade","Utilização",null,"Custo Operacional",null,"Custo Horário"]
[{"$nulls":5},"Operativa","Improdutiva","Operativa","Improdutiva"]
["Insumo","E010","SICRO2","Carregadeira de Pneus : Caterpillar : 950H -  3,3 m3 ",1,0.24,0.76,229.86600000000001,23.832599999999999,73.280600000000007]
["Insumo","E225","SICRO2","Conjunto de Britagem : Metso Svedala : C96/HP-200 -  80 m3/h ",1,1,0,633.10440000000006,23.832599999999999,633.10440000000006]
["Insumo","E504","SICRO2","Grupo Gerador : Heimer : GEHMB-360 -  288 KVA ",1,1,0,150.05779999999999,0,150.05779999999999]
[{"$nulls":6},"Custo Horário de Equipamentos =>",null,null,856.44280000000003]
["B","Código","Banco","Mão de Obra","Quantidade","Salário Hora",null,null,null,"Custo Horário"]
["Insumo","T512","SICRO2","Encarregado de britagem ",1,null,null,null,49.485100000000003,49.485100000000003]
["Insumo","T701","SICRO2","Servente ",8,null,null,null,9.6196999999999999,76.957599999999999]
[{"$nulls":6},"Custo Horário da Mão de Obra =>",null,null,126.4427]
[{"$nulls":6},"Adc.M.O. - Ferramentas (15,51%) =>",null,null,19.6113]
[{"$nulls":6},"Custo Horário de Execução =>",null,null,1002.4968]
[{"$nulls":6},"Fator de Influencia da Chuva - FIC =>",null,null,0]
[{"$nulls":6},"Custo do FIC =>",null,null,0]
[{"$nulls":6},"Produção de Equipe =>",null,null,66]
[{"$nulls":6},"Custo Unitário de Execução =>",null,null,15.189299999999999]
["D","Banco","Código","Atividades Auxiliares","Quantidade","Unidade","Preço Unitário",null,null,"Custo Horário"]
["Atividade Auxiliar","SICRO2","1 A 00 963 00","Peças de Desgaste do Britador 80m3/h",1.52E-2,"cjh",164.96,null,null,2.5074000000000001]
["Atividade Auxiliar","SICRO2","1 A 01 150 01","Rocha p/ britagem c/ perfur. sobre esteira",0.56999999999999995,"m³",27.59,null,null,15.7263]
[{"$nulls":6},"Custo Total das Atividades =>",null,null,18.233699999999999]
[{"$nulls":4},"MO sem LS =>",3.3007490848484848,"LS =>",0,"MO com LS =>",3.3007491012561996]
[{"$nulls":4},"Valor do BDI =>",8.09,null,"Valor com BDI =>",null,41.51]
[]
[null,"Código","Banco","Descrição","Tipo",null,"Und","Quant.","Valor Unit","Total"]
["Composição"," 91924 ","SINAPI","CABO DE COBRE FLEXÍVEL ISOLADO, 1,5 MM², ANTI-CHAMA 450/750 V, PARA CIRCUITOS TERMINAIS - FORNECIMENTO E INSTALAÇÃO. AF_12/2015","INEL - INSTALAÇÃO ELÉTRICA/ELETRIFICAÇÃO E ILUMINAÇÃO EXTERNA",null,"M",1,2.67,2.67]
["Composição Auxiliar"," 88264 ","SINAPI","ELETRICISTA COM ENCARGOS COMPLEMENTARES","SEDI - SERVIÇOS DIVERSOS",null,"H",2.4E-2,21.59,0.51]
["Composição Auxiliar"," 88247 ","SINAPI","AUXILIAR DE ELETRICISTA COM ENCARGOS COMPLEMENTARES","SEDI - SERVIÇOS DIVERSOS",null,"H",2.4E-2,16.91,0.4]
["Insumo"," 00001013 ","SINAPI","CABO DE COBRE, FLEXIVEL, CLASSE 4 OU 5, ISOLACAO EM PVC/A, ANTICHAMA BWF-B, 1 CONDUTOR, 450/750 V, SECAO NOMINAL 1,5 MM2","Material",null,"M",1.19,1.45,1.72]
["Insumo"," 00021127 ","SINAPI","FITA ISOLANTE ADESIVA ANTICHAMA, USO ATE 750 V, EM ROLO DE 19 MM X 5 M","Material",null,"UN",8.9999999999999993E-3,5.0199999999999996,0.04]
[{"$nulls":4},"MO sem LS =>",0.76,"LS =>",0,"MO com LS =>",0.76]
[{"$nulls":4},"Valor do BDI =>",0.64,null,"Valor com BDI =>",null,3.31]
[]
[null,"Código","Banco","Descrição","Tipo",null,"Und","Quant.","Valor Unit","Total"]
["Composição"," 92981 ","SINAPI","CABO DE COBRE FLEXÍVEL ISOLADO, 16 MM², ANTI-CHAMA 450/750 V, PARA DISTRIBUIÇÃO - FORNECIMENTO E INSTALAÇÃO. AF_12/2015","INEL - INSTALAÇÃO ELÉTRICA/ELETRIFICAÇÃO E ILUMINAÇÃO EXTERNA",null,"M",1,16.11,16.11]
["Composição Auxiliar"," 88264 ","SINAPI","ELETRICISTA COM ENCARGOS COMPLEMENTARES","SEDI - SERVIÇOS DIVERSOS",null,"H",1.2999999999999999E-2,21.59,0.28000000000000003]
["Composição Auxiliar"," 88247 ","SINAPI","AUXILIAR DE ELETRICISTA COM ENCARGOS COMPLEMENTARES","SEDI - SERVIÇOS DIVERSOS",null,"H",1.2999999999999999E-2,16.91,0.21]
["Insumo"," 00000979 ","SINAPI","CABO DE COBRE, FLEXIVEL, CLASSE 4 OU 5, ISOLACAO EM PVC/A, ANTICHAMA BWF-B, 1 CONDUTOR, 450/750 V, SECAO NOMINAL 16 MM2","Material",null,"M",1.0269999999999999,15.17,15.57]
["Insumo"," 00021127 ","SINAPI","FITA ISOLANTE ADESIVA ANTICHAMA, USO ATE 750 V, EM ROLO DE 19 MM X 5 M","Material",null,"UN",0.01,5.0199999999999996,0.05]
[{"$nulls":4},"MO sem LS =>",0.4,"LS =>",0,"MO com LS =>",0.4]
[{"$nulls":4},"Valor do BDI =>",3.9,null,"Valor com BDI =>",null,20.010000000000002]
[]
[null,"Código","Banco","Descrição","Tipo",null,"Und","Quant.","Valor Unit","Total"]
["Composição"," 91926 ","SINAPI","CABO DE COBRE FLEXÍVEL ISOLADO, 2,5 MM², ANTI-CHAMA 450/750 V, PARA CIRCUITOS TERMINAIS - FORNECIMENTO E INSTALAÇÃO. AF_12/2015","INEL - INSTALAÇÃO ELÉTRICA/ELETRIFICAÇÃO E ILUMINAÇÃO EXTERNA",null,"M",1,3.91,3.91]
["Composição Auxiliar"," 88264 ","SINAPI","ELETRICISTA COM ENCARGOS COMPLEMENTARES","SEDI - SERVIÇOS DIVERSOS",null,"H",0.03,21.59,0.64]
["Composição Auxiliar"," 88247 ","SINAPI","AUXILIAR DE ELETRICISTA COM ENCARGOS COMPLEMENTARES","SEDI - SERVIÇOS DIVERSOS",null,"H",0.03,16.91,0.5]
["Insumo"," 00001014 ","SINAPI","CABO DE COBRE, FLEXIVEL, CLASSE 4 OU 5, ISOLACAO EM PVC/A, ANTICHAMA BWF-B, 1 CONDUTOR, 450/750 V, SECAO NOMINAL 2,5 MM2","Material",null,"M",1.19,2.2999999999999998,2.73]
["Insumo"," 00021127 ","SINAPI","FITA ISOLANTE ADESIVA ANTICHAMA, USO ATE 750 V, EM ROLO DE 19 MM X 5 M","Material",null,"UN",8.9999999999999993E-3,5.0199999999999996,0.04]
[{"$nulls":4},"MO sem LS =>",0.95,"LS =>",0,"MO com LS =>",0.95]
[{"$nulls":4},"Valor do BDI =>",0.94,null,"Valor com BDI =>",null,4.8499999999999996]
[]
[null,"Código","Banco","Descrição","Tipo",null,"Und","Quant.","Valor Unit","Total"]
["Composição"," 91928 ","SINAPI","CABO DE COBRE FLEXÍVEL ISOLADO, 4 MM², ANTI-CHAMA 450/750 V, PARA CIRCUITOS TERMINAIS - FORNECIMENTO E INSTALAÇÃO. AF_12/2015","INEL - INSTALAÇÃO ELÉTRICA/ELETRIFICAÇÃO E ILUMINAÇÃO EXTERNA",null,"M",1,6.47,6.47]
["Composição Auxiliar"," 88264 ","SINAPI","ELETRICISTA COM ENCARGOS COMPLEMENTARES","SEDI - SERVIÇOS DIVERSOS",null,"H",0.04,21.59,0.86]
["Composição Auxiliar"," 88247 ","SINAPI","AUXILIAR DE ELETRICISTA COM ENCARGOS COMPLEMENTARES","SEDI - SERVIÇOS DIVERSOS",null,"H",0.04,16.91,0.67]
["Insumo"," 00000981 ","SINAPI","CABO DE COBRE, FLEXIVEL, CLASSE 4 OU 5, ISOLACAO EM PVC/A, ANTICHAMA BWF-B, 1 CONDUTOR, 450/750 V, SECAO NOMINAL 4 MM2","Material",null,"M",1.19,4.12,4.9000000000000004]
["Insumo"," 00021127 ","SINAPI","FITA ISOLANTE ADESIVA ANTICHAMA, USO ATE 750 V, EM ROLO DE 19 MM X 5 M","Material",null,"UN",8.9999999999999993E-3,5.0199999999999996,0.04]
[{"$nulls":4},"MO sem LS =>",1.27,"LS =>",0,"MO com LS =>",1.27]
[{"$nulls":4},"Valor do BDI =>",1.56,null,"Valor com BDI =>",null,8.0299999999999994]
[]
[null,"Código","Banco","Descrição","Tipo",null,"Und","Quant.","Valor Unit","Total"]
["Composição"," 98283 ","SINAPI","CABO TELEFÔNICO CCI-50 4 PARES, SEM BLINDAGEM, INSTALADO EM DISTRIBUIÇÃO DE EDIFICAÇÃO RESIDENCIAL - FORNECIMENTO E INSTALAÇÃO. AF_11/2019","INES - INSTALAÇÕES ESPECIAIS",null,"M",1,8.48,8.48]
["Composição Auxiliar"," 88264 ","SINAPI","ELETRICISTA COM ENCARGOS COMPLEMENTARES","SEDI - SERVIÇOS DIVERSOS",null,"H",0.14610000000000001,21.59,3.15]
["Composição Auxiliar"," 88247 ","SINAPI","AUXILIAR DE ELETRICISTA COM ENCARGOS COMPLEMENTARES","SEDI - SERVIÇOS DIVERSOS",null,"H",0.14610000000000001,16.91,2.4700000000000002]
["Insumo"," 00011904 ","SINAPI","CABO TELEFONICO CCI 50, 4 PARES, USO INTERNO, SEM BLINDAGEM","Material",null,"M",1.05,2.73,2.86]
[{"$nulls":4},"MO sem LS =>",4.66,"LS =>",0,"MO com LS =>",4.66]
[{"$nulls":4},"Valor do BDI =>",2.0499999999999998,null,"Valor com BDI =>",null,10.53]
[]
[null,"Código","Banco","Descrição","Tipo",null,"Und","Quant.","Valor Unit","Total"]
["Composição"," 100556 ","SINAPI","CAIXA DE PASSAGEM PARA TELEFONE 15X15X10CM (SOBREPOR), FORNECIMENTO E INSTALACAO. AF_11/2019","INES - INSTALAÇÕES ESPECIAIS",null,"UN",1,42.64,42.64]
["Composição Auxiliar"," 88264 ","SINAPI","ELETRICISTA COM ENCARGOS COMPLEMENTARES","SEDI - SERVIÇOS DIVERSOS",null,"H",0.34599999999999997,21.59,7.47]
["Composição Auxiliar"," 88247 ","SINAPI","AUXILIAR DE ELETRICISTA COM ENCARGOS COMPLEMENTARES","SEDI - SERVIÇOS DIVERSOS",null,"H",0.34599999999999997,16.91,5.85]
["Insumo"," 00020254 ","SINAPI","CAIXA DE PASSAGEM METALICA, DE SOBREPOR, COM TAMPA APARAFUSADA, DIMENSOES 15 X 15 X *10* CM","Material",null,"UN",1,29.32,29.32]
[{"$nulls":4},"MO sem LS =>",11.06,"LS =>",0,"MO com LS =>",11.06]
[{"$nulls":4},"Valor do BDI =>",10.33,null,"Valor com BDI =>",null,52.97]
[]
[null,"Código","Banco","Descrição","Tipo",null,"Und","Quant.","Valor Unit","Total"]
["Composição"," 97886 ","SINAPI","CAIXA ENTERRADA ELÉTRICA RETANGULAR, EM ALVENARIA COM TIJOLOS CERÂMICOS MACIÇOS, FUNDO COM BRITA, DIMENSÕES INTERNAS: 0,3X0,3X0,3 M. AF_12/2020","INEL - INSTALAÇÃO ELÉTRICA/ELETRIFICAÇÃO E ILUMINAÇÃO EXTERNA",null,"UN",1,137.96,137.96]
["Composição Auxiliar"," 97734 ","SINAPI","PEÇA RETANGULAR PRÉ-MOLDADA, VOLUME DE CONCRETO DE 10 A 30 LITROS, TAXA DE AÇO APROXIMADA DE 30KG/M³. AF_01/2018","FUES - FUNDAÇÕES E ESTRUTURAS",null,"m³",1.7500000000000002E-2,2485.6,43.49]
["Composição Auxiliar"," 101619 ","SINAPI","PREPARO DE FUNDO DE VALA COM LARGURA MENOR QUE 1,5 M, COM CAMADA DE BRITA, LANÇAMENTO MANUAL. AF_08/2020","MOVT - MOVIMENTO DE TERRA",null,"m³",3.5999999999999997E-2,204.29,7.35]
["Composição Auxiliar"," 100475 ","SINAPI","ARGAMASSA TRAÇO 1:3 (EM VOLUME DE CIMENTO E AREIA MÉDIA ÚMIDA) COM ADIÇÃO DE IMPERMEABILIZANTE, PREPARO MECÂNICO COM BETONEIRA 400 L. AF_08/2019","SEDI - SERVIÇOS DIVERSOS",null,"m³",2.7799999999999998E-2,644.91999999999996,17.920000000000002]
["Composição Auxiliar"," 87316 ","SINAPI","ARGAMASSA TRAÇO 1:4 (EM VOLUME DE CIMENTO E AREIA GROSSA ÚMIDA) PARA CHAPISCO CONVENCIONAL, PREPARO MECÂNICO COM BETONEIRA 400 L. AF_08/2019","SEDI - SERVIÇOS DIVERSOS",null,"m³",3.8999999999999998E-3,392.72,1.53]
["Composição Auxiliar"," 88309 ","SINAPI","PEDREIRO COM ENCARGOS COMPLEMENTARES","SEDI - SERVIÇOS DIVERSOS",null,"H",1.2685999999999999,21.34,27.07]
["Composição Auxiliar"," 88316 ","SINAPI","SERVENTE COM ENCARGOS COMPLEMENTARES","SEDI - SERVIÇOS DIVERSOS",null,"H",0.99670000000000003,15.9,15.84]
["Insumo"," 00007258 ","SINAPI","TIJOLO CERAMICO MACICO COMUM *5 X 10 X 20* CM (L X A X C)","Material",null,"UN",38.691000000000003,0.64,24.76]
[{"$nulls":4},"MO sem LS =>",64.099999999999994,"LS =>",0,"MO com LS =>",64.099999999999994]
[{"$nulls":4},"Valor do BDI =>",33.42,null,"Valor com BDI =>",null,171.38]
[]
[null,"Código","Banco","Descrição","Tipo",null,"Und","Quant.","Valor Unit","Total"]
["Composição"," 97906 ","SINAPI","CAIXA ENTERRADA HIDRÁULICA RETANGULAR, EM ALVENARIA COM BLOCOS DE CONCRETO, DIMENSÕES INTERNAS: 0,6X0,6X0,6 M PARA REDE DE ESGOTO. AF_12/2020","INHI - INSTALAÇÕES HIDROS SANITÁRIAS",null,"UN",1,362.03,362.03]
["Composição Auxiliar"," 5679 ","SINAPI","RETROESCAVADEIRA SOBRE RODAS COM CARREGADEIRA, TRAÇÃO 4X4, POTÊNCIA LÍQ. 88 HP, CAÇAMBA CARREG. CAP. MÍN. 1 M3, CAÇAMBA RETRO CAP. 0,26 M3, PESO OPERACIONAL MÍN. 6.674 KG, PROFUNDIDADE ESCAVAÇÃO MÁX. 4,37 M - CHI DIURNO. AF_06/2014","CHOR - CUSTOS HORÁRIOS DE MÁQUINAS E EQUIPAMENTOS",null,"CHI",1.78E-2,50.94,0.9]
["Composição Auxiliar"," 5678 ","SINAPI","RETROESCAVADEIRA SOBRE RODAS COM CARREGADEIRA, TRAÇÃO 4X4, POTÊNCIA LÍQ. 88 HP, CAÇAMBA CARREG. CAP. MÍN. 1 M3, CAÇAMBA RETRO CAP. 0,26 M3, PESO OPERACIONAL MÍN. 6.674 KG, PROFUNDIDADE ESCAVAÇÃO MÁX. 4,37 M - CHP DIURNO. AF_06/2014","CHOR - CUSTOS HORÁRIOS DE MÁQUINAS E EQUIPAMENTOS",null,"CHP",8.6999999999999994E-3,141.02000000000001,1.22]
["Composição Auxiliar"," 94970 ","SINAPI","CONCRETO FCK = 20MPA, TRAÇO 1:2,7:3 (EM MASSA SECA DE CIMENTO/ AREIA MÉDIA/ BRITA 1) - PREPARO MECÂNICO COM BETONEIRA 600 L. AF_05/2021","FUES - FUNDAÇÕES E ESTRUTURAS",null,"m³",7.4399999999999994E-2,377.08,28.05]
["Composição Auxiliar"," 97735 ","SINAPI","PEÇA RETANGULAR PRÉ-MOLDADA, VOLUME DE CONCRETO DE 30 A 100 LITROS, TAXA DE AÇO APROXIMADA DE 30KG/M³. AF_01/2018","FUES - FUNDAÇÕES E ESTRUTURAS",null,"m³",4.48E-2,2087.84,93.53]
["Composição Auxiliar"," 101616 ","SINAPI","PREPARO DE FUNDO DE VALA COM LARGURA MENOR QUE 1,5 M (ACERTO DO SOLO NATURAL). AF_08/2020","MOVT - MOVIMENTO DE TERRA",null,"m²",0.81,4.75,3.84]
["Composição Auxiliar"," 100475 ","SINAPI","ARGAMASSA TRAÇO 1:3 (EM VOLUME DE CIMENTO E AREIA MÉDIA ÚMIDA) COM ADIÇÃO DE IMPERMEABILIZANTE, PREPARO MECÂNICO COM BETONEIRA 400 L. AF_08/2019","SEDI - SERVIÇOS DIVERSOS",null,"m³",7.2800000000000004E-2,644.91999999999996,46.95]
["Composição Auxiliar"," 87316 ","SINAPI","ARGAMASSA TRAÇO 1:4 (EM VOLUME DE CIMENTO E AREIA GROSSA ÚMIDA) PARA CHAPISCO CONVENCIONAL, PREPARO MECÂNICO COM BETONEIRA 400 L. AF_08/2019","SEDI - SERVIÇOS DIVERSOS",null,"m³",1.4800000000000001E-2,392.72,5.81]
["Composição Auxiliar"," 88309 ","SINAPI","PEDREIRO COM ENCARGOS COMPLEMENTARES","SEDI - SERVIÇOS DIVERSOS",null,"H",3.5684,21.34,76.14]
["Composição Auxiliar"," 88316 ","SINAPI","SERVENTE COM ENCARGOS COMPLEMENTARES","SEDI - SERVIÇOS DIVERSOS",null,"H",2.8037999999999998,15.9,44.58]
["Insumo"," 00000650 ","SINAPI","BLOCO DE VEDACAO DE CONCRETO, 9 X 19 X 39 CM (CLASSE C - NBR 6136)","Material",null,"UN",20.761500000000002,2.36,48.99]
["Insumo"," 00002692 ","SINAPI","DESMOLDANTE PROTETOR PARA FORMAS DE MADEIRA, DE BASE OLEOSA EMULSIONADA EM AGUA","Material",null,"L",5.4000000000000003E-3,8.23,0.04]
["Insumo"," 00004491 ","SINAPI","PONTALETE *7,5 X 7,5* CM EM PINUS, MISTA OU EQUIVALENTE DA REGIAO - BRUTA","Material",null,"M",0.11840000000000001,10.25,1.21]
["Insumo"," 00005069 ","SINAPI","PREGO DE ACO POLIDO COM CABECA 17 X 27 (2 1/2 X 11)","Material",null,"KG",1.2500000000000001E-2,23.85,0.28999999999999998]
["Insumo"," 00004517 ","SINAPI","SARRAFO *2,5 X 7,5* CM EM PINUS, MISTA OU EQUIVALENTE DA REGIAO - BRUTA","Material",null,"M",0.14080000000000001,3.58,0.5]
["Insumo"," 00006193 ","SINAPI","TABUA  NAO  APARELHADA  *2,5 X 20* CM, EM MACARANDUBA, ANGELIM OU EQUIVALENTE DA REGIAO - BRUTA","Material",null,"M",0.44159999999999999,22.61,9.98]
[{"$nulls":4},"MO sem LS =>",157.83000000000001,"LS =>",0,"MO com LS =>",157.83000000000001]
[{"$nulls":4},"Valor do BDI =>",87.71,null,"Valor com BDI =>",null,449.74]
[]
[null,"Código","Banco","Descrição","Tipo",null,"Und","Quant.","Valor Unit","Total"]
["Composição"," 91937 ","SINAPI","CAIXA OCTOGONAL 3\" X 3\", PVC, INSTALADA EM LAJE - FORNECIMENTO E INSTALAÇÃO. AF_12/2015","INEL - INSTALAÇÃO ELÉTRICA/ELETRIFICAÇÃO E ILUMINAÇÃO EXTERNA",null,"UN",1,9.4600000000000009,9.4600000000000009]
["Composição Auxiliar"," 88264 ","SINAPI","ELETRICISTA COM ENCARGOS COMPLEMENTARES","SEDI - SERVIÇOS DIVERSOS",null,"H",0.14299999999999999,21.59,3.08]
["Composição Auxiliar"," 88247 ","SINAPI","AUXILIAR DE ELETRICISTA COM ENCARGOS COMPLEMENTARES","SEDI - SERVIÇOS DIVERSOS",null,"H",0.14299999999999999,16.91,2.41]
["Insumo"," 00001871 ","SINAPI","CAIXA OCTOGONAL DE FUNDO MOVEL, EM PVC, DE 3\" X 3\", PARA ELETRODUTO FLEXIVEL CORRUGADO","Material",null,"UN",1,3.97,3.97]
[{"$nulls":4},"MO sem LS =>",4.57,"LS =>",0,"MO com LS =>",4.57]
[{"$nulls":4},"Valor do BDI =>",2.29,null,"Valor com BDI =>",null,11.75]
[]
[null,"Código","Banco","Descrição","Tipo",null,"Und","Quant.","Valor Unit","Total"]
["Composição"," 89482 ","SINAPI","CAIXA SIFONADA, PVC, DN 100 X 100 X 50 MM, FORNECIDA E INSTALADA EM RAMAIS DE ENCAMINHAMENTO DE ÁGUA PLUVIAL. AF_12/2014","INHI - INSTALAÇÕES HIDROS SANITÁRIAS",null,"UN",1,36.57,36.57]
["Composição Auxiliar"," 88248 ","SINAPI","AUXILIAR DE ENCANADOR OU BOMBEIRO HIDRÁULICO COM ENCARGOS COMPLEMENTARES","SEDI - SERVIÇOS DIVERSOS",null,"H",0.13500000000000001,16.11,2.17]
["Composição Auxiliar"," 88267 ","SINAPI","ENCANADOR OU BOMBEIRO HIDRÁULICO COM ENCARGOS COMPLEMENTARES","SEDI - SERVIÇOS DIVERSOS",null,"H",0.13500000000000001,20.73,2.79]
["Insumo"," 00000122 ","SINAPI","ADESIVO PLASTICO PARA PVC, FRASCO COM *850* GR","Material",null,"UN",1.4800000000000001E-2,60.63,0.89]
["Insumo"," 00020085 ","SINAPI","ANEL BORRACHA, DN 50 MM, PARA TUBO SERIE REFORCADA ESGOTO PREDIAL","Material",null,"UN",1,2.86,2.86]
["Insumo"," 00005103 ","SINAPI","CAIXA SIFONADA PVC, 100 X 100 X 50 MM, COM GRELHA REDONDA, BRANCA","Material",null,"UN",1,25.75,25.75]
["Insumo"," 00038383 ","SINAPI","LIXA D'AGUA EM FOLHA, GRAO 100","Material",null,"UN",3.6499999999999998E-2,1.95,7.0000000000000007E-2]
["Insumo"," 00020078 ","SINAPI","PASTA LUBRIFICANTE PARA TUBOS E CONEXOES COM JUNTA ELASTICA, EMBALAGEM DE *400* GR (USO EM PVC, ACO, POLIETILENO E OUTROS)","Material",null,"UN",0.02,25.02,0.5]
["Insumo"," 00020083 ","SINAPI","SOLUCAO PREPARADORA / LIMPADORA PARA PVC, FRASCO COM 1000 CM3","Material",null,"UN",2.2499999999999999E-2,68.69,1.54]
[{"$nulls":4},"MO sem LS =>",4.24,"LS =>",0,"MO com LS =>",4.24]
[{"$nulls":4},"Valor do BDI =>",8.86,null,"Valor com BDI =>",null,45.43]
[]
[null,"Código","Banco","Descrição","Tipo",null,"Und","Quant.","Valor Unit","Total"]
["Composição"," 88261 ","SINAPI","CARPINTEIRO DE ESQUADRIA COM ENCARGOS COMPLEMENTARES","SEDI - SERVIÇOS DIVERSOS",null,"H",1,20.27,20.27]
["Composição Auxiliar"," 95329 ","SINAPI","CURSO DE CAPACITAÇÃO PARA CARPINTEIRO DE ESQUADRIA (ENCARGOS COMPLEMENTARES) - HORISTA","SEDI - SERVIÇOS DIVERSOS",null,"H",1,0.2,0.2]
["Insumo"," 00037370 ","SINAPI","ALIMENTACAO - HORISTA (COLETADO CAIXA)","Outros",null,"H",1,0.01,0.01]
["Insumo"," 00001214 ","SINAPI","CARPINTEIRO DE ESQUADRIAS (HORISTA)","Mão de Obra",null,"H",1,16.96,16.96]
["Insumo"," 00043483 ","SINAPI","EPI - FAMILIA CARPINTEIRO DE FORMAS - HORISTA (ENCARGOS COMPLEMENTARES - COLETADO CAIXA)","Equipamento",null,"H",1,1.26,1.26]
["Insumo"," 00043459 ","SINAPI","FERRAMENTAS - FAMILIA CARPINTEIRO DE FORMAS - HORISTA (ENCARGOS COMPLEMENTARES - COLETADO CAIXA)","Equipamento",null,"H",1,0.45,0.45]
["Insumo"," 00037372 ","SINAPI","EXAMES - HORISTA (COLETADO CAIXA)","Outros",null,"H",1,0.81,0.81]
["Insumo"," 00037373 ","SINAPI","SEGURO - HORISTA (COLETADO CAIXA)","Taxas",null,"H",1,0.01,0.01]
["Insumo"," 00037371 ","SINAPI","TRANSPORTE - HORISTA (COLETADO CAIXA)","Serviços",null,"H",1,0.56999999999999995,0.56999999999999995]
[{"$nulls":4},"MO sem LS =>",17.16,"LS =>",0,"MO com LS =>",17.16]
[{"$nulls":4},"Valor do BDI =>",4.91,null,"Valor com BDI =>",null,25.18]
[]
[null,"Código","Banco","Descrição","Tipo",null,"Und","Quant.","Valor Unit","Total"]
["Composição"," 88262 ","SINAPI","CARPINTEIRO DE FORMAS COM ENCARGOS COMPLEMENTARES","SEDI - SERVIÇOS DIVERSOS",null,"H",1,21.08,21.08]
["Composição Auxiliar"," 95330 ","SINAPI","CURSO DE CAPACITAÇÃO PARA CARPINTEIRO DE FÔRMAS (ENCARGOS COMPLEMENTARES) - HORISTA","SEDI - SERVIÇOS DIVERSOS",null,"H",1,0.16,0.16]
["Insumo"," 00037370 ","SINAPI","ALIMENTACAO - HORISTA (COLETADO CAIXA)","Outros",null,"H",1,0.01,0.01]
["Insumo"," 00001213 ","SINAPI","CARPINTEIRO DE FORMAS (HORISTA)","Mão de Obra",null,"H",1,17.809999999999999,17.809999999999999]
["Insumo"," 00043483 ","SINAPI","EPI - FAMILIA CARPINTEIRO DE FORMAS - HORISTA (ENCARGOS COMPLEMENTARES - COLETADO CAIXA)","Equipamento",null,"H",1,1.26,1.26]
["Insumo"," 00043459 ","SINAPI","FERRAMENTAS - FAMILIA CARPINTEIRO DE FORMAS - HORISTA (ENCARGOS COMPLEMENTARES - COLETADO CAIXA)","Equipamento",null,"H",1,0.45,0.45]
["Insumo"," 00037372 ","SINAPI","EXAMES - HORISTA (COLETADO CAIXA)","Outros",null,"H",1,0.81,0.81]
["Insumo"," 00037373 ","SINAPI","SEGURO - HORISTA (COLETADO CAIXA)","Taxas",null,"H",1,0.01,0.01]
["Insumo"," 00037371 ","SINAPI","TRANSPORTE - HORISTA (COLETADO CAIXA)","Serviços",null,"H",1,0.56999999999999995,0.56999999999999995]
[{"$nulls":4},"MO sem LS =>",17.97,"LS =>",0,"MO com LS =>",17.97]
[{"$nulls":4},"Valor do BDI =>",5.0999999999999996,null,"Valor com BDI =>",null,26.18]
[]
[null,"Código","Banco","Descrição","Tipo",null,"Und","Quant.","Valor Unit","Total"]
["Composição"," 87877 ","SINAPI","CHAPISCO APLICADO EM ALVENARIAS E ESTRUTURAS DE CONCRETO INTERNAS, COM ROLO PARA TEXTURA ACRÍLICA.  ARGAMASSA INDUSTRIALIZADA COM PREPARO EM MISTURADOR 300 KG. AF_06/2014","REVE - REVESTIMENTO E TRATAMENTO DE SUPERFÍCIES",null,"m²",1,10.74,10.74]
["Composição Auxiliar"," 87393 ","SINAPI","ARGAMASSA INDUSTRIALIZADA PARA CHAPISCO ROLADO, PREPARO COM MISTURADOR DE EIXO HORIZONTAL DE 300 KG. AF_08/2019","SEDI - SERVIÇOS DIVERSOS",null,"m³",1.5E-3,6528.71,9.7899999999999991]
["Composição Auxiliar"," 88309 ","SINAPI","PEDREIRO COM ENCARGOS COMPLEMENTARES","SEDI - SERVIÇOS DIVERSOS",null,"H",4.2000000000000003E-2,21.34,0.89]
["Composição Auxiliar"," 88316 ","SINAPI","SERVENTE COM ENCARGOS COMPLEMENTARES","SEDI - SERVIÇOS DIVERSOS",null,"H",4.1999999999999997E-3,15.9,0.06]
[{"$nulls":4},"MO sem LS =>",0.91,"LS =>",0,"MO com LS =>",0.91]
[{"$nulls":4},"Valor do BDI =>",2.6,null,"Valor com BDI =>",null,13.34]
[]
[null,"Código","Banco","Descrição","Tipo",null,"Und","Quant.","Valor Unit","Total"]
["Composição"," 90466 ","SINAPI","CHUMBAMENTO LINEAR EM ALVENARIA PARA RAMAIS/DISTRIBUIÇÃO COM DIÂMETROS MENORES OU IGUAIS A 40 MM. AF_05/2015","INHI - INSTALAÇÕES HIDROS SANITÁRIAS",null,"M",1,10.61,10.61]
["Composição Auxiliar"," 88629 ","SINAPI","ARGAMASSA TRAÇO 1:3 (EM VOLUME DE CIMENTO E AREIA MÉDIA ÚMIDA), PREPARO MANUAL. AF_08/2019","SEDI - SERVIÇOS DIVERSOS",null,"m³",3.0000000000000001E-3,544.4,1.63]
["Composição Auxiliar"," 88248 ","SINAPI","AUXILIAR DE ENCANADOR OU BOMBEIRO HIDRÁULICO COM ENCARGOS COMPLEMENTARES","SEDI - SERVIÇOS DIVERSOS",null,"H",5.5E-2,16.11,0.88]
["Composição Auxiliar"," 88267 ","SINAPI","ENCANADOR OU BOMBEIRO HIDRÁULICO COM ENCARGOS COMPLEMENTARES","SEDI - SERVIÇOS DIVERSOS",null,"H",0.39100000000000001,20.73,8.1]
[{"$nulls":4},"MO sem LS =>",8.11,"LS =>",0,"MO com LS =>",8.11]
[{"$nulls":4},"Valor do BDI =>",2.57,null,"Valor com BDI =>",null,13.18]
[]
[null,"Código","Banco","Descrição","Tipo",null,"Und","Quant.","Valor Unit","Total"]
["Composição"," 91534 ","SINAPI","COMPACTADOR DE SOLOS DE PERCUSSÃO (SOQUETE) COM MOTOR A GASOLINA 4 TEMPOS, POTÊNCIA 4 CV - CHI DIURNO. AF_08/2015","CHOR - CUSTOS HORÁRIOS DE MÁQUINAS E EQUIPAMENTOS",null,"CHI",1,18.600000000000001,18.600000000000001]
["Composição Auxiliar"," 91529 ","SINAPI","COMPACTADOR DE SOLOS DE PERCUSSÃO (SOQUETE) COM MOTOR A GASOLINA 4 TEMPOS, POTÊNCIA 4 CV - DEPRECIAÇÃO. AF_08/2015","CHOR - CUSTOS HORÁRIOS DE MÁQUINAS E EQUIPAMENTOS",null,"H",1,0.76,0.76]
["Composição Auxiliar"," 91530 ","SINAPI","COMPACTADOR DE SOLOS DE PERCUSSÃO (SOQUETE) COM MOTOR A GASOLINA 4 TEMPOS, POTÊNCIA 4 CV - JUROS. AF_08/2015","CHOR - CUSTOS HORÁRIOS DE MÁQUINAS E EQUIPAMENTOS",null,"H",1,0.1,0.1]
["Composição Auxiliar"," 88297 ","SINAPI","OPERADOR DE MÁQUINAS E EQUIPAMENTOS COM ENCARGOS COMPLEMENTARES","SEDI - SERVIÇOS DIVERSOS",null,"H",1,17.739999999999998,17.739999999999998]
[{"$nulls":4},"MO sem LS =>",15.57,"LS =>",0,"MO com LS =>",15.57]
[{"$nulls":4},"Valor do BDI =>",4.5,null,"Valor com BDI =>",null,23.1]
[]
[null,"Código","Banco","Descrição","Tipo",null,"Und","Quant.","Valor Unit","Total"]
["Composição"," 91533 ","SINAPI","COMPACTADOR DE SOLOS DE PERCUSSÃO (SOQUETE) COM MOTOR A GASOLINA 4 TEMPOS, POTÊNCIA 4 CV - CHP DIURNO. AF_08/2015","CHOR - CUSTOS HORÁRIOS DE MÁQUINAS E EQUIPAMENTOS",null,"CHP",1,26.9,26.9]
["Composição Auxiliar"," 91529 ","SINAPI","COMPACTADOR DE SOLOS DE PERCUSSÃO (SOQUETE) COM MOTOR A GASOLINA 4 TEMPOS, POTÊNCIA 4 CV - DEPRECIAÇÃO. AF_08/2015","CHOR - CUSTOS HORÁRIOS DE MÁQUINAS E EQUIPAMENTOS",null,"H",1,0.76,0.76]
["Composição Auxiliar"," 91531 ","SINAPI","COMPACTADOR DE SOLOS DE PERCUSSÃO (SOQUETE) COM MOTOR A GASOLINA 4 TEMPOS, POTÊNCIA 4 CV - MANUTENÇÃO. AF_08/2015","CHOR - CUSTOS HORÁRIOS DE MÁQUINAS E EQUIPAMENTOS",null,"H",1,0.95,0.95]
["Composição Auxiliar"," 91530 ","SINAPI","COMPACTADOR DE SOLOS DE PERCUSSÃO (SOQUETE) COM MOTOR A GASOLINA 4 TEMPOS, POTÊNCIA 4 CV - JUROS. AF_08/2015","CHOR - CUSTOS HORÁRIOS DE MÁQUINAS E EQUIPAMENTOS",null,"H",1,0.1,0.1]
["Composição Auxiliar"," 91532 ","SINAPI","COMPACTADOR DE SOLOS DE PERCUSSÃO (SOQUETE) COM MOTOR A GASOLINA 4 TEMPOS, POTÊNCIA 4 CV - MATERIAIS NA OPERAÇÃO. AF_08/2015","CHOR - CUSTOS HORÁRIOS DE MÁQUINAS E EQUIPAMENTOS",null,"H",1,7.35,7.35]
["Composição Auxiliar"," 88297 ","SINAPI","OPERADOR DE MÁQUINAS E EQUIPAMENTOS COM ENCARGOS COMPLEMENTARES","SEDI - SERVIÇOS DIVERSOS",null,"H",1,17.739999999999998,17.739999999999998]
[{"$nulls":4},"MO sem LS =>",15.57,"LS =>",0,"MO com LS =>",15.57]
[{"$nulls":4},"Valor do BDI =>",6.51,null,"Valor com BDI =>",null,33.409999999999997]
[]
[null,"Código","Banco","Descrição","Tipo",null,"Und","Quant.","Valor Unit","Total"]
["Composição"," 91529 ","SINAPI","COMPACTADOR DE SOLOS DE PERCUSSÃO (SOQUETE) COM MOTOR A GASOLINA 4 TEMPOS, POTÊNCIA 4 CV - DEPRECIAÇÃO. AF_08/2015","CHOR - CUSTOS HORÁRIOS DE MÁQUINAS E EQUIPAMENTOS",null,"H",1,0.76,0.76]
["Insumo"," 00013458 ","SINAPI","COMPACTADOR DE SOLOS DE PERCURSAO (SOQUETE) COM MOTOR A GASOLINA 4 TEMPOS DE 4 HP (4 CV)","Equipamento",null,"UN",5.3300000000000001E-5,14310.71,0.76]
[{"$nulls":4},"MO sem LS =>",0,"LS =>",0,"MO com LS =>",0]
[{"$nulls":4},"Valor do BDI =>",0.18,null,"Valor com BDI =>",null,0.94]
[]
[null,"Código","Banco","Descrição","Tipo",null,"Und","Quant.","Valor Unit","Total"]
["Composição"," 91530 ","SINAPI","COMPACTADOR DE SOLOS DE PERCUSSÃO (SOQUETE) COM MOTOR A GASOLINA 4 TEMPOS, POTÊNCIA 4 CV - JUROS. AF_08/2015","CHOR - CUSTOS HORÁRIOS DE MÁQUINAS E EQUIPAMENTOS",null,"H",1,0.1,0.1]
["Insumo"," 00013458 ","SINAPI","COMPACTADOR DE SOLOS DE PERCURSAO (SOQUETE) COM MOTOR A GASOLINA 4 TEMPOS DE 4 HP (4 CV)","Equipamento",null,"UN",7.4000000000000003E-6,14310.71,0.1]
[{"$nulls":4},"MO sem LS =>",0,"LS =>",0,"MO com LS =>",0]
[{"$nulls":4},"Valor do BDI =>",0.02,null,"Valor com BDI =>",null,0.12]
[]
[null,"Código","Banco","Descrição","Tipo",null,"Und","Quant.","Valor Unit","Total"]
["Composição"," 91531 ","SINAPI","COMPACTADOR DE SOLOS DE PERCUSSÃO (SOQUETE) COM MOTOR A GASOLINA 4 TEMPOS, POTÊNCIA 4 CV - MANUTENÇÃO. AF_08/2015","CHOR - CUSTOS HORÁRIOS DE MÁQUINAS E EQUIPAMENTOS",null,"H",1,0.95,0.95]
["Insumo"," 00013458 ","SINAPI","COMPACTADOR DE SOLOS DE PERCURSAO (SOQUETE) COM MOTOR A GASOLINA 4 TEMPOS DE 4 HP (4 CV)","Equipamento",null,"UN",6.6699999999999995E-5,14310.71,0.95]
[{"$nulls":4},"MO sem LS =>",0,"LS =>",0,"MO com LS =>",0]
[{"$nulls":4},"Valor do BDI =>",0.23,null,"Valor com BDI =>",null,1.18]
[]
[null,"Código","Banco","Descrição","Tipo",null,"Und","Quant.","Valor Unit","Total"]
["Composição"," 91532 ","SINAPI","COMPACTADOR DE SOLOS DE PERCUSSÃO (SOQUETE) COM MOTOR A GASOLINA 4 TEMPOS, POTÊNCIA 4 CV - MATERIAIS NA OPERAÇÃO. AF_08/2015","CHOR - CUSTOS HORÁRIOS DE MÁQUINAS E EQUIPAMENTOS",null,"H",1,7.35,7.35]
["Insumo"," 00004222 ","SINAPI","GASOLINA COMUM","Material",null,"L",1.03,7.14,7.35]
[{"$nulls":4},"MO sem LS =>",0,"LS =>",0,"MO com LS =>",0]
[{"$nulls":4},"Valor do BDI =>",1.78,null,"Valor com BDI =>",null,9.1300000000000008]
[]
[null,"Código","Banco","Descrição","Tipo",null,"Und","Quant.","Valor Unit","Total"]
["Composição"," 94970 ","SINAPI","CONCRETO FCK = 20MPA, TRAÇO 1:2,7:3 (EM MASSA SECA DE CIMENTO/ AREIA MÉDIA/ BRITA 1) - PREPARO MECÂNICO COM BETONEIRA 600 L. AF_05/2021","FUES - FUNDAÇÕES E ESTRUTURAS",null,"m³",1,377.08,377.08]
["Composição Auxiliar"," 89226 ","SINAPI","BETONEIRA CAPACIDADE NOMINAL DE 600 L, CAPACIDADE DE MISTURA 360 L, MOTOR ELÉTRICO TRIFÁSICO POTÊNCIA DE 4 CV, SEM CARREGADOR - CHI DIURNO. AF_11/2014","CHOR - CUSTOS HORÁRIOS DE MÁQUINAS E EQUIPAMENTOS",null,"CHI",0.61970000000000003,1.43,0.88]
["Composição Auxiliar"," 89225 ","SINAPI","BETONEIRA CAPACIDADE NOMINAL DE 600 L, CAPACIDADE DE MISTURA 360 L, MOTOR ELÉTRICO TRIFÁSICO POTÊNCIA DE 4 CV, SEM CARREGADOR - CHP DIURNO. AF_11/2014","CHOR - CUSTOS HORÁRIOS DE MÁQUINAS E EQUIPAMENTOS",null,"CHP",0.65720000000000001,4.68,3.07]
["Composição Auxiliar"," 88377 ","SINAPI","OPERADOR DE BETONEIRA ESTACIONÁRIA/MISTURADOR COM ENCARGOS COMPLEMENTARES","SEDI - SERVIÇOS DIVERSOS",null,"H",1.2767999999999999,17.34,22.13]
["Composição Auxiliar"," 88316 ","SINAPI","SERVENTE COM ENCARGOS COMPLEMENTARES","SEDI - SERVIÇOS DIVERSOS",null,"H",2.0266999999999999,15.9,32.22]
["Insumo"," 00000370 ","SINAPI","AREIA MEDIA - POSTO JAZIDA/FORNECEDOR (RETIRADO NA JAZIDA, SEM TRANSPORTE)","Material",null,"m³",0.76090000000000002,70,53.26]
["Insumo"," 00001379 ","SINAPI","CIMENTO PORTLAND COMPOSTO CP II-32","Material",null,"KG",325.15890000000002,0.69,224.35]
["Insumo"," 00004721 ","SINAPI","PEDRA BRITADA N. 1 (9,5 a 19 MM) POSTO PEDREIRA/FORNECEDOR, SEM FRETE","Material",null,"m³",0.59119999999999995,69.650000000000006,41.17]
[{"$nulls":4},"MO sem LS =>",45.28,"LS =>",0,"MO com LS =>",45.28]
[{"$nulls":4},"Valor do BDI =>",91.36,null,"Valor com BDI =>",null,468.44]
[]
[null,"Código","Banco","Descrição","Tipo",null,"Und","Quant.","Valor Unit","Total"]
["Composição"," 94971 ","SINAPI","CONCRETO FCK = 25MPA, TRAÇO 1:2,3:2,7 (EM MASSA SECA DE CIMENTO/ AREIA MÉDIA/ BRITA 1) - PREPARO MECÂNICO COM BETONEIRA 600 L. AF_05/2021","FUES - FUNDAÇÕES E ESTRUTURAS",null,"m³",1,401.32,401.32]
["Composição Auxiliar"," 89225 ","SINAPI","BETONEIRA CAPACIDADE NOMINAL DE 600 L, CAPACIDADE DE MISTURA 360 L, MOTOR ELÉTRICO TRIFÁSICO POTÊNCIA DE 4 CV, SEM CARREGADOR - CHP DIURNO. AF_11/2014","CHOR - CUSTOS HORÁRIOS DE MÁQUINAS E EQUIPAMENTOS",null,"CHP",0.64339999999999997,4.68,3.01]
["Composição Auxiliar"," 89226 ","SINAPI","BETONEIRA CAPACIDADE NOMINAL DE 600 L, CAPACIDADE DE MISTURA 360 L, MOTOR ELÉTRICO TRIFÁSICO POTÊNCIA DE 4 CV, SEM CARREGADOR - CHI DIURNO. AF_11/2014","CHOR - CUSTOS HORÁRIOS DE MÁQUINAS E EQUIPAMENTOS",null,"CHI",0.60670000000000002,1.43,0.86]
["Composição Auxiliar"," 88316 ","SINAPI","SERVENTE COM ENCARGOS COMPLEMENTARES","SEDI - SERVIÇOS DIVERSOS",null,"H",1.9792000000000001,15.9,31.46]
["Composição Auxiliar"," 88377 ","SINAPI","OPERADOR DE BETONEIRA ESTACIONÁRIA/MISTURADOR COM ENCARGOS COMPLEMENTARES","SEDI - SERVIÇOS DIVERSOS",null,"H",1.2501,17.34,21.67]
["Insumo"," 00000370 ","SINAPI","AREIA MEDIA - POSTO JAZIDA/FORNECEDOR (RETIRADO NA JAZIDA, SEM TRANSPORTE)","Material",null,"m³",0.72750000000000004,70,50.92]
["Insumo"," 00001379 ","SINAPI","CIMENTO PORTLAND COMPOSTO CP II-32","Material",null,"KG",364.94330000000002,0.69,251.81]
["Insumo"," 00004721 ","SINAPI","PEDRA BRITADA N. 1 (9,5 a 19 MM) POSTO PEDREIRA/FORNECEDOR, SEM FRETE","Material",null,"m³",0.59719999999999995,69.650000000000006,41.59]
[{"$nulls":4},"MO sem LS =>",44.27,"LS =>",0,"MO com LS =>",44.27]
[{"$nulls":4},"Valor do BDI =>",97.23,null,"Valor com BDI =>",null,498.55]
[]
[null,"Código","Banco","Descrição","Tipo",null,"Und","Quant.","Valor Unit","Total"]
["Composição"," 94972 ","SINAPI","CONCRETO FCK = 30MPA, TRAÇO 1:2,1:2,5 (EM MASSA SECA DE CIMENTO/ AREIA MÉDIA/ BRITA 1) - PREPARO MECÂNICO COM BETONEIRA 600 L. AF_05/2021","FUES - FUNDAÇÕES E ESTRUTURAS",null,"m³",1,417.56,417.56]
["Composição Auxiliar"," 89226 ","SINAPI","BETONEIRA CAPACIDADE NOMINAL DE 600 L, CAPACIDADE DE MISTURA 360 L, MOTOR ELÉTRICO TRIFÁSICO POTÊNCIA DE 4 CV, SEM CARREGADOR - CHI DIURNO. AF_11/2014","CHOR - CUSTOS HORÁRIOS DE MÁQUINAS E EQUIPAMENTOS",null,"CHI",0.6018,1.43,0.86]
["Composição Auxiliar"," 89225 ","SINAPI","BETONEIRA CAPACIDADE NOMINAL DE 600 L, CAPACIDADE DE MISTURA 360 L, MOTOR ELÉTRICO TRIFÁSICO POTÊNCIA DE 4 CV, SEM CARREGADOR - CHP DIURNO. AF_11/2014","CHOR - CUSTOS HORÁRIOS DE MÁQUINAS E EQUIPAMENTOS",null,"CHP",0.63819999999999999,4.68,2.98]
["Composição Auxiliar"," 88377 ","SINAPI","OPERADOR DE BETONEIRA ESTACIONÁRIA/MISTURADOR COM ENCARGOS COMPLEMENTARES","SEDI - SERVIÇOS DIVERSOS",null,"H",1.24,17.34,21.5]
["Composição Auxiliar"," 88316 ","SINAPI","SERVENTE COM ENCARGOS COMPLEMENTARES","SEDI - SERVIÇOS DIVERSOS",null,"H",1.9633,15.9,31.21]
["Insumo"," 00000370 ","SINAPI","AREIA MEDIA - POSTO JAZIDA/FORNECEDOR (RETIRADO NA JAZIDA, SEM TRANSPORTE)","Material",null,"m³",0.71189999999999998,70,49.83]
["Insumo"," 00001379 ","SINAPI","CIMENTO PORTLAND COMPOSTO CP II-32","Material",null,"KG",391.16629999999998,0.69,269.89999999999998]
["Insumo"," 00004721 ","SINAPI","PEDRA BRITADA N. 1 (9,5 a 19 MM) POSTO PEDREIRA/FORNECEDOR, SEM FRETE","Material",null,"m³",0.5927,69.650000000000006,41.28]
[{"$nulls":4},"MO sem LS =>",43.92,"LS =>",0,"MO com LS =>",43.92]
[{"$nulls":4},"Valor do BDI =>",101.17,null,"Valor com BDI =>",null,518.73]
[]
[null,"Código","Banco","Descrição","Tipo",null,"Und","Quant.","Valor Unit","Total"]
["Composição"," 94974 ","SINAPI","CONCRETO MAGRO PARA LASTRO, TRAÇO 1:4,5:4,5 (EM MASSA SECA DE CIMENTO/ AREIA MÉDIA/ BRITA 1) - PREPARO MANUAL. AF_05/2021","FUES - FUNDAÇÕES E ESTRUTURAS",null,"m³",1,352.34,352.34]
["Composição Auxiliar"," 88316 ","SINAPI","SERVENTE COM ENCARGOS COMPLEMENTARES","SEDI - SERVIÇOS DIVERSOS",null,"H",6.2858000000000001,15.9,99.94]
["Insumo"," 00000370 ","SINAPI","AREIA MEDIA - POSTO JAZIDA/FORNECEDOR (RETIRADO NA JAZIDA, SEM TRANSPORTE)","Material",null,"m³",0.8538,70,59.76]
["Insumo"," 00001379 ","SINAPI","CIMENTO PORTLAND COMPOSTO CP II-32","Material",null,"KG",218.93,0.69,151.06]
["Insumo"," 00004721 ","SINAPI","PEDRA BRITADA N. 1 (9,5 a 19 MM) POSTO PEDREIRA/FORNECEDOR, SEM FRETE","Material",null,"m³",0.59709999999999996,69.650000000000006,41.58]
[{"$nulls":4},"MO sem LS =>",80.39,"LS =>",0,"MO com LS =>",80.39]
[{"$nulls":4},"Valor do BDI =>",85.37,null,"Valor com BDI =>",null,437.71]
[]
[null,"Código","Banco","Descrição","Tipo",null,"Und","Quant.","Valor Unit","Total"]
["Composição"," 94968 ","SINAPI","CONCRETO MAGRO PARA LASTRO, TRAÇO 1:4,5:4,5 (EM MASSA SECA DE CIMENTO/ AREIA MÉDIA/ BRITA 1) - PREPARO MECÂNICO COM BETONEIRA 600 L. AF_05/2021","FUES - FUNDAÇÕES E ESTRUTURAS",null,"m³",1,306.77,306.77]
["Composição Auxiliar"," 89225 ","SINAPI","BETONEIRA CAPACIDADE NOMINAL DE 600 L, CAPACIDADE DE MISTURA 360 L, MOTOR ELÉTRICO TRIFÁSICO POTÊNCIA DE 4 CV, SEM CARREGADOR - CHP DIURNO. AF_11/2014","CHOR - CUSTOS HORÁRIOS DE MÁQUINAS E EQUIPAMENTOS",null,"CHP",0.68530000000000002,4.68,3.2]
["Composição Auxiliar"," 89226 ","SINAPI","BETONEIRA CAPACIDADE NOMINAL DE 600 L, CAPACIDADE DE MISTURA 360 L, MOTOR ELÉTRICO TRIFÁSICO POTÊNCIA DE 4 CV, SEM CARREGADOR - CHI DIURNO. AF_11/2014","CHOR - CUSTOS HORÁRIOS DE MÁQUINAS E EQUIPAMENTOS",null,"CHI",0.6462,1.43,0.92]
["Composição Auxiliar"," 88316 ","SINAPI","SERVENTE COM ENCARGOS COMPLEMENTARES","SEDI - SERVIÇOS DIVERSOS",null,"H",2.1057999999999999,15.9,33.479999999999997]
["Composição Auxiliar"," 88377 ","SINAPI","OPERADOR DE BETONEIRA ESTACIONÁRIA/MISTURADOR COM ENCARGOS COMPLEMENTARES","SEDI - SERVIÇOS DIVERSOS",null,"H",1.3314999999999999,17.34,23.08]
["Insumo"," 00000370 ","SINAPI","AREIA MEDIA - POSTO JAZIDA/FORNECEDOR (RETIRADO NA JAZIDA, SEM TRANSPORTE)","Material",null,"m³",0.83250000000000002,70,58.27]
["Insumo"," 00001379 ","SINAPI","CIMENTO PORTLAND COMPOSTO CP II-32","Material",null,"KG",213.45310000000001,0.69,147.28]
["Insumo"," 00004721 ","SINAPI","PEDRA BRITADA N. 1 (9,5 a 19 MM) POSTO PEDREIRA/FORNECEDOR, SEM FRETE","Material",null,"m³",0.58209999999999995,69.650000000000006,40.54]
[{"$nulls":4},"MO sem LS =>",47.12,"LS =>",0,"MO com LS =>",47.12]
[{"$nulls":4},"Valor do BDI =>",74.33,null,"Valor com BDI =>",null,381.1]
[]
[null,"Código","Banco","Descrição","Tipo",null,"Und","Quant.","Valor Unit","Total"]
["Composição"," 95805 ","SINAPI","CONDULETE DE PVC, TIPO B, PARA ELETRODUTO DE PVC SOLDÁVEL DN 25 MM (3/4''), APARENTE - FORNECIMENTO E INSTALAÇÃO. AF_11/2016","INEL - INSTALAÇÃO ELÉTRICA/ELETRIFICAÇÃO E ILUMINAÇÃO EXTERNA",null,"UN",1,20.84,20.84]
["Composição Auxiliar"," 88264 ","SINAPI","ELETRICISTA COM ENCARGOS COMPLEMENTARES","SEDI - SERVIÇOS DIVERSOS",null,"H",0.28889999999999999,21.59,6.23]
["Composição Auxiliar"," 88247 ","SINAPI","AUXILIAR DE ELETRICISTA COM ENCARGOS COMPLEMENTARES","SEDI - SERVIÇOS DIVERSOS",null,"H",0.28889999999999999,16.91,4.88]
["Insumo"," 00011950 ","SINAPI","BUCHA DE NYLON SEM ABA S6, COM PARAFUSO DE 4,20 X 40 MM EM ACO ZINCADO COM ROSCA SOBERBA, CABECA CHATA E FENDA PHILLIPS","Material",null,"UN",2,0.2,0.4]
["Insumo"," 00012010 ","SINAPI","CONDULETE EM PVC, TIPO \"B\", SEM TAMPA, DE 1/2\" OU 3/4\"","Material",null,"UN",1,9.33,9.33]
[{"$nulls":4},"MO sem LS =>",9.23,"LS =>",0,"MO com LS =>",9.23]
[{"$nulls":4},"Valor do BDI =>",5.04,null,"Valor com BDI =>",null,25.88]
[]
[null,"Código","Banco","Descrição","Tipo",null,"Und","Quant.","Valor Unit","Total"]
["Composição"," 95811 ","SINAPI","CONDULETE DE PVC, TIPO LB, PARA ELETRODUTO DE PVC SOLDÁVEL DN 25 MM (3/4''), APARENTE - FORNECIMENTO E INSTALAÇÃO. AF_11/2016","INEL - INSTALAÇÃO ELÉTRICA/ELETRIFICAÇÃO E ILUMINAÇÃO EXTERNA",null,"UN",1,13.93,13.93]
["Composição Auxiliar"," 88264 ","SINAPI","ELETRICISTA COM ENCARGOS COMPLEMENTARES","SEDI - SERVIÇOS DIVERSOS",null,"H",9.5200000000000007E-2,21.59,2.0499999999999998]
["Composição Auxiliar"," 88247 ","SINAPI","AUXILIAR DE ELETRICISTA COM ENCARGOS COMPLEMENTARES","SEDI - SERVIÇOS DIVERSOS",null,"H",9.5200000000000007E-2,16.91,1.6]
["Insumo"," 00012016 ","SINAPI","CONDULETE EM PVC, TIPO \"LB\", SEM TAMPA, DE 1/2\" OU 3/4\"","Material",null,"UN",1,10.28,10.28]
[{"$nulls":4},"MO sem LS =>",3.04,"LS =>",0,"MO com LS =>",3.04]
[{"$nulls":4},"Valor do BDI =>",3.37,null,"Valor com BDI =>",null,17.3]
[]
[null,"Código","Banco","Descrição","Tipo",null,"Und","Quant.","Valor Unit","Total"]
["Composição"," 92799 ","SINAPI","CORTE E DOBRA DE AÇO CA-60, DIÂMETRO DE 4,2 MM, UTILIZADO EM LAJE. AF_12/2015","FUES - FUNDAÇÕES E ESTRUTURAS",null,"KG",1,12.28,12.28]
["Composição Auxiliar"," 88238 ","SINAPI","AJUDANTE DE ARMADOR COM ENCARGOS COMPLEMENTARES","SEDI - SERVIÇOS DIVERSOS",null,"H",1.3100000000000001E-2,15.87,0.2]
["Composição Auxiliar"," 88245 ","SINAPI","ARMADOR COM ENCARGOS COMPLEMENTARES","SEDI - SERVIÇOS DIVERSOS",null,"H",9.3299999999999994E-2,21.2,1.97]
["Insumo"," 00043059 ","SINAPI","ACO CA-60, 4,2 MM, OU 5,0 MM, OU 6,0 MM, OU 7,0 MM, VERGALHAO","Material",null,"KG",1.07,9.4499999999999993,10.11]
[{"$nulls":4},"MO sem LS =>",1.83,"LS =>",0,"MO com LS =>",1.83]
[{"$nulls":4},"Valor do BDI =>",2.97,null,"Valor com BDI =>",null,15.25]
[]
[null,"Código","Banco","Descrição","Tipo",null,"Und","Quant.","Valor Unit","Total"]
["Composição"," 95308 ","SINAPI","CURSO DE CAPACITAÇÃO PARA AJUDANTE DE ARMADOR (ENCARGOS COMPLEMENTARES) - HORISTA","SEDI - SERVIÇOS DIVERSOS",null,"H",1,0.11,0.11]
["Insumo"," 00006114 ","SINAPI","AJUDANTE DE ARMADOR (HORISTA)","Mão de Obra",null,"H",9.4000000000000004E-3,12.53,0.11]
[{"$nulls":4},"MO sem LS =>",0.11,"LS =>",0,"MO com LS =>",0.11]
[{"$nulls":4},"Valor do BDI =>",0.02,null,"Valor com BDI =>",null,0.13]
[]
[null,"Código","Banco","Descrição","Tipo",null,"Und","Quant.","Valor Unit","Total"]
["Composição"," 95309 ","SINAPI","CURSO DE CAPACITAÇÃO PARA AJUDANTE DE CARPINTEIRO (ENCARGOS COMPLEMENTARES) - HORISTA","SEDI - SERVIÇOS DIVERSOS",null,"H",1,0.15,0.15]
["Insumo"," 00006117 ","SINAPI","CARPINTEIRO AUXILIAR (HORISTA)","Mão de Obra",null,"H",1.2E-2,13.26,0.15]
[{"$nulls":4},"MO sem LS =>",0.15,"LS =>",0,"MO com LS =>",0.15]
[{"$nulls":4},"Valor do BDI =>",0.03,null,"Valor com BDI =>",null,0.18]
[]
[null,"Código","Banco","Descrição","Tipo",null,"Und","Quant.","Valor Unit","Total"]
["Composição"," 95314 ","SINAPI","CURSO DE CAPACITAÇÃO PARA ARMADOR (ENCARGOS COMPLEMENTARES) - HORISTA","SEDI - SERVIÇOS DIVERSOS",null,"H",1,0.16,0.16]
["Insumo"," 00000378 ","SINAPI","ARMADOR (HORISTA)","Mão de Obra",null,"H",9.4000000000000004E-3,17.809999999999999,0.16]
[{"$nulls":4},"MO sem LS =>",0.16,"LS =>",0,"MO com LS =>",0.16]
[{"$nulls":4},"Valor do BDI =>",0.03,null,"Valor com BDI =>",null,0.19]
[]
[null,"Código","Banco","Descrição","Tipo",null,"Und","Quant.","Valor Unit","Total"]
["Composição"," 95316 ","SINAPI","CURSO DE CAPACITAÇÃO PARA AUXILIAR DE ELETRICISTA (ENCARGOS COMPLEMENTARES) - HORISTA","SEDI - SERVIÇOS DIVERSOS",null,"H",1,0.4,0.4]
["Insumo"," 00000247 ","SINAPI","AJUDANTE DE ELETRICISTA (HORISTA)","Mão de Obra",null,"H",3.0200000000000001E-2,13.26,0.4]
[{"$nulls":4},"MO sem LS =>",0.4,"LS =>",0,"MO com LS =>",0.4]
[{"$nulls":4},"Valor do BDI =>",0.09,null,"Valor com BDI =>",null,0.49]
[]
[null,"Código","Banco","Descrição","Tipo",null,"Und","Quant.","Valor Unit","Total"]
["Composição"," 95317 ","SINAPI","CURSO DE CAPACITAÇÃO PARA AUXILIAR DE ENCANADOR OU BOMBEIRO HIDRÁULICO (ENCARGOS COMPLEMENTARES) - HORISTA","SEDI - SERVIÇOS DIVERSOS",null,"H",1,0.19,0.19]
["Insumo"," 00000246 ","SINAPI","AUXILIAR DE ENCANADOR OU BOMBEIRO HIDRAULICO (HORISTA)","Mão de Obra",null,"H",1.46E-2,13.26,0.19]
[{"$nulls":4},"MO sem LS =>",0.19,"LS =>",0,"MO com LS =>",0.19]
[{"$nulls":4},"Valor do BDI =>",0.04,null,"Valor com BDI =>",null,0.23]
[]
[null,"Código","Banco","Descrição","Tipo",null,"Und","Quant.","Valor Unit","Total"]
["Composição"," 95324 ","SINAPI","CURSO DE CAPACITAÇÃO PARA AZULEJISTA OU LADRILHISTA (ENCARGOS COMPLEMENTARES) - HORISTA","SEDI - SERVIÇOS DIVERSOS",null,"H",1,0.21,0.21]
["Insumo"," 00004760 ","SINAPI","AZULEJISTA OU LADRILHEIRO (HORISTA)","Mão de Obra",null,"H",1.2E-2,17.809999999999999,0.21]
[{"$nulls":4},"MO sem LS =>",0.21,"LS =>",0,"MO com LS =>",0.21]
[{"$nulls":4},"Valor do BDI =>",0.05,null,"Valor com BDI =>",null,0.26]
[]
[null,"Código","Banco","Descrição","Tipo",null,"Und","Quant.","Valor Unit","Total"]
["Composição"," 95329 ","SINAPI","CURSO DE CAPACITAÇÃO PARA CARPINTEIRO DE ESQUADRIA (ENCARGOS COMPLEMENTARES) - HORISTA","SEDI - SERVIÇOS DIVERSOS",null,"H",1,0.2,0.2]
["Insumo"," 00001214 ","SINAPI","CARPINTEIRO DE ESQUADRIAS (HORISTA)","Mão de Obra",null,"H",1.2E-2,16.96,0.2]
[{"$nulls":4},"MO sem LS =>",0.2,"LS =>",0,"MO com LS =>",0.2]
[{"$nulls":4},"Valor do BDI =>",0.04,null,"Valor com BDI =>",null,0.24]
[]
[null,"Código","Banco","Descrição","Tipo",null,"Und","Quant.","Valor Unit","Total"]
["Composição"," 95330 ","SINAPI","CURSO DE CAPACITAÇÃO PARA CARPINTEIRO DE FÔRMAS (ENCARGOS COMPLEMENTARES) - HORISTA","SEDI - SERVIÇOS DIVERSOS",null,"H",1,0.16,0.16]
["Insumo"," 00001213 ","SINAPI","CARPINTEIRO DE FORMAS (HORISTA)","Mão de Obra",null,"H",9.4000000000000004E-3,17.809999999999999,0.16]
[{"$nulls":4},"MO sem LS =>",0.16,"LS =>",0,"MO com LS =>",0.16]
[{"$nulls":4},"Valor do BDI =>",0.03,null,"Valor com BDI =>",null,0.19]
[]
[null,"Código","Banco","Descrição","Tipo",null,"Und","Quant.","Valor Unit","Total"]
["Composição"," 95332 ","SINAPI","CURSO DE CAPACITAÇÃO PARA ELETRICISTA (ENCARGOS COMPLEMENTARES) - HORISTA","SEDI - SERVIÇOS DIVERSOS",null,"H",1,0.53,0.53]
["Insumo"," 00002436 ","SINAPI","ELETRICISTA (HORISTA)","Mão de Obra",null,"H",3.0200000000000001E-2,17.809999999999999,0.53]
[{"$nulls":4},"MO sem LS =>",0.53,"LS =>",0,"MO com LS =>",0.53]
[{"$nulls":4},"Valor do BDI =>",0.12,null,"Valor com BDI =>",null,0.65]
[]
[null,"Código","Banco","Descrição","Tipo",null,"Und","Quant.","Valor Unit","Total"]
["Composição"," 95335 ","SINAPI","CURSO DE CAPACITAÇÃO PARA ENCANADOR OU BOMBEIRO HIDRÁULICO (ENCARGOS COMPLEMENTARES) - HORISTA","SEDI - SERVIÇOS DIVERSOS",null,"H",1,0.26,0.26]
["Insumo"," 00002696 ","SINAPI","ENCANADOR OU BOMBEIRO HIDRAULICO (HORISTA)","Mão de Obra",null,"H",1.46E-2,17.809999999999999,0.26]
[{"$nulls":4},"MO sem LS =>",0.26,"LS =>",0,"MO com LS =>",0.26]
[{"$nulls":4},"Valor do BDI =>",0.06,null,"Valor com BDI =>",null,0.32]
[]
[null,"Código","Banco","Descrição","Tipo",null,"Und","Quant.","Valor Unit","Total"]
["Composição"," 95389 ","SINAPI","CURSO DE CAPACITAÇÃO PARA OPERADOR DE BETONEIRA ESTACIONÁRIA/MISTURADOR (ENCARGOS COMPLEMENTARES) - HORISTA","SEDI - SERVIÇOS DIVERSOS",null,"H",1,0.1,0.1]
["Insumo"," 00037666 ","SINAPI","OPERADOR DE BETONEIRA ESTACIONARIA / MISTURADOR","Mão de Obra",null,"H",6.7000000000000002E-3,15.07,0.1]
[{"$nulls":4},"MO sem LS =>",0.1,"LS =>",0,"MO com LS =>",0.1]
[{"$nulls":4},"Valor do BDI =>",0.02,null,"Valor com BDI =>",null,0.12]
[]
[null,"Código","Banco","Descrição","Tipo",null,"Und","Quant.","Valor Unit","Total"]
["Composição"," 95357 ","SINAPI","CURSO DE CAPACITAÇÃO PARA OPERADOR DE ESCAVADEIRA (ENCARGOS COMPLEMENTARES) - HORISTA","SEDI - SERVIÇOS DIVERSOS",null,"H",1,0.19,0.19]
["Insumo"," 00004234 ","SINAPI","OPERADOR DE ESCAVADEIRA","Mão de Obra",null,"H",9.4000000000000004E-3,21.07,0.19]
[{"$nulls":4},"MO sem LS =>",0.19,"LS =>",0,"MO com LS =>",0.19]
[{"$nulls":4},"Valor do BDI =>",0.04,null,"Valor com BDI =>",null,0.23]
[]
[null,"Código","Banco","Descrição","Tipo",null,"Und","Quant.","Valor Unit","Total"]
["Composição"," 95358 ","SINAPI","CURSO DE CAPACITAÇÃO PARA OPERADOR DE GUINCHO (ENCARGOS COMPLEMENTARES) - HORISTA","SEDI - SERVIÇOS DIVERSOS",null,"H",1,0.18,0.18]
["Insumo"," 00004253 ","SINAPI","OPERADOR DE GUINCHO OU GUINCHEIRO","Mão de Obra",null,"H",1.3299999999999999E-2,13.85,0.18]
[{"$nulls":4},"MO sem LS =>",0.18,"LS =>",0,"MO com LS =>",0.18]
[{"$nulls":4},"Valor do BDI =>",0.04,null,"Valor com BDI =>",null,0.22]
[]
[null,"Código","Banco","Descrição","Tipo",null,"Und","Quant.","Valor Unit","Total"]
["Composição"," 95360 ","SINAPI","CURSO DE CAPACITAÇÃO PARA OPERADOR DE MÁQUINAS E EQUIPAMENTOS (ENCARGOS COMPLEMENTARES) - HORISTA","SEDI - SERVIÇOS DIVERSOS",null,"H",1,0.14000000000000001,0.14000000000000001]
["Insumo"," 00004230 ","SINAPI","OPERADOR DE MAQUINAS E TRATORES DIVERSOS (TERRAPLANAGEM)","Mão de Obra",null,"H",9.4000000000000004E-3,15.43,0.14000000000000001]
[{"$nulls":4},"MO sem LS =>",0.14000000000000001,"LS =>",0,"MO com LS =>",0.14000000000000001]
[{"$nulls":4},"Valor do BDI =>",0.03,null,"Valor com BDI =>",null,0.17]
[]
[null,"Código","Banco","Descrição","Tipo",null,"Und","Quant.","Valor Unit","Total"]
["Composição"," 95371 ","SINAPI","CURSO DE CAPACITAÇÃO PARA PEDREIRO (ENCARGOS COMPLEMENTARES) - HORISTA","SEDI - SERVIÇOS DIVERSOS",null,"H",1,0.3,0.3]
["Insumo"," 00004750 ","SINAPI","PEDREIRO (HORISTA)","Mão de Obra",null,"H",1.72E-2,17.809999999999999,0.3]
[{"$nulls":4},"MO sem LS =>",0.3,"LS =>",0,"MO com LS =>",0.3]
[{"$nulls":4},"Valor do BDI =>",7.0000000000000007E-2,null,"Valor com BDI =>",null,0.37]
[]
[null,"Código","Banco","Descrição","Tipo",null,"Und","Quant.","Valor Unit","Total"]
["Composição"," 95372 ","SINAPI","CURSO DE CAPACITAÇÃO PARA PINTOR (ENCARGOS COMPLEMENTARES) - HORISTA","SEDI - SERVIÇOS DIVERSOS",null,"H",1,0.21,0.21]
["Insumo"," 00004783 ","SINAPI","PINTOR (HORISTA)","Mão de Obra",null,"H",1.2E-2,17.809999999999999,0.21]
[{"$nulls":4},"MO sem LS =>",0.21,"LS =>",0,"MO com LS =>",0.21]
[{"$nulls":4},"Valor do BDI =>",0.05,null,"Valor com BDI =>",null,0.26]
[]
[null,"Código","Banco","Descrição","Tipo",null,"Und","Quant.","Valor Unit","Total"]
["Composição"," 95378 ","SINAPI","CURSO DE CAPACITAÇÃO PARA SERVENTE (ENCARGOS COMPLEMENTARES) - HORISTA","SEDI - SERVIÇOS DIVERSOS",null,"H",1,0.21,0.21]
["Insumo"," 00006111 ","SINAPI","SERVENTE DE OBRAS","Mão de Obra",null,"H",1.72E-2,12.58,0.21]
[{"$nulls":4},"MO sem LS =>",0.21,"LS =>",0,"MO com LS =>",0.21]
[{"$nulls":4},"Valor do BDI =>",0.05,null,"Valor com BDI =>",null,0.26]
[]
[null,"Código","Banco","Descrição","Tipo",null,"Und","Quant.","Valor Unit","Total"]
["Composição"," 95379 ","SINAPI","CURSO DE CAPACITAÇÃO PARA SOLDADOR (ENCARGOS COMPLEMENTARES) - HORISTA","SEDI - SERVIÇOS DIVERSOS",null,"H",1,0.16,0.16]
["Insumo"," 00006160 ","SINAPI","SOLDADOR (HORISTA)","Mão de Obra",null,"H",9.4000000000000004E-3,17.809999999999999,0.16]
[{"$nulls":4},"MO sem LS =>",0.16,"LS =>",0,"MO com LS =>",0.16]
[{"$nulls":4},"Valor do BDI =>",0.03,null,"Valor com BDI =>",null,0.19]
[]
[null,"Código","Banco","Descrição","Tipo",null,"Und","Quant.","Valor Unit","Total"]
["Composição"," 95385 ","SINAPI","CURSO DE CAPACITAÇÃO PARA TELHADISTA (ENCARGOS COMPLEMENTARES) - HORISTA","SEDI - SERVIÇOS DIVERSOS",null,"H",1,0.16,0.16]
["Insumo"," 00012869 ","SINAPI","TELHADOR (HORISTA)","Mão de Obra",null,"H",9.4000000000000004E-3,17.600000000000001,0.16]
[{"$nulls":4},"MO sem LS =>",0.16,"LS =>",0,"MO com LS =>",0.16]
[{"$nulls":4},"Valor do BDI =>",0.03,null,"Valor com BDI =>",null,0.19]
[]
[null,"Código","Banco","Descrição","Tipo",null,"Und","Quant.","Valor Unit","Total"]
["Composição"," 91911 ","SINAPI","CURVA 90 GRAUS PARA ELETRODUTO, PVC, ROSCÁVEL, DN 20 MM (1/2\"), PARA CIRCUITOS TERMINAIS, INSTALADA EM PAREDE - FORNECIMENTO E INSTALAÇÃO. AF_12/2015","INEL - INSTALAÇÃO ELÉTRICA/ELETRIFICAÇÃO E ILUMINAÇÃO EXTERNA",null,"UN",1,10.81,10.81]
["Composição Auxiliar"," 88264 ","SINAPI","ELETRICISTA COM ENCARGOS COMPLEMENTARES","SEDI - SERVIÇOS DIVERSOS",null,"H",0.215,21.59,4.6399999999999997]
["Composição Auxiliar"," 88247 ","SINAPI","AUXILIAR DE ELETRICISTA COM ENCARGOS COMPLEMENTARES","SEDI - SERVIÇOS DIVERSOS",null,"H",0.215,16.91,3.63]
["Insumo"," 00001870 ","SINAPI","CURVA 90 GRAUS, LONGA, DE PVC RIGIDO ROSCAVEL, DE 1/2\", PARA ELETRODUTO","Material",null,"UN",1,2.54,2.54]
[{"$nulls":4},"MO sem LS =>",6.87,"LS =>",0,"MO com LS =>",6.87]
[{"$nulls":4},"Valor do BDI =>",2.61,null,"Valor com BDI =>",null,13.42]
[]
[null,"Código","Banco","Descrição","Tipo",null,"Und","Quant.","Valor Unit","Total"]
["Composição"," 89748 ","SINAPI","CURVA CURTA 90 GRAUS, PVC, SERIE NORMAL, ESGOTO PREDIAL, DN 100 MM, JUNTA ELÁSTICA, FORNECIDO E INSTALADO EM RAMAL DE DESCARGA OU RAMAL DE ESGOTO SANITÁRIO. AF_12/2014","INHI - INSTALAÇÕES HIDROS SANITÁRIAS",null,"UN",1,41.18,41.18]
["Composição Auxiliar"," 88248 ","SINAPI","AUXILIAR DE ENCANADOR OU BOMBEIRO HIDRÁULICO COM ENCARGOS COMPLEMENTARES","SEDI - SERVIÇOS DIVERSOS",null,"H",0.25,16.11,4.0199999999999996]
["Composição Auxiliar"," 88267 ","SINAPI","ENCANADOR OU BOMBEIRO HIDRÁULICO COM ENCARGOS COMPLEMENTARES","SEDI - SERVIÇOS DIVERSOS",null,"H",0.25,20.73,5.18]
["Insumo"," 00000301 ","SINAPI","ANEL BORRACHA PARA TUBO ESGOTO PREDIAL, DN 100 MM (NBR 5688)","Material",null,"UN",1,3.86,3.86]
["Insumo"," 00001966 ","SINAPI","CURVA PVC CURTA 90 GRAUS, 100 MM, PARA ESGOTO PREDIAL","Material",null,"UN",1,26.97,26.97]
["Insumo"," 00020078 ","SINAPI","PASTA LUBRIFICANTE PARA TUBOS E CONEXOES COM JUNTA ELASTICA, EMBALAGEM DE *400* GR (USO EM PVC, ACO, POLIETILENO E OUTROS)","Material",null,"UN",4.5999999999999999E-2,25.02,1.1499999999999999]
[{"$nulls":4},"MO sem LS =>",7.87,"LS =>",0,"MO com LS =>",7.87]
[{"$nulls":4},"Valor do BDI =>",9.9700000000000006,null,"Valor com BDI =>",null,51.15]
[]
[null,"Código","Banco","Descrição","Tipo",null,"Und","Quant.","Valor Unit","Total"]
["Composição"," 5914363 ","SICRO3","Carga, manobra e descarga de cimento a granel em caminhão silo de 30 m³","",null,"t",1,16.29,16.29]
["A","Código","Banco","Equipamentos","Quantidade","Utilização",null,"Custo Operacional",null,"Custo Horário"]
[{"$nulls":5},"Operativa","Improdutiva","Operativa","Improdutiva"]
["Insumo","E9146","SICRO3","Caminhão silo com capacidade de 30 m³ - 265 kW",1,1,0,423.02800000000002,102.9504,423.02800000000002]
[{"$nulls":6},"Custo Horário de Equipamentos =>",null,null,423.02800000000002]
[{"$nulls":6},"Custo Horário de Execução =>",null,null,423.02800000000002]
[{"$nulls":6},"Fator de Influencia da Chuva - FIC =>",null,null,0]
[{"$nulls":6},"Custo do FIC =>",null,null,0]
[{"$nulls":6},"Produção de Equipe =>",null,null,25.97]
[{"$nulls":6},"Custo Unitário de Execução =>",null,null,16.289100000000001]
[{"$nulls":4},"MO sem LS =>",0,"LS =>",0,"MO com LS =>",0]
[{"$nulls":4},"Valor do BDI =>",3.94,null,"Valor com BDI =>",null,20.23]
[]
[null,"Código","Banco","Descrição","Tipo",null,"Und","Quant.","Valor Unit","Total"]
["Composição"," 5919538 ","SICRO3","Carga, manobra e descarga de concreto com caminhão betoneira - carga em central de concreto de 40 m³/h e descarga livre","",null,"t",1,13.31,13.31]
["A","Código","Banco","Equipamentos","Quantidade","Utilização",null,"Custo Operacional",null,"Custo Horário"]
[{"$nulls":5},"Operativa","Improdutiva","Operativa","Improdutiva"]
["Insumo","E9600","SICRO3","Caminhão betoneira com capacidade de 8 m³ - 188 kW",4,0.96,0.04,272.52609999999999,87.536000000000001,1060.5060000000001]
[{"$nulls":6},"Custo Horário de Equipamentos =>",null,null,1060.5060000000001]
[{"$nulls":6},"Custo Horário de Execução =>",null,null,1060.5060000000001]
[{"$nulls":6},"Fator de Influencia da Chuva - FIC =>",null,null,0]
[{"$nulls":6},"Custo do FIC =>",null,null,0]
[{"$nulls":6},"Produção de Equipe =>",null,null,79.680000000000007]
[{"$nulls":6},"Custo Unitário de Execução =>",null,null,13.3096]
[{"$nulls":4},"MO sem LS =>",0,"LS =>",0,"MO com LS =>",0]
[{"$nulls":4},"Valor do BDI =>",3.22,null,"Valor com BDI =>",null,16.53]
[]
[null,"Código","Banco","Descrição","Tipo",null,"Und","Quant.","Valor Unit","Total"]
["Composição"," 5915015 ","SICRO3","Carga, manobra e descarga de materiais diversos em caminhão carroceria com capacidade de 11 t e com guindauto de 45 t.m","",null,"t",1,19.73,19.73]
["A","Código","Banco","Equipamentos","Quantidade","Utilização",null,"Custo Operacional",null,"Custo Horário"]
[{"$nulls":5},"Operativa","Improdutiva","Operativa","Improdutiva"]
["Insumo","E9041","SICRO3","Caminhão carroceria com guindauto com capacidade de 45 t.m - 188 kW",1,1,0,371.10169999999999,127.6996,371.10169999999999]
[{"$nulls":6},"Custo Horário de Equipamentos =>",null,null,371.10169999999999]
["B","Código","Banco","Mão de Obra","Quantidade","Salário Hora",null,null,null,"Custo Horário"]
["Insumo","P9824","SICRO3","Servente",2,null,null,null,17.772500000000001,35.545000000000002]
[{"$nulls":6},"Custo Horário da Mão de Obra =>",null,null,35.545000000000002]
[{"$nulls":6},"Adc.M.O. - Ferramentas (0,0%) =>",null,null,0]
[{"$nulls":6},"Custo Horário de Execução =>",null,null,406.64670000000001]
[{"$nulls":6},"Fator de Influencia da Chuva - FIC =>",null,null,0]
[{"$nulls":6},"Custo do FIC =>",null,null,0]
[{"$nulls":6},"Produção de Equipe =>",null,null,20.61]
[{"$nulls":6},"Custo Unitário de Execução =>",null,null,19.730599999999999]
[{"$nulls":4},"MO sem LS =>",1.7246482290150413,"LS =>",0,"MO com LS =>",1.7246482290150413]
[{"$nulls":4},"Valor do BDI =>",4.78,null,"Valor com BDI =>",null,24.51]
[]
[null,"Código","Banco","Descrição","Tipo",null,"Und","Quant.","Valor Unit","Total"]
["Composição"," 5914655 ","SICRO3","Carga, manobra e descarga de materiais diversos em caminhão carroceria de 15 t - carga e descarga manuais","",null,"t",1,29.92,29.92]
["A","Código","Banco","Equipamentos","Quantidade","Utilização",null,"Custo Operacional",null,"Custo Horário"]
[{"$nulls":5},"Operativa","Improdutiva","Operativa","Improdutiva"]
["Insumo","E9592","SICRO3","Caminhão carroceria com capacidade de 15 t - 188 kW",1,1,0,247.6472,72.479299999999995,247.6472]
[{"$nulls":6},"Custo Horário de Equipamentos =>",null,null,247.6472]
["B","Código","Banco","Mão de Obra","Quantidade","Salário Hora",null,null,null,"Custo Horário"]
["Insumo","P9824","SICRO3","Servente",6,null,null,null,17.772500000000001,106.63500000000001]
[{"$nulls":6},"Custo Horário da Mão de Obra =>",null,null,106.63500000000001]
[{"$nulls":6},"Adc.M.O. - Ferramentas (0,0%) =>",null,null,0]
[{"$nulls":6},"Custo Horário de Execução =>",null,null,354.28219999999999]
[{"$nulls":6},"Fator de Influencia da Chuva - FIC =>",null,null,0]
[{"$nulls":6},"Custo do FIC =>",null,null,0]
[{"$nulls":6},"Produção de Equipe =>",null,null,11.84]
[{"$nulls":6},"Custo Unitário de Execução =>",null,null,29.922499999999999]
[{"$nulls":4},"MO sem LS =>",9.0063344594594597,"LS =>",0,"MO com LS =>",9.0063344594594597]
[{"$nulls":4},"Valor do BDI =>",7.24,null,"Valor com BDI =>",null,37.159999999999997]
[]
[null,"Código","Banco","Descrição","Tipo",null,"Und","Quant.","Valor Unit","Total"]
["Composição"," 1 A 01 415 01 ","SICRO2","Concr estr fck=15MPa contr raz uso ger conf e lanç","Atividades Auxiliares",null,"m³",1,273.39,273.39]
["A","Código","Banco","Equipamentos","Quantidade","Utilização",null,"Custo Operacional",null,"Custo Horário"]
[{"$nulls":5},"Operativa","Improdutiva","Operativa","Improdutiva"]
["Insumo","E302","SICRO2","Betoneira : Menegotti :  -  400 l ",1,1,0,18.152999999999999,15.599500000000001,18.152999999999999]
["Insumo","E304","SICRO2","Transportador Manual : AJS :  -  carrinho de mão 80 l ",3,0.69,0.31,0.25019999999999998,0,0.51790000000000003]
["Insumo","E306","SICRO2","Vibrador de Concreto : diversos : VIP-MT2 -  de imersão ",2,1,0,16.376799999999999,14.992900000000001,32.753599999999999]
["Insumo","E509","SICRO2","Grupo Gerador : Heimer : GEHMI-40 -  32,0  KVA ",1,1,0,20.975100000000001,0,20.975100000000001]
[{"$nulls":6},"Custo Horário de Equipamentos =>",null,null,72.399600000000007]
["B","Código","Banco","Mão de Obra","Quantidade","Salário Hora",null,null,null,"Custo Horário"]
["Insumo","T604","SICRO2","Pedreiro ",1,null,null,null,14.992900000000001,14.992900000000001]
["Insumo","T701","SICRO2","Servente ",14,null,null,null,9.6196999999999999,134.67580000000001]
[{"$nulls":6},"Custo Horário da Mão de Obra =>",null,null,149.6687]
[{"$nulls":6},"Adc.M.O. - Ferramentas (20,51%) =>",null,null,30.697099999999999]
[{"$nulls":6},"Custo Horário de Execução =>",null,null,252.7654]
[{"$nulls":6},"Fator de Influencia da Chuva - FIC =>",null,null,0]
[{"$nulls":6},"Custo do FIC =>",null,null,0]
[{"$nulls":6},"Produção de Equipe =>",null,null,2.5]
[{"$nulls":6},"Custo Unitário de Execução =>",null,null,101.1061]
["C","Banco","Código","Material","Quantidade","Unidade","Preço Unitário",null,null,"Custo Horário"]
["Insumo","SICRO2","M202","Cimento portland CP II-32 ",315,"kg",0.45400000000000001,null,null,143.01]
[{"$nulls":6},"Custo Total do Material =>",null,null,143.01]
["D","Banco","Código","Atividades Auxiliares","Quantidade","Unidade","Preço Unitário",null,null,"Custo Horário"]
["Atividade Auxiliar","SICRO2","1 A 01 170 01","Areia extraída com escavadeira hidráulica",0.61480000000000001,"m³",7.66,null,null,4.7093999999999996]
["Atividade Auxiliar","SICRO2","1 A 01 200 01","Brita produzida em central de britagem de 80 m3/h",0.73509999999999998,"m³",33.42,null,null,24.567]
[{"$nulls":6},"Custo Total das Atividades =>",null,null,29.276399999999999]
[{"$nulls":4},"MO sem LS =>",63.146357399999999,"LS =>",0,"MO com LS =>",63.146357400659966]
[{"$nulls":4},"Valor do BDI =>",66.239999999999995,null,"Valor com BDI =>",null,339.63]
[]
[null,"Código","Banco","Descrição","Tipo",null,"Und","Quant.","Valor Unit","Total"]
["Composição"," 1 A 01 422 01 ","SICRO2","Concr estr fck=25MPa contr raz uso ger conf e lanç","Atividades Auxiliares",null,"m³",1,289.27999999999997,289.27999999999997]
["A","Código","Banco","Equipamentos","Quantidade","Utilização",null,"Custo Operacional",null,"Custo Horário"]
[{"$nulls":5},"Operativa","Improdutiva","Operativa","Improdutiva"]
["Insumo","E302","SICRO2","Betoneira : Menegotti :  -  400 l ",1,1,0,18.152999999999999,15.599500000000001,18.152999999999999]
["Insumo","E304","SICRO2","Transportador Manual : AJS :  -  carrinho de mão 80 l ",3,0.69,0.31,0.25019999999999998,0,0.51790000000000003]
["Insumo","E306","SICRO2","Vibrador de Concreto : diversos : VIP-MT2 -  de imersão ",2,1,0,16.376799999999999,14.992900000000001,32.753599999999999]
["Insumo","E509","SICRO2","Grupo Gerador : Heimer : GEHMI-40 -  32,0  KVA ",1,1,0,20.975100000000001,0,20.975100000000001]
[{"$nulls":6},"Custo Horário de Equipamentos =>",null,null,72.399600000000007]
["B","Código","Banco","Mão de Obra","Quantidade","Salário Hora",null,null,null,"Custo Horário"]
["Insumo","T604","SICRO2","Pedreiro ",1,null,null,null,14.992900000000001,14.992900000000001]
["Insumo","T701","SICRO2","Servente ",14,null,null,null,9.6196999999999999,134.67580000000001]
[{"$nulls":6},"Custo Horário da Mão de Obra =>",null,null,149.6687]
[{"$nulls":6},"Adc.M.O. - Ferramentas (20,51%) =>",null,null,30.697099999999999]
[{"$nulls":6},"Custo Horário de Execução =>",null,null,252.7654]
[{"$nulls":6},"Fator de Influencia da Chuva - FIC =>",null,null,0]
[{"$nulls":6},"Custo do FIC =>",null,null,0]
[{"$nulls":6},"Produção de Equipe =>",null,null,2.5]
[{"$nulls":6},"Custo Unitário de Execução =>",null,null,101.1061]
["C","Banco","Código","Material","Quantidade","Unidade","Preço Unitário",null,null,"Custo Horário"]
["Insumo","SICRO2","M202","Cimento portland CP II-32 ",350.34469999999999,"kg",0.45400000000000001,null,null,159.0565]
[{"$nulls":6},"Custo Total do Material =>",null,null,159.0565]
["D","Banco","Código","Atividades Auxiliares","Quantidade","Unidade","Preço Unitário",null,null,"Custo Horário"]
["Atividade Auxiliar","SICRO2","1 A 01 170 01","Areia extraída com escavadeira hidráulica",0.59440000000000004,"m³",7.66,null,null,4.5530999999999997]
["Atividade Auxiliar","SICRO2","1 A 01 200 01","Brita produzida em central de britagem de 80 m3/h",0.73509999999999998,"m³",33.42,null,null,24.567]
[{"$nulls":6},"Custo Total das Atividades =>",null,null,29.120100000000001]
[{"$nulls":4},"MO sem LS =>",63.118070261068127,"LS =>",0,"MO com LS =>",63.118070261068127]
[{"$nulls":4},"Valor do BDI =>",70.09,null,"Valor com BDI =>",null,359.37]
[]
[null,"Código","Banco","Descrição","Tipo",null,"Und","Quant.","Valor Unit","Total"]
["Composição"," 1110000 ","SICRO3","Concreto","",null,"m³",1,0,0]
[{"$nulls":6},"Custo Horário de Execução =>",null,null,0]
[{"$nulls":6},"Fator de Influencia da Chuva - FIC =>",null,null,0]
[{"$nulls":6},"Custo do FIC =>",null,null,0]
[{"$nulls":6},"Produção de Equipe =>",null,null,1]
[{"$nulls":6},"Custo Unitário de Execução =>",null,null,0]
["C","Banco","Código","Material","Quantidade","Unidade","Preço Unitário",null,null,"Custo Horário"]
["Insumo","SICRO3","M3504","Concreto",1,"m³",1E-3,null,null,1E-3]
[{"$nulls":6},"Custo Total do Material =>",null,null,1E-3]
[{"$nulls":4},"MO sem LS =>",0,"LS =>",0,"MO com LS =>",0]
[{"$nulls":4},"Valor do BDI =>",0,null,"Valor com BDI =>",null,0]
[]
[null,"Código","Banco","Descrição","Tipo",null,"Und","Quant.","Valor Unit","Total"]
["Composição"," 1107892 ","SICRO3","Concreto fck = 20 MPa - confecção em betoneira e lançamento manual - areia e brita comerciais","",null,"m³",1,394.89,394.89]
["A","Código","Banco","Equipamentos","Quantidade","Utilização",null,"Custo Operacional",null,"Custo Horário"]
[{"$nulls":5},"Operativa","Improdutiva","Operativa","Improdutiva"]
["Insumo","E9010","SICRO3","Balança plataforma digital com mesa de 75 x 75 cm com capacidade de 500 kg",1,1,0,1.5392999999999999,1.0341,1.5392999999999999]
["Insumo","E9519","SICRO3","Betoneira com motor a gasolina com capacidade de 600 l - 10 kW",1,1,0,51.0229,27.496400000000001,51.0229]
["Insumo","E9521","SICRO3","Grupo gerador - 2,5/3 kVA",1,1,0,4.1054000000000004,0.22869999999999999,4.1054000000000004]
["Insumo","E9071","SICRO3","Transportador manual carrinho de mão com capacidade de 80 l",4,0.9,0.1,0.66890000000000005,0.45469999999999999,2.5899000000000001]
["Insumo","E9064","SICRO3","Transportador manual gerica com capacidade de 180 l",3,0.41,0.59,1.4708000000000001,0.99990000000000001,3.5789]
[{"$nulls":6},"Custo Horário de Equipamentos =>",null,null,62.836399999999998]
["B","Código","Banco","Mão de Obra","Quantidade","Salário Hora",null,null,null,"Custo Horário"]
["Insumo","P9821","SICRO3","Pedreiro",1,null,null,null,23.605599999999999,23.605599999999999]
["Insumo","P9824","SICRO3","Servente",9,null,null,null,17.772500000000001,159.95249999999999]
[{"$nulls":6},"Custo Horário da Mão de Obra =>",null,null,183.5581]
[{"$nulls":6},"Adc.M.O. - Ferramentas (0,0%) =>",null,null,0]
[{"$nulls":6},"Custo Horário de Execução =>",null,null,246.39449999999999]
[{"$nulls":6},"Fator de Influencia da Chuva - FIC =>",null,null,0]
[{"$nulls":6},"Custo do FIC =>",null,null,0]
[{"$nulls":6},"Produção de Equipe =>",null,null,3.9289999999999998]
[{"$nulls":6},"Custo Unitário de Execução =>",null,null,62.7119]
["C","Banco","Código","Material","Quantidade","Unidade","Preço Unitário",null,null,"Custo Horário"]
["Insumo","SICRO3","M0030","Aditivo plastificante e retardador de pega para concreto e argamassa",0.84645999999999999,"kg",5.6859000000000002,null,null,4.8129]
["Insumo","SICRO3","M0082","Areia média lavada",0.63334000000000001,"m³",80.777500000000003,null,null,51.159599999999998]
["Insumo","SICRO3","M0191","Brita 1",0.36753999999999998,"m³",125.554,null,null,46.146099999999997]
["Insumo","SICRO3","M0192","Brita 2",0.36753999999999998,"m³",125.4255,null,null,46.0989]
["Insumo","SICRO3","M0424","Cimento Portland CP II - 32 - saco",282.15206999999998,"kg",0.61129999999999995,null,null,172.4796]
[{"$nulls":6},"Custo Total do Material =>",null,null,320.69709999999998]
["E","Banco","Insumo","Tempos Fixos","Código","Quantidade","Unidade","Preço Unitário",null,"Custo Horário"]
["Tempo Fixo","SICRO3","M0030","Carga, manobra e descarga de materiais diversos em caminhão carroceria de 15 t - carga e descarga manuais",5914655,8.4999999999999995E-4,"t",29.92,null,2.5399999999999999E-2]
["Tempo Fixo","SICRO3","M0082","Carga, manobra e descarga de agregados ou solos em caminhão basculante de 10 m³ - carga com carregadeira de 3,40 m³(exclusa) e descarga livre",5914647,0.95001000000000002,"t",1.47,null,1.3965000000000001]
["Tempo Fixo","SICRO3","M0191","Carga, manobra e descarga de agregados ou solos em caminhão basculante de 10 m³ - carga com carregadeira de 3,40 m³(exclusa) e descarga livre",5914647,0.55130999999999997,"t",1.47,null,0.81040000000000001]
["Tempo Fixo","SICRO3","M0192","Carga, manobra e descarga de agregados ou solos em caminhão basculante de 10 m³ - carga com carregadeira de 3,40 m³(exclusa) e descarga livre",5914647,0.55130999999999997,"t",1.47,null,0.81040000000000001]
["Tempo Fixo","SICRO3","M0424","Carga, manobra e descarga de materiais diversos em caminhão carroceria de 15 t - carga e descarga manuais",5914655,0.28215000000000001,"t",29.92,null,8.4419000000000004]
[{"$nulls":6},"Custo Total dos Tempos Fixos =>",null,null,11.4846]
["F","Banco","Insumo","Momento de Transporte","Quantidade","Unidade","Distância Média de Transporte (DMT)",null,null,"Custo Horário"]
[{"$nulls":6},"LN","RP","P"]
["Momento de Transporte","SICRO3","M0030","Aditivo plastificante e retardador de pega para concreto e argamassa - Caminhão carroceria com capacidade de 15 t - 188 kW",8.4999999999999995E-4,"tkm","5914449\n0,000\nR$  1,02","5914464\n0,000\nR$  0,82","5914479\n0,000\nR$  0,66",0]
["Momento de Transporte","SICRO3","M0082","Areia média lavada - Caminhão basculante com capacidade de 10 m³ - 188 kW",0.95001000000000002,"tkm","5914359\n0,000\nR$  1,03","5914374\n0,000\nR$  0,82","5914389\n0,000\nR$  0,67",0]
["Momento de Transporte","SICRO3","M0191","Brita 1 - Caminhão basculante com capacidade de 10 m³ - 188 kW",0.55130999999999997,"tkm","5914359\n0,000\nR$  1,03","5914374\n0,000\nR$  0,82","5914389\n0,000\nR$  0,67",0]
["Momento de Transporte","SICRO3","M0192","Brita 2 - Caminhão basculante com capacidade de 10 m³ - 188 kW",0.55130999999999997,"tkm","5914359\n0,000\nR$  1,03","5914374\n0,000\nR$  0,82","5914389\n0,000\nR$  0,67",0]
["Momento de Transporte","SICRO3","M0424","Cimento Portland CP II - 32 - saco - Caminhão carroceria com capacidade de 15 t - 188 kW",0.28215000000000001,"tkm","5914449\n0,000\nR$  1,02","5914464\n0,000\nR$  0,82","5914479\n0,000\nR$  0,66",0]
[{"$nulls":6},"Custo total dos Momentos de Transportes =>",null,null,0]
[{"$nulls":4},"MO sem LS =>",49.267694965344191,"LS =>",0,"MO com LS =>",49.267694965344191]
[{"$nulls":4},"Valor do BDI =>",95.68,null,"Valor com BDI =>",null,490.57]
[]
[null,"Código","Banco","Descrição","Tipo",null,"Und","Quant.","Valor Unit","Total"]
["Composição"," 124 ","ORSE","Concreto simples fabricado na obra, fck=13,5 mpa (b1/b2), sem lançamento e adensamento","Concreto Simples",null,"m³",1,398.64,398.64]
["Composição Auxiliar"," 10549 ","ORSE","Encargos Complementares - Servente","Provisórios",null,"h",6,3.65,21.9]
["Insumo"," 00000367 ","SINAPI","AREIA GROSSA - POSTO JAZIDA/FORNECEDOR (RETIRADO NA JAZIDA, SEM TRANSPORTE)","Material",null,"m³",0.94299999999999995,70.91,66.86]
["Insumo"," 00001379 ","SINAPI","CIMENTO PORTLAND COMPOSTO CP II-32","Material",null,"KG",255,0.69,175.95]
["Insumo"," 00004718 ","SINAPI","PEDRA BRITADA N. 2 (19 A 38 MM) POSTO PEDREIRA/FORNECEDOR, SEM FRETE","Material",null,"m³",0.627,70.02,43.9]
["Insumo"," 00004721 ","SINAPI","PEDRA BRITADA N. 1 (9,5 a 19 MM) POSTO PEDREIRA/FORNECEDOR, SEM FRETE","Material",null,"m³",0.20899999999999999,69.650000000000006,14.55]
["Insumo"," 00006111 ","SINAPI","SERVENTE DE OBRAS","Mão de Obra",null,"H",6,12.58,75.48]
[{"$nulls":4},"MO sem LS =>",75.48,"LS =>",0,"MO com LS =>",75.48]
[{"$nulls":4},"Valor do BDI =>",96.59,null,"Valor com BDI =>",null,495.23]
[]
[null,"Código","Banco","Descrição","Tipo",null,"Und","Quant.","Valor Unit","Total"]
["Composição"," 95 ","ORSE","Concreto simples fabricado na obra, fck=13,5 mpa, lançado e adensado","Alvenarias de Pedra e Concretos para Fundações",null,"m³",1,444.09,444.09]
["Composição Auxiliar"," 124 ","ORSE","Concreto simples fabricado na obra, fck=13,5 mpa (b1/b2), sem lançamento e adensamento","Concreto Simples",null,"m³",1,398.64,398.64]
["Composição Auxiliar"," 7692 ","ORSE","Lançamento de concreto simples fabricado na obra, inclusive adensamento e acabamento em peças da superestrutura","Concreto Simples",null,"m³",1,45.45,45.45]
[{"$nulls":4},"MO sem LS =>",111.87,"LS =>",0,"MO com LS =>",111.87]
[{"$nulls":4},"Valor do BDI =>",107.6,null,"Valor com BDI =>",null,551.69000000000005]
[]
[null,"Código","Banco","Descrição","Tipo",null,"Und","Quant.","Valor Unit","Total"]
["Composição"," 101891 ","SINAPI","DISJUNTOR MONOPOLAR TIPO NEMA, CORRENTE NOMINAL DE 35 ATÉ 50A - FORNECIMENTO E INSTALAÇÃO. AF_10/2020","INEL - INSTALAÇÃO ELÉTRICA/ELETRIFICAÇÃO E ILUMINAÇÃO EXTERNA",null,"UN",1,22.7,22.7]
["Composição Auxiliar"," 88264 ","SINAPI","ELETRICISTA COM ENCARGOS COMPLEMENTARES","SEDI - SERVIÇOS DIVERSOS",null,"H",0.13519999999999999,21.59,2.91]
["Composição Auxiliar"," 88247 ","SINAPI","AUXILIAR DE ELETRICISTA COM ENCARGOS COMPLEMENTARES","SEDI - SERVIÇOS DIVERSOS",null,"H",0.13519999999999999,16.91,2.2799999999999998]
["Insumo"," 00002386 ","SINAPI","DISJUNTOR TIPO NEMA, MONOPOLAR 35  ATE  50 A, TENSAO MAXIMA DE 240 V","Material",null,"UN",1,15.93,15.93]
["Insumo"," 00001574 ","SINAPI","TERMINAL A COMPRESSAO EM COBRE ESTANHADO PARA CABO 10 MM2, 1 FURO E 1 COMPRESSAO, PARA PARAFUSO DE FIXACAO M6","Material",null,"UN",1,1.58,1.58]
[{"$nulls":4},"MO sem LS =>",4.3099999999999996,"LS =>",0,"MO com LS =>",4.3099999999999996]
[{"$nulls":4},"Valor do BDI =>",5.5,null,"Valor com BDI =>",null,28.2]
[]
[null,"Código","Banco","Descrição","Tipo",null,"Und","Quant.","Valor Unit","Total"]
["Composição"," 88264 ","SINAPI","ELETRICISTA COM ENCARGOS COMPLEMENTARES","SEDI - SERVIÇOS DIVERSOS",null,"H",1,21.59,21.59]
["Composição Auxiliar"," 95332 ","SINAPI","CURSO DE CAPACITAÇÃO PARA ELETRICISTA (ENCARGOS COMPLEMENTARES) - HORISTA","SEDI - SERVIÇOS DIVERSOS",null,"H",1,0.53,0.53]
["Insumo"," 00037370 ","SINAPI","ALIMENTACAO - HORISTA (COLETADO CAIXA)","Outros",null,"H",1,0.01,0.01]
["Insumo"," 00002436 ","SINAPI","ELETRICISTA (HORISTA)","Mão de Obra",null,"H",1,17.809999999999999,17.809999999999999]
["Insumo"," 00043484 ","SINAPI","EPI - FAMILIA ELETRICISTA - HORISTA (ENCARGOS COMPLEMENTARES - COLETADO CAIXA)","Equipamento",null,"H",1,1.07,1.07]
["Insumo"," 00037372 ","SINAPI","EXAMES - HORISTA (COLETADO CAIXA)","Outros",null,"H",1,0.81,0.81]
["Insumo"," 00043460 ","SINAPI","FERRAMENTAS - FAMILIA ELETRICISTA - HORISTA (ENCARGOS COMPLEMENTARES - COLETADO CAIXA)","Equipamento",null,"H",1,0.78,0.78]
["Insumo"," 00037373 ","SINAPI","SEGURO - HORISTA (COLETADO CAIXA)","Taxas",null,"H",1,0.01,0.01]
["Insumo"," 00037371 ","SINAPI","TRANSPORTE - HORISTA (COLETADO CAIXA)","Serviços",null,"H",1,0.56999999999999995,0.56999999999999995]
[{"$nulls":4},"MO sem LS =>",18.34,"LS =>",0,"MO com LS =>",18.34]
[{"$nulls":4},"Valor do BDI =>",5.23,null,"Valor com BDI =>",null,26.82]
[]
[null,"Código","Banco","Descrição","Tipo",null,"Und","Quant.","Valor Unit","Total"]
["Composição"," 91862 ","SINAPI","ELETRODUTO RÍGIDO ROSCÁVEL, PVC, DN 20 MM (1/2\"), PARA CIRCUITOS TERMINAIS, INSTALADO EM FORRO - FORNECIMENTO E INSTALAÇÃO. AF_12/2015","INEL - INSTALAÇÃO ELÉTRICA/ELETRIFICAÇÃO E ILUMINAÇÃO EXTERNA",null,"M",1,9.4499999999999993,9.4499999999999993]
["Composição Auxiliar"," 91170 ","SINAPI","FIXAÇÃO DE TUBOS HORIZONTAIS DE PVC, CPVC OU COBRE DIÂMETROS MENORES OU IGUAIS A 40 MM OU ELETROCALHAS ATÉ 150MM DE LARGURA, COM ABRAÇADEIRA METÁLICA RÍGIDA TIPO D 1/2\u0094, FIXADA EM PERFILADO EM LAJE. AF_05/2015","INHI - INSTALAÇÕES HIDROS SANITÁRIAS",null,"M",1,3.46,3.46]
["Composição Auxiliar"," 88264 ","SINAPI","ELETRICISTA COM ENCARGOS COMPLEMENTARES","SEDI - SERVIÇOS DIVERSOS",null,"H",6.5000000000000002E-2,21.59,1.4]
["Composição Auxiliar"," 88247 ","SINAPI","AUXILIAR DE ELETRICISTA COM ENCARGOS COMPLEMENTARES","SEDI - SERVIÇOS DIVERSOS",null,"H",6.5000000000000002E-2,16.91,1.0900000000000001]
["Insumo"," 00002673 ","SINAPI","ELETRODUTO DE PVC RIGIDO ROSCAVEL DE 1/2 \", SEM LUVA","Material",null,"M",1.0169999999999999,3.45,3.5]
[{"$nulls":4},"MO sem LS =>",3.44,"LS =>",0,"MO com LS =>",3.44]
[{"$nulls":4},"Valor do BDI =>",2.2799999999999998,null,"Valor com BDI =>",null,11.73]
[]
[null,"Código","Banco","Descrição","Tipo",null,"Und","Quant.","Valor Unit","Total"]
["Composição"," 91870 ","SINAPI","ELETRODUTO RÍGIDO ROSCÁVEL, PVC, DN 20 MM (1/2\"), PARA CIRCUITOS TERMINAIS, INSTALADO EM PAREDE - FORNECIMENTO E INSTALAÇÃO. AF_12/2015","INEL - INSTALAÇÃO ELÉTRICA/ELETRIFICAÇÃO E ILUMINAÇÃO EXTERNA",null,"M",1,9.35,9.35]
["Composição Auxiliar"," 88264 ","SINAPI","ELETRICISTA COM ENCARGOS COMPLEMENTARES","SEDI - SERVIÇOS DIVERSOS",null,"H",0.152,21.59,3.28]
["Composição Auxiliar"," 88247 ","SINAPI","AUXILIAR DE ELETRICISTA COM ENCARGOS COMPLEMENTARES","SEDI - SERVIÇOS DIVERSOS",null,"H",0.152,16.91,2.57]
["Insumo"," 00002673 ","SINAPI","ELETRODUTO DE PVC RIGIDO ROSCAVEL DE 1/2 \", SEM LUVA","Material",null,"M",1.0169999999999999,3.45,3.5]
[{"$nulls":4},"MO sem LS =>",4.8499999999999996,"LS =>",0,"MO com LS =>",4.8499999999999996]
[{"$nulls":4},"Valor do BDI =>",2.2599999999999998,null,"Valor com BDI =>",null,11.61]
[]
[null,"Código","Banco","Descrição","Tipo",null,"Und","Quant.","Valor Unit","Total"]
["Composição"," 87531 ","SINAPI","EMBOÇO, PARA RECEBIMENTO DE CERÂMICA, EM ARGAMASSA TRAÇO 1:2:8, PREPARO MECÂNICO COM BETONEIRA 400L, APLICADO MANUALMENTE EM FACES INTERNAS DE PAREDES, PARA AMBIENTE COM ÁREA ENTRE 5M2 E 10M2, ESPESSURA DE 20MM, COM EXECUÇÃO DE TALISCAS. AF_06/2014","REVE - REVESTIMENTO E TRATAMENTO DE SUPERFÍCIES",null,"m²",1,28.55,28.55]
["Composição Auxiliar"," 87292 ","SINAPI","ARGAMASSA TRAÇO 1:2:8 (EM VOLUME DE CIMENTO, CAL E AREIA MÉDIA ÚMIDA) PARA EMBOÇO/MASSA ÚNICA/ASSENTAMENTO DE ALVENARIA DE VEDAÇÃO, PREPARO MECÂNICO COM BETONEIRA 400 L. AF_08/2019","SEDI - SERVIÇOS DIVERSOS",null,"m³",3.7600000000000001E-2,448.68,16.87]
["Composição Auxiliar"," 88309 ","SINAPI","PEDREIRO COM ENCARGOS COMPLEMENTARES","SEDI - SERVIÇOS DIVERSOS",null,"H",0.43,21.34,9.17]
["Composição Auxiliar"," 88316 ","SINAPI","SERVENTE COM ENCARGOS COMPLEMENTARES","SEDI - SERVIÇOS DIVERSOS",null,"H",0.158,15.9,2.5099999999999998]
[{"$nulls":4},"MO sem LS =>",12.36,"LS =>",0,"MO com LS =>",12.36]
[{"$nulls":4},"Valor do BDI =>",6.91,null,"Valor com BDI =>",null,35.46]
[]
[null,"Código","Banco","Descrição","Tipo",null,"Und","Quant.","Valor Unit","Total"]
["Composição"," 87527 ","SINAPI","EMBOÇO, PARA RECEBIMENTO DE CERÂMICA, EM ARGAMASSA TRAÇO 1:2:8, PREPARO MECÂNICO COM BETONEIRA 400L, APLICADO MANUALMENTE EM FACES INTERNAS DE PAREDES, PARA AMBIENTE COM ÁREA MENOR QUE 5M2, ESPESSURA DE 20MM, COM EXECUÇÃO DE TALISCAS. AF_06/2014","REVE - REVESTIMENTO E TRATAMENTO DE SUPERFÍCIES",null,"m²",1,32.590000000000003,32.590000000000003]
["Composição Auxiliar"," 87292 ","SINAPI","ARGAMASSA TRAÇO 1:2:8 (EM VOLUME DE CIMENTO, CAL E AREIA MÉDIA ÚMIDA) PARA EMBOÇO/MASSA ÚNICA/ASSENTAMENTO DE ALVENARIA DE VEDAÇÃO, PREPARO MECÂNICO COM BETONEIRA 400 L. AF_08/2019","SEDI - SERVIÇOS DIVERSOS",null,"m³",3.7600000000000001E-2,448.68,16.87]
["Composição Auxiliar"," 88309 ","SINAPI","PEDREIRO COM ENCARGOS COMPLEMENTARES","SEDI - SERVIÇOS DIVERSOS",null,"H",0.57999999999999996,21.34,12.37]
["Composição Auxiliar"," 88316 ","SINAPI","SERVENTE COM ENCARGOS COMPLEMENTARES","SEDI - SERVIÇOS DIVERSOS",null,"H",0.21099999999999999,15.9,3.35]
[{"$nulls":4},"MO sem LS =>",15.75,"LS =>",0,"MO com LS =>",15.75]
[{"$nulls":4},"Valor do BDI =>",7.89,null,"Valor com BDI =>",null,40.479999999999997]
[]
[null,"Código","Banco","Descrição","Tipo",null,"Und","Quant.","Valor Unit","Total"]
["Composição"," 88267 ","SINAPI","ENCANADOR OU BOMBEIRO HIDRÁULICO COM ENCARGOS COMPLEMENTARES","SEDI - SERVIÇOS DIVERSOS",null,"H",1,20.73,20.73]
["Composição Auxiliar"," 95335 ","SINAPI","CURSO DE CAPACITAÇÃO PARA ENCANADOR OU BOMBEIRO HIDRÁULICO (ENCARGOS COMPLEMENTARES) - HORISTA","SEDI - SERVIÇOS DIVERSOS",null,"H",1,0.26,0.26]
["Insumo"," 00037370 ","SINAPI","ALIMENTACAO - HORISTA (COLETADO CAIXA)","Outros",null,"H",1,0.01,0.01]
["Insumo"," 00002696 ","SINAPI","ENCANADOR OU BOMBEIRO HIDRAULICO (HORISTA)","Mão de Obra",null,"H",1,17.809999999999999,17.809999999999999]
["Insumo"," 00043485 ","SINAPI","EPI - FAMILIA ENCANADOR - HORISTA (ENCARGOS COMPLEMENTARES - COLETADO CAIXA)","Equipamento",null,"H",1,0.94,0.94]
["Insumo"," 00037372 ","SINAPI","EXAMES - HORISTA (COLETADO CAIXA)","Outros",null,"H",1,0.81,0.81]
["Insumo"," 00043461 ","SINAPI","FERRAMENTAS - FAMILIA ENCANADOR - HORISTA (ENCARGOS COMPLEMENTARES - COLETADO CAIXA)","Equipamento",null,"H",1,0.32,0.32]
["Insumo"," 00037373 ","SINAPI","SEGURO - HORISTA (COLETADO CAIXA)","Taxas",null,"H",1,0.01,0.01]
["Insumo"," 00037371 ","SINAPI","TRANSPORTE - HORISTA (COLETADO CAIXA)","Serviços",null,"H",1,0.56999999999999995,0.56999999999999995]
[{"$nulls":4},"MO sem LS =>",18.07,"LS =>",0,"MO com LS =>",18.07]
[{"$nulls":4},"Valor do BDI =>",5.0199999999999996,null,"Valor com BDI =>",null,25.75]
[]
[null,"Código","Banco","Descrição","Tipo",null,"Und","Quant.","Valor Unit","Total"]
["Composição"," 86884 ","SINAPI","ENGATE FLEXÍVEL EM PLÁSTICO BRANCO, 1/2\u0094 X 30CM - FORNECIMENTO E INSTALAÇÃO. AF_01/2020","INHI - INSTALAÇÕES HIDROS SANITÁRIAS",null,"UN",1,8.0399999999999991,8.0399999999999991]
["Composição Auxiliar"," 88267 ","SINAPI","ENCANADOR OU BOMBEIRO HIDRÁULICO COM ENCARGOS COMPLEMENTARES","SEDI - SERVIÇOS DIVERSOS",null,"H",0.1525,20.73,3.16]
["Composição Auxiliar"," 88316 ","SINAPI","SERVENTE COM ENCARGOS COMPLEMENTARES","SEDI - SERVIÇOS DIVERSOS",null,"H",4.8099999999999997E-2,15.9,0.76]
["Insumo"," 00006141 ","SINAPI","ENGATE/RABICHO FLEXIVEL PLASTICO (PVC OU ABS) BRANCO 1/2 \" X 30 CM","Material",null,"UN",1,4.05,4.05]
["Insumo"," 00003146 ","SINAPI","FITA VEDA ROSCA EM ROLOS DE 18 MM X 10 M (L X C)","Material",null,"UN",2.1000000000000001E-2,3.6,7.0000000000000007E-2]
[{"$nulls":4},"MO sem LS =>",3.36,"LS =>",0,"MO com LS =>",3.36]
[{"$nulls":4},"Valor do BDI =>",1.94,null,"Valor com BDI =>",null,9.98]
[]
[null,"Código","Banco","Descrição","Tipo",null,"Und","Quant.","Valor Unit","Total"]
["Composição"," 93358 ","SINAPI","ESCAVAÇÃO MANUAL DE VALA COM PROFUNDIDADE MENOR OU IGUAL A 1,30 M. AF_02/2021","MOVT - MOVIMENTO DE TERRA",null,"m³",1,62.9,62.9]
["Composição Auxiliar"," 88316 ","SINAPI","SERVENTE COM ENCARGOS COMPLEMENTARES","SEDI - SERVIÇOS DIVERSOS",null,"H",3.956,15.9,62.9]
[{"$nulls":4},"MO sem LS =>",50.59,"LS =>",0,"MO com LS =>",50.59]
[{"$nulls":4},"Valor do BDI =>",15.24,null,"Valor com BDI =>",null,78.14]
[]
[null,"Código","Banco","Descrição","Tipo",null,"Und","Quant.","Valor Unit","Total"]
["Composição"," 10555 ","ORSE","Encargos Complementares - Armador","Provisórios",null,"h",1,3.49,3.49]
["Insumo"," 158 ","ORSE","Almoço (Participação do empregador)","Material",null,"un",0.1018,14,1.42]
["Insumo"," 941 ","ORSE","Fardamento com mangas curta","Material",null,"un",1.5E-3,172.83,0.25]
["Insumo"," 1651 ","ORSE","Óculos branco proteção","Material",null,"pr",8.0000000000000004E-4,6,0]
["Insumo"," 2378 ","ORSE","Vale transporte","Material",null,"un",6.54E-2,4,0.26]
["Insumo"," 10362 ","ORSE","Seguro de vida e acidente em grupo","Serviços",null,"un",4.4999999999999997E-3,12.54,0.05]
["Insumo"," 10492 ","ORSE","Cesta Básica","Material",null,"un",4.4999999999999997E-3,165,0.74]
["Insumo"," 10586 ","ORSE","Torquesa","Material",null,"un",2.0000000000000001E-4,36.9,0]
["Insumo"," 10517 ","ORSE","Exames admissionais/demissionais (checkup)","Serviços",null,"cj",4.0000000000000002E-4,300,0.12]
["Insumo"," 10596 ","ORSE","Protetor auricular","Material",null,"un",4.4999999999999997E-3,4.9000000000000004,0.02]
["Insumo"," 10599 ","ORSE","Protetor solar fps 30 com 120ml","Material",null,"un",1.8E-3,35.9,0.06]
["Insumo"," 10585 ","ORSE","Arco de serra","Material",null,"un",2.0000000000000001E-4,21.31,0]
["Insumo"," 10761 ","ORSE","Refeição - café da manhã ( café com leite e dois pães com manteiga)","Serviços",null,"un",0.1018,5,0.5]
["Insumo"," 00012893 ","SINAPI","BOTA DE SEGURANCA COM BIQUEIRA DE ACO E COLARINHO ACOLCHOADO","Material",null,"PAR",8.0000000000000004E-4,67.2,0.05]
["Insumo"," 00012895 ","SINAPI","CAPACETE DE SEGURANCA ABA FRONTAL COM SUSPENSAO DE POLIETILENO, SEM JUGULAR (CLASSE B)","Material",null,"UN",5.9999999999999995E-4,14,0]
["Insumo"," 00012894 ","SINAPI","CAPA PARA CHUVA EM PVC COM FORRO DE POLIESTER, COM CAPUZ (AMARELA OU AZUL)","Material",null,"UN",2.0000000000000001E-4,18.2,0]
["Insumo"," 00012892 ","SINAPI","LUVA RASPA DE COURO, CANO CURTO (PUNHO *7* CM)","Equipamento",null,"PAR",2.3E-3,12.6,0.02]
[{"$nulls":4},"MO sem LS =>",0,"LS =>",0,"MO com LS =>",0]
[{"$nulls":4},"Valor do BDI =>",0.84,null,"Valor com BDI =>",null,4.33]
[]
[null,"Código","Banco","Descrição","Tipo",null,"Und","Quant.","Valor Unit","Total"]
["Composição"," 10551 ","ORSE","Encargos Complementares - Carpinteiro","Provisórios",null,"h",1,3.55,3.55]
["Insumo"," 158 ","ORSE","Almoço (Participação do empregador)","Material",null,"un",0.1018,14,1.42]
["Insumo"," 941 ","ORSE","Fardamento com mangas curta","Material",null,"un",1.5E-3,172.83,0.25]
["Insumo"," 1651 ","ORSE","Óculos branco proteção","Material",null,"pr",6.9999999999999999E-4,6,0]
["Insumo"," 2378 ","ORSE","Vale transporte","Material",null,"un",6.54E-2,4,0.26]
["Insumo"," 10362 ","ORSE","Seguro de vida e acidente em grupo","Serviços",null,"un",4.4999999999999997E-3,12.54,0.05]
["Insumo"," 10492 ","ORSE","Cesta Básica","Material",null,"un",4.4999999999999997E-3,165,0.74]
["Insumo"," 10517 ","ORSE","Exames admissionais/demissionais (checkup)","Serviços",null,"cj",4.0000000000000002E-4,300,0.12]
["Insumo"," 10579 ","ORSE","Chave de fenda chata 30 cm","Material",null,"un",2.0000000000000001E-4,22.89,0]
["Insumo"," 10577 ","ORSE","Serrote 40cm","Material",null,"un",1E-4,30,0]
["Insumo"," 10596 ","ORSE","Protetor auricular","Material",null,"un",4.4999999999999997E-3,4.9000000000000004,0.02]
["Insumo"," 10599 ","ORSE","Protetor solar fps 30 com 120ml","Material",null,"un",1.8E-3,35.9,0.06]
["Insumo"," 10578 ","ORSE","Formão grande","Material",null,"un",2.0000000000000001E-4,15.15,0]
["Insumo"," 10761 ","ORSE","Refeição - café da manhã ( café com leite e dois pães com manteiga)","Serviços",null,"un",0.1018,5,0.5]
["Insumo"," 11244 ","ORSE","Martelo com unha","Material",null,"un",2.0000000000000001E-4,37.9,0]
["Insumo"," 11249 ","ORSE","Serra circular eletrica portatil","Equipamento",null,"un",1E-4,518,0.05]
["Insumo"," 11248 ","ORSE","Furadeira e Parafusadeira eletrica Bosch ou Similar profissional","Equipamento",null,"un",1E-4,246,0.02]
["Insumo"," 00012893 ","SINAPI","BOTA DE SEGURANCA COM BIQUEIRA DE ACO E COLARINHO ACOLCHOADO","Material",null,"PAR",6.9999999999999999E-4,67.2,0.04]
["Insumo"," 00012895 ","SINAPI","CAPACETE DE SEGURANCA ABA FRONTAL COM SUSPENSAO DE POLIETILENO, SEM JUGULAR (CLASSE B)","Material",null,"UN",5.9999999999999995E-4,14,0]
["Insumo"," 00012894 ","SINAPI","CAPA PARA CHUVA EM PVC COM FORRO DE POLIESTER, COM CAPUZ (AMARELA OU AZUL)","Material",null,"UN",2.0000000000000001E-4,18.2,0]
["Insumo"," 00012892 ","SINAPI","LUVA RASPA DE COURO, CANO CURTO (PUNHO *7* CM)","Equipamento",null,"PAR",2.3E-3,12.6,0.02]
[{"$nulls":4},"MO sem LS =>",0,"LS =>",0,"MO com LS =>",0]
[{"$nulls":4},"Valor do BDI =>",0.86,null,"Valor com BDI =>",null,4.41]
[]
[null,"Código","Banco","Descrição","Tipo",null,"Und","Quant.","Valor Unit","Total"]
["Composição"," 10552 ","ORSE","Encargos Complementares - Eletricista","Provisórios",null,"h",1,3.51,3.51]
["Insumo"," 158 ","ORSE","Almoço (Participação do empregador)","Material",null,"un",0.1018,14,1.42]
["Insumo"," 941 ","ORSE","Fardamento com mangas curta","Material",null,"un",1.5E-3,172.83,0.25]
["Insumo"," 1651 ","ORSE","Óculos branco proteção","Material",null,"pr",8.0000000000000004E-4,6,0]
["Insumo"," 2378 ","ORSE","Vale transporte","Material",null,"un",6.54E-2,4,0.26]
["Insumo"," 10492 ","ORSE","Cesta Básica","Material",null,"un",4.4999999999999997E-3,165,0.74]
["Insumo"," 10362 ","ORSE","Seguro de vida e acidente em grupo","Serviços",null,"un",4.4999999999999997E-3,12.54,0.05]
["Insumo"," 10599 ","ORSE","Protetor solar fps 30 com 120ml","Material",null,"un",1.8E-3,35.9,0.06]
["Insumo"," 10596 ","ORSE","Protetor auricular","Material",null,"un",4.4999999999999997E-3,4.9000000000000004,0.02]
["Insumo"," 10579 ","ORSE","Chave de fenda chata 30 cm","Material",null,"un",2.0000000000000001E-4,22.89,0]
["Insumo"," 10517 ","ORSE","Exames admissionais/demissionais (checkup)","Serviços",null,"cj",4.0000000000000002E-4,300,0.12]
["Insumo"," 10761 ","ORSE","Refeição - café da manhã ( café com leite e dois pães com manteiga)","Serviços",null,"un",0.1018,5,0.5]
["Insumo"," 11242 ","ORSE","Chave inglesa 12\"","Material",null,"un",1E-4,47,0]
["Insumo"," 11241 ","ORSE","Alicate volt-amperimetro","Material",null,"un",2.0000000000000001E-4,160,0.03]
["Insumo"," 11240 ","ORSE","Alicate com isolamento","Material",null,"un",2.0000000000000001E-4,43.9,0]
["Insumo"," 00012893 ","SINAPI","BOTA DE SEGURANCA COM BIQUEIRA DE ACO E COLARINHO ACOLCHOADO","Material",null,"PAR",6.9999999999999999E-4,67.2,0.04]
["Insumo"," 00012895 ","SINAPI","CAPACETE DE SEGURANCA ABA FRONTAL COM SUSPENSAO DE POLIETILENO, SEM JUGULAR (CLASSE B)","Material",null,"UN",5.9999999999999995E-4,14,0]
["Insumo"," 00012894 ","SINAPI","CAPA PARA CHUVA EM PVC COM FORRO DE POLIESTER, COM CAPUZ (AMARELA OU AZUL)","Material",null,"UN",2.0000000000000001E-4,18.2,0]
["Insumo"," 00012892 ","SINAPI","LUVA RASPA DE COURO, CANO CURTO (PUNHO *7* CM)","Equipamento",null,"PAR",2.3E-3,12.6,0.02]
[{"$nulls":4},"MO sem LS =>",0,"LS =>",0,"MO com LS =>",0]
[{"$nulls":4},"Valor do BDI =>",0.85,null,"Valor com BDI =>",null,4.3600000000000003]
[]
[null,"Código","Banco","Descrição","Tipo",null,"Und","Quant.","Valor Unit","Total"]
["Composição"," 10550 ","ORSE","Encargos Complementares - Pedreiro","Provisórios",null,"h",1,3.52,3.52]
["Insumo"," 158 ","ORSE","Almoço (Participação do empregador)","Material",null,"un",0.1018,14,1.42]
["Insumo"," 941 ","ORSE","Fardamento com mangas curta","Material",null,"un",1.5E-3,172.83,0.25]
["Insumo"," 1651 ","ORSE","Óculos branco proteção","Material",null,"pr",8.0000000000000004E-4,6,0]
["Insumo"," 2378 ","ORSE","Vale transporte","Material",null,"un",6.54E-2,4,0.26]
["Insumo"," 4174 ","ORSE","Desempenadeira de aço lisa, cabo madeira, ref:143, Atlas ou similar","Material",null,"un",5.0000000000000001E-4,10.8,0]
["Insumo"," 4722 ","ORSE","Colher de pedreiro","Material",null,"un",4.0000000000000002E-4,18.8,0]
["Insumo"," 10282 ","ORSE","Regua de alumínio c/ 2,00m (para pedreiro)","Material",null,"un",2.0000000000000001E-4,40.799999999999997,0]
["Insumo"," 10492 ","ORSE","Cesta Básica","Material",null,"un",4.4999999999999997E-3,165,0.74]
["Insumo"," 10362 ","ORSE","Seguro de vida e acidente em grupo","Serviços",null,"un",4.4999999999999997E-3,12.54,0.05]
["Insumo"," 10599 ","ORSE","Protetor solar fps 30 com 120ml","Material",null,"un",1.8E-3,35.9,0.06]
["Insumo"," 10596 ","ORSE","Protetor auricular","Material",null,"un",4.4999999999999997E-3,4.9000000000000004,0.02]
["Insumo"," 10517 ","ORSE","Exames admissionais/demissionais (checkup)","Serviços",null,"cj",4.0000000000000002E-4,300,0.12]
["Insumo"," 10790 ","ORSE","Prumo de face","Material",null,"un",1E-4,22.98,0]
["Insumo"," 10789 ","ORSE","Nível de bolha de madeira","Material",null,"un",2.0000000000000001E-4,16.5,0]
["Insumo"," 10761 ","ORSE","Refeição - café da manhã ( café com leite e dois pães com manteiga)","Serviços",null,"un",0.1018,5,0.5]
["Insumo"," 11247 ","ORSE","Serra mármore Serra marmore","Material",null,"un",1E-4,327.8,0.03]
["Insumo"," 11245 ","ORSE","Desempoladeira de madeira 12x22","Material",null,"un",6.9999999999999999E-4,11.26,0]
["Insumo"," 11264 ","ORSE","Marreta de 1/2 kg com cabo","Material",null,"un",2.0000000000000001E-4,13.52,0]
["Insumo"," 11246 ","ORSE","Escala métrica de bambú","Material",null,"Un",6.9999999999999999E-4,9.0500000000000007,0]
["Insumo"," 11243 ","ORSE","Martelo sem unha","Material",null,"un",1E-4,27.5,0]
["Insumo"," 11265 ","ORSE","Martelo de borracha com cabo","Material",null,"un",4.0000000000000002E-4,11.5,0]
["Insumo"," 00012893 ","SINAPI","BOTA DE SEGURANCA COM BIQUEIRA DE ACO E COLARINHO ACOLCHOADO","Material",null,"PAR",8.0000000000000004E-4,67.2,0.05]
["Insumo"," 00012894 ","SINAPI","CAPA PARA CHUVA EM PVC COM FORRO DE POLIESTER, COM CAPUZ (AMARELA OU AZUL)","Material",null,"UN",2.0000000000000001E-4,18.2,0]
["Insumo"," 00012895 ","SINAPI","CAPACETE DE SEGURANCA ABA FRONTAL COM SUSPENSAO DE POLIETILENO, SEM JUGULAR (CLASSE B)","Material",null,"UN",5.9999999999999995E-4,14,0]
["Insumo"," 00012892 ","SINAPI","LUVA RASPA DE COURO, CANO CURTO (PUNHO *7* CM)","Equipamento",null,"PAR",2.3E-3,12.6,0.02]
[{"$nulls":4},"MO sem LS =>",0,"LS =>",0,"MO com LS =>",0]
[{"$nulls":4},"Valor do BDI =>",0.85,null,"Valor com BDI =>",null,4.37]
[]
[null,"Código","Banco","Descrição","Tipo",null,"Und","Quant.","Valor Unit","Total"]
["Composição"," 10549 ","ORSE","Encargos Complementares - Servente","Provisórios",null,"h",1,3.65,3.65]
["Insumo"," 158 ","ORSE","Almoço (Participação do empregador)","Material",null,"un",0.1018,14,1.42]
["Insumo"," 941 ","ORSE","Fardamento com mangas curta","Material",null,"un",1.5E-3,172.83,0.25]
["Insumo"," 1651 ","ORSE","Óculos branco proteção","Material",null,"pr",8.0000000000000004E-4,6,0]
["Insumo"," 2378 ","ORSE","Vale transporte","Material",null,"un",9.4100000000000003E-2,4,0.37]
["Insumo"," 4729 ","ORSE","Marreta 1 kg com cabo","Material",null,"un",1E-4,31.5,0]
["Insumo"," 4728 ","ORSE","Talhadeira chata 10\" Talhadeira chara 10\"","Material",null,"un",2.9999999999999997E-4,13.85,0]
["Insumo"," 10492 ","ORSE","Cesta Básica","Material",null,"un",4.4999999999999997E-3,165,0.74]
["Insumo"," 10362 ","ORSE","Seguro de vida e acidente em grupo","Serviços",null,"un",4.4999999999999997E-3,12.54,0.05]
["Insumo"," 10599 ","ORSE","Protetor solar fps 30 com 120ml","Material",null,"un",1.8E-3,35.9,0.06]
["Insumo"," 10596 ","ORSE","Protetor auricular","Material",null,"un",4.4999999999999997E-3,4.9000000000000004,0.02]
["Insumo"," 10517 ","ORSE","Exames admissionais/demissionais (checkup)","Serviços",null,"cj",4.0000000000000002E-4,300,0.12]
["Insumo"," 10788 ","ORSE","Pá quadrada","Material",null,"un",2.0000000000000001E-4,36.9,0]
["Insumo"," 10761 ","ORSE","Refeição - café da manhã ( café com leite e dois pães com manteiga)","Serviços",null,"un",0.1018,5,0.5]
["Insumo"," 00012893 ","SINAPI","BOTA DE SEGURANCA COM BIQUEIRA DE ACO E COLARINHO ACOLCHOADO","Material",null,"PAR",8.0000000000000004E-4,67.2,0.05]
["Insumo"," 00012895 ","SINAPI","CAPACETE DE SEGURANCA ABA FRONTAL COM SUSPENSAO DE POLIETILENO, SEM JUGULAR (CLASSE B)","Material",null,"UN",5.9999999999999995E-4,14,0]
["Insumo"," 00012894 ","SINAPI","CAPA PARA CHUVA EM PVC COM FORRO DE POLIESTER, COM CAPUZ (AMARELA OU AZUL)","Material",null,"UN",2.0000000000000001E-4,18.2,0]
["Insumo"," 00002711 ","SINAPI","CARRINHO DE MAO DE ACO CAPACIDADE 50 A 60 L, PNEU COM CAMARA","Equipamento",null,"UN",2.0000000000000001E-4,272,0.05]
["Insumo"," 00012892 ","SINAPI","LUVA RASPA DE COURO, CANO CURTO (PUNHO *7* CM)","Equipamento",null,"PAR",2.3E-3,12.6,0.02]
[{"$nulls":4},"MO sem LS =>",0,"LS =>",0,"MO com LS =>",0]
[{"$nulls":4},"Valor do BDI =>",0.88,null,"Valor com BDI =>",null,4.53]
[]
[null,"Código","Banco","Descrição","Tipo",null,"Und","Quant.","Valor Unit","Total"]
["Composição"," 2003842 ","SICRO3","Enchimento de junta de concreto com argamassa asfáltica de densidade 1.700 kg/m³ - espessura de 1 cm","",null,"kg",1,53.67,53.67]
["B","Código","Banco","Mão de Obra","Quantidade","Salário Hora",null,null,null,"Custo Horário"]
["Insumo","P9824","SICRO3","Servente",2,null,null,null,17.772500000000001,35.545000000000002]
[{"$nulls":6},"Custo Horário da Mão de Obra =>",null,null,35.545000000000002]
[{"$nulls":6},"Adc.M.O. - Ferramentas (0,0%) =>",null,null,0]
[{"$nulls":6},"Custo Horário de Execução =>",null,null,35.545000000000002]
[{"$nulls":6},"Fator de Influencia da Chuva - FIC =>",null,null,0]
[{"$nulls":6},"Custo do FIC =>",null,null,0]
[{"$nulls":6},"Produção de Equipe =>",null,null,1]
[{"$nulls":6},"Custo Unitário de Execução =>",null,null,35.545000000000002]
["C","Banco","Código","Material","Quantidade","Unidade","Preço Unitário",null,null,"Custo Horário"]
["Insumo","SICRO3","M2158","Argamassa asfáltica",1,"kg",18.098099999999999,null,null,18.098099999999999]
[{"$nulls":6},"Custo Total do Material =>",null,null,18.098099999999999]
["E","Banco","Insumo","Tempos Fixos","Código","Quantidade","Unidade","Preço Unitário",null,"Custo Horário"]
["Tempo Fixo","SICRO3","M2158","Carga, manobra e descarga de materiais diversos em caminhão carroceria de 15 t - carga e descarga manuais",5914655,1E-3,"t",29.92,null,2.9899999999999999E-2]
[{"$nulls":6},"Custo Total dos Tempos Fixos =>",null,null,2.9899999999999999E-2]
["F","Banco","Insumo","Momento de Transporte","Quantidade","Unidade","Distância Média de Transporte (DMT)",null,null,"Custo Horário"]
[{"$nulls":6},"LN","RP","P"]
["Momento de Transporte","SICRO3","M2158","Argamassa asfáltica - Caminhão carroceria com capacidade de 15 t - 188 kW",1E-3,"tkm","5914449\n0,000\nR$  1,02","5914464\n0,000\nR$  0,82","5914479\n0,000\nR$  0,66",0]
[{"$nulls":6},"Custo total dos Momentos de Transportes =>",null,null,0]
[{"$nulls":4},"MO sem LS =>",35.554006299999998,"LS =>",0,"MO com LS =>",35.554006334459459]
[{"$nulls":4},"Valor do BDI =>",13,null,"Valor com BDI =>",null,66.67]
[]
[null,"Código","Banco","Descrição","Tipo",null,"Und","Quant.","Valor Unit","Total"]
["Composição"," 1 A 01 105 01 ","SICRO2","Expurgo de jazida (const e restr)","Atividades Auxiliares",null,"m³",1,2.39,2.39]
["A","Código","Banco","Equipamentos","Quantidade","Utilização",null,"Custo Operacional",null,"Custo Horário"]
[{"$nulls":5},"Operativa","Improdutiva","Operativa","Improdutiva"]
["Insumo","E002","SICRO2","Trator de Esteiras : Caterpillar : D6N -  com lâmina ",1,1,0,221.1146,23.832599999999999,221.1146]
[{"$nulls":6},"Custo Horário de Equipamentos =>",null,null,221.1146]
["B","Código","Banco","Mão de Obra","Quantidade","Salário Hora",null,null,null,"Custo Horário"]
["Insumo","T501","SICRO2","Encarregado de turma ",0.3,null,null,null,29.465800000000002,8.8397000000000006]
["Insumo","T701","SICRO2","Servente ",2,null,null,null,9.6196999999999999,19.2394]
[{"$nulls":6},"Custo Horário da Mão de Obra =>",null,null,28.0791]
[{"$nulls":6},"Adc.M.O. - Ferramentas (15,51%) =>",null,null,4.3551000000000002]
[{"$nulls":6},"Custo Horário de Execução =>",null,null,253.5488]
[{"$nulls":6},"Fator de Influencia da Chuva - FIC =>",null,null,0]
[{"$nulls":6},"Custo do FIC =>",null,null,0]
[{"$nulls":6},"Produção de Equipe =>",null,null,106]
[{"$nulls":6},"Custo Unitário de Execução =>",null,null,2.3919999999999999]
[{"$nulls":4},"MO sem LS =>",0.26489754716981134,"LS =>",0,"MO com LS =>",0.26489754716981134]
[{"$nulls":4},"Valor do BDI =>",0.56999999999999995,null,"Valor com BDI =>",null,2.96]
[]
[null,"Código","Banco","Descrição","Tipo",null,"Und","Quant.","Valor Unit","Total"]
["Composição"," 91170 ","SINAPI","FIXAÇÃO DE TUBOS HORIZONTAIS DE PVC, CPVC OU COBRE DIÂMETROS MENORES OU IGUAIS A 40 MM OU ELETROCALHAS ATÉ 150MM DE LARGURA, COM ABRAÇADEIRA METÁLICA RÍGIDA TIPO D 1/2\u0094, FIXADA EM PERFILADO EM LAJE. AF_05/2015","INHI - INSTALAÇÕES HIDROS SANITÁRIAS",null,"M",1,3.46,3.46]
["Composição Auxiliar"," 88248 ","SINAPI","AUXILIAR DE ENCANADOR OU BOMBEIRO HIDRÁULICO COM ENCARGOS COMPLEMENTARES","SEDI - SERVIÇOS DIVERSOS",null,"H",0.01,16.11,0.16]
["Composição Auxiliar"," 88267 ","SINAPI","ENCANADOR OU BOMBEIRO HIDRÁULICO COM ENCARGOS COMPLEMENTARES","SEDI - SERVIÇOS DIVERSOS",null,"H",6.9000000000000006E-2,20.73,1.43]
["Insumo"," 00000392 ","SINAPI","ABRACADEIRA EM ACO PARA AMARRACAO DE ELETRODUTOS, TIPO D, COM 1/2\" E PARAFUSO DE FIXACAO","Material",null,"UN",0.65,2.89,1.87]
[{"$nulls":4},"MO sem LS =>",1.37,"LS =>",0,"MO com LS =>",1.37]
[{"$nulls":4},"Valor do BDI =>",0.83,null,"Valor com BDI =>",null,4.29]
[]
[null,"Código","Banco","Descrição","Tipo",null,"Und","Quant.","Valor Unit","Total"]
["Composição"," 91173 ","SINAPI","FIXAÇÃO DE TUBOS VERTICAIS DE PPR DIÂMETROS MENORES OU IGUAIS A 40 MM COM ABRAÇADEIRA METÁLICA RÍGIDA TIPO D 1/2\", FIXADA EM PERFILADO EM ALVENARIA. AF_05/2015","INHI - INSTALAÇÕES HIDROS SANITÁRIAS",null,"M",1,1.76,1.76]
["Composição Auxiliar"," 88248 ","SINAPI","AUXILIAR DE ENCANADOR OU BOMBEIRO HIDRÁULICO COM ENCARGOS COMPLEMENTARES","SEDI - SERVIÇOS DIVERSOS",null,"H",5.0000000000000001E-3,16.11,0.08]
["Composição Auxiliar"," 88267 ","SINAPI","ENCANADOR OU BOMBEIRO HIDRÁULICO COM ENCARGOS COMPLEMENTARES","SEDI - SERVIÇOS DIVERSOS",null,"H",3.5000000000000003E-2,20.73,0.72]
["Insumo"," 00000392 ","SINAPI","ABRACADEIRA EM ACO PARA AMARRACAO DE ELETRODUTOS, TIPO D, COM 1/2\" E PARAFUSO DE FIXACAO","Material",null,"UN",0.33300000000000002,2.89,0.96]
[{"$nulls":4},"MO sem LS =>",0.69,"LS =>",0,"MO com LS =>",0.69]
[{"$nulls":4},"Valor do BDI =>",0.42,null,"Valor com BDI =>",null,2.1800000000000002]
[]
[null,"Código","Banco","Descrição","Tipo",null,"Und","Quant.","Valor Unit","Total"]
["Composição"," 1 A 00 302 00 ","SICRO2","Fornecimento de Aço CA-50","Atividades Auxiliares",null,"kg",1,2.97,2.97]
[{"$nulls":6},"Custo Horário de Execução =>",null,null,0]
[{"$nulls":6},"Fator de Influencia da Chuva - FIC =>",null,null,0]
[{"$nulls":6},"Custo do FIC =>",null,null,0]
[{"$nulls":6},"Produção de Equipe =>",null,null,1]
[{"$nulls":6},"Custo Unitário de Execução =>",null,null,0]
["C","Banco","Código","Material","Quantidade","Unidade","Preço Unitário",null,null,"Custo Horário"]
["Insumo","SICRO2","AM04","Aço D=6,3 mm CA 50 ",0.5,"kg",2.81,null,null,1.405]
["Insumo","SICRO2","AM05","Aço D=10 mm CA 50 ",0.5,"kg",3.13,null,null,1.5649999999999999]
[{"$nulls":6},"Custo Total do Material =>",null,null,2.97]
[{"$nulls":4},"MO sem LS =>",0,"LS =>",0,"MO com LS =>",0]
[{"$nulls":4},"Valor do BDI =>",0.71,null,"Valor com BDI =>",null,3.68]
[]
[null,"Código","Banco","Descrição","Tipo",null,"Und","Quant.","Valor Unit","Total"]
["Composição"," 1 A 01 580 02 ","SICRO2","Fornecimento, preparo e colocação formas aço CA 50","Atividades Auxiliares",null,"kg",1,7.1,7.1]
["B","Código","Banco","Mão de Obra","Quantidade","Salário Hora",null,null,null,"Custo Horário"]
["Insumo","T501","SICRO2","Encarregado de turma ",0.02,null,null,null,29.465800000000002,0.58930000000000005]
["Insumo","T605","SICRO2","Armador ",0.08,null,null,null,14.992900000000001,1.1994]
["Insumo","T701","SICRO2","Servente ",0.14000000000000001,null,null,null,9.6196999999999999,1.3468]
[{"$nulls":6},"Custo Horário da Mão de Obra =>",null,null,3.1355]
[{"$nulls":6},"Adc.M.O. - Ferramentas (20,51%) =>",null,null,0.6431]
[{"$nulls":6},"Custo Horário de Execução =>",null,null,3.7786]
[{"$nulls":6},"Fator de Influencia da Chuva - FIC =>",null,null,0]
[{"$nulls":6},"Custo do FIC =>",null,null,0]
[{"$nulls":6},"Produção de Equipe =>",null,null,1]
[{"$nulls":6},"Custo Unitário de Execução =>",null,null,3.7786]
["C","Banco","Código","Material","Quantidade","Unidade","Preço Unitário",null,null,"Custo Horário"]
["Insumo","SICRO2","M319","Arame recozido nº. 18 ",0.01,"kg",5.33,null,null,5.33E-2]
[{"$nulls":6},"Custo Total do Material =>",null,null,5.33E-2]
["D","Banco","Código","Atividades Auxiliares","Quantidade","Unidade","Preço Unitário",null,null,"Custo Horário"]
["Atividade Auxiliar","SICRO2","1 A 00 302 00","Fornecimento de Aço CA-50",1.1000000000000001,"kg",2.97,null,null,3.2669999999999999]
[{"$nulls":6},"Custo Total das Atividades =>",null,null,3.2669999999999999]
[{"$nulls":4},"MO sem LS =>",3.1355059999999999,"LS =>",0,"MO com LS =>",3.1355059999999999]
[{"$nulls":4},"Valor do BDI =>",1.72,null,"Valor com BDI =>",null,8.82]
[]
[null,"Código","Banco","Descrição","Tipo",null,"Und","Quant.","Valor Unit","Total"]
["Composição"," 93282 ","SINAPI","GUINCHO ELÉTRICO DE COLUNA, CAPACIDADE 400 KG, COM MOTO FREIO, MOTOR TRIFÁSICO DE 1,25 CV - CHI DIURNO. AF_03/2016","CHOR - CUSTOS HORÁRIOS DE MÁQUINAS E EQUIPAMENTOS",null,"CHI",1,16.54,16.54]
["Composição Auxiliar"," 93277 ","SINAPI","GUINCHO ELÉTRICO DE COLUNA, CAPACIDADE 400 KG, COM MOTO FREIO, MOTOR TRIFÁSICO DE 1,25 CV - DEPRECIAÇÃO. AF_03/2016","CHOR - CUSTOS HORÁRIOS DE MÁQUINAS E EQUIPAMENTOS",null,"H",1,0.31,0.31]
["Composição Auxiliar"," 93278 ","SINAPI","GUINCHO ELÉTRICO DE COLUNA, CAPACIDADE 400 KG, COM MOTO FREIO, MOTOR TRIFÁSICO DE 1,25 CV - JUROS. AF_03/2016","CHOR - CUSTOS HORÁRIOS DE MÁQUINAS E EQUIPAMENTOS",null,"H",1,0.03,0.03]
["Composição Auxiliar"," 88295 ","SINAPI","OPERADOR DE GUINCHO COM ENCARGOS COMPLEMENTARES","SEDI - SERVIÇOS DIVERSOS",null,"H",1,16.2,16.2]
[{"$nulls":4},"MO sem LS =>",14.03,"LS =>",0,"MO com LS =>",14.03]
[{"$nulls":4},"Valor do BDI =>",4,null,"Valor com BDI =>",null,20.54]
[]
[null,"Código","Banco","Descrição","Tipo",null,"Und","Quant.","Valor Unit","Total"]
["Composição"," 93281 ","SINAPI","GUINCHO ELÉTRICO DE COLUNA, CAPACIDADE 400 KG, COM MOTO FREIO, MOTOR TRIFÁSICO DE 1,25 CV - CHP DIURNO. AF_03/2016","CHOR - CUSTOS HORÁRIOS DE MÁQUINAS E EQUIPAMENTOS",null,"CHP",1,17.399999999999999,17.399999999999999]
["Composição Auxiliar"," 93279 ","SINAPI","GUINCHO ELÉTRICO DE COLUNA, CAPACIDADE 400 KG, COM MOTO FREIO, MOTOR TRIFÁSICO DE 1,25 CV - MANUTENÇÃO. AF_03/2016","CHOR - CUSTOS HORÁRIOS DE MÁQUINAS E EQUIPAMENTOS",null,"H",1,0.28999999999999998,0.28999999999999998]
["Composição Auxiliar"," 93277 ","SINAPI","GUINCHO ELÉTRICO DE COLUNA, CAPACIDADE 400 KG, COM MOTO FREIO, MOTOR TRIFÁSICO DE 1,25 CV - DEPRECIAÇÃO. AF_03/2016","CHOR - CUSTOS HORÁRIOS DE MÁQUINAS E EQUIPAMENTOS",null,"H",1,0.31,0.31]
["Composição Auxiliar"," 93278 ","SINAPI","GUINCHO ELÉTRICO DE COLUNA, CAPACIDADE 400 KG, COM MOTO FREIO, MOTOR TRIFÁSICO DE 1,25 CV - JUROS. AF_03/2016","CHOR - CUSTOS HORÁRIOS DE MÁQUINAS E EQUIPAMENTOS",null,"H",1,0.03,0.03]
["Composição Auxiliar"," 93280 ","SINAPI","GUINCHO ELÉTRICO DE COLUNA, CAPACIDADE 400 KG, COM MOTO FREIO, MOTOR TRIFÁSICO DE 1,25 CV - MATERIAIS NA OPERAÇÃO. AF_03/2016","CHOR - CUSTOS HORÁRIOS DE MÁQUINAS E EQUIPAMENTOS",null,"H",1,0.56999999999999995,0.56999999999999995]
["Composição Auxiliar"," 88295 ","SINAPI","OPERADOR DE GUINCHO COM ENCARGOS COMPLEMENTARES","SEDI - SERVIÇOS DIVERSOS",null,"H",1,16.2,16.2]
[{"$nulls":4},"MO sem LS =>",14.03,"LS =>",0,"MO com LS =>",14.03]
[{"$nulls":4},"Valor do BDI =>",4.21,null,"Valor com BDI =>",null,21.61]
[]
[null,"Código","Banco","Descrição","Tipo",null,"Und","Quant.","Valor Unit","Total"]
["Composição"," 93277 ","SINAPI","GUINCHO ELÉTRICO DE COLUNA, CAPACIDADE 400 KG, COM MOTO FREIO, MOTOR TRIFÁSICO DE 1,25 CV - DEPRECIAÇÃO. AF_03/2016","CHOR - CUSTOS HORÁRIOS DE MÁQUINAS E EQUIPAMENTOS",null,"H",1,0.31,0.31]
["Insumo"," 00036487 ","SINAPI","GUINCHO ELETRICO DE COLUNA, CAPACIDADE 400 KG, COM MOTO FREIO, MOTOR TRIFASICO DE 1,25 CV","Equipamento",null,"UN",6.3999999999999997E-5,4884.4799999999996,0.31]
[{"$nulls":4},"MO sem LS =>",0,"LS =>",0,"MO com LS =>",0]
[{"$nulls":4},"Valor do BDI =>",7.0000000000000007E-2,null,"Valor com BDI =>",null,0.38]
[]
[null,"Código","Banco","Descrição","Tipo",null,"Und","Quant.","Valor Unit","Total"]
["Composição"," 93278 ","SINAPI","GUINCHO ELÉTRICO DE COLUNA, CAPACIDADE 400 KG, COM MOTO FREIO, MOTOR TRIFÁSICO DE 1,25 CV - JUROS. AF_03/2016","CHOR - CUSTOS HORÁRIOS DE MÁQUINAS E EQUIPAMENTOS",null,"H",1,0.03,0.03]
["Insumo"," 00036487 ","SINAPI","GUINCHO ELETRICO DE COLUNA, CAPACIDADE 400 KG, COM MOTO FREIO, MOTOR TRIFASICO DE 1,25 CV","Equipamento",null,"UN",7.6000000000000001E-6,4884.4799999999996,0.03]
[{"$nulls":4},"MO sem LS =>",0,"LS =>",0,"MO com LS =>",0]
[{"$nulls":4},"Valor do BDI =>",0,null,"Valor com BDI =>",null,0.03]
[]
[null,"Código","Banco","Descrição","Tipo",null,"Und","Quant.","Valor Unit","Total"]
["Composição"," 93279 ","SINAPI","GUINCHO ELÉTRICO DE COLUNA, CAPACIDADE 400 KG, COM MOTO FREIO, MOTOR TRIFÁSICO DE 1,25 CV - MANUTENÇÃO. AF_03/2016","CHOR - CUSTOS HORÁRIOS DE MÁQUINAS E EQUIPAMENTOS",null,"H",1,0.28999999999999998,0.28999999999999998]
["Insumo"," 00036487 ","SINAPI","GUINCHO ELETRICO DE COLUNA, CAPACIDADE 400 KG, COM MOTO FREIO, MOTOR TRIFASICO DE 1,25 CV","Equipamento",null,"UN",6.0000000000000002E-5,4884.4799999999996,0.28999999999999998]
[{"$nulls":4},"MO sem LS =>",0,"LS =>",0,"MO com LS =>",0]
[{"$nulls":4},"Valor do BDI =>",7.0000000000000007E-2,null,"Valor com BDI =>",null,0.36]
[]
[null,"Código","Banco","Descrição","Tipo",null,"Und","Quant.","Valor Unit","Total"]
["Composição"," 93280 ","SINAPI","GUINCHO ELÉTRICO DE COLUNA, CAPACIDADE 400 KG, COM MOTO FREIO, MOTOR TRIFÁSICO DE 1,25 CV - MATERIAIS NA OPERAÇÃO. AF_03/2016","CHOR - CUSTOS HORÁRIOS DE MÁQUINAS E EQUIPAMENTOS",null,"H",1,0.56999999999999995,0.56999999999999995]
["Insumo"," 00002705 ","SINAPI","ENERGIA ELETRICA ATE 2000 KWH INDUSTRIAL, SEM DEMANDA","Material",null,"KWH",0.78,0.74,0.56999999999999995]
[{"$nulls":4},"MO sem LS =>",0,"LS =>",0,"MO com LS =>",0]
[{"$nulls":4},"Valor do BDI =>",0.13,null,"Valor com BDI =>",null,0.7]
[]
[null,"Código","Banco","Descrição","Tipo",null,"Und","Quant.","Valor Unit","Total"]
["Composição"," 3108022 ","SICRO3","Guia de madeira de 2,5 x 8,0 cm - confecção e instalação","",null,"m",1,3.71,3.71]
["B","Código","Banco","Mão de Obra","Quantidade","Salário Hora",null,null,null,"Custo Horário"]
["Insumo","P9801","SICRO3","Ajudante",1,null,null,null,18.160499999999999,18.160499999999999]
["Insumo","P9808","SICRO3","Carpinteiro",1,null,null,null,23.899899999999999,23.899899999999999]
[{"$nulls":6},"Custo Horário da Mão de Obra =>",null,null,42.060400000000001]
[{"$nulls":6},"Adc.M.O. - Ferramentas (0,0%) =>",null,null,0]
[{"$nulls":6},"Custo Horário de Execução =>",null,null,42.060400000000001]
[{"$nulls":6},"Fator de Influencia da Chuva - FIC =>",null,null,0]
[{"$nulls":6},"Custo do FIC =>",null,null,0]
[{"$nulls":6},"Produção de Equipe =>",null,null,100]
[{"$nulls":6},"Custo Unitário de Execução =>",null,null,0.42059999999999997]
["C","Banco","Código","Material","Quantidade","Unidade","Preço Unitário",null,null,"Custo Horário"]
["Insumo","SICRO3","M1429","Tábua de pinho de terceira - E = 2,5 cm",8.4000000000000005E-2,"m²",38.440399999999997,null,null,3.2290000000000001]
[{"$nulls":6},"Custo Total do Material =>",null,null,3.2290000000000001]
["E","Banco","Insumo","Tempos Fixos","Código","Quantidade","Unidade","Preço Unitário",null,"Custo Horário"]
["Tempo Fixo","SICRO3","M1429","Carga, manobra e descarga de materiais diversos em caminhão carroceria de 15 t - carga e descarga manuais",5914655,2.0999999999999999E-3,"t",29.92,null,6.2799999999999995E-2]
[{"$nulls":6},"Custo Total dos Tempos Fixos =>",null,null,6.2799999999999995E-2]
["F","Banco","Insumo","Momento de Transporte","Quantidade","Unidade","Distância Média de Transporte (DMT)",null,null,"Custo Horário"]
[{"$nulls":6},"LN","RP","P"]
["Momento de Transporte","SICRO3","M1429","Tábua de pinho de terceira - E = 2,5 cm - Caminhão carroceria com capacidade de 15 t - 188 kW",2.0999999999999999E-3,"tkm","5914449\n0,000\nR$  1,02","5914464\n0,000\nR$  0,82","5914479\n0,000\nR$  0,66",0]
[{"$nulls":6},"Custo total dos Momentos de Transportes =>",null,null,0]
[{"$nulls":4},"MO sem LS =>",0.4395173,"LS =>",0,"MO com LS =>",0.43951730236486486]
[{"$nulls":4},"Valor do BDI =>",0.89,null,"Valor com BDI =>",null,4.5999999999999996]
[]
[null,"Código","Banco","Descrição","Tipo",null,"Und","Quant.","Valor Unit","Total"]
["Composição"," 96985 ","SINAPI","HASTE DE ATERRAMENTO 5/8  PARA SPDA - FORNECIMENTO E INSTALAÇÃO. AF_12/2017","INEL - INSTALAÇÃO ELÉTRICA/ELETRIFICAÇÃO E ILUMINAÇÃO EXTERNA",null,"UN",1,97.1,97.1]
["Composição Auxiliar"," 88264 ","SINAPI","ELETRICISTA COM ENCARGOS COMPLEMENTARES","SEDI - SERVIÇOS DIVERSOS",null,"H",0.25309999999999999,21.59,5.46]
["Composição Auxiliar"," 88247 ","SINAPI","AUXILIAR DE ELETRICISTA COM ENCARGOS COMPLEMENTARES","SEDI - SERVIÇOS DIVERSOS",null,"H",0.25309999999999999,16.91,4.2699999999999996]
["Insumo"," 00003379 ","SINAPI","!EM PROCESSO DE DESATIVACAO! HASTE DE ATERRAMENTO EM ACO COM 3,00 M DE COMPRIMENTO E DN = 5/8\", REVESTIDA COM BAIXA CAMADA DE COBRE, SEM CONECTOR","Material",null,"UN",1,87.37,87.37]
[{"$nulls":4},"MO sem LS =>",8.09,"LS =>",0,"MO com LS =>",8.09]
[{"$nulls":4},"Valor do BDI =>",23.52,null,"Valor com BDI =>",null,120.62]
[]
[null,"Código","Banco","Descrição","Tipo",null,"Und","Quant.","Valor Unit","Total"]
["Composição"," 92023 ","SINAPI","INTERRUPTOR SIMPLES (1 MÓDULO) COM 1 TOMADA DE EMBUTIR 2P+T 10 A,  INCLUINDO SUPORTE E PLACA - FORNECIMENTO E INSTALAÇÃO. AF_12/2015","INEL - INSTALAÇÃO ELÉTRICA/ELETRIFICAÇÃO E ILUMINAÇÃO EXTERNA",null,"UN",1,39.56,39.56]
["Composição Auxiliar"," 91946 ","SINAPI","SUPORTE PARAFUSADO COM PLACA DE ENCAIXE 4\" X 2\" MÉDIO (1,30 M DO PISO) PARA PONTO ELÉTRICO - FORNECIMENTO E INSTALAÇÃO. AF_12/2015","INEL - INSTALAÇÃO ELÉTRICA/ELETRIFICAÇÃO E ILUMINAÇÃO EXTERNA",null,"UN",1,7,7]
["Composição Auxiliar"," 92022 ","SINAPI","INTERRUPTOR SIMPLES (1 MÓDULO) COM 1 TOMADA DE EMBUTIR 2P+T 10 A,  SEM SUPORTE E SEM PLACA - FORNECIMENTO E INSTALAÇÃO. AF_12/2015","INEL - INSTALAÇÃO ELÉTRICA/ELETRIFICAÇÃO E ILUMINAÇÃO EXTERNA",null,"UN",1,32.56,32.56]
[{"$nulls":4},"MO sem LS =>",17.36,"LS =>",0,"MO com LS =>",17.36]
[{"$nulls":4},"Valor do BDI =>",9.58,null,"Valor com BDI =>",null,49.14]
[]
[null,"Código","Banco","Descrição","Tipo",null,"Und","Quant.","Valor Unit","Total"]
["Composição"," 92022 ","SINAPI","INTERRUPTOR SIMPLES (1 MÓDULO) COM 1 TOMADA DE EMBUTIR 2P+T 10 A,  SEM SUPORTE E SEM PLACA - FORNECIMENTO E INSTALAÇÃO. AF_12/2015","INEL - INSTALAÇÃO ELÉTRICA/ELETRIFICAÇÃO E ILUMINAÇÃO EXTERNA",null,"UN",1,32.56,32.56]
["Composição Auxiliar"," 88264 ","SINAPI","ELETRICISTA COM ENCARGOS COMPLEMENTARES","SEDI - SERVIÇOS DIVERSOS",null,"H",0.47199999999999998,21.59,10.19]
["Composição Auxiliar"," 88247 ","SINAPI","AUXILIAR DE ELETRICISTA COM ENCARGOS COMPLEMENTARES","SEDI - SERVIÇOS DIVERSOS",null,"H",0.47199999999999998,16.91,7.98]
["Insumo"," 00038112 ","SINAPI","INTERRUPTOR SIMPLES 10A, 250V (APENAS MODULO)","Material",null,"UN",1,6.73,6.73]
["Insumo"," 00038101 ","SINAPI","TOMADA 2P+T 10A, 250V  (APENAS MODULO)","Material",null,"UN",1,7.66,7.66]
[{"$nulls":4},"MO sem LS =>",15.09,"LS =>",0,"MO com LS =>",15.09]
[{"$nulls":4},"Valor do BDI =>",7.88,null,"Valor com BDI =>",null,40.44]
[]
[null,"Código","Banco","Descrição","Tipo",null,"Und","Quant.","Valor Unit","Total"]
["Composição"," 94559 ","SINAPI","JANELA DE AÇO TIPO BASCULANTE PARA VIDROS, COM BATENTE, FERRAGENS E PINTURA ANTICORROSIVA. EXCLUSIVE VIDROS, ACABAMENTO, ALIZAR E CONTRAMARCO. FORNECIMENTO E INSTALAÇÃO. AF_12/2019","ESQV - ESQUADRIAS/FERRAGENS/VIDROS",null,"m²",1,781.76,781.76]
["Composição Auxiliar"," 88629 ","SINAPI","ARGAMASSA TRAÇO 1:3 (EM VOLUME DE CIMENTO E AREIA MÉDIA ÚMIDA), PREPARO MANUAL. AF_08/2019","SEDI - SERVIÇOS DIVERSOS",null,"m³",2.1000000000000001E-2,544.4,11.43]
["Composição Auxiliar"," 88309 ","SINAPI","PEDREIRO COM ENCARGOS COMPLEMENTARES","SEDI - SERVIÇOS DIVERSOS",null,"H",4.5810000000000004,21.34,97.75]
["Composição Auxiliar"," 88316 ","SINAPI","SERVENTE COM ENCARGOS COMPLEMENTARES","SEDI - SERVIÇOS DIVERSOS",null,"H",2.2909999999999999,15.9,36.42]
["Insumo"," 00011190 ","SINAPI","JANELA BASCULANTE, ACO, COM BATENTE/REQUADRO, 60 X 60 CM (SEM VIDROS)","Material",null,"UN",2.778,229,636.16]
[{"$nulls":4},"MO sem LS =>",114.55999999999999,"LS =>",0,"MO com LS =>",114.55999999999999]
[{"$nulls":4},"Valor do BDI =>",189.42,null,"Valor com BDI =>",null,971.18]
[]
[null,"Código","Banco","Descrição","Tipo",null,"Und","Quant.","Valor Unit","Total"]
["Composição"," 100665 ","SINAPI","JANELA DE MADEIRA - CEDRINHO/ANGELIM OU EQUIVALENTE DA REGIÃO - DE ABRIR COM 4 FOLHAS (2 VENEZIANAS E 2 GUILHOTINAS PARA VIDRO), COM BATENTE, ALIZAR E FERRAGENS. EXCLUSIVE VIDROS, ACABAMENTO E CONTRAMARCO. FORNECIMENTO E INSTALAÇÃO. AF_12/2019","ESQV - ESQUADRIAS/FERRAGENS/VIDROS",null,"m²",1,1061.3399999999999,1061.3399999999999]
["Composição Auxiliar"," 88261 ","SINAPI","CARPINTEIRO DE ESQUADRIA COM ENCARGOS COMPLEMENTARES","SEDI - SERVIÇOS DIVERSOS",null,"H",1.7330000000000001,20.27,35.119999999999997]
["Composição Auxiliar"," 88316 ","SINAPI","SERVENTE COM ENCARGOS COMPLEMENTARES","SEDI - SERVIÇOS DIVERSOS",null,"H",0.86650000000000005,15.9,13.77]
["Insumo"," 00004430 ","SINAPI","CAIBRO NAO APARELHADO *5 X 6* CM, EM MACARANDUBA, ANGELIM OU EQUIVALENTE DA REGIAO -  BRUTA","Material",null,"M",1.7258,16,27.61]
["Insumo"," 00003421 ","SINAPI","JANELA EM MADEIRA CEDRINHO/ ANGELIM COMERCIAL/ CURUPIXA/ CUMARU OU EQUIVALENTE DA REGIAO, CAIXA DO BATENTE/MARCO *10* CM, 2 FOLHAS DE ABRIR TIPO VENEZIANA E 2 FOLHAS GUILHOTINA PARA VIDRO, COM GUARNICAO/ALIZAR, COM FERRAGENS (SEM VIDRO E SEM ACABAMENTO)","Material",null,"m²",1,949.46,949.46]
["Insumo"," 00005067 ","SINAPI","PREGO DE ACO POLIDO COM CABECA 16 X 24 (2 1/4 X 12)","Material",null,"KG",4.2867700000000002E-2,24.94,1.06]
["Insumo"," 00000142 ","SINAPI","SELANTE ELASTICO MONOCOMPONENTE A BASE DE POLIURETANO (PU) PARA JUNTAS DIVERSAS","Material",null,"310ML",0.83509999999999995,41.1,34.32]
[{"$nulls":4},"MO sem LS =>",40.81,"LS =>",0,"MO com LS =>",40.81]
[{"$nulls":4},"Valor do BDI =>",257.16000000000003,null,"Valor com BDI =>",null,1318.5]
[]
[null,"Código","Banco","Descrição","Tipo",null,"Und","Quant.","Valor Unit","Total"]
["Composição"," 89726 ","SINAPI","JOELHO 45 GRAUS, PVC, SERIE NORMAL, ESGOTO PREDIAL, DN 40 MM, JUNTA SOLDÁVEL, FORNECIDO E INSTALADO EM RAMAL DE DESCARGA OU RAMAL DE ESGOTO SANITÁRIO. AF_12/2014","INHI - INSTALAÇÕES HIDROS SANITÁRIAS",null,"UN",1,6.63,6.63]
["Composição Auxiliar"," 88248 ","SINAPI","AUXILIAR DE ENCANADOR OU BOMBEIRO HIDRÁULICO COM ENCARGOS COMPLEMENTARES","SEDI - SERVIÇOS DIVERSOS",null,"H",0.1,16.11,1.61]
["Composição Auxiliar"," 88267 ","SINAPI","ENCANADOR OU BOMBEIRO HIDRÁULICO COM ENCARGOS COMPLEMENTARES","SEDI - SERVIÇOS DIVERSOS",null,"H",0.1,20.73,2.0699999999999998]
["Insumo"," 00000122 ","SINAPI","ADESIVO PLASTICO PARA PVC, FRASCO COM *850* GR","Material",null,"UN",9.9000000000000008E-3,60.63,0.6]
["Insumo"," 00038383 ","SINAPI","LIXA D'AGUA EM FOLHA, GRAO 100","Material",null,"UN",2.1000000000000001E-2,1.95,0.04]
["Insumo"," 00003516 ","SINAPI","JOELHO PVC, SOLDAVEL, BB, 45 GRAUS, DN 40 MM, PARA ESGOTO PREDIAL","Material",null,"UN",1,1.28,1.28]
["Insumo"," 00020083 ","SINAPI","SOLUCAO PREPARADORA / LIMPADORA PARA PVC, FRASCO COM 1000 CM3","Material",null,"UN",1.4999999999999999E-2,68.69,1.03]
[{"$nulls":4},"MO sem LS =>",3.14,"LS =>",0,"MO com LS =>",3.14]
[{"$nulls":4},"Valor do BDI =>",1.6,null,"Valor com BDI =>",null,8.23]
[]
[null,"Código","Banco","Descrição","Tipo",null,"Und","Quant.","Valor Unit","Total"]
["Composição"," 89366 ","SINAPI","JOELHO 90 GRAUS COM BUCHA DE LATÃO, PVC, SOLDÁVEL, DN 25MM, X 3/4\u0094 INSTALADO EM RAMAL OU SUB-RAMAL DE ÁGUA - FORNECIMENTO E INSTALAÇÃO. AF_12/2014","INHI - INSTALAÇÕES HIDROS SANITÁRIAS",null,"UN",1,15.99,15.99]
["Composição Auxiliar"," 88248 ","SINAPI","AUXILIAR DE ENCANADOR OU BOMBEIRO HIDRÁULICO COM ENCARGOS COMPLEMENTARES","SEDI - SERVIÇOS DIVERSOS",null,"H",0.15,16.11,2.41]
["Composição Auxiliar"," 88267 ","SINAPI","ENCANADOR OU BOMBEIRO HIDRÁULICO COM ENCARGOS COMPLEMENTARES","SEDI - SERVIÇOS DIVERSOS",null,"H",0.15,20.73,3.1]
["Insumo"," 00000122 ","SINAPI","ADESIVO PLASTICO PARA PVC, FRASCO COM *850* GR","Material",null,"UN",7.0000000000000001E-3,60.63,0.42]
["Insumo"," 00003524 ","SINAPI","JOELHO PVC, SOLDAVEL, COM BUCHA DE LATAO, 90 GRAUS, 25 MM X 3/4\", PARA AGUA FRIA PREDIAL","Material",null,"UN",1,9.43,9.43]
["Insumo"," 00038383 ","SINAPI","LIXA D'AGUA EM FOLHA, GRAO 100","Material",null,"UN",0.05,1.95,0.09]
["Insumo"," 00020083 ","SINAPI","SOLUCAO PREPARADORA / LIMPADORA PARA PVC, FRASCO COM 1000 CM3","Material",null,"UN",8.0000000000000002E-3,68.69,0.54]
[{"$nulls":4},"MO sem LS =>",4.72,"LS =>",0,"MO com LS =>",4.72]
[{"$nulls":4},"Valor do BDI =>",3.87,null,"Valor com BDI =>",null,19.86]
[]
[null,"Código","Banco","Descrição","Tipo",null,"Und","Quant.","Valor Unit","Total"]
["Composição"," 89724 ","SINAPI","JOELHO 90 GRAUS, PVC, SERIE NORMAL, ESGOTO PREDIAL, DN 40 MM, JUNTA SOLDÁVEL, FORNECIDO E INSTALADO EM RAMAL DE DESCARGA OU RAMAL DE ESGOTO SANITÁRIO. AF_12/2014","INHI - INSTALAÇÕES HIDROS SANITÁRIAS",null,"UN",1,9.83,9.83]
["Composição Auxiliar"," 88248 ","SINAPI","AUXILIAR DE ENCANADOR OU BOMBEIRO HIDRÁULICO COM ENCARGOS COMPLEMENTARES","SEDI - SERVIÇOS DIVERSOS",null,"H",0.1,16.11,1.61]
["Composição Auxiliar"," 88267 ","SINAPI","ENCANADOR OU BOMBEIRO HIDRÁULICO COM ENCARGOS COMPLEMENTARES","SEDI - SERVIÇOS DIVERSOS",null,"H",0.1,20.73,2.0699999999999998]
["Insumo"," 00000122 ","SINAPI","ADESIVO PLASTICO PARA PVC, FRASCO COM *850* GR","Material",null,"UN",9.9000000000000008E-3,60.63,0.6]
["Insumo"," 00038383 ","SINAPI","LIXA D'AGUA EM FOLHA, GRAO 100","Material",null,"UN",2.1000000000000001E-2,1.95,0.04]
["Insumo"," 00003517 ","SINAPI","JOELHO PVC, SOLDAVEL, BB, 90 GRAUS, DN 40 MM, PARA ESGOTO PREDIAL","Material",null,"UN",1,4.4800000000000004,4.4800000000000004]
["Insumo"," 00020083 ","SINAPI","SOLUCAO PREPARADORA / LIMPADORA PARA PVC, FRASCO COM 1000 CM3","Material",null,"UN",1.4999999999999999E-2,68.69,1.03]
[{"$nulls":4},"MO sem LS =>",3.14,"LS =>",0,"MO com LS =>",3.14]
[{"$nulls":4},"Valor do BDI =>",2.38,null,"Valor com BDI =>",null,12.21]
[]
[null,"Código","Banco","Descrição","Tipo",null,"Und","Quant.","Valor Unit","Total"]
["Composição"," 89731 ","SINAPI","JOELHO 90 GRAUS, PVC, SERIE NORMAL, ESGOTO PREDIAL, DN 50 MM, JUNTA ELÁSTICA, FORNECIDO E INSTALADO EM RAMAL DE DESCARGA OU RAMAL DE ESGOTO SANITÁRIO. AF_12/2014","INHI - INSTALAÇÕES HIDROS SANITÁRIAS",null,"UN",1,10.54,10.54]
["Composição Auxiliar"," 88248 ","SINAPI","AUXILIAR DE ENCANADOR OU BOMBEIRO HIDRÁULICO COM ENCARGOS COMPLEMENTARES","SEDI - SERVIÇOS DIVERSOS",null,"H",0.13,16.11,2.09]
["Composição Auxiliar"," 88267 ","SINAPI","ENCANADOR OU BOMBEIRO HIDRÁULICO COM ENCARGOS COMPLEMENTARES","SEDI - SERVIÇOS DIVERSOS",null,"H",0.13,20.73,2.69]
["Insumo"," 00000296 ","SINAPI","ANEL BORRACHA PARA TUBO ESGOTO PREDIAL, DN 50 MM (NBR 5688)","Material",null,"UN",1,2.1800000000000002,2.1800000000000002]
["Insumo"," 00003526 ","SINAPI","JOELHO PVC, SOLDAVEL, PB, 90 GRAUS, DN 50 MM, PARA ESGOTO PREDIAL","Material",null,"UN",1,3.08,3.08]
["Insumo"," 00020078 ","SINAPI","PASTA LUBRIFICANTE PARA TUBOS E CONEXOES COM JUNTA ELASTICA, EMBALAGEM DE *400* GR (USO EM PVC, ACO, POLIETILENO E OUTROS)","Material",null,"UN",0.02,25.02,0.5]
[{"$nulls":4},"MO sem LS =>",4.08,"LS =>",0,"MO com LS =>",4.08]
[{"$nulls":4},"Valor do BDI =>",2.5499999999999998,null,"Valor com BDI =>",null,13.09]
[]
[null,"Código","Banco","Descrição","Tipo",null,"Und","Quant.","Valor Unit","Total"]
["Composição"," 89362 ","SINAPI","JOELHO 90 GRAUS, PVC, SOLDÁVEL, DN 25MM, INSTALADO EM RAMAL OU SUB-RAMAL DE ÁGUA - FORNECIMENTO E INSTALAÇÃO. AF_12/2014","INHI - INSTALAÇÕES HIDROS SANITÁRIAS",null,"UN",1,7.51,7.51]
["Composição Auxiliar"," 88248 ","SINAPI","AUXILIAR DE ENCANADOR OU BOMBEIRO HIDRÁULICO COM ENCARGOS COMPLEMENTARES","SEDI - SERVIÇOS DIVERSOS",null,"H",0.15,16.11,2.41]
["Composição Auxiliar"," 88267 ","SINAPI","ENCANADOR OU BOMBEIRO HIDRÁULICO COM ENCARGOS COMPLEMENTARES","SEDI - SERVIÇOS DIVERSOS",null,"H",0.15,20.73,3.1]
["Insumo"," 00000122 ","SINAPI","ADESIVO PLASTICO PARA PVC, FRASCO COM *850* GR","Material",null,"UN",7.0000000000000001E-3,60.63,0.42]
["Insumo"," 00003529 ","SINAPI","JOELHO PVC, SOLDAVEL, 90 GRAUS, 25 MM, PARA AGUA FRIA PREDIAL","Material",null,"UN",1,0.95,0.95]
["Insumo"," 00038383 ","SINAPI","LIXA D'AGUA EM FOLHA, GRAO 100","Material",null,"UN",0.05,1.95,0.09]
["Insumo"," 00020083 ","SINAPI","SOLUCAO PREPARADORA / LIMPADORA PARA PVC, FRASCO COM 1000 CM3","Material",null,"UN",8.0000000000000002E-3,68.69,0.54]
[{"$nulls":4},"MO sem LS =>",4.72,"LS =>",0,"MO com LS =>",4.72]
[{"$nulls":4},"Valor do BDI =>",1.81,null,"Valor com BDI =>",null,9.32]
[]
[null,"Código","Banco","Descrição","Tipo",null,"Und","Quant.","Valor Unit","Total"]
["Composição"," 95240 ","SINAPI","LASTRO DE CONCRETO MAGRO, APLICADO EM PISOS, LAJES SOBRE SOLO OU RADIERS, ESPESSURA DE 3 CM. AF_07/2016","FUES - FUNDAÇÕES E ESTRUTURAS",null,"m²",1,14.57,14.57]
["Composição Auxiliar"," 94968 ","SINAPI","CONCRETO MAGRO PARA LASTRO, TRAÇO 1:4,5:4,5 (EM MASSA SECA DE CIMENTO/ AREIA MÉDIA/ BRITA 1) - PREPARO MECÂNICO COM BETONEIRA 600 L. AF_05/2021","FUES - FUNDAÇÕES E ESTRUTURAS",null,"m³",3.39E-2,306.77,10.39]
["Composição Auxiliar"," 88309 ","SINAPI","PEDREIRO COM ENCARGOS COMPLEMENTARES","SEDI - SERVIÇOS DIVERSOS",null,"H",0.16309999999999999,21.34,3.48]
["Composição Auxiliar"," 88316 ","SINAPI","SERVENTE COM ENCARGOS COMPLEMENTARES","SEDI - SERVIÇOS DIVERSOS",null,"H",4.4400000000000002E-2,15.9,0.7]
[{"$nulls":4},"MO sem LS =>",5.1000000000000005,"LS =>",0,"MO com LS =>",5.1000000000000005]
[{"$nulls":4},"Valor do BDI =>",3.53,null,"Valor com BDI =>",null,18.100000000000001]
[]
[null,"Código","Banco","Descrição","Tipo",null,"Und","Quant.","Valor Unit","Total"]
["Composição"," 95241 ","SINAPI","LASTRO DE CONCRETO MAGRO, APLICADO EM PISOS, LAJES SOBRE SOLO OU RADIERS, ESPESSURA DE 5 CM. AF_07/2016","FUES - FUNDAÇÕES E ESTRUTURAS",null,"m²",1,24.3,24.3]
["Composição Auxiliar"," 94968 ","SINAPI","CONCRETO MAGRO PARA LASTRO, TRAÇO 1:4,5:4,5 (EM MASSA SECA DE CIMENTO/ AREIA MÉDIA/ BRITA 1) - PREPARO MECÂNICO COM BETONEIRA 600 L. AF_05/2021","FUES - FUNDAÇÕES E ESTRUTURAS",null,"m³",5.6500000000000002E-2,306.77,17.329999999999998]
["Composição Auxiliar"," 88309 ","SINAPI","PEDREIRO COM ENCARGOS COMPLEMENTARES","SEDI - SERVIÇOS DIVERSOS",null,"H",0.27179999999999999,21.34,5.8]
["Composição Auxiliar"," 88316 ","SINAPI","SERVENTE COM ENCARGOS COMPLEMENTARES","SEDI - SERVIÇOS DIVERSOS",null,"H",7.4099999999999999E-2,15.9,1.17]
[{"$nulls":4},"MO sem LS =>",8.52,"LS =>",0,"MO com LS =>",8.52]
[{"$nulls":4},"Valor do BDI =>",5.88,null,"Valor com BDI =>",null,30.18]
[]
[null,"Código","Banco","Descrição","Tipo",null,"Und","Quant.","Valor Unit","Total"]
["Composição"," 86904 ","SINAPI","LAVATÓRIO LOUÇA BRANCA SUSPENSO, 29,5 X 39CM OU EQUIVALENTE, PADRÃO POPULAR - FORNECIMENTO E INSTALAÇÃO. AF_01/2020","INHI - INSTALAÇÕES HIDROS SANITÁRIAS",null,"UN",1,133.55000000000001,133.55000000000001]
["Composição Auxiliar"," 88316 ","SINAPI","SERVENTE COM ENCARGOS COMPLEMENTARES","SEDI - SERVIÇOS DIVERSOS",null,"H",0.18859999999999999,15.9,2.99]
["Composição Auxiliar"," 88267 ","SINAPI","ENCANADOR OU BOMBEIRO HIDRÁULICO COM ENCARGOS COMPLEMENTARES","SEDI - SERVIÇOS DIVERSOS",null,"H",0.38700000000000001,20.73,8.02]
["Insumo"," 00010425 ","SINAPI","LAVATORIO DE LOUCA BRANCA, SUSPENSO (SEM COLUNA), DIMENSOES *40 X 30* CM","Material",null,"UN",1,82.92,82.92]
["Insumo"," 00004351 ","SINAPI","PARAFUSO NIQUELADO 3 1/2\" COM ACABAMENTO CROMADO PARA FIXAR PECA SANITARIA, INCLUI PORCA CEGA, ARRUELA E BUCHA DE NYLON TAMANHO S-8","Material",null,"UN",2,17.95,35.9]
["Insumo"," 00037329 ","SINAPI","REJUNTE EPOXI, QUALQUER COR","Material",null,"KG",3.04E-2,122.43,3.72]
[{"$nulls":4},"MO sem LS =>",9.4,"LS =>",0,"MO com LS =>",9.4]
[{"$nulls":4},"Valor do BDI =>",32.35,null,"Valor com BDI =>",null,165.9]
[]
[null,"Código","Banco","Descrição","Tipo",null,"Und","Quant.","Valor Unit","Total"]
["Composição"," 86943 ","SINAPI","LAVATÓRIO LOUÇA BRANCA SUSPENSO, 29,5 X 39CM OU EQUIVALENTE, PADRÃO POPULAR, INCLUSO SIFÃO FLEXÍVEL EM PVC, VÁLVULA E ENGATE FLEXÍVEL 30CM EM PLÁSTICO E TORNEIRA CROMADA DE MESA, PADRÃO POPULAR - FORNECIMENTO E INSTALAÇÃO. AF_01/2020","INHI - INSTALAÇÕES HIDROS SANITÁRIAS",null,"UN",1,210.37,210.37]
["Composição Auxiliar"," 86906 ","SINAPI","TORNEIRA CROMADA DE MESA, 1/2\u0094 OU 3/4\u0094, PARA LAVATÓRIO, PADRÃO POPULAR - FORNECIMENTO E INSTALAÇÃO. AF_01/2020","INHI - INSTALAÇÕES HIDROS SANITÁRIAS",null,"UN",1,50.99,50.99]
["Composição Auxiliar"," 86904 ","SINAPI","LAVATÓRIO LOUÇA BRANCA SUSPENSO, 29,5 X 39CM OU EQUIVALENTE, PADRÃO POPULAR - FORNECIMENTO E INSTALAÇÃO. AF_01/2020","INHI - INSTALAÇÕES HIDROS SANITÁRIAS",null,"UN",1,133.55000000000001,133.55000000000001]
["Composição Auxiliar"," 86883 ","SINAPI","SIFÃO DO TIPO FLEXÍVEL EM PVC 1  X 1.1/2  - FORNECIMENTO E INSTALAÇÃO. AF_01/2020","INHI - INSTALAÇÕES HIDROS SANITÁRIAS",null,"UN",1,11.28,11.28]
["Composição Auxiliar"," 86884 ","SINAPI","ENGATE FLEXÍVEL EM PLÁSTICO BRANCO, 1/2\u0094 X 30CM - FORNECIMENTO E INSTALAÇÃO. AF_01/2020","INHI - INSTALAÇÕES HIDROS SANITÁRIAS",null,"UN",1,8.0399999999999991,8.0399999999999991]
["Composição Auxiliar"," 86879 ","SINAPI","VÁLVULA EM PLÁSTICO 1\u0094 PARA PIA, TANQUE OU LAVATÓRIO, COM OU SEM LADRÃO - FORNECIMENTO E INSTALAÇÃO. AF_01/2020","INHI - INSTALAÇÕES HIDROS SANITÁRIAS",null,"UN",1,6.51,6.51]
[{"$nulls":4},"MO sem LS =>",19.440000000000001,"LS =>",0,"MO com LS =>",19.440000000000001]
[{"$nulls":4},"Valor do BDI =>",50.97,null,"Valor com BDI =>",null,261.33999999999997]
[]
[null,"Código","Banco","Descrição","Tipo",null,"Und","Quant.","Valor Unit","Total"]
["Composição"," 97586 ","SINAPI","LUMINÁRIA TIPO CALHA, DE SOBREPOR, COM 2 LÂMPADAS TUBULARES FLUORESCENTES DE 36 W, COM REATOR DE PARTIDA RÁPIDA - FORNECIMENTO E INSTALAÇÃO. AF_02/2020","INEL - INSTALAÇÃO ELÉTRICA/ELETRIFICAÇÃO E ILUMINAÇÃO EXTERNA",null,"UN",1,220.53,220.53]
["Composição Auxiliar"," 88264 ","SINAPI","ELETRICISTA COM ENCARGOS COMPLEMENTARES","SEDI - SERVIÇOS DIVERSOS",null,"H",0.41439999999999999,21.59,8.94]
["Composição Auxiliar"," 88247 ","SINAPI","AUXILIAR DE ELETRICISTA COM ENCARGOS COMPLEMENTARES","SEDI - SERVIÇOS DIVERSOS",null,"H",0.17269999999999999,16.91,2.92]
["Insumo"," 00003799 ","SINAPI","LUMINARIA DE SOBREPOR EM CHAPA DE ACO PARA 2 LAMPADAS FLUORESCENTES DE *36* W, ALETADA, COMPLETA (LAMPADAS E REATOR INCLUSOS)","Material",null,"UN",1,208.67,208.67]
[{"$nulls":4},"MO sem LS =>",9.9499999999999993,"LS =>",0,"MO com LS =>",9.9499999999999993]
[{"$nulls":4},"Valor do BDI =>",53.43,null,"Valor com BDI =>",null,273.95999999999998]
[]
[null,"Código","Banco","Descrição","Tipo",null,"Und","Quant.","Valor Unit","Total"]
["Composição"," 97593 ","SINAPI","LUMINÁRIA TIPO SPOT, DE SOBREPOR, COM 1 LÂMPADA FLUORESCENTE DE 15 W, SEM REATOR - FORNECIMENTO E INSTALAÇÃO. AF_02/2020","INEL - INSTALAÇÃO ELÉTRICA/ELETRIFICAÇÃO E ILUMINAÇÃO EXTERNA",null,"UN",1,188.41,188.41]
["Composição Auxiliar"," 88264 ","SINAPI","ELETRICISTA COM ENCARGOS COMPLEMENTARES","SEDI - SERVIÇOS DIVERSOS",null,"H",0.45179999999999998,21.59,9.75]
["Composição Auxiliar"," 88247 ","SINAPI","AUXILIAR DE ELETRICISTA COM ENCARGOS COMPLEMENTARES","SEDI - SERVIÇOS DIVERSOS",null,"H",0.18329999999999999,16.91,3.09]
["Insumo"," 00012266 ","SINAPI","LUMINARIA SPOT DE SOBREPOR EM ALUMINIO COM ALETA PLASTICA PARA 1 LAMPADA, BASE E27, POTENCIA MAXIMA 40/60 W (NAO INCLUI LAMPADA)","Material",null,"UN",1,164.07,164.07]
["Insumo"," 00038191 ","SINAPI","LAMPADA FLUORESCENTE COMPACTA 2U BRANCA 15 W, BASE E27 (127/220 V)","Material",null,"UN",1,11.5,11.5]
[{"$nulls":4},"MO sem LS =>",10.78,"LS =>",0,"MO com LS =>",10.78]
[{"$nulls":4},"Valor do BDI =>",45.65,null,"Valor com BDI =>",null,234.06]
[]
[null,"Código","Banco","Descrição","Tipo",null,"Und","Quant.","Valor Unit","Total"]
["Composição"," 7692 ","ORSE","Lançamento de concreto simples fabricado na obra, inclusive adensamento e acabamento em peças da superestrutura","Concreto Simples",null,"m³",1,45.45,45.45]
["Composição Auxiliar"," 10549 ","ORSE","Encargos Complementares - Servente","Provisórios",null,"h",1.62,3.65,5.91]
["Composição Auxiliar"," 10555 ","ORSE","Encargos Complementares - Armador","Provisórios",null,"h",0.18,3.49,0.62]
["Composição Auxiliar"," 10551 ","ORSE","Encargos Complementares - Carpinteiro","Provisórios",null,"h",0.36,3.55,1.27]
["Composição Auxiliar"," 10550 ","ORSE","Encargos Complementares - Pedreiro","Provisórios",null,"h",0.36,3.52,1.26]
["Insumo"," 00000378 ","SINAPI","ARMADOR (HORISTA)","Mão de Obra",null,"H",0.18,17.809999999999999,3.2]
["Insumo"," 00001213 ","SINAPI","CARPINTEIRO DE FORMAS (HORISTA)","Mão de Obra",null,"H",0.36,17.809999999999999,6.41]
["Insumo"," 00004750 ","SINAPI","PEDREIRO (HORISTA)","Mão de Obra",null,"H",0.36,17.809999999999999,6.41]
["Insumo"," 00006111 ","SINAPI","SERVENTE DE OBRAS","Mão de Obra",null,"H",1.62,12.58,20.37]
[{"$nulls":4},"MO sem LS =>",36.39,"LS =>",0,"MO com LS =>",36.39]
[{"$nulls":4},"Valor do BDI =>",11.01,null,"Valor com BDI =>",null,56.46]
[]
[null,"Código","Banco","Descrição","Tipo",null,"Und","Quant.","Valor Unit","Total"]
["Composição"," 1 A 01 100 01 ","SICRO2","Limpeza  camada vegetal em jazida (const e restr.)","Atividades Auxiliares",null,"m²",1,0.46,0.46]
["A","Código","Banco","Equipamentos","Quantidade","Utilização",null,"Custo Operacional",null,"Custo Horário"]
[{"$nulls":5},"Operativa","Improdutiva","Operativa","Improdutiva"]
["Insumo","E002","SICRO2","Trator de Esteiras : Caterpillar : D6N -  com lâmina ",1,1,0,221.1146,23.832599999999999,221.1146]
[{"$nulls":6},"Custo Horário de Equipamentos =>",null,null,221.1146]
["B","Código","Banco","Mão de Obra","Quantidade","Salário Hora",null,null,null,"Custo Horário"]
["Insumo","T501","SICRO2","Encarregado de turma ",0.5,null,null,null,29.465800000000002,14.732900000000001]
["Insumo","T701","SICRO2","Servente ",2,null,null,null,9.6196999999999999,19.2394]
[{"$nulls":6},"Custo Horário da Mão de Obra =>",null,null,33.972299999999997]
[{"$nulls":6},"Adc.M.O. - Ferramentas (15,51%) =>",null,null,5.2690999999999999]
[{"$nulls":6},"Custo Horário de Execução =>",null,null,260.35599999999999]
[{"$nulls":6},"Fator de Influencia da Chuva - FIC =>",null,null,0]
[{"$nulls":6},"Custo do FIC =>",null,null,0]
[{"$nulls":6},"Produção de Equipe =>",null,null,571]
[{"$nulls":6},"Custo Unitário de Execução =>",null,null,0.45600000000000002]
[{"$nulls":4},"MO sem LS =>",5.9496147110332749E-2,"LS =>",0,"MO com LS =>",5.9496147110332749E-2]
[{"$nulls":4},"Valor do BDI =>",0.11,null,"Valor com BDI =>",null,0.56999999999999995]
[]
[null,"Código","Banco","Descrição","Tipo",null,"Und","Quant.","Valor Unit","Total"]
["Composição"," 97611 ","SINAPI","LÂMPADA COMPACTA FLUORESCENTE DE 15 W, BASE E27 - FORNECIMENTO E INSTALAÇÃO. AF_02/2020","INEL - INSTALAÇÃO ELÉTRICA/ELETRIFICAÇÃO E ILUMINAÇÃO EXTERNA",null,"UN",1,19.02,19.02]
["Composição Auxiliar"," 88264 ","SINAPI","ELETRICISTA COM ENCARGOS COMPLEMENTARES","SEDI - SERVIÇOS DIVERSOS",null,"H",0.16550000000000001,21.59,3.57]
["Composição Auxiliar"," 88247 ","SINAPI","AUXILIAR DE ELETRICISTA COM ENCARGOS COMPLEMENTARES","SEDI - SERVIÇOS DIVERSOS",null,"H",6.9000000000000006E-2,16.91,1.1599999999999999]
["Insumo"," 00038191 ","SINAPI","LAMPADA FLUORESCENTE COMPACTA 2U BRANCA 15 W, BASE E27 (127/220 V)","Material",null,"UN",1,11.5,11.5]
["Insumo"," 00012295 ","SINAPI","SOQUETE DE BAQUELITE BASE E27, PARA LAMPADAS","Material",null,"UN",1,2.79,2.79]
[{"$nulls":4},"MO sem LS =>",3.9699999999999998,"LS =>",0,"MO com LS =>",3.9699999999999998]
[{"$nulls":4},"Valor do BDI =>",4.5999999999999996,null,"Valor com BDI =>",null,23.62]
[]
[null,"Código","Banco","Descrição","Tipo",null,"Und","Quant.","Valor Unit","Total"]
["Composição"," 97612 ","SINAPI","LÂMPADA COMPACTA FLUORESCENTE DE 20 W, BASE E27 - FORNECIMENTO E INSTALAÇÃO. AF_02/2020","INEL - INSTALAÇÃO ELÉTRICA/ELETRIFICAÇÃO E ILUMINAÇÃO EXTERNA",null,"UN",1,20.65,20.65]
["Composição Auxiliar"," 88264 ","SINAPI","ELETRICISTA COM ENCARGOS COMPLEMENTARES","SEDI - SERVIÇOS DIVERSOS",null,"H",0.16550000000000001,21.59,3.57]
["Composição Auxiliar"," 88247 ","SINAPI","AUXILIAR DE ELETRICISTA COM ENCARGOS COMPLEMENTARES","SEDI - SERVIÇOS DIVERSOS",null,"H",6.9000000000000006E-2,16.91,1.1599999999999999]
["Insumo"," 00038780 ","SINAPI","LAMPADA FLUORESCENTE COMPACTA 3U BRANCA 20 W, BASE E27 (127/220 V)","Material",null,"UN",1,13.13,13.13]
["Insumo"," 00012295 ","SINAPI","SOQUETE DE BAQUELITE BASE E27, PARA LAMPADAS","Material",null,"UN",1,2.79,2.79]
[{"$nulls":4},"MO sem LS =>",3.9699999999999998,"LS =>",0,"MO com LS =>",3.9699999999999998]
[{"$nulls":4},"Valor do BDI =>",5,null,"Valor com BDI =>",null,25.65]
[]
[null,"Código","Banco","Descrição","Tipo",null,"Und","Quant.","Valor Unit","Total"]
["Composição"," 87548 ","SINAPI","MASSA ÚNICA, PARA RECEBIMENTO DE PINTURA, EM ARGAMASSA TRAÇO 1:2:8, PREPARO MANUAL, APLICADA MANUALMENTE EM FACES INTERNAS DE PAREDES, ESPESSURA DE 10MM, COM EXECUÇÃO DE TALISCAS. AF_06/2014","REVE - REVESTIMENTO E TRATAMENTO DE SUPERFÍCIES",null,"m²",1,20.94,20.94]
["Composição Auxiliar"," 87369 ","SINAPI","ARGAMASSA TRAÇO 1:2:8 (EM VOLUME DE CIMENTO, CAL E AREIA MÉDIA ÚMIDA) PARA EMBOÇO/MASSA ÚNICA/ASSENTAMENTO DE ALVENARIA DE VEDAÇÃO, PREPARO MANUAL. AF_08/2019","SEDI - SERVIÇOS DIVERSOS",null,"m³",2.1299999999999999E-2,538,11.45]
["Composição Auxiliar"," 88309 ","SINAPI","PEDREIRO COM ENCARGOS COMPLEMENTARES","SEDI - SERVIÇOS DIVERSOS",null,"H",0.35,21.34,7.46]
["Composição Auxiliar"," 88316 ","SINAPI","SERVENTE COM ENCARGOS COMPLEMENTARES","SEDI - SERVIÇOS DIVERSOS",null,"H",0.128,15.9,2.0299999999999998]
[{"$nulls":4},"MO sem LS =>",10.98,"LS =>",0,"MO com LS =>",10.98]
[{"$nulls":4},"Valor do BDI =>",5.07,null,"Valor com BDI =>",null,26.01]
[]
[null,"Código","Banco","Descrição","Tipo",null,"Und","Quant.","Valor Unit","Total"]
["Composição"," 87529 ","SINAPI","MASSA ÚNICA, PARA RECEBIMENTO DE PINTURA, EM ARGAMASSA TRAÇO 1:2:8, PREPARO MECÂNICO COM BETONEIRA 400L, APLICADA MANUALMENTE EM FACES INTERNAS DE PAREDES, ESPESSURA DE 20MM, COM EXECUÇÃO DE TALISCAS. AF_06/2014","REVE - REVESTIMENTO E TRATAMENTO DE SUPERFÍCIES",null,"m²",1,29.6,29.6]
["Composição Auxiliar"," 87292 ","SINAPI","ARGAMASSA TRAÇO 1:2:8 (EM VOLUME DE CIMENTO, CAL E AREIA MÉDIA ÚMIDA) PARA EMBOÇO/MASSA ÚNICA/ASSENTAMENTO DE ALVENARIA DE VEDAÇÃO, PREPARO MECÂNICO COM BETONEIRA 400 L. AF_08/2019","SEDI - SERVIÇOS DIVERSOS",null,"m³",3.7600000000000001E-2,448.68,16.87]
["Composição Auxiliar"," 88309 ","SINAPI","PEDREIRO COM ENCARGOS COMPLEMENTARES","SEDI - SERVIÇOS DIVERSOS",null,"H",0.47,21.34,10.02]
["Composição Auxiliar"," 88316 ","SINAPI","SERVENTE COM ENCARGOS COMPLEMENTARES","SEDI - SERVIÇOS DIVERSOS",null,"H",0.17100000000000001,15.9,2.71]
[{"$nulls":4},"MO sem LS =>",13.25,"LS =>",0,"MO com LS =>",13.25]
[{"$nulls":4},"Valor do BDI =>",7.17,null,"Valor com BDI =>",null,36.770000000000003]
[]
[null,"Código","Banco","Descrição","Tipo",null,"Und","Quant.","Valor Unit","Total"]
["Composição"," 88392 ","SINAPI","MISTURADOR DE ARGAMASSA, EIXO HORIZONTAL, CAPACIDADE DE MISTURA 300 KG, MOTOR ELÉTRICO POTÊNCIA 5 CV - CHI DIURNO. AF_06/2014","CHOR - CUSTOS HORÁRIOS DE MÁQUINAS E EQUIPAMENTOS",null,"CHI",1,0.92,0.92]
["Composição Auxiliar"," 88389 ","SINAPI","MISTURADOR DE ARGAMASSA, EIXO HORIZONTAL, CAPACIDADE DE MISTURA 300 KG, MOTOR ELÉTRICO POTÊNCIA 5 CV - JUROS. AF_06/2014","CHOR - CUSTOS HORÁRIOS DE MÁQUINAS E EQUIPAMENTOS",null,"H",1,0.09,0.09]
["Composição Auxiliar"," 88387 ","SINAPI","MISTURADOR DE ARGAMASSA, EIXO HORIZONTAL, CAPACIDADE DE MISTURA 300 KG, MOTOR ELÉTRICO POTÊNCIA 5 CV - DEPRECIAÇÃO. AF_06/2014","CHOR - CUSTOS HORÁRIOS DE MÁQUINAS E EQUIPAMENTOS",null,"H",1,0.83,0.83]
[{"$nulls":4},"MO sem LS =>",0,"LS =>",0,"MO com LS =>",0]
[{"$nulls":4},"Valor do BDI =>",0.22,null,"Valor com BDI =>",null,1.1399999999999999]
[]
[null,"Código","Banco","Descrição","Tipo",null,"Und","Quant.","Valor Unit","Total"]
["Composição"," 88386 ","SINAPI","MISTURADOR DE ARGAMASSA, EIXO HORIZONTAL, CAPACIDADE DE MISTURA 300 KG, MOTOR ELÉTRICO POTÊNCIA 5 CV - CHP DIURNO. AF_06/2014","CHOR - CUSTOS HORÁRIOS DE MÁQUINAS E EQUIPAMENTOS",null,"CHP",1,4.1399999999999997,4.1399999999999997]
["Composição Auxiliar"," 88387 ","SINAPI","MISTURADOR DE ARGAMASSA, EIXO HORIZONTAL, CAPACIDADE DE MISTURA 300 KG, MOTOR ELÉTRICO POTÊNCIA 5 CV - DEPRECIAÇÃO. AF_06/2014","CHOR - CUSTOS HORÁRIOS DE MÁQUINAS E EQUIPAMENTOS",null,"H",1,0.83,0.83]
["Composição Auxiliar"," 88390 ","SINAPI","MISTURADOR DE ARGAMASSA, EIXO HORIZONTAL, CAPACIDADE DE MISTURA 300 KG, MOTOR ELÉTRICO POTÊNCIA 5 CV - MANUTENÇÃO. AF_06/2014","CHOR - CUSTOS HORÁRIOS DE MÁQUINAS E EQUIPAMENTOS",null,"H",1,0.91,0.91]
["Composição Auxiliar"," 88389 ","SINAPI","MISTURADOR DE ARGAMASSA, EIXO HORIZONTAL, CAPACIDADE DE MISTURA 300 KG, MOTOR ELÉTRICO POTÊNCIA 5 CV - JUROS. AF_06/2014","CHOR - CUSTOS HORÁRIOS DE MÁQUINAS E EQUIPAMENTOS",null,"H",1,0.09,0.09]
["Composição Auxiliar"," 88391 ","SINAPI","MISTURADOR DE ARGAMASSA, EIXO HORIZONTAL, CAPACIDADE DE MISTURA 300 KG, MOTOR ELÉTRICO POTÊNCIA 5 CV - MATERIAIS NA OPERAÇÃO. AF_06/2014","CHOR - CUSTOS HORÁRIOS DE MÁQUINAS E EQUIPAMENTOS",null,"H",1,2.31,2.31]
[{"$nulls":4},"MO sem LS =>",0,"LS =>",0,"MO com LS =>",0]
[{"$nulls":4},"Valor do BDI =>",1,null,"Valor com BDI =>",null,5.14]
[]
[null,"Código","Banco","Descrição","Tipo",null,"Und","Quant.","Valor Unit","Total"]
["Composição"," 88387 ","SINAPI","MISTURADOR DE ARGAMASSA, EIXO HORIZONTAL, CAPACIDADE DE MISTURA 300 KG, MOTOR ELÉTRICO POTÊNCIA 5 CV - DEPRECIAÇÃO. AF_06/2014","CHOR - CUSTOS HORÁRIOS DE MÁQUINAS E EQUIPAMENTOS",null,"H",1,0.83,0.83]
["Insumo"," 00037544 ","SINAPI","MISTURADOR DE ARGAMASSA, EIXO HORIZONTAL, CAPACIDADE DE MISTURA 300 KG, MOTOR ELETRICO TRIFASICO 220/380 V, POTENCIA 5 CV","Equipamento",null,"UN",6.3999999999999997E-5,13037.73,0.83]
[{"$nulls":4},"MO sem LS =>",0,"LS =>",0,"MO com LS =>",0]
[{"$nulls":4},"Valor do BDI =>",0.2,null,"Valor com BDI =>",null,1.03]
[]
[null,"Código","Banco","Descrição","Tipo",null,"Und","Quant.","Valor Unit","Total"]
["Composição"," 88389 ","SINAPI","MISTURADOR DE ARGAMASSA, EIXO HORIZONTAL, CAPACIDADE DE MISTURA 300 KG, MOTOR ELÉTRICO POTÊNCIA 5 CV - JUROS. AF_06/2014","CHOR - CUSTOS HORÁRIOS DE MÁQUINAS E EQUIPAMENTOS",null,"H",1,0.09,0.09]
["Insumo"," 00037544 ","SINAPI","MISTURADOR DE ARGAMASSA, EIXO HORIZONTAL, CAPACIDADE DE MISTURA 300 KG, MOTOR ELETRICO TRIFASICO 220/380 V, POTENCIA 5 CV","Equipamento",null,"UN",7.6000000000000001E-6,13037.73,0.09]
[{"$nulls":4},"MO sem LS =>",0,"LS =>",0,"MO com LS =>",0]
[{"$nulls":4},"Valor do BDI =>",0.02,null,"Valor com BDI =>",null,0.11]
[]
[null,"Código","Banco","Descrição","Tipo",null,"Und","Quant.","Valor Unit","Total"]
["Composição"," 88390 ","SINAPI","MISTURADOR DE ARGAMASSA, EIXO HORIZONTAL, CAPACIDADE DE MISTURA 300 KG, MOTOR ELÉTRICO POTÊNCIA 5 CV - MANUTENÇÃO. AF_06/2014","CHOR - CUSTOS HORÁRIOS DE MÁQUINAS E EQUIPAMENTOS",null,"H",1,0.91,0.91]
["Insumo"," 00037544 ","SINAPI","MISTURADOR DE ARGAMASSA, EIXO HORIZONTAL, CAPACIDADE DE MISTURA 300 KG, MOTOR ELETRICO TRIFASICO 220/380 V, POTENCIA 5 CV","Equipamento",null,"UN",6.9999999999999994E-5,13037.73,0.91]
[{"$nulls":4},"MO sem LS =>",0,"LS =>",0,"MO com LS =>",0]
[{"$nulls":4},"Valor do BDI =>",0.22,null,"Valor com BDI =>",null,1.1299999999999999]
[]
[null,"Código","Banco","Descrição","Tipo",null,"Und","Quant.","Valor Unit","Total"]
["Composição"," 88391 ","SINAPI","MISTURADOR DE ARGAMASSA, EIXO HORIZONTAL, CAPACIDADE DE MISTURA 300 KG, MOTOR ELÉTRICO POTÊNCIA 5 CV - MATERIAIS NA OPERAÇÃO. AF_06/2014","CHOR - CUSTOS HORÁRIOS DE MÁQUINAS E EQUIPAMENTOS",null,"H",1,2.31,2.31]
["Insumo"," 00002705 ","SINAPI","ENERGIA ELETRICA ATE 2000 KWH INDUSTRIAL, SEM DEMANDA","Material",null,"KWH",3.13,0.74,2.31]
[{"$nulls":4},"MO sem LS =>",0,"LS =>",0,"MO com LS =>",0]
[{"$nulls":4},"Valor do BDI =>",0.55000000000000004,null,"Valor com BDI =>",null,2.86]
[]
[null,"Código","Banco","Descrição","Tipo",null,"Und","Quant.","Valor Unit","Total"]
["Composição"," 88377 ","SINAPI","OPERADOR DE BETONEIRA ESTACIONÁRIA/MISTURADOR COM ENCARGOS COMPLEMENTARES","SEDI - SERVIÇOS DIVERSOS",null,"H",1,17.34,17.34]
["Composição Auxiliar"," 95389 ","SINAPI","CURSO DE CAPACITAÇÃO PARA OPERADOR DE BETONEIRA ESTACIONÁRIA/MISTURADOR (ENCARGOS COMPLEMENTARES) - HORISTA","SEDI - SERVIÇOS DIVERSOS",null,"H",1,0.1,0.1]
["Insumo"," 00037370 ","SINAPI","ALIMENTACAO - HORISTA (COLETADO CAIXA)","Outros",null,"H",1,0.01,0.01]
["Insumo"," 00043488 ","SINAPI","EPI - FAMILIA OPERADOR ESCAVADEIRA - HORISTA (ENCARGOS COMPLEMENTARES - COLETADO CAIXA)","Equipamento",null,"H",1,0.76,0.76]
["Insumo"," 00037372 ","SINAPI","EXAMES - HORISTA (COLETADO CAIXA)","Outros",null,"H",1,0.81,0.81]
["Insumo"," 00043464 ","SINAPI","FERRAMENTAS - FAMILIA OPERADOR ESCAVADEIRA - HORISTA (ENCARGOS COMPLEMENTARES - COLETADO CAIXA)","Equipamento",null,"H",1,0.01,0.01]
["Insumo"," 00037666 ","SINAPI","OPERADOR DE BETONEIRA ESTACIONARIA / MISTURADOR","Mão de Obra",null,"H",1,15.07,15.07]
["Insumo"," 00037373 ","SINAPI","SEGURO - HORISTA (COLETADO CAIXA)","Taxas",null,"H",1,0.01,0.01]
["Insumo"," 00037371 ","SINAPI","TRANSPORTE - HORISTA (COLETADO CAIXA)","Serviços",null,"H",1,0.56999999999999995,0.56999999999999995]
[{"$nulls":4},"MO sem LS =>",15.17,"LS =>",0,"MO com LS =>",15.17]
[{"$nulls":4},"Valor do BDI =>",4.2,null,"Valor com BDI =>",null,21.54]
[]
[null,"Código","Banco","Descrição","Tipo",null,"Und","Quant.","Valor Unit","Total"]
["Composição"," 88294 ","SINAPI","OPERADOR DE ESCAVADEIRA COM ENCARGOS COMPLEMENTARES","SEDI - SERVIÇOS DIVERSOS",null,"H",1,23.43,23.43]
["Composição Auxiliar"," 95357 ","SINAPI","CURSO DE CAPACITAÇÃO PARA OPERADOR DE ESCAVADEIRA (ENCARGOS COMPLEMENTARES) - HORISTA","SEDI - SERVIÇOS DIVERSOS",null,"H",1,0.19,0.19]
["Insumo"," 00037370 ","SINAPI","ALIMENTACAO - HORISTA (COLETADO CAIXA)","Outros",null,"H",1,0.01,0.01]
["Insumo"," 00043488 ","SINAPI","EPI - FAMILIA OPERADOR ESCAVADEIRA - HORISTA (ENCARGOS COMPLEMENTARES - COLETADO CAIXA)","Equipamento",null,"H",1,0.76,0.76]
["Insumo"," 00037372 ","SINAPI","EXAMES - HORISTA (COLETADO CAIXA)","Outros",null,"H",1,0.81,0.81]
["Insumo"," 00043464 ","SINAPI","FERRAMENTAS - FAMILIA OPERADOR ESCAVADEIRA - HORISTA (ENCARGOS COMPLEMENTARES - COLETADO CAIXA)","Equipamento",null,"H",1,0.01,0.01]
["Insumo"," 00004234 ","SINAPI","OPERADOR DE ESCAVADEIRA","Mão de Obra",null,"H",1,21.07,21.07]
["Insumo"," 00037373 ","SINAPI","SEGURO - HORISTA (COLETADO CAIXA)","Taxas",null,"H",1,0.01,0.01]
["Insumo"," 00037371 ","SINAPI","TRANSPORTE - HORISTA (COLETADO CAIXA)","Serviços",null,"H",1,0.56999999999999995,0.56999999999999995]
[{"$nulls":4},"MO sem LS =>",21.26,"LS =>",0,"MO com LS =>",21.26]
[{"$nulls":4},"Valor do BDI =>",5.67,null,"Valor com BDI =>",null,29.1]
[]
[null,"Código","Banco","Descrição","Tipo",null,"Und","Quant.","Valor Unit","Total"]
["Composição"," 88295 ","SINAPI","OPERADOR DE GUINCHO COM ENCARGOS COMPLEMENTARES","SEDI - SERVIÇOS DIVERSOS",null,"H",1,16.2,16.2]
["Composição Auxiliar"," 95358 ","SINAPI","CURSO DE CAPACITAÇÃO PARA OPERADOR DE GUINCHO (ENCARGOS COMPLEMENTARES) - HORISTA","SEDI - SERVIÇOS DIVERSOS",null,"H",1,0.18,0.18]
["Insumo"," 00037370 ","SINAPI","ALIMENTACAO - HORISTA (COLETADO CAIXA)","Outros",null,"H",1,0.01,0.01]
["Insumo"," 00043488 ","SINAPI","EPI - FAMILIA OPERADOR ESCAVADEIRA - HORISTA (ENCARGOS COMPLEMENTARES - COLETADO CAIXA)","Equipamento",null,"H",1,0.76,0.76]
["Insumo"," 00037372 ","SINAPI","EXAMES - HORISTA (COLETADO CAIXA)","Outros",null,"H",1,0.81,0.81]
["Insumo"," 00043464 ","SINAPI","FERRAMENTAS - FAMILIA OPERADOR ESCAVADEIRA - HORISTA (ENCARGOS COMPLEMENTARES - COLETADO CAIXA)","Equipamento",null,"H",1,0.01,0.01]
["Insumo"," 00004253 ","SINAPI","OPERADOR DE GUINCHO OU GUINCHEIRO","Mão de Obra",null,"H",1,13.85,13.85]
["Insumo"," 00037373 ","SINAPI","SEGURO - HORISTA (COLETADO CAIXA)","Taxas",null,"H",1,0.01,0.01]
["Insumo"," 00037371 ","SINAPI","TRANSPORTE - HORISTA (COLETADO CAIXA)","Serviços",null,"H",1,0.56999999999999995,0.56999999999999995]
[{"$nulls":4},"MO sem LS =>",14.03,"LS =>",0,"MO com LS =>",14.03]
[{"$nulls":4},"Valor do BDI =>",3.92,null,"Valor com BDI =>",null,20.12]
[]
[null,"Código","Banco","Descrição","Tipo",null,"Und","Quant.","Valor Unit","Total"]
["Composição"," 88297 ","SINAPI","OPERADOR DE MÁQUINAS E EQUIPAMENTOS COM ENCARGOS COMPLEMENTARES","SEDI - SERVIÇOS DIVERSOS",null,"H",1,17.739999999999998,17.739999999999998]
["Composição Auxiliar"," 95360 ","SINAPI","CURSO DE CAPACITAÇÃO PARA OPERADOR DE MÁQUINAS E EQUIPAMENTOS (ENCARGOS COMPLEMENTARES) - HORISTA","SEDI - SERVIÇOS DIVERSOS",null,"H",1,0.14000000000000001,0.14000000000000001]
["Insumo"," 00037370 ","SINAPI","ALIMENTACAO - HORISTA (COLETADO CAIXA)","Outros",null,"H",1,0.01,0.01]
["Insumo"," 00043488 ","SINAPI","EPI - FAMILIA OPERADOR ESCAVADEIRA - HORISTA (ENCARGOS COMPLEMENTARES - COLETADO CAIXA)","Equipamento",null,"H",1,0.76,0.76]
["Insumo"," 00037372 ","SINAPI","EXAMES - HORISTA (COLETADO CAIXA)","Outros",null,"H",1,0.81,0.81]
["Insumo"," 00043464 ","SINAPI","FERRAMENTAS - FAMILIA OPERADOR ESCAVADEIRA - HORISTA (ENCARGOS COMPLEMENTARES - COLETADO CAIXA)","Equipamento",null,"H",1,0.01,0.01]
["Insumo"," 00004230 ","SINAPI","OPERADOR DE MAQUINAS E TRATORES DIVERSOS (TERRAPLANAGEM)","Mão de Obra",null,"H",1,15.43,15.43]
["Insumo"," 00037373 ","SINAPI","SEGURO - HORISTA (COLETADO CAIXA)","Taxas",null,"H",1,0.01,0.01]
["Insumo"," 00037371 ","SINAPI","TRANSPORTE - HORISTA (COLETADO CAIXA)","Serviços",null,"H",1,0.56999999999999995,0.56999999999999995]
[{"$nulls":4},"MO sem LS =>",15.57,"LS =>",0,"MO com LS =>",15.57]
[{"$nulls":4},"Valor do BDI =>",4.29,null,"Valor com BDI =>",null,22.03]
[]
[null,"Código","Banco","Descrição","Tipo",null,"Und","Quant.","Valor Unit","Total"]
["Composição"," 98445 ","SINAPI","PAREDE DE MADEIRA COMPENSADA PARA CONSTRUÇÃO TEMPORÁRIA EM CHAPA SIMPLES, EXTERNA, COM ÁREA LÍQUIDA MAIOR OU IGUAL A 6 M², COM VÃO. AF_05/2018","CANT - CANTEIRO DE OBRAS",null,"m²",1,194.79,194.79]
["Composição Auxiliar"," 91692 ","SINAPI","SERRA CIRCULAR DE BANCADA COM MOTOR ELÉTRICO POTÊNCIA DE 5HP, COM COIFA PARA DISCO 10\" - CHP DIURNO. AF_08/2015","CHOR - CUSTOS HORÁRIOS DE MÁQUINAS E EQUIPAMENTOS",null,"CHP",1.1900000000000001E-2,18.87,0.22]
["Composição Auxiliar"," 91693 ","SINAPI","SERRA CIRCULAR DE BANCADA COM MOTOR ELÉTRICO POTÊNCIA DE 5HP, COM COIFA PARA DISCO 10\" - CHI DIURNO. AF_08/2015","CHOR - CUSTOS HORÁRIOS DE MÁQUINAS E EQUIPAMENTOS",null,"CHI",5.1799999999999999E-2,17.82,0.92]
["Composição Auxiliar"," 94974 ","SINAPI","CONCRETO MAGRO PARA LASTRO, TRAÇO 1:4,5:4,5 (EM MASSA SECA DE CIMENTO/ AREIA MÉDIA/ BRITA 1) - PREPARO MANUAL. AF_05/2021","FUES - FUNDAÇÕES E ESTRUTURAS",null,"m³",2.0999999999999999E-3,352.34,0.73]
["Composição Auxiliar"," 88239 ","SINAPI","AJUDANTE DE CARPINTEIRO COM ENCARGOS COMPLEMENTARES","SEDI - SERVIÇOS DIVERSOS",null,"H",0.36470000000000002,16.52,6.02]
["Composição Auxiliar"," 88262 ","SINAPI","CARPINTEIRO DE FORMAS COM ENCARGOS COMPLEMENTARES","SEDI - SERVIÇOS DIVERSOS",null,"H",1.0941000000000001,21.08,23.06]
["Insumo"," 00004433 ","SINAPI","CAIBRO NAO APARELHADO  *7,5 X 7,5* CM, EM MACARANDUBA, ANGELIM OU EQUIVALENTE DA REGIAO -  BRUTA","Material",null,"M",1.8032999999999999,31.29,56.42]
["Insumo"," 00043681 ","SINAPI","CHAPA/PAINEL DE MADEIRA COMPENSADA RESINADA (MADEIRITE RESINADO ROSA) PARA FORMA DE CONCRETO, DE 2200 x 1100 MM, E = 8 A 12 MM","Material",null,"m²",1.050038,37.19,39.049999999999997]
["Insumo"," 00005061 ","SINAPI","PREGO DE ACO POLIDO COM CABECA 18 X 27 (2 1/2 X 10)","Material",null,"KG",6.2799999999999995E-2,23,1.44]
["Insumo"," 00003992 ","SINAPI","TABUA APARELHADA *2,5 X 30* CM, EM MACARANDUBA, ANGELIM OU EQUIVALENTE DA REGIAO","Material",null,"M",1.8032999999999999,37.119999999999997,66.930000000000007]
[{"$nulls":4},"MO sem LS =>",25.69,"LS =>",0,"MO com LS =>",25.69]
[{"$nulls":4},"Valor do BDI =>",47.19,null,"Valor com BDI =>",null,241.98]
[]
[null,"Código","Banco","Descrição","Tipo",null,"Und","Quant.","Valor Unit","Total"]
["Composição"," 98441 ","SINAPI","PAREDE DE MADEIRA COMPENSADA PARA CONSTRUÇÃO TEMPORÁRIA EM CHAPA SIMPLES, EXTERNA, COM ÁREA LÍQUIDA MAIOR OU IGUAL A 6 M², SEM VÃO. AF_05/2018","CANT - CANTEIRO DE OBRAS",null,"m²",1,162.87,162.87]
["Composição Auxiliar"," 91692 ","SINAPI","SERRA CIRCULAR DE BANCADA COM MOTOR ELÉTRICO POTÊNCIA DE 5HP, COM COIFA PARA DISCO 10\" - CHP DIURNO. AF_08/2015","CHOR - CUSTOS HORÁRIOS DE MÁQUINAS E EQUIPAMENTOS",null,"CHP",8.2000000000000007E-3,18.87,0.15]
["Composição Auxiliar"," 91693 ","SINAPI","SERRA CIRCULAR DE BANCADA COM MOTOR ELÉTRICO POTÊNCIA DE 5HP, COM COIFA PARA DISCO 10\" - CHI DIURNO. AF_08/2015","CHOR - CUSTOS HORÁRIOS DE MÁQUINAS E EQUIPAMENTOS",null,"CHI",3.5900000000000001E-2,17.82,0.63]
["Composição Auxiliar"," 94974 ","SINAPI","CONCRETO MAGRO PARA LASTRO, TRAÇO 1:4,5:4,5 (EM MASSA SECA DE CIMENTO/ AREIA MÉDIA/ BRITA 1) - PREPARO MANUAL. AF_05/2021","FUES - FUNDAÇÕES E ESTRUTURAS",null,"m³",1.5E-3,352.34,0.52]
["Composição Auxiliar"," 88239 ","SINAPI","AJUDANTE DE CARPINTEIRO COM ENCARGOS COMPLEMENTARES","SEDI - SERVIÇOS DIVERSOS",null,"H",0.25119999999999998,16.52,4.1399999999999997]
["Composição Auxiliar"," 88262 ","SINAPI","CARPINTEIRO DE FORMAS COM ENCARGOS COMPLEMENTARES","SEDI - SERVIÇOS DIVERSOS",null,"H",0.75349999999999995,21.08,15.88]
["Insumo"," 00004433 ","SINAPI","CAIBRO NAO APARELHADO  *7,5 X 7,5* CM, EM MACARANDUBA, ANGELIM OU EQUIVALENTE DA REGIAO -  BRUTA","Material",null,"M",1.2307999999999999,31.29,38.51]
["Insumo"," 00043681 ","SINAPI","CHAPA/PAINEL DE MADEIRA COMPENSADA RESINADA (MADEIRITE RESINADO ROSA) PARA FORMA DE CONCRETO, DE 2200 x 1100 MM, E = 8 A 12 MM","Material",null,"m²",1.050038,37.19,39.049999999999997]
["Insumo"," 00005061 ","SINAPI","PREGO DE ACO POLIDO COM CABECA 18 X 27 (2 1/2 X 10)","Material",null,"KG",5.1700000000000003E-2,23,1.18]
["Insumo"," 00003992 ","SINAPI","TABUA APARELHADA *2,5 X 30* CM, EM MACARANDUBA, ANGELIM OU EQUIVALENTE DA REGIAO","Material",null,"M",1.6922999999999999,37.119999999999997,62.81]
[{"$nulls":4},"MO sem LS =>",17.690000000000001,"LS =>",0,"MO com LS =>",17.690000000000001]
[{"$nulls":4},"Valor do BDI =>",39.46,null,"Valor com BDI =>",null,202.33]
[]
[null,"Código","Banco","Descrição","Tipo",null,"Und","Quant.","Valor Unit","Total"]
["Composição"," 98446 ","SINAPI","PAREDE DE MADEIRA COMPENSADA PARA CONSTRUÇÃO TEMPORÁRIA EM CHAPA SIMPLES, EXTERNA, COM ÁREA LÍQUIDA MENOR QUE 6 M², COM VÃO. AF_05/2018","CANT - CANTEIRO DE OBRAS",null,"m²",1,246.12,246.12]
["Composição Auxiliar"," 91692 ","SINAPI","SERRA CIRCULAR DE BANCADA COM MOTOR ELÉTRICO POTÊNCIA DE 5HP, COM COIFA PARA DISCO 10\" - CHP DIURNO. AF_08/2015","CHOR - CUSTOS HORÁRIOS DE MÁQUINAS E EQUIPAMENTOS",null,"CHP",1.7000000000000001E-2,18.87,0.32]
["Composição Auxiliar"," 91693 ","SINAPI","SERRA CIRCULAR DE BANCADA COM MOTOR ELÉTRICO POTÊNCIA DE 5HP, COM COIFA PARA DISCO 10\" - CHI DIURNO. AF_08/2015","CHOR - CUSTOS HORÁRIOS DE MÁQUINAS E EQUIPAMENTOS",null,"CHI",7.4399999999999994E-2,17.82,1.32]
["Composição Auxiliar"," 94974 ","SINAPI","CONCRETO MAGRO PARA LASTRO, TRAÇO 1:4,5:4,5 (EM MASSA SECA DE CIMENTO/ AREIA MÉDIA/ BRITA 1) - PREPARO MANUAL. AF_05/2021","FUES - FUNDAÇÕES E ESTRUTURAS",null,"m³",3.0999999999999999E-3,352.34,1.0900000000000001]
["Composição Auxiliar"," 88262 ","SINAPI","CARPINTEIRO DE FORMAS COM ENCARGOS COMPLEMENTARES","SEDI - SERVIÇOS DIVERSOS",null,"H",1.8052999999999999,21.08,38.049999999999997]
["Composição Auxiliar"," 88239 ","SINAPI","AJUDANTE DE CARPINTEIRO COM ENCARGOS COMPLEMENTARES","SEDI - SERVIÇOS DIVERSOS",null,"H",0.6018,16.52,9.94]
["Insumo"," 00004433 ","SINAPI","CAIBRO NAO APARELHADO  *7,5 X 7,5* CM, EM MACARANDUBA, ANGELIM OU EQUIVALENTE DA REGIAO -  BRUTA","Material",null,"M",2.6139000000000001,31.29,81.78]
["Insumo"," 00043681 ","SINAPI","CHAPA/PAINEL DE MADEIRA COMPENSADA RESINADA (MADEIRITE RESINADO ROSA) PARA FORMA DE CONCRETO, DE 2200 x 1100 MM, E = 8 A 12 MM","Material",null,"m²",1.050038,37.19,39.049999999999997]
["Insumo"," 00005061 ","SINAPI","PREGO DE ACO POLIDO COM CABECA 18 X 27 (2 1/2 X 10)","Material",null,"KG",7.8399999999999997E-2,23,1.8]
["Insumo"," 00003992 ","SINAPI","TABUA APARELHADA *2,5 X 30* CM, EM MACARANDUBA, ANGELIM OU EQUIVALENTE DA REGIAO","Material",null,"M",1.9603999999999999,37.119999999999997,72.77]
[{"$nulls":4},"MO sem LS =>",42.16,"LS =>",0,"MO com LS =>",42.16]
[{"$nulls":4},"Valor do BDI =>",59.63,null,"Valor com BDI =>",null,305.75]
[]
[null,"Código","Banco","Descrição","Tipo",null,"Und","Quant.","Valor Unit","Total"]
["Composição"," 98442 ","SINAPI","PAREDE DE MADEIRA COMPENSADA PARA CONSTRUÇÃO TEMPORÁRIA EM CHAPA SIMPLES, EXTERNA, COM ÁREA LÍQUIDA MENOR QUE 6 M², SEM VÃO. AF_05/2018","CANT - CANTEIRO DE OBRAS",null,"m²",1,165.47,165.47]
["Composição Auxiliar"," 91692 ","SINAPI","SERRA CIRCULAR DE BANCADA COM MOTOR ELÉTRICO POTÊNCIA DE 5HP, COM COIFA PARA DISCO 10\" - CHP DIURNO. AF_08/2015","CHOR - CUSTOS HORÁRIOS DE MÁQUINAS E EQUIPAMENTOS",null,"CHP",7.6E-3,18.87,0.14000000000000001]
["Composição Auxiliar"," 91693 ","SINAPI","SERRA CIRCULAR DE BANCADA COM MOTOR ELÉTRICO POTÊNCIA DE 5HP, COM COIFA PARA DISCO 10\" - CHI DIURNO. AF_08/2015","CHOR - CUSTOS HORÁRIOS DE MÁQUINAS E EQUIPAMENTOS",null,"CHI",3.32E-2,17.82,0.59]
["Composição Auxiliar"," 94974 ","SINAPI","CONCRETO MAGRO PARA LASTRO, TRAÇO 1:4,5:4,5 (EM MASSA SECA DE CIMENTO/ AREIA MÉDIA/ BRITA 1) - PREPARO MANUAL. AF_05/2021","FUES - FUNDAÇÕES E ESTRUTURAS",null,"m³",1.5E-3,352.34,0.52]
["Composição Auxiliar"," 88262 ","SINAPI","CARPINTEIRO DE FORMAS COM ENCARGOS COMPLEMENTARES","SEDI - SERVIÇOS DIVERSOS",null,"H",0.85319999999999996,21.08,17.98]
["Composição Auxiliar"," 88239 ","SINAPI","AJUDANTE DE CARPINTEIRO COM ENCARGOS COMPLEMENTARES","SEDI - SERVIÇOS DIVERSOS",null,"H",0.28439999999999999,16.52,4.6900000000000004]
["Insumo"," 00004433 ","SINAPI","CAIBRO NAO APARELHADO  *7,5 X 7,5* CM, EM MACARANDUBA, ANGELIM OU EQUIVALENTE DA REGIAO -  BRUTA","Material",null,"M",1.2307999999999999,31.29,38.51]
["Insumo"," 00043681 ","SINAPI","CHAPA/PAINEL DE MADEIRA COMPENSADA RESINADA (MADEIRITE RESINADO ROSA) PARA FORMA DE CONCRETO, DE 2200 x 1100 MM, E = 8 A 12 MM","Material",null,"m²",1.050038,37.19,39.049999999999997]
["Insumo"," 00005061 ","SINAPI","PREGO DE ACO POLIDO COM CABECA 18 X 27 (2 1/2 X 10)","Material",null,"KG",5.1700000000000003E-2,23,1.18]
["Insumo"," 00003992 ","SINAPI","TABUA APARELHADA *2,5 X 30* CM, EM MACARANDUBA, ANGELIM OU EQUIVALENTE DA REGIAO","Material",null,"M",1.6922999999999999,37.119999999999997,62.81]
[{"$nulls":4},"MO sem LS =>",19.88,"LS =>",0,"MO com LS =>",19.88]
[{"$nulls":4},"Valor do BDI =>",40.090000000000003,null,"Valor com BDI =>",null,205.56]
[]
[null,"Código","Banco","Descrição","Tipo",null,"Und","Quant.","Valor Unit","Total"]
["Composição"," 98447 ","SINAPI","PAREDE DE MADEIRA COMPENSADA PARA CONSTRUÇÃO TEMPORÁRIA EM CHAPA SIMPLES, INTERNA, COM ÁREA LÍQUIDA MAIOR OU IGUAL A 6 M², COM VÃO. AF_05/2018","CANT - CANTEIRO DE OBRAS",null,"m²",1,170.45,170.45]
["Composição Auxiliar"," 91692 ","SINAPI","SERRA CIRCULAR DE BANCADA COM MOTOR ELÉTRICO POTÊNCIA DE 5HP, COM COIFA PARA DISCO 10\" - CHP DIURNO. AF_08/2015","CHOR - CUSTOS HORÁRIOS DE MÁQUINAS E EQUIPAMENTOS",null,"CHP",1.1900000000000001E-2,18.87,0.22]
["Composição Auxiliar"," 91693 ","SINAPI","SERRA CIRCULAR DE BANCADA COM MOTOR ELÉTRICO POTÊNCIA DE 5HP, COM COIFA PARA DISCO 10\" - CHI DIURNO. AF_08/2015","CHOR - CUSTOS HORÁRIOS DE MÁQUINAS E EQUIPAMENTOS",null,"CHI",5.1799999999999999E-2,17.82,0.92]
["Composição Auxiliar"," 88239 ","SINAPI","AJUDANTE DE CARPINTEIRO COM ENCARGOS COMPLEMENTARES","SEDI - SERVIÇOS DIVERSOS",null,"H",0.2014,16.52,3.32]
["Composição Auxiliar"," 88262 ","SINAPI","CARPINTEIRO DE FORMAS COM ENCARGOS COMPLEMENTARES","SEDI - SERVIÇOS DIVERSOS",null,"H",0.60429999999999995,21.08,12.73]
["Insumo"," 00004433 ","SINAPI","CAIBRO NAO APARELHADO  *7,5 X 7,5* CM, EM MACARANDUBA, ANGELIM OU EQUIVALENTE DA REGIAO -  BRUTA","Material",null,"M",1.4652000000000001,31.29,45.84]
["Insumo"," 00043681 ","SINAPI","CHAPA/PAINEL DE MADEIRA COMPENSADA RESINADA (MADEIRITE RESINADO ROSA) PARA FORMA DE CONCRETO, DE 2200 x 1100 MM, E = 8 A 12 MM","Material",null,"m²",1.050038,37.19,39.049999999999997]
["Insumo"," 00005061 ","SINAPI","PREGO DE ACO POLIDO COM CABECA 18 X 27 (2 1/2 X 10)","Material",null,"KG",6.2799999999999995E-2,23,1.44]
["Insumo"," 00003992 ","SINAPI","TABUA APARELHADA *2,5 X 30* CM, EM MACARANDUBA, ANGELIM OU EQUIVALENTE DA REGIAO","Material",null,"M",1.8032999999999999,37.119999999999997,66.930000000000007]
[{"$nulls":4},"MO sem LS =>",14.53,"LS =>",0,"MO com LS =>",14.53]
[{"$nulls":4},"Valor do BDI =>",41.3,null,"Valor com BDI =>",null,211.75]
[]
[null,"Código","Banco","Descrição","Tipo",null,"Und","Quant.","Valor Unit","Total"]
["Composição"," 98443 ","SINAPI","PAREDE DE MADEIRA COMPENSADA PARA CONSTRUÇÃO TEMPORÁRIA EM CHAPA SIMPLES, INTERNA, COM ÁREA LÍQUIDA MAIOR OU IGUAL A 6 M², SEM VÃO. AF_05/2018","CANT - CANTEIRO DE OBRAS",null,"m²",1,145.54,145.54]
["Composição Auxiliar"," 91692 ","SINAPI","SERRA CIRCULAR DE BANCADA COM MOTOR ELÉTRICO POTÊNCIA DE 5HP, COM COIFA PARA DISCO 10\" - CHP DIURNO. AF_08/2015","CHOR - CUSTOS HORÁRIOS DE MÁQUINAS E EQUIPAMENTOS",null,"CHP",8.2000000000000007E-3,18.87,0.15]
["Composição Auxiliar"," 91693 ","SINAPI","SERRA CIRCULAR DE BANCADA COM MOTOR ELÉTRICO POTÊNCIA DE 5HP, COM COIFA PARA DISCO 10\" - CHI DIURNO. AF_08/2015","CHOR - CUSTOS HORÁRIOS DE MÁQUINAS E EQUIPAMENTOS",null,"CHI",3.5900000000000001E-2,17.82,0.63]
["Composição Auxiliar"," 88262 ","SINAPI","CARPINTEIRO DE FORMAS COM ENCARGOS COMPLEMENTARES","SEDI - SERVIÇOS DIVERSOS",null,"H",0.3926,21.08,8.27]
["Composição Auxiliar"," 88239 ","SINAPI","AJUDANTE DE CARPINTEIRO COM ENCARGOS COMPLEMENTARES","SEDI - SERVIÇOS DIVERSOS",null,"H",0.13089999999999999,16.52,2.16]
["Insumo"," 00004433 ","SINAPI","CAIBRO NAO APARELHADO  *7,5 X 7,5* CM, EM MACARANDUBA, ANGELIM OU EQUIVALENTE DA REGIAO -  BRUTA","Material",null,"M",1,31.29,31.29]
["Insumo"," 00043681 ","SINAPI","CHAPA/PAINEL DE MADEIRA COMPENSADA RESINADA (MADEIRITE RESINADO ROSA) PARA FORMA DE CONCRETO, DE 2200 x 1100 MM, E = 8 A 12 MM","Material",null,"m²",1.050038,37.19,39.049999999999997]
["Insumo"," 00005061 ","SINAPI","PREGO DE ACO POLIDO COM CABECA 18 X 27 (2 1/2 X 10)","Material",null,"KG",5.1700000000000003E-2,23,1.18]
["Insumo"," 00003992 ","SINAPI","TABUA APARELHADA *2,5 X 30* CM, EM MACARANDUBA, ANGELIM OU EQUIVALENTE DA REGIAO","Material",null,"M",1.6922999999999999,37.119999999999997,62.81]
[{"$nulls":4},"MO sem LS =>",9.4700000000000006,"LS =>",0,"MO com LS =>",9.4700000000000006]
[{"$nulls":4},"Valor do BDI =>",35.26,null,"Valor com BDI =>",null,180.8]
[]
[null,"Código","Banco","Descrição","Tipo",null,"Und","Quant.","Valor Unit","Total"]
["Composição"," 98448 ","SINAPI","PAREDE DE MADEIRA COMPENSADA PARA CONSTRUÇÃO TEMPORÁRIA EM CHAPA SIMPLES, INTERNA, COM ÁREA LÍQUIDA MENOR QUE 6 M², COM VÃO. AF_05/2018","CANT - CANTEIRO DE OBRAS",null,"m²",1,211.08,211.08]
["Composição Auxiliar"," 91692 ","SINAPI","SERRA CIRCULAR DE BANCADA COM MOTOR ELÉTRICO POTÊNCIA DE 5HP, COM COIFA PARA DISCO 10\" - CHP DIURNO. AF_08/2015","CHOR - CUSTOS HORÁRIOS DE MÁQUINAS E EQUIPAMENTOS",null,"CHP",1.7000000000000001E-2,18.87,0.32]
["Composição Auxiliar"," 91693 ","SINAPI","SERRA CIRCULAR DE BANCADA COM MOTOR ELÉTRICO POTÊNCIA DE 5HP, COM COIFA PARA DISCO 10\" - CHI DIURNO. AF_08/2015","CHOR - CUSTOS HORÁRIOS DE MÁQUINAS E EQUIPAMENTOS",null,"CHI",7.4399999999999994E-2,17.82,1.32]
["Composição Auxiliar"," 88239 ","SINAPI","AJUDANTE DE CARPINTEIRO COM ENCARGOS COMPLEMENTARES","SEDI - SERVIÇOS DIVERSOS",null,"H",0.36830000000000002,16.52,6.08]
["Composição Auxiliar"," 88262 ","SINAPI","CARPINTEIRO DE FORMAS COM ENCARGOS COMPLEMENTARES","SEDI - SERVIÇOS DIVERSOS",null,"H",1.105,21.08,23.29]
["Insumo"," 00004433 ","SINAPI","CAIBRO NAO APARELHADO  *7,5 X 7,5* CM, EM MACARANDUBA, ANGELIM OU EQUIVALENTE DA REGIAO -  BRUTA","Material",null,"M",2.1238000000000001,31.29,66.45]
["Insumo"," 00043681 ","SINAPI","CHAPA/PAINEL DE MADEIRA COMPENSADA RESINADA (MADEIRITE RESINADO ROSA) PARA FORMA DE CONCRETO, DE 2200 x 1100 MM, E = 8 A 12 MM","Material",null,"m²",1.050038,37.19,39.049999999999997]
["Insumo"," 00005061 ","SINAPI","PREGO DE ACO POLIDO COM CABECA 18 X 27 (2 1/2 X 10)","Material",null,"KG",7.8399999999999997E-2,23,1.8]
["Insumo"," 00003992 ","SINAPI","TABUA APARELHADA *2,5 X 30* CM, EM MACARANDUBA, ANGELIM OU EQUIVALENTE DA REGIAO","Material",null,"M",1.9603999999999999,37.119999999999997,72.77]
[{"$nulls":4},"MO sem LS =>",26.19,"LS =>",0,"MO com LS =>",26.19]
[{"$nulls":4},"Valor do BDI =>",51.14,null,"Valor com BDI =>",null,262.22000000000003]
[]
[null,"Código","Banco","Descrição","Tipo",null,"Und","Quant.","Valor Unit","Total"]
["Composição"," 98444 ","SINAPI","PAREDE DE MADEIRA COMPENSADA PARA CONSTRUÇÃO TEMPORÁRIA EM CHAPA SIMPLES, INTERNA, COM ÁREA LÍQUIDA MENOR QUE 6 M², SEM VÃO. AF_05/2018","CANT - CANTEIRO DE OBRAS",null,"m²",1,147.38999999999999,147.38999999999999]
["Composição Auxiliar"," 91692 ","SINAPI","SERRA CIRCULAR DE BANCADA COM MOTOR ELÉTRICO POTÊNCIA DE 5HP, COM COIFA PARA DISCO 10\" - CHP DIURNO. AF_08/2015","CHOR - CUSTOS HORÁRIOS DE MÁQUINAS E EQUIPAMENTOS",null,"CHP",7.6E-3,18.87,0.14000000000000001]
["Composição Auxiliar"," 91693 ","SINAPI","SERRA CIRCULAR DE BANCADA COM MOTOR ELÉTRICO POTÊNCIA DE 5HP, COM COIFA PARA DISCO 10\" - CHI DIURNO. AF_08/2015","CHOR - CUSTOS HORÁRIOS DE MÁQUINAS E EQUIPAMENTOS",null,"CHI",3.32E-2,17.82,0.59]
["Composição Auxiliar"," 88262 ","SINAPI","CARPINTEIRO DE FORMAS COM ENCARGOS COMPLEMENTARES","SEDI - SERVIÇOS DIVERSOS",null,"H",0.46439999999999998,21.08,9.7799999999999994]
["Composição Auxiliar"," 88239 ","SINAPI","AJUDANTE DE CARPINTEIRO COM ENCARGOS COMPLEMENTARES","SEDI - SERVIÇOS DIVERSOS",null,"H",0.15479999999999999,16.52,2.5499999999999998]
["Insumo"," 00004433 ","SINAPI","CAIBRO NAO APARELHADO  *7,5 X 7,5* CM, EM MACARANDUBA, ANGELIM OU EQUIVALENTE DA REGIAO -  BRUTA","Material",null,"M",1,31.29,31.29]
["Insumo"," 00043681 ","SINAPI","CHAPA/PAINEL DE MADEIRA COMPENSADA RESINADA (MADEIRITE RESINADO ROSA) PARA FORMA DE CONCRETO, DE 2200 x 1100 MM, E = 8 A 12 MM","Material",null,"m²",1.050038,37.19,39.049999999999997]
["Insumo"," 00005061 ","SINAPI","PREGO DE ACO POLIDO COM CABECA 18 X 27 (2 1/2 X 10)","Material",null,"KG",5.1700000000000003E-2,23,1.18]
["Insumo"," 00003992 ","SINAPI","TABUA APARELHADA *2,5 X 30* CM, EM MACARANDUBA, ANGELIM OU EQUIVALENTE DA REGIAO","Material",null,"M",1.6922999999999999,37.119999999999997,62.81]
[{"$nulls":4},"MO sem LS =>",11.03,"LS =>",0,"MO com LS =>",11.03]
[{"$nulls":4},"Valor do BDI =>",35.71,null,"Valor com BDI =>",null,183.1]
[]
[null,"Código","Banco","Descrição","Tipo",null,"Und","Quant.","Valor Unit","Total"]
["Composição"," 88309 ","SINAPI","PEDREIRO COM ENCARGOS COMPLEMENTARES","SEDI - SERVIÇOS DIVERSOS",null,"H",1,21.34,21.34]
["Composição Auxiliar"," 95371 ","SINAPI","CURSO DE CAPACITAÇÃO PARA PEDREIRO (ENCARGOS COMPLEMENTARES) - HORISTA","SEDI - SERVIÇOS DIVERSOS",null,"H",1,0.3,0.3]
["Insumo"," 00037370 ","SINAPI","ALIMENTACAO - HORISTA (COLETADO CAIXA)","Outros",null,"H",1,0.01,0.01]
["Insumo"," 00043489 ","SINAPI","EPI - FAMILIA PEDREIRO - HORISTA (ENCARGOS COMPLEMENTARES - COLETADO CAIXA)","Equipamento",null,"H",1,1.0900000000000001,1.0900000000000001]
["Insumo"," 00037372 ","SINAPI","EXAMES - HORISTA (COLETADO CAIXA)","Outros",null,"H",1,0.81,0.81]
["Insumo"," 00043465 ","SINAPI","FERRAMENTAS - FAMILIA PEDREIRO - HORISTA (ENCARGOS COMPLEMENTARES - COLETADO CAIXA)","Equipamento",null,"H",1,0.74,0.74]
["Insumo"," 00004750 ","SINAPI","PEDREIRO (HORISTA)","Mão de Obra",null,"H",1,17.809999999999999,17.809999999999999]
["Insumo"," 00037373 ","SINAPI","SEGURO - HORISTA (COLETADO CAIXA)","Taxas",null,"H",1,0.01,0.01]
["Insumo"," 00037371 ","SINAPI","TRANSPORTE - HORISTA (COLETADO CAIXA)","Serviços",null,"H",1,0.56999999999999995,0.56999999999999995]
[{"$nulls":4},"MO sem LS =>",18.11,"LS =>",0,"MO com LS =>",18.11]
[{"$nulls":4},"Valor do BDI =>",5.17,null,"Valor com BDI =>",null,26.51]
[]
[null,"Código","Banco","Descrição","Tipo",null,"Und","Quant.","Valor Unit","Total"]
["Composição"," 97734 ","SINAPI","PEÇA RETANGULAR PRÉ-MOLDADA, VOLUME DE CONCRETO DE 10 A 30 LITROS, TAXA DE AÇO APROXIMADA DE 30KG/M³. AF_01/2018","FUES - FUNDAÇÕES E ESTRUTURAS",null,"m³",1,2485.6,2485.6]
["Composição Auxiliar"," 91692 ","SINAPI","SERRA CIRCULAR DE BANCADA COM MOTOR ELÉTRICO POTÊNCIA DE 5HP, COM COIFA PARA DISCO 10\" - CHP DIURNO. AF_08/2015","CHOR - CUSTOS HORÁRIOS DE MÁQUINAS E EQUIPAMENTOS",null,"CHP",0.48770000000000002,18.87,9.1999999999999993]
["Composição Auxiliar"," 90587 ","SINAPI","VIBRADOR DE IMERSÃO, DIÂMETRO DE PONTEIRA 45MM, MOTOR ELÉTRICO TRIFÁSICO POTÊNCIA DE 2 CV - CHI DIURNO. AF_06/2015","CHOR - CUSTOS HORÁRIOS DE MÁQUINAS E EQUIPAMENTOS",null,"CHI",18.246200000000002,0.56000000000000005,10.210000000000001]
["Composição Auxiliar"," 90586 ","SINAPI","VIBRADOR DE IMERSÃO, DIÂMETRO DE PONTEIRA 45MM, MOTOR ELÉTRICO TRIFÁSICO POTÊNCIA DE 2 CV - CHP DIURNO. AF_06/2015","CHOR - CUSTOS HORÁRIOS DE MÁQUINAS E EQUIPAMENTOS",null,"CHP",6.6349999999999998,1.33,8.82]
["Composição Auxiliar"," 91693 ","SINAPI","SERRA CIRCULAR DE BANCADA COM MOTOR ELÉTRICO POTÊNCIA DE 5HP, COM COIFA PARA DISCO 10\" - CHI DIURNO. AF_08/2015","CHOR - CUSTOS HORÁRIOS DE MÁQUINAS E EQUIPAMENTOS",null,"CHI",0.70430000000000004,17.82,12.55]
["Composição Auxiliar"," 92783 ","SINAPI","ARMAÇÃO DE LAJE DE UMA ESTRUTURA CONVENCIONAL DE CONCRETO ARMADO EM UMA EDIFICAÇÃO TÉRREA OU SOBRADO UTILIZANDO AÇO CA-60 DE 4,2 MM - MONTAGEM. AF_12/2015","FUES - FUNDAÇÕES E ESTRUTURAS",null,"KG",27.898800000000001,17.97,501.34]
["Composição Auxiliar"," 94971 ","SINAPI","CONCRETO FCK = 25MPA, TRAÇO 1:2,3:2,7 (EM MASSA SECA DE CIMENTO/ AREIA MÉDIA/ BRITA 1) - PREPARO MECÂNICO COM BETONEIRA 600 L. AF_05/2021","FUES - FUNDAÇÕES E ESTRUTURAS",null,"m³",1.2,401.32,481.58]
["Composição Auxiliar"," 88261 ","SINAPI","CARPINTEIRO DE ESQUADRIA COM ENCARGOS COMPLEMENTARES","SEDI - SERVIÇOS DIVERSOS",null,"H",5.96,20.27,120.8]
["Composição Auxiliar"," 88239 ","SINAPI","AJUDANTE DE CARPINTEIRO COM ENCARGOS COMPLEMENTARES","SEDI - SERVIÇOS DIVERSOS",null,"H",1.1919999999999999,16.52,19.690000000000001]
["Composição Auxiliar"," 88309 ","SINAPI","PEDREIRO COM ENCARGOS COMPLEMENTARES","SEDI - SERVIÇOS DIVERSOS",null,"H",31.5459,21.34,673.18]
["Composição Auxiliar"," 88316 ","SINAPI","SERVENTE COM ENCARGOS COMPLEMENTARES","SEDI - SERVIÇOS DIVERSOS",null,"H",31.5459,15.9,501.57]
["Insumo"," 00001358 ","SINAPI","CHAPA/PAINEL DE MADEIRA COMPENSADA RESINADA (MADEIRITE RESINADO ROSA) PARA FORMA DE CONCRETO, DE 2200 x 1100 MM, E = 17 MM","Material",null,"m²",1.9403999999999999,59.03,114.54]
["Insumo"," 00002692 ","SINAPI","DESMOLDANTE PROTETOR PARA FORMAS DE MADEIRA, DE BASE OLEOSA EMULSIONADA EM AGUA","Material",null,"L",8.3299999999999999E-2,8.23,0.68]
["Insumo"," 00020247 ","SINAPI","PREGO DE ACO POLIDO COM CABECA 15 X 15 (1 1/4 X 13)","Material",null,"KG",0.4365,25.91,11.3]
["Insumo"," 00004517 ","SINAPI","SARRAFO *2,5 X 7,5* CM EM PINUS, MISTA OU EQUIVALENTE DA REGIAO - BRUTA","Material",null,"M",5.6283000000000003,3.58,20.14]
[{"$nulls":4},"MO sem LS =>",1321.47,"LS =>",0,"MO com LS =>",1321.47]
[{"$nulls":4},"Valor do BDI =>",602.26,null,"Valor com BDI =>",null,3087.86]
[]
[null,"Código","Banco","Descrição","Tipo",null,"Und","Quant.","Valor Unit","Total"]
["Composição"," 97735 ","SINAPI","PEÇA RETANGULAR PRÉ-MOLDADA, VOLUME DE CONCRETO DE 30 A 100 LITROS, TAXA DE AÇO APROXIMADA DE 30KG/M³. AF_01/2018","FUES - FUNDAÇÕES E ESTRUTURAS",null,"m³",1,2087.84,2087.84]
["Composição Auxiliar"," 91692 ","SINAPI","SERRA CIRCULAR DE BANCADA COM MOTOR ELÉTRICO POTÊNCIA DE 5HP, COM COIFA PARA DISCO 10\" - CHP DIURNO. AF_08/2015","CHOR - CUSTOS HORÁRIOS DE MÁQUINAS E EQUIPAMENTOS",null,"CHP",0.313,18.87,5.9]
["Composição Auxiliar"," 90587 ","SINAPI","VIBRADOR DE IMERSÃO, DIÂMETRO DE PONTEIRA 45MM, MOTOR ELÉTRICO TRIFÁSICO POTÊNCIA DE 2 CV - CHI DIURNO. AF_06/2015","CHOR - CUSTOS HORÁRIOS DE MÁQUINAS E EQUIPAMENTOS",null,"CHI",13.0715,0.56000000000000005,7.32]
["Composição Auxiliar"," 90586 ","SINAPI","VIBRADOR DE IMERSÃO, DIÂMETRO DE PONTEIRA 45MM, MOTOR ELÉTRICO TRIFÁSICO POTÊNCIA DE 2 CV - CHP DIURNO. AF_06/2015","CHOR - CUSTOS HORÁRIOS DE MÁQUINAS E EQUIPAMENTOS",null,"CHP",4.7533000000000003,1.33,6.32]
["Composição Auxiliar"," 91693 ","SINAPI","SERRA CIRCULAR DE BANCADA COM MOTOR ELÉTRICO POTÊNCIA DE 5HP, COM COIFA PARA DISCO 10\" - CHI DIURNO. AF_08/2015","CHOR - CUSTOS HORÁRIOS DE MÁQUINAS E EQUIPAMENTOS",null,"CHI",0.42259999999999998,17.82,7.53]
["Composição Auxiliar"," 92783 ","SINAPI","ARMAÇÃO DE LAJE DE UMA ESTRUTURA CONVENCIONAL DE CONCRETO ARMADO EM UMA EDIFICAÇÃO TÉRREA OU SOBRADO UTILIZANDO AÇO CA-60 DE 4,2 MM - MONTAGEM. AF_12/2015","FUES - FUNDAÇÕES E ESTRUTURAS",null,"KG",28.936900000000001,17.97,519.99]
["Composição Auxiliar"," 94972 ","SINAPI","CONCRETO FCK = 30MPA, TRAÇO 1:2,1:2,5 (EM MASSA SECA DE CIMENTO/ AREIA MÉDIA/ BRITA 1) - PREPARO MECÂNICO COM BETONEIRA 600 L. AF_05/2021","FUES - FUNDAÇÕES E ESTRUTURAS",null,"m³",1.2,417.56,501.07]
["Composição Auxiliar"," 88261 ","SINAPI","CARPINTEIRO DE ESQUADRIA COM ENCARGOS COMPLEMENTARES","SEDI - SERVIÇOS DIVERSOS",null,"H",3.6779999999999999,20.27,74.55]
["Composição Auxiliar"," 88239 ","SINAPI","AJUDANTE DE CARPINTEIRO COM ENCARGOS COMPLEMENTARES","SEDI - SERVIÇOS DIVERSOS",null,"H",0.73560000000000003,16.52,12.15]
["Composição Auxiliar"," 88309 ","SINAPI","PEDREIRO COM ENCARGOS COMPLEMENTARES","SEDI - SERVIÇOS DIVERSOS",null,"H",22.888400000000001,21.34,488.43]
["Composição Auxiliar"," 88316 ","SINAPI","SERVENTE COM ENCARGOS COMPLEMENTARES","SEDI - SERVIÇOS DIVERSOS",null,"H",22.888400000000001,15.9,363.92]
["Insumo"," 00001358 ","SINAPI","CHAPA/PAINEL DE MADEIRA COMPENSADA RESINADA (MADEIRITE RESINADO ROSA) PARA FORMA DE CONCRETO, DE 2200 x 1100 MM, E = 17 MM","Material",null,"m²",1.3111999999999999,59.03,77.400000000000006]
["Insumo"," 00002692 ","SINAPI","DESMOLDANTE PROTETOR PARA FORMAS DE MADEIRA, DE BASE OLEOSA EMULSIONADA EM AGUA","Material",null,"L",5.67E-2,8.23,0.46]
["Insumo"," 00020247 ","SINAPI","PREGO DE ACO POLIDO COM CABECA 15 X 15 (1 1/4 X 13)","Material",null,"KG",0.26190000000000002,25.91,6.78]
["Insumo"," 00004517 ","SINAPI","SARRAFO *2,5 X 7,5* CM EM PINUS, MISTA OU EQUIVALENTE DA REGIAO - BRUTA","Material",null,"M",4.4770000000000003,3.58,16.02]
[{"$nulls":4},"MO sem LS =>",1006.97,"LS =>",0,"MO com LS =>",1006.97]
[{"$nulls":4},"Valor do BDI =>",505.88,null,"Valor com BDI =>",null,2593.7199999999998]
[]
[null,"Código","Banco","Descrição","Tipo",null,"Und","Quant.","Valor Unit","Total"]
["Composição"," 88310 ","SINAPI","PINTOR COM ENCARGOS COMPLEMENTARES","SEDI - SERVIÇOS DIVERSOS",null,"H",1,22.4,22.4]
["Composição Auxiliar"," 95372 ","SINAPI","CURSO DE CAPACITAÇÃO PARA PINTOR (ENCARGOS COMPLEMENTARES) - HORISTA","SEDI - SERVIÇOS DIVERSOS",null,"H",1,0.21,0.21]
["Insumo"," 00037370 ","SINAPI","ALIMENTACAO - HORISTA (COLETADO CAIXA)","Outros",null,"H",1,0.01,0.01]
["Insumo"," 00043490 ","SINAPI","EPI - FAMILIA PINTOR - HORISTA (ENCARGOS COMPLEMENTARES - COLETADO CAIXA)","Equipamento",null,"H",1,1.5,1.5]
["Insumo"," 00037372 ","SINAPI","EXAMES - HORISTA (COLETADO CAIXA)","Outros",null,"H",1,0.81,0.81]
["Insumo"," 00043466 ","SINAPI","FERRAMENTAS - FAMILIA PINTOR - HORISTA (ENCARGOS COMPLEMENTARES - COLETADO CAIXA)","Equipamento",null,"H",1,1.48,1.48]
["Insumo"," 00004783 ","SINAPI","PINTOR (HORISTA)","Mão de Obra",null,"H",1,17.809999999999999,17.809999999999999]
["Insumo"," 00037373 ","SINAPI","SEGURO - HORISTA (COLETADO CAIXA)","Taxas",null,"H",1,0.01,0.01]
["Insumo"," 00037371 ","SINAPI","TRANSPORTE - HORISTA (COLETADO CAIXA)","Serviços",null,"H",1,0.56999999999999995,0.56999999999999995]
[{"$nulls":4},"MO sem LS =>",18.02,"LS =>",0,"MO com LS =>",18.02]
[{"$nulls":4},"Valor do BDI =>",5.42,null,"Valor com BDI =>",null,27.82]
[]
[null,"Código","Banco","Descrição","Tipo",null,"Und","Quant.","Valor Unit","Total"]
["Composição"," 89957 ","SINAPI","PONTO DE CONSUMO TERMINAL DE ÁGUA FRIA (SUBRAMAL) COM TUBULAÇÃO DE PVC, DN 25 MM, INSTALADO EM RAMAL DE ÁGUA, INCLUSOS RASGO E CHUMBAMENTO EM ALVENARIA. AF_12/2014","INHI - INSTALAÇÕES HIDROS SANITÁRIAS",null,"UN",1,119.77,119.77]
["Composição Auxiliar"," 89356 ","SINAPI","TUBO, PVC, SOLDÁVEL, DN 25MM, INSTALADO EM RAMAL OU SUB-RAMAL DE ÁGUA - FORNECIMENTO E INSTALAÇÃO. AF_12/2014","INHI - INSTALAÇÕES HIDROS SANITÁRIAS",null,"M",2.14,18.93,40.51]
["Composição Auxiliar"," 89395 ","SINAPI","TE, PVC, SOLDÁVEL, DN 25MM, INSTALADO EM RAMAL OU SUB-RAMAL DE ÁGUA - FORNECIMENTO E INSTALAÇÃO. AF_12/2014","INHI - INSTALAÇÕES HIDROS SANITÁRIAS",null,"UN",0.89,10.59,9.42]
["Composição Auxiliar"," 89366 ","SINAPI","JOELHO 90 GRAUS COM BUCHA DE LATÃO, PVC, SOLDÁVEL, DN 25MM, X 3/4\u0094 INSTALADO EM RAMAL OU SUB-RAMAL DE ÁGUA - FORNECIMENTO E INSTALAÇÃO. AF_12/2014","INHI - INSTALAÇÕES HIDROS SANITÁRIAS",null,"UN",1,15.99,15.99]
["Composição Auxiliar"," 89362 ","SINAPI","JOELHO 90 GRAUS, PVC, SOLDÁVEL, DN 25MM, INSTALADO EM RAMAL OU SUB-RAMAL DE ÁGUA - FORNECIMENTO E INSTALAÇÃO. AF_12/2014","INHI - INSTALAÇÕES HIDROS SANITÁRIAS",null,"UN",1.18,7.51,8.86]
["Composição Auxiliar"," 90443 ","SINAPI","RASGO EM ALVENARIA PARA RAMAIS/ DISTRIBUIÇÃO COM DIAMETROS MENORES OU IGUAIS A 40 MM. AF_05/2015","INHI - INSTALAÇÕES HIDROS SANITÁRIAS",null,"M",2.14,10.42,22.29]
["Composição Auxiliar"," 90466 ","SINAPI","CHUMBAMENTO LINEAR EM ALVENARIA PARA RAMAIS/DISTRIBUIÇÃO COM DIÂMETROS MENORES OU IGUAIS A 40 MM. AF_05/2015","INHI - INSTALAÇÕES HIDROS SANITÁRIAS",null,"M",2.14,10.61,22.7]
[{"$nulls":4},"MO sem LS =>",77.45,"LS =>",0,"MO com LS =>",77.45]
[{"$nulls":4},"Valor do BDI =>",29.02,null,"Valor com BDI =>",null,148.79]
[]
[null,"Código","Banco","Descrição","Tipo",null,"Und","Quant.","Valor Unit","Total"]
["Composição"," 90820 ","SINAPI","PORTA DE MADEIRA PARA PINTURA, SEMI-OCA (LEVE OU MÉDIA), 60X210CM, ESPESSURA DE 3,5CM, INCLUSO DOBRADIÇAS - FORNECIMENTO E INSTALAÇÃO. AF_12/2019","ESQV - ESQUADRIAS/FERRAGENS/VIDROS",null,"UN",1,233.75,233.75]
["Composição Auxiliar"," 88261 ","SINAPI","CARPINTEIRO DE ESQUADRIA COM ENCARGOS COMPLEMENTARES","SEDI - SERVIÇOS DIVERSOS",null,"H",1.282,20.27,25.98]
["Composição Auxiliar"," 88316 ","SINAPI","SERVENTE COM ENCARGOS COMPLEMENTARES","SEDI - SERVIÇOS DIVERSOS",null,"H",0.64100000000000001,15.9,10.19]
["Insumo"," 00002432 ","SINAPI","DOBRADICA EM ACO/FERRO, 3 1/2\" X  3\", E= 1,9  A 2 MM, COM ANEL,  CROMADO OU ZINCADO, TAMPA BOLA, COM PARAFUSOS","Material",null,"UN",3,10.6,31.8]
["Insumo"," 00011055 ","SINAPI","PARAFUSO ROSCA SOBERBA ZINCADO CABECA CHATA FENDA SIMPLES 3,5 X 25 MM (1 \")","Material",null,"UN",19.8,0.08,1.58]
["Insumo"," 00010553 ","SINAPI","PORTA DE MADEIRA, FOLHA MEDIA (NBR 15930) DE 600 X 2100 MM, DE 35 MM A 40 MM DE ESPESSURA, NUCLEO SEMI-SOLIDO (SARRAFEADO), CAPA LISA EM HDF, ACABAMENTO EM PRIMER PARA PINTURA","Material",null,"UN",1,164.2,164.2]
[{"$nulls":4},"MO sem LS =>",30.18,"LS =>",0,"MO com LS =>",30.18]
[{"$nulls":4},"Valor do BDI =>",56.63,null,"Valor com BDI =>",null,290.38]
[]
[null,"Código","Banco","Descrição","Tipo",null,"Und","Quant.","Valor Unit","Total"]
["Composição"," 90822 ","SINAPI","PORTA DE MADEIRA PARA PINTURA, SEMI-OCA (LEVE OU MÉDIA), 80X210CM, ESPESSURA DE 3,5CM, INCLUSO DOBRADIÇAS - FORNECIMENTO E INSTALAÇÃO. AF_12/2019","ESQV - ESQUADRIAS/FERRAGENS/VIDROS",null,"UN",1,257.66000000000003,257.66000000000003]
["Composição Auxiliar"," 88261 ","SINAPI","CARPINTEIRO DE ESQUADRIA COM ENCARGOS COMPLEMENTARES","SEDI - SERVIÇOS DIVERSOS",null,"H",1.546,20.27,31.33]
["Composição Auxiliar"," 88316 ","SINAPI","SERVENTE COM ENCARGOS COMPLEMENTARES","SEDI - SERVIÇOS DIVERSOS",null,"H",0.77300000000000002,15.9,12.29]
["Insumo"," 00002432 ","SINAPI","DOBRADICA EM ACO/FERRO, 3 1/2\" X  3\", E= 1,9  A 2 MM, COM ANEL,  CROMADO OU ZINCADO, TAMPA BOLA, COM PARAFUSOS","Material",null,"UN",3,10.6,31.8]
["Insumo"," 00011055 ","SINAPI","PARAFUSO ROSCA SOBERBA ZINCADO CABECA CHATA FENDA SIMPLES 3,5 X 25 MM (1 \")","Material",null,"UN",19.8,0.08,1.58]
["Insumo"," 00010555 ","SINAPI","PORTA DE MADEIRA, FOLHA MEDIA (NBR 15930) DE 800 X 2100 MM, DE 35 MM A 40 MM DE ESPESSURA, NUCLEO SEMI-SOLIDO (SARRAFEADO), CAPA LISA EM HDF, ACABAMENTO EM PRIMER PARA PINTURA","Material",null,"UN",1,180.66,180.66]
[{"$nulls":4},"MO sem LS =>",36.4,"LS =>",0,"MO com LS =>",36.4]
[{"$nulls":4},"Valor do BDI =>",62.43,null,"Valor com BDI =>",null,320.08999999999997]
[]
[null,"Código","Banco","Descrição","Tipo",null,"Und","Quant.","Valor Unit","Total"]
["Composição"," 91341 ","SINAPI","PORTA EM ALUMÍNIO DE ABRIR TIPO VENEZIANA COM GUARNIÇÃO, FIXAÇÃO COM PARAFUSOS - FORNECIMENTO E INSTALAÇÃO. AF_12/2019","ESQV - ESQUADRIAS/FERRAGENS/VIDROS",null,"m²",1,633.67999999999995,633.67999999999995]
["Composição Auxiliar"," 88309 ","SINAPI","PEDREIRO COM ENCARGOS COMPLEMENTARES","SEDI - SERVIÇOS DIVERSOS",null,"H",0.3826,21.34,8.16]
["Composição Auxiliar"," 88316 ","SINAPI","SERVENTE COM ENCARGOS COMPLEMENTARES","SEDI - SERVIÇOS DIVERSOS",null,"H",0.191,15.9,3.03]
["Insumo"," 00007568 ","SINAPI","BUCHA DE NYLON SEM ABA S10, COM PARAFUSO DE 6,10 X 65 MM EM ACO ZINCADO COM ROSCA SOBERBA, CABECA CHATA E FENDA PHILLIPS","Material",null,"UN",4.8166000000000002,0.61,2.93]
["Insumo"," 00036888 ","SINAPI","GUARNICAO / MOLDURA / ARREMATE DE ACABAMENTO PARA ESQUADRIA, EM ALUMINIO PERFIL 25, ACABAMENTO ANODIZADO BRANCO OU BRILHANTE, PARA 1 FACE","Material",null,"M",6.8503999999999996,28.52,195.37]
["Insumo"," 00039025 ","SINAPI","PORTA DE ABRIR EM ALUMINIO TIPO VENEZIANA, ACABAMENTO ANODIZADO NATURAL, SEM GUARNICAO/ALIZAR/VISTA, 87 X 210 CM","Material",null,"UN",0.54730000000000001,708.78,387.91]
["Insumo"," 00000142 ","SINAPI","SELANTE ELASTICO MONOCOMPONENTE A BASE DE POLIURETANO (PU) PARA JUNTAS DIVERSAS","Material",null,"310ML",0.88290000000000002,41.1,36.28]
[{"$nulls":4},"MO sem LS =>",9.36,"LS =>",0,"MO com LS =>",9.36]
[{"$nulls":4},"Valor do BDI =>",153.54,null,"Valor com BDI =>",null,787.22]
[]
[null,"Código","Banco","Descrição","Tipo",null,"Und","Quant.","Valor Unit","Total"]
["Composição"," 101616 ","SINAPI","PREPARO DE FUNDO DE VALA COM LARGURA MENOR QUE 1,5 M (ACERTO DO SOLO NATURAL). AF_08/2020","MOVT - MOVIMENTO DE TERRA",null,"m²",1,4.75,4.75]
["Composição Auxiliar"," 91534 ","SINAPI","COMPACTADOR DE SOLOS DE PERCUSSÃO (SOQUETE) COM MOTOR A GASOLINA 4 TEMPOS, POTÊNCIA 4 CV - CHI DIURNO. AF_08/2015","CHOR - CUSTOS HORÁRIOS DE MÁQUINAS E EQUIPAMENTOS",null,"CHI",3.5999999999999999E-3,18.600000000000001,0.06]
["Composição Auxiliar"," 91533 ","SINAPI","COMPACTADOR DE SOLOS DE PERCUSSÃO (SOQUETE) COM MOTOR A GASOLINA 4 TEMPOS, POTÊNCIA 4 CV - CHP DIURNO. AF_08/2015","CHOR - CUSTOS HORÁRIOS DE MÁQUINAS E EQUIPAMENTOS",null,"CHP",3.5999999999999999E-3,26.9,0.09]
["Composição Auxiliar"," 88309 ","SINAPI","PEDREIRO COM ENCARGOS COMPLEMENTARES","SEDI - SERVIÇOS DIVERSOS",null,"H",0.10199999999999999,21.34,2.17]
["Composição Auxiliar"," 88316 ","SINAPI","SERVENTE COM ENCARGOS COMPLEMENTARES","SEDI - SERVIÇOS DIVERSOS",null,"H",0.15310000000000001,15.9,2.4300000000000002]
[{"$nulls":4},"MO sem LS =>",3.89,"LS =>",0,"MO com LS =>",3.89]
[{"$nulls":4},"Valor do BDI =>",1.1499999999999999,null,"Valor com BDI =>",null,5.9]
[]
[null,"Código","Banco","Descrição","Tipo",null,"Und","Quant.","Valor Unit","Total"]
["Composição"," 101619 ","SINAPI","PREPARO DE FUNDO DE VALA COM LARGURA MENOR QUE 1,5 M, COM CAMADA DE BRITA, LANÇAMENTO MANUAL. AF_08/2020","MOVT - MOVIMENTO DE TERRA",null,"m³",1,204.29,204.29]
["Composição Auxiliar"," 91533 ","SINAPI","COMPACTADOR DE SOLOS DE PERCUSSÃO (SOQUETE) COM MOTOR A GASOLINA 4 TEMPOS, POTÊNCIA 4 CV - CHP DIURNO. AF_08/2015","CHOR - CUSTOS HORÁRIOS DE MÁQUINAS E EQUIPAMENTOS",null,"CHP",7.1800000000000003E-2,26.9,1.93]
["Composição Auxiliar"," 91534 ","SINAPI","COMPACTADOR DE SOLOS DE PERCUSSÃO (SOQUETE) COM MOTOR A GASOLINA 4 TEMPOS, POTÊNCIA 4 CV - CHI DIURNO. AF_08/2015","CHOR - CUSTOS HORÁRIOS DE MÁQUINAS E EQUIPAMENTOS",null,"CHI",6.6600000000000006E-2,18.600000000000001,1.23]
["Composição Auxiliar"," 88309 ","SINAPI","PEDREIRO COM ENCARGOS COMPLEMENTARES","SEDI - SERVIÇOS DIVERSOS",null,"H",2.4937999999999998,21.34,53.21]
["Composição Auxiliar"," 88316 ","SINAPI","SERVENTE COM ENCARGOS COMPLEMENTARES","SEDI - SERVIÇOS DIVERSOS",null,"H",3.7406999999999999,15.9,59.47]
["Insumo"," 00004720 ","SINAPI","PEDRA BRITADA N. 0, OU PEDRISCO (4,8 A 9,5 MM) POSTO PEDREIRA/FORNECEDOR, SEM FRETE","Material",null,"m³",1.1000000000000001,80.41,88.45]
[{"$nulls":4},"MO sem LS =>",95.14,"LS =>",0,"MO com LS =>",95.14]
[{"$nulls":4},"Valor do BDI =>",49.49,null,"Valor com BDI =>",null,253.78]
[]
[null,"Código","Banco","Descrição","Tipo",null,"Und","Quant.","Valor Unit","Total"]
["Composição"," 1 A 00 963 00 ","SICRO2","Peças de Desgaste do Britador 80m3/h","Atividades Auxiliares",null,"cjh",1,164.96,164.96]
[{"$nulls":6},"Custo Horário de Execução =>",null,null,0]
[{"$nulls":6},"Fator de Influencia da Chuva - FIC =>",null,null,0]
[{"$nulls":6},"Custo do FIC =>",null,null,0]
[{"$nulls":6},"Produção de Equipe =>",null,null,1]
[{"$nulls":6},"Custo Unitário de Execução =>",null,null,0]
["C","Banco","Código","Material","Quantidade","Unidade","Preço Unitário",null,null,"Custo Horário"]
["Insumo","SICRO2","AM25","Mandíbula móvel C96 Standart ",1,"u/h",43.008200000000002,null,null,43.008200000000002]
["Insumo","SICRO2","AM26","Mandíbula fixa C96 Standart ",1,"u/h",28.8644,null,null,28.8644]
["Insumo","SICRO2","AM27","Manta HP200 ",1,"u/h",29.665700000000001,null,null,29.665700000000001]
["Insumo","SICRO2","AM28","Revestimento bojo STD HP200 ",1,"u/h",25.818100000000001,null,null,25.818100000000001]
["Insumo","SICRO2","AM29","Cunha lateral superior C96 ",1,"u/h",21.058499999999999,null,null,21.058499999999999]
["Insumo","SICRO2","AM30","Cunha lateral inferior C96 ",1,"u/h",16.5474,null,null,16.5474]
[{"$nulls":6},"Custo Total do Material =>",null,null,164.9623]
[{"$nulls":4},"MO sem LS =>",0,"LS =>",0,"MO com LS =>",0]
[{"$nulls":4},"Valor do BDI =>",39.96,null,"Valor com BDI =>",null,204.92]
[]
[null,"Código","Banco","Descrição","Tipo",null,"Und","Quant.","Valor Unit","Total"]
["Composição"," 101875 ","SINAPI","QUADRO DE DISTRIBUIÇÃO DE ENERGIA EM CHAPA DE AÇO GALVANIZADO, DE EMBUTIR, COM BARRAMENTO TRIFÁSICO, PARA 12 DISJUNTORES DIN 100A - FORNECIMENTO E INSTALAÇÃO. AF_10/2020","INEL - INSTALAÇÃO ELÉTRICA/ELETRIFICAÇÃO E ILUMINAÇÃO EXTERNA",null,"UN",1,491.13,491.13]
["Composição Auxiliar"," 87367 ","SINAPI","ARGAMASSA TRAÇO 1:1:6 (EM VOLUME DE CIMENTO, CAL E AREIA MÉDIA ÚMIDA) PARA EMBOÇO/MASSA ÚNICA/ASSENTAMENTO DE ALVENARIA DE VEDAÇÃO, PREPARO MANUAL. AF_08/2019","SEDI - SERVIÇOS DIVERSOS",null,"m³",1.17E-2,541.71,6.33]
["Composição Auxiliar"," 88264 ","SINAPI","ELETRICISTA COM ENCARGOS COMPLEMENTARES","SEDI - SERVIÇOS DIVERSOS",null,"H",0.48110000000000003,21.59,10.38]
["Composição Auxiliar"," 88247 ","SINAPI","AUXILIAR DE ELETRICISTA COM ENCARGOS COMPLEMENTARES","SEDI - SERVIÇOS DIVERSOS",null,"H",0.48110000000000003,16.91,8.1300000000000008]
["Insumo"," 00013393 ","SINAPI","QUADRO DE DISTRIBUICAO COM BARRAMENTO TRIFASICO, DE EMBUTIR, EM CHAPA DE ACO GALVANIZADO, PARA 12 DISJUNTORES DIN, 100 A","Material",null,"UN",1,466.29,466.29]
[{"$nulls":4},"MO sem LS =>",17.07,"LS =>",0,"MO com LS =>",17.07]
[{"$nulls":4},"Valor do BDI =>",119,null,"Valor com BDI =>",null,610.13]
[]
[null,"Código","Banco","Descrição","Tipo",null,"Und","Quant.","Valor Unit","Total"]
["Composição"," 90443 ","SINAPI","RASGO EM ALVENARIA PARA RAMAIS/ DISTRIBUIÇÃO COM DIAMETROS MENORES OU IGUAIS A 40 MM. AF_05/2015","INHI - INSTALAÇÕES HIDROS SANITÁRIAS",null,"M",1,10.42,10.42]
["Composição Auxiliar"," 88248 ","SINAPI","AUXILIAR DE ENCANADOR OU BOMBEIRO HIDRÁULICO COM ENCARGOS COMPLEMENTARES","SEDI - SERVIÇOS DIVERSOS",null,"H",7.0000000000000007E-2,16.11,1.1200000000000001]
["Composição Auxiliar"," 88267 ","SINAPI","ENCANADOR OU BOMBEIRO HIDRÁULICO COM ENCARGOS COMPLEMENTARES","SEDI - SERVIÇOS DIVERSOS",null,"H",0.44900000000000001,20.73,9.3000000000000007]
[{"$nulls":4},"MO sem LS =>",9.0499999999999989,"LS =>",0,"MO com LS =>",9.0499999999999989]
[{"$nulls":4},"Valor do BDI =>",2.52,null,"Valor com BDI =>",null,12.94]
[]
[null,"Código","Banco","Descrição","Tipo",null,"Und","Quant.","Valor Unit","Total"]
["Composição"," 96995 ","SINAPI","REATERRO MANUAL APILOADO COM SOQUETE. AF_10/2017","MOVT - MOVIMENTO DE TERRA",null,"m³",1,38.130000000000003,38.130000000000003]
["Composição Auxiliar"," 88316 ","SINAPI","SERVENTE COM ENCARGOS COMPLEMENTARES","SEDI - SERVIÇOS DIVERSOS",null,"H",2.3986000000000001,15.9,38.130000000000003]
[{"$nulls":4},"MO sem LS =>",30.67,"LS =>",0,"MO com LS =>",30.67]
[{"$nulls":4},"Valor do BDI =>",9.23,null,"Valor com BDI =>",null,47.36]
[]
[null,"Código","Banco","Descrição","Tipo",null,"Und","Quant.","Valor Unit","Total"]
["Composição"," 5679 ","SINAPI","RETROESCAVADEIRA SOBRE RODAS COM CARREGADEIRA, TRAÇÃO 4X4, POTÊNCIA LÍQ. 88 HP, CAÇAMBA CARREG. CAP. MÍN. 1 M3, CAÇAMBA RETRO CAP. 0,26 M3, PESO OPERACIONAL MÍN. 6.674 KG, PROFUNDIDADE ESCAVAÇÃO MÁX. 4,37 M - CHI DIURNO. AF_06/2014","CHOR - CUSTOS HORÁRIOS DE MÁQUINAS E EQUIPAMENTOS",null,"CHI",1,50.94,50.94]
["Composição Auxiliar"," 88858 ","SINAPI","RETROESCAVADEIRA SOBRE RODAS COM CARREGADEIRA, TRAÇÃO 4X4, POTÊNCIA LÍQ. 88 HP, CAÇAMBA CARREG. CAP. MÍN. 1 M3, CAÇAMBA RETRO CAP. 0,26 M3, PESO OPERACIONAL MÍN. 6.674 KG, PROFUNDIDADE ESCAVAÇÃO MÁX. 4,37 M - JUROS. AF_06/2014","CHOR - CUSTOS HORÁRIOS DE MÁQUINAS E EQUIPAMENTOS",null,"H",1,3.28,3.28]
["Composição Auxiliar"," 88857 ","SINAPI","RETROESCAVADEIRA SOBRE RODAS COM CARREGADEIRA, TRAÇÃO 4X4, POTÊNCIA LÍQ. 88 HP, CAÇAMBA CARREG. CAP. MÍN. 1 M3, CAÇAMBA RETRO CAP. 0,26 M3, PESO OPERACIONAL MÍN. 6.674 KG, PROFUNDIDADE ESCAVAÇÃO MÁX. 4,37 M - DEPRECIAÇÃO. AF_06/2014","CHOR - CUSTOS HORÁRIOS DE MÁQUINAS E EQUIPAMENTOS",null,"H",1,24.23,24.23]
["Composição Auxiliar"," 88294 ","SINAPI","OPERADOR DE ESCAVADEIRA COM ENCARGOS COMPLEMENTARES","SEDI - SERVIÇOS DIVERSOS",null,"H",1,23.43,23.43]
[{"$nulls":4},"MO sem LS =>",21.26,"LS =>",0,"MO com LS =>",21.26]
[{"$nulls":4},"Valor do BDI =>",12.34,null,"Valor com BDI =>",null,63.28]
[]
[null,"Código","Banco","Descrição","Tipo",null,"Und","Quant.","Valor Unit","Total"]
["Composição"," 5678 ","SINAPI","RETROESCAVADEIRA SOBRE RODAS COM CARREGADEIRA, TRAÇÃO 4X4, POTÊNCIA LÍQ. 88 HP, CAÇAMBA CARREG. CAP. MÍN. 1 M3, CAÇAMBA RETRO CAP. 0,26 M3, PESO OPERACIONAL MÍN. 6.674 KG, PROFUNDIDADE ESCAVAÇÃO MÁX. 4,37 M - CHP DIURNO. AF_06/2014","CHOR - CUSTOS HORÁRIOS DE MÁQUINAS E EQUIPAMENTOS",null,"CHP",1,141.02000000000001,141.02000000000001]
["Composição Auxiliar"," 5664 ","SINAPI","RETROESCAVADEIRA SOBRE RODAS COM CARREGADEIRA, TRAÇÃO 4X4, POTÊNCIA LÍQ. 88 HP, CAÇAMBA CARREG. CAP. MÍN. 1 M3, CAÇAMBA RETRO CAP. 0,26 M3, PESO OPERACIONAL MÍN. 6.674 KG, PROFUNDIDADE ESCAVAÇÃO MÁX. 4,37 M - MANUTENÇÃO. AF_06/2014","CHOR - CUSTOS HORÁRIOS DE MÁQUINAS E EQUIPAMENTOS",null,"H",1,30.29,30.29]
["Composição Auxiliar"," 88857 ","SINAPI","RETROESCAVADEIRA SOBRE RODAS COM CARREGADEIRA, TRAÇÃO 4X4, POTÊNCIA LÍQ. 88 HP, CAÇAMBA CARREG. CAP. MÍN. 1 M3, CAÇAMBA RETRO CAP. 0,26 M3, PESO OPERACIONAL MÍN. 6.674 KG, PROFUNDIDADE ESCAVAÇÃO MÁX. 4,37 M - DEPRECIAÇÃO. AF_06/2014","CHOR - CUSTOS HORÁRIOS DE MÁQUINAS E EQUIPAMENTOS",null,"H",1,24.23,24.23]
["Composição Auxiliar"," 53786 ","SINAPI","RETROESCAVADEIRA SOBRE RODAS COM CARREGADEIRA, TRAÇÃO 4X4, POTÊNCIA LÍQ. 88 HP, CAÇAMBA CARREG. CAP. MÍN. 1 M3, CAÇAMBA RETRO CAP. 0,26 M3, PESO OPERACIONAL MÍN. 6.674 KG, PROFUNDIDADE ESCAVAÇÃO MÁX. 4,37 M - MATERIAIS NA OPERAÇÃO. AF_06/2014","CHOR - CUSTOS HORÁRIOS DE MÁQUINAS E EQUIPAMENTOS",null,"H",1,59.79,59.79]
["Composição Auxiliar"," 88858 ","SINAPI","RETROESCAVADEIRA SOBRE RODAS COM CARREGADEIRA, TRAÇÃO 4X4, POTÊNCIA LÍQ. 88 HP, CAÇAMBA CARREG. CAP. MÍN. 1 M3, CAÇAMBA RETRO CAP. 0,26 M3, PESO OPERACIONAL MÍN. 6.674 KG, PROFUNDIDADE ESCAVAÇÃO MÁX. 4,37 M - JUROS. AF_06/2014","CHOR - CUSTOS HORÁRIOS DE MÁQUINAS E EQUIPAMENTOS",null,"H",1,3.28,3.28]
["Composição Auxiliar"," 88294 ","SINAPI","OPERADOR DE ESCAVADEIRA COM ENCARGOS COMPLEMENTARES","SEDI - SERVIÇOS DIVERSOS",null,"H",1,23.43,23.43]
[{"$nulls":4},"MO sem LS =>",21.26,"LS =>",0,"MO com LS =>",21.26]
[{"$nulls":4},"Valor do BDI =>",34.159999999999997,null,"Valor com BDI =>",null,175.18]
[]
[null,"Código","Banco","Descrição","Tipo",null,"Und","Quant.","Valor Unit","Total"]
["Composição"," 88857 ","SINAPI","RETROESCAVADEIRA SOBRE RODAS COM CARREGADEIRA, TRAÇÃO 4X4, POTÊNCIA LÍQ. 88 HP, CAÇAMBA CARREG. CAP. MÍN. 1 M3, CAÇAMBA RETRO CAP. 0,26 M3, PESO OPERACIONAL MÍN. 6.674 KG, PROFUNDIDADE ESCAVAÇÃO MÁX. 4,37 M - DEPRECIAÇÃO. AF_06/2014","CHOR - CUSTOS HORÁRIOS DE MÁQUINAS E EQUIPAMENTOS",null,"H",1,24.23,24.23]
["Insumo"," 00036531 ","SINAPI","RETROESCAVADEIRA SOBRE RODAS COM CARREGADEIRA, TRACAO 4 X 4, POTENCIA LIQUIDA 88 HP, PESO OPERACIONAL MINIMO DE 6674 KG, CAPACIDADE DA CARREGADEIRA DE 1,00 M3 E DA  RETROESCAVADEIRA MINIMA DE 0,26 M3, PROFUNDIDADE DE ESCAVACAO MAXIMA DE 4,37 M","Equipamento",null,"UN",5.5999999999999999E-5,432774.36,24.23]
[{"$nulls":4},"MO sem LS =>",0,"LS =>",0,"MO com LS =>",0]
[{"$nulls":4},"Valor do BDI =>",5.87,null,"Valor com BDI =>",null,30.1]
[]
[null,"Código","Banco","Descrição","Tipo",null,"Und","Quant.","Valor Unit","Total"]
["Composição"," 88858 ","SINAPI","RETROESCAVADEIRA SOBRE RODAS COM CARREGADEIRA, TRAÇÃO 4X4, POTÊNCIA LÍQ. 88 HP, CAÇAMBA CARREG. CAP. MÍN. 1 M3, CAÇAMBA RETRO CAP. 0,26 M3, PESO OPERACIONAL MÍN. 6.674 KG, PROFUNDIDADE ESCAVAÇÃO MÁX. 4,37 M - JUROS. AF_06/2014","CHOR - CUSTOS HORÁRIOS DE MÁQUINAS E EQUIPAMENTOS",null,"H",1,3.28,3.28]
["Insumo"," 00036531 ","SINAPI","RETROESCAVADEIRA SOBRE RODAS COM CARREGADEIRA, TRACAO 4 X 4, POTENCIA LIQUIDA 88 HP, PESO OPERACIONAL MINIMO DE 6674 KG, CAPACIDADE DA CARREGADEIRA DE 1,00 M3 E DA  RETROESCAVADEIRA MINIMA DE 0,26 M3, PROFUNDIDADE DE ESCAVACAO MAXIMA DE 4,37 M","Equipamento",null,"UN",7.6000000000000001E-6,432774.36,3.28]
[{"$nulls":4},"MO sem LS =>",0,"LS =>",0,"MO com LS =>",0]
[{"$nulls":4},"Valor do BDI =>",0.79,null,"Valor com BDI =>",null,4.07]
[]
[null,"Código","Banco","Descrição","Tipo",null,"Und","Quant.","Valor Unit","Total"]
["Composição"," 5664 ","SINAPI","RETROESCAVADEIRA SOBRE RODAS COM CARREGADEIRA, TRAÇÃO 4X4, POTÊNCIA LÍQ. 88 HP, CAÇAMBA CARREG. CAP. MÍN. 1 M3, CAÇAMBA RETRO CAP. 0,26 M3, PESO OPERACIONAL MÍN. 6.674 KG, PROFUNDIDADE ESCAVAÇÃO MÁX. 4,37 M - MANUTENÇÃO. AF_06/2014","CHOR - CUSTOS HORÁRIOS DE MÁQUINAS E EQUIPAMENTOS",null,"H",1,30.29,30.29]
["Insumo"," 00036531 ","SINAPI","RETROESCAVADEIRA SOBRE RODAS COM CARREGADEIRA, TRACAO 4 X 4, POTENCIA LIQUIDA 88 HP, PESO OPERACIONAL MINIMO DE 6674 KG, CAPACIDADE DA CARREGADEIRA DE 1,00 M3 E DA  RETROESCAVADEIRA MINIMA DE 0,26 M3, PROFUNDIDADE DE ESCAVACAO MAXIMA DE 4,37 M","Equipamento",null,"UN",6.9999999999999994E-5,432774.36,30.29]
[{"$nulls":4},"MO sem LS =>",0,"LS =>",0,"MO com LS =>",0]
[{"$nulls":4},"Valor do BDI =>",7.33,null,"Valor com BDI =>",null,37.619999999999997]
[]
[null,"Código","Banco","Descrição","Tipo",null,"Und","Quant.","Valor Unit","Total"]
["Composição"," 53786 ","SINAPI","RETROESCAVADEIRA SOBRE RODAS COM CARREGADEIRA, TRAÇÃO 4X4, POTÊNCIA LÍQ. 88 HP, CAÇAMBA CARREG. CAP. MÍN. 1 M3, CAÇAMBA RETRO CAP. 0,26 M3, PESO OPERACIONAL MÍN. 6.674 KG, PROFUNDIDADE ESCAVAÇÃO MÁX. 4,37 M - MATERIAIS NA OPERAÇÃO. AF_06/2014","CHOR - CUSTOS HORÁRIOS DE MÁQUINAS E EQUIPAMENTOS",null,"H",1,59.79,59.79]
["Insumo"," 00004221 ","SINAPI","OLEO DIESEL COMBUSTIVEL COMUM","Material",null,"L",8.5299999999999994,7.01,59.79]
[{"$nulls":4},"MO sem LS =>",0,"LS =>",0,"MO com LS =>",0]
[{"$nulls":4},"Valor do BDI =>",14.48,null,"Valor com BDI =>",null,74.27]
[]
[null,"Código","Banco","Descrição","Tipo",null,"Und","Quant.","Valor Unit","Total"]
["Composição"," 87247 ","SINAPI","REVESTIMENTO CERÂMICO PARA PISO COM PLACAS TIPO ESMALTADA EXTRA DE DIMENSÕES 35X35 CM APLICADA EM AMBIENTES DE ÁREA ENTRE 5 M2 E 10 M2. AF_06/2014","PISO - PISOS",null,"m²",1,56.41,56.41]
["Composição Auxiliar"," 88316 ","SINAPI","SERVENTE COM ENCARGOS COMPLEMENTARES","SEDI - SERVIÇOS DIVERSOS",null,"H",0.2,15.9,3.18]
["Composição Auxiliar"," 88256 ","SINAPI","AZULEJISTA OU LADRILHISTA COM ENCARGOS COMPLEMENTARES","SEDI - SERVIÇOS DIVERSOS",null,"H",0.43,21.25,9.1300000000000008]
["Insumo"," 00001381 ","SINAPI","ARGAMASSA COLANTE AC I PARA CERAMICAS","Material",null,"KG",4.8600000000000003,0.99,4.8099999999999996]
["Insumo"," 00001287 ","SINAPI","PISO EM CERAMICA ESMALTADA EXTRA, PEI MAIOR OU IGUAL A 4, FORMATO MENOR OU IGUAL A 2025 CM2","Material",null,"m²",1.06,35.76,37.9]
["Insumo"," 00034357 ","SINAPI","REJUNTE CIMENTICIO, QUALQUER COR","Material",null,"KG",0.24,5.81,1.39]
[{"$nulls":4},"MO sem LS =>",10.29,"LS =>",0,"MO com LS =>",10.29]
[{"$nulls":4},"Valor do BDI =>",13.66,null,"Valor com BDI =>",null,70.069999999999993]
[]
[null,"Código","Banco","Descrição","Tipo",null,"Und","Quant.","Valor Unit","Total"]
["Composição"," 87248 ","SINAPI","REVESTIMENTO CERÂMICO PARA PISO COM PLACAS TIPO ESMALTADA EXTRA DE DIMENSÕES 35X35 CM APLICADA EM AMBIENTES DE ÁREA MAIOR QUE 10 M2. AF_06/2014","PISO - PISOS",null,"m²",1,51.58,51.58]
["Composição Auxiliar"," 88316 ","SINAPI","SERVENTE COM ENCARGOS COMPLEMENTARES","SEDI - SERVIÇOS DIVERSOS",null,"H",0.15,15.9,2.38]
["Composição Auxiliar"," 88256 ","SINAPI","AZULEJISTA OU LADRILHISTA COM ENCARGOS COMPLEMENTARES","SEDI - SERVIÇOS DIVERSOS",null,"H",0.24,21.25,5.0999999999999996]
["Insumo"," 00001381 ","SINAPI","ARGAMASSA COLANTE AC I PARA CERAMICAS","Material",null,"KG",4.8600000000000003,0.99,4.8099999999999996]
["Insumo"," 00001287 ","SINAPI","PISO EM CERAMICA ESMALTADA EXTRA, PEI MAIOR OU IGUAL A 4, FORMATO MENOR OU IGUAL A 2025 CM2","Material",null,"m²",1.06,35.76,37.9]
["Insumo"," 00034357 ","SINAPI","REJUNTE CIMENTICIO, QUALQUER COR","Material",null,"KG",0.24,5.81,1.39]
[{"$nulls":4},"MO sem LS =>",6.23,"LS =>",0,"MO com LS =>",6.23]
[{"$nulls":4},"Valor do BDI =>",12.49,null,"Valor com BDI =>",null,64.069999999999993]
[]
[null,"Código","Banco","Descrição","Tipo",null,"Und","Quant.","Valor Unit","Total"]
["Composição"," 87246 ","SINAPI","REVESTIMENTO CERÂMICO PARA PISO COM PLACAS TIPO ESMALTADA EXTRA DE DIMENSÕES 35X35 CM APLICADA EM AMBIENTES DE ÁREA MENOR QUE 5 M2. AF_06/2014","PISO - PISOS",null,"m²",1,62.55,62.55]
["Composição Auxiliar"," 88256 ","SINAPI","AZULEJISTA OU LADRILHISTA COM ENCARGOS COMPLEMENTARES","SEDI - SERVIÇOS DIVERSOS",null,"H",0.64,21.25,13.6]
["Composição Auxiliar"," 88316 ","SINAPI","SERVENTE COM ENCARGOS COMPLEMENTARES","SEDI - SERVIÇOS DIVERSOS",null,"H",0.26,15.9,4.13]
["Insumo"," 00001381 ","SINAPI","ARGAMASSA COLANTE AC I PARA CERAMICAS","Material",null,"KG",4.8600000000000003,0.99,4.8099999999999996]
["Insumo"," 00001287 ","SINAPI","PISO EM CERAMICA ESMALTADA EXTRA, PEI MAIOR OU IGUAL A 4, FORMATO MENOR OU IGUAL A 2025 CM2","Material",null,"m²",1.08,35.76,38.619999999999997]
["Insumo"," 00034357 ","SINAPI","REJUNTE CIMENTICIO, QUALQUER COR","Material",null,"KG",0.24,5.81,1.39]
[{"$nulls":4},"MO sem LS =>",14.85,"LS =>",0,"MO com LS =>",14.85]
[{"$nulls":4},"Valor do BDI =>",15.15,null,"Valor com BDI =>",null,77.7]
[]
[null,"Código","Banco","Descrição","Tipo",null,"Und","Quant.","Valor Unit","Total"]
["Composição"," 1 A 01 150 01 ","SICRO2","Rocha p/ britagem c/ perfur. sobre esteira","Atividades Auxiliares",null,"m³",1,27.59,27.59]
["A","Código","Banco","Equipamentos","Quantidade","Utilização",null,"Custo Operacional",null,"Custo Horário"]
[{"$nulls":5},"Operativa","Improdutiva","Operativa","Improdutiva"]
["Insumo","E010","SICRO2","Carregadeira de Pneus : Caterpillar : 950H -  3,3 m3 ",1,0.35,0.65,229.86600000000001,23.832599999999999,95.944299999999998]
["Insumo","E203","SICRO2","Compressor de Ar : Atlas Copco : XAS 360 CUD -  762 PCM ",1,1,0,143.84710000000001,15.599500000000001,143.84710000000001]
["Insumo","E204","SICRO2","Martelete : Atlas Copco : RH658-6L -  perfuratriz manual ",1,1,0,16.865600000000001,14.992900000000001,16.865600000000001]
["Insumo","E205","SICRO2","Perfuratriz sobre Esteiras : Atlas Copco : ROC 442PC - Crawler Drill ",1,1,0,36.564700000000002,15.599500000000001,36.564700000000002]
["Insumo","E433","SICRO2","Caminhão Basculante : Mercedes Benz : 2726 -  para rocha 18 t ",2,0.69,0.31,225.3081,18.7194,322.53120000000001]
[{"$nulls":6},"Custo Horário de Equipamentos =>",null,null,615.75289999999995]
["B","Código","Banco","Mão de Obra","Quantidade","Salário Hora",null,null,null,"Custo Horário"]
["Insumo","T512","SICRO2","Encarregado de britagem ",1,null,null,null,49.485100000000003,49.485100000000003]
["Insumo","T601","SICRO2","Blaster ",1,null,null,null,24.959199999999999,24.959199999999999]
["Insumo","T701","SICRO2","Servente ",1,null,null,null,9.6196999999999999,9.6196999999999999]
[{"$nulls":6},"Custo Horário da Mão de Obra =>",null,null,84.063999999999993]
[{"$nulls":6},"Adc.M.O. - Ferramentas (15,51%) =>",null,null,13.0383]
[{"$nulls":6},"Custo Horário de Execução =>",null,null,712.85519999999997]
[{"$nulls":6},"Fator de Influencia da Chuva - FIC =>",null,null,0]
[{"$nulls":6},"Custo do FIC =>",null,null,0]
[{"$nulls":6},"Produção de Equipe =>",null,null,36]
[{"$nulls":6},"Custo Unitário de Execução =>",null,null,19.801500000000001]
["C","Banco","Código","Material","Quantidade","Unidade","Preço Unitário",null,null,"Custo Horário"]
["Insumo","SICRO2","M326","Série de brocas S-12 D=22 mm ",8.0000000000000004E-4,"un",596.67999999999995,null,null,0.4773]
["Insumo","SICRO2","M501","Dinamite a 60% (gelatina especial) ",0.42,"kg",7.12,null,null,2.9904000000000002]
["Insumo","SICRO2","M503","Espoleta comum n. 8 ",1.2999999999999999E-2,"un",2.3199999999999998,null,null,3.0200000000000001E-2]
["Insumo","SICRO2","M505","Cordel detonante  NP 10 ",0.8,"m",1.21,null,null,0.96799999999999997]
["Insumo","SICRO2","M507","Retardador de cordel ",0.04,"un",20.32,null,null,0.81279999999999997]
["Insumo","SICRO2","M508","Estopim ",2.5000000000000001E-2,"m",2.09,null,null,5.2299999999999999E-2]
["Insumo","SICRO2","M945","Haste para perfuratriz de esteira ",1E-3,"un",631.52,null,null,0.63149999999999995]
["Insumo","SICRO2","M946","Luva para perfuratriz de esteira ",1E-3,"un",160.25,null,null,0.1603]
["Insumo","SICRO2","M947","Punho para perfuratriz de esteira ",8.0000000000000004E-4,"un",712.66,null,null,0.57010000000000005]
["Insumo","SICRO2","M948","Coroa para perfuratriz de esteira ",6.9999999999999999E-4,"un",411.31,null,null,0.28789999999999999]
["Insumo","SICRO2","M980","Indenização de jazida ",1,"m³",0.01,null,null,0.01]
[{"$nulls":6},"Custo Total do Material =>",null,null,6.9908000000000001]
["D","Banco","Código","Atividades Auxiliares","Quantidade","Unidade","Preço Unitário",null,null,"Custo Horário"]
["Atividade Auxiliar","SICRO2","1 A 01 100 01","Limpeza  camada vegetal em jazida (const e restr.)",0.7,"m²",0.46,null,null,0.32200000000000001]
["Atividade Auxiliar","SICRO2","1 A 01 105 01","Expurgo de jazida (const e restr)",0.2,"m³",2.39,null,null,0.47799999999999998]
[{"$nulls":6},"Custo Total das Atividades =>",null,null,0.8]
[{"$nulls":4},"MO sem LS =>",2.4297379111111113,"LS =>",0,"MO com LS =>",2.4297379235223064]
[{"$nulls":4},"Valor do BDI =>",6.68,null,"Valor com BDI =>",null,34.270000000000003]
[]
[null,"Código","Banco","Descrição","Tipo",null,"Und","Quant.","Valor Unit","Total"]
["Composição"," 91693 ","SINAPI","SERRA CIRCULAR DE BANCADA COM MOTOR ELÉTRICO POTÊNCIA DE 5HP, COM COIFA PARA DISCO 10\" - CHI DIURNO. AF_08/2015","CHOR - CUSTOS HORÁRIOS DE MÁQUINAS E EQUIPAMENTOS",null,"CHI",1,17.82,17.82]
["Composição Auxiliar"," 91689 ","SINAPI","SERRA CIRCULAR DE BANCADA COM MOTOR ELÉTRICO POTÊNCIA DE 5HP, COM COIFA PARA DISCO 10\" - JUROS. AF_08/2015","CHOR - CUSTOS HORÁRIOS DE MÁQUINAS E EQUIPAMENTOS",null,"H",1,0,0]
["Composição Auxiliar"," 91688 ","SINAPI","SERRA CIRCULAR DE BANCADA COM MOTOR ELÉTRICO POTÊNCIA DE 5HP, COM COIFA PARA DISCO 10\" - DEPRECIAÇÃO. AF_08/2015","CHOR - CUSTOS HORÁRIOS DE MÁQUINAS E EQUIPAMENTOS",null,"H",1,0.08,0.08]
["Composição Auxiliar"," 88297 ","SINAPI","OPERADOR DE MÁQUINAS E EQUIPAMENTOS COM ENCARGOS COMPLEMENTARES","SEDI - SERVIÇOS DIVERSOS",null,"H",1,17.739999999999998,17.739999999999998]
[{"$nulls":4},"MO sem LS =>",15.57,"LS =>",0,"MO com LS =>",15.57]
[{"$nulls":4},"Valor do BDI =>",4.3099999999999996,null,"Valor com BDI =>",null,22.13]
[]
[null,"Código","Banco","Descrição","Tipo",null,"Und","Quant.","Valor Unit","Total"]
["Composição"," 91692 ","SINAPI","SERRA CIRCULAR DE BANCADA COM MOTOR ELÉTRICO POTÊNCIA DE 5HP, COM COIFA PARA DISCO 10\" - CHP DIURNO. AF_08/2015","CHOR - CUSTOS HORÁRIOS DE MÁQUINAS E EQUIPAMENTOS",null,"CHP",1,18.87,18.87]
["Composição Auxiliar"," 91690 ","SINAPI","SERRA CIRCULAR DE BANCADA COM MOTOR ELÉTRICO POTÊNCIA DE 5HP, COM COIFA PARA DISCO 10\" - MANUTENÇÃO. AF_08/2015","CHOR - CUSTOS HORÁRIOS DE MÁQUINAS E EQUIPAMENTOS",null,"H",1,0.05,0.05]
["Composição Auxiliar"," 91688 ","SINAPI","SERRA CIRCULAR DE BANCADA COM MOTOR ELÉTRICO POTÊNCIA DE 5HP, COM COIFA PARA DISCO 10\" - DEPRECIAÇÃO. AF_08/2015","CHOR - CUSTOS HORÁRIOS DE MÁQUINAS E EQUIPAMENTOS",null,"H",1,0.08,0.08]
["Composição Auxiliar"," 91691 ","SINAPI","SERRA CIRCULAR DE BANCADA COM MOTOR ELÉTRICO POTÊNCIA DE 5HP, COM COIFA PARA DISCO 10\" - MATERIAIS NA OPERAÇÃO. AF_08/2015","CHOR - CUSTOS HORÁRIOS DE MÁQUINAS E EQUIPAMENTOS",null,"H",1,1,1]
["Composição Auxiliar"," 91689 ","SINAPI","SERRA CIRCULAR DE BANCADA COM MOTOR ELÉTRICO POTÊNCIA DE 5HP, COM COIFA PARA DISCO 10\" - JUROS. AF_08/2015","CHOR - CUSTOS HORÁRIOS DE MÁQUINAS E EQUIPAMENTOS",null,"H",1,0,0]
["Composição Auxiliar"," 88297 ","SINAPI","OPERADOR DE MÁQUINAS E EQUIPAMENTOS COM ENCARGOS COMPLEMENTARES","SEDI - SERVIÇOS DIVERSOS",null,"H",1,17.739999999999998,17.739999999999998]
[{"$nulls":4},"MO sem LS =>",15.57,"LS =>",0,"MO com LS =>",15.57]
[{"$nulls":4},"Valor do BDI =>",4.57,null,"Valor com BDI =>",null,23.44]
[]
[null,"Código","Banco","Descrição","Tipo",null,"Und","Quant.","Valor Unit","Total"]
["Composição"," 91688 ","SINAPI","SERRA CIRCULAR DE BANCADA COM MOTOR ELÉTRICO POTÊNCIA DE 5HP, COM COIFA PARA DISCO 10\" - DEPRECIAÇÃO. AF_08/2015","CHOR - CUSTOS HORÁRIOS DE MÁQUINAS E EQUIPAMENTOS",null,"H",1,0.08,0.08]
["Insumo"," 00014618 ","SINAPI","SERRA CIRCULAR DE BANCADA COM MOTOR ELETRICO, POTENCIA DE *1600* W, PARA DISCO DE DIAMETRO DE 10\" (250 MM)","Material",null,"UN",7.2000000000000002E-5,1161.6500000000001,0.08]
[{"$nulls":4},"MO sem LS =>",0,"LS =>",0,"MO com LS =>",0]
[{"$nulls":4},"Valor do BDI =>",0.01,null,"Valor com BDI =>",null,0.09]
[]
[null,"Código","Banco","Descrição","Tipo",null,"Und","Quant.","Valor Unit","Total"]
["Composição"," 91689 ","SINAPI","SERRA CIRCULAR DE BANCADA COM MOTOR ELÉTRICO POTÊNCIA DE 5HP, COM COIFA PARA DISCO 10\" - JUROS. AF_08/2015","CHOR - CUSTOS HORÁRIOS DE MÁQUINAS E EQUIPAMENTOS",null,"H",1,0,0]
["Insumo"," 00014618 ","SINAPI","SERRA CIRCULAR DE BANCADA COM MOTOR ELETRICO, POTENCIA DE *1600* W, PARA DISCO DE DIAMETRO DE 10\" (250 MM)","Material",null,"UN",7.5000000000000002E-6,1161.6500000000001,0]
[{"$nulls":4},"MO sem LS =>",0,"LS =>",0,"MO com LS =>",0]
[{"$nulls":4},"Valor do BDI =>",0,null,"Valor com BDI =>",null,0]
[]
[null,"Código","Banco","Descrição","Tipo",null,"Und","Quant.","Valor Unit","Total"]
["Composição"," 91690 ","SINAPI","SERRA CIRCULAR DE BANCADA COM MOTOR ELÉTRICO POTÊNCIA DE 5HP, COM COIFA PARA DISCO 10\" - MANUTENÇÃO. AF_08/2015","CHOR - CUSTOS HORÁRIOS DE MÁQUINAS E EQUIPAMENTOS",null,"H",1,0.05,0.05]
["Insumo"," 00014618 ","SINAPI","SERRA CIRCULAR DE BANCADA COM MOTOR ELETRICO, POTENCIA DE *1600* W, PARA DISCO DE DIAMETRO DE 10\" (250 MM)","Material",null,"UN",5.0000000000000002E-5,1161.6500000000001,0.05]
[{"$nulls":4},"MO sem LS =>",0,"LS =>",0,"MO com LS =>",0]
[{"$nulls":4},"Valor do BDI =>",0.01,null,"Valor com BDI =>",null,0.06]
[]
[null,"Código","Banco","Descrição","Tipo",null,"Und","Quant.","Valor Unit","Total"]
["Composição"," 91691 ","SINAPI","SERRA CIRCULAR DE BANCADA COM MOTOR ELÉTRICO POTÊNCIA DE 5HP, COM COIFA PARA DISCO 10\" - MATERIAIS NA OPERAÇÃO. AF_08/2015","CHOR - CUSTOS HORÁRIOS DE MÁQUINAS E EQUIPAMENTOS",null,"H",1,1,1]
["Insumo"," 00002705 ","SINAPI","ENERGIA ELETRICA ATE 2000 KWH INDUSTRIAL, SEM DEMANDA","Material",null,"KWH",1.36,0.74,1]
[{"$nulls":4},"MO sem LS =>",0,"LS =>",0,"MO com LS =>",0]
[{"$nulls":4},"Valor do BDI =>",0.24,null,"Valor com BDI =>",null,1.24]
[]
[null,"Código","Banco","Descrição","Tipo",null,"Und","Quant.","Valor Unit","Total"]
["Composição"," 88316 ","SINAPI","SERVENTE COM ENCARGOS COMPLEMENTARES","SEDI - SERVIÇOS DIVERSOS",null,"H",1,15.9,15.9]
["Composição Auxiliar"," 95378 ","SINAPI","CURSO DE CAPACITAÇÃO PARA SERVENTE (ENCARGOS COMPLEMENTARES) - HORISTA","SEDI - SERVIÇOS DIVERSOS",null,"H",1,0.21,0.21]
["Insumo"," 00037370 ","SINAPI","ALIMENTACAO - HORISTA (COLETADO CAIXA)","Outros",null,"H",1,0.01,0.01]
["Insumo"," 00043491 ","SINAPI","EPI - FAMILIA SERVENTE - HORISTA (ENCARGOS COMPLEMENTARES - COLETADO CAIXA)","Equipamento",null,"H",1,1.1499999999999999,1.1499999999999999]
["Insumo"," 00037372 ","SINAPI","EXAMES - HORISTA (COLETADO CAIXA)","Outros",null,"H",1,0.81,0.81]
["Insumo"," 00043467 ","SINAPI","FERRAMENTAS - FAMILIA SERVENTE - HORISTA (ENCARGOS COMPLEMENTARES - COLETADO CAIXA)","Equipamento",null,"H",1,0.56000000000000005,0.56000000000000005]
["Insumo"," 00037373 ","SINAPI","SEGURO - HORISTA (COLETADO CAIXA)","Taxas",null,"H",1,0.01,0.01]
["Insumo"," 00006111 ","SINAPI","SERVENTE DE OBRAS","Mão de Obra",null,"H",1,12.58,12.58]
["Insumo"," 00037371 ","SINAPI","TRANSPORTE - HORISTA (COLETADO CAIXA)","Serviços",null,"H",1,0.56999999999999995,0.56999999999999995]
[{"$nulls":4},"MO sem LS =>",12.79,"LS =>",0,"MO com LS =>",12.79]
[{"$nulls":4},"Valor do BDI =>",3.85,null,"Valor com BDI =>",null,19.75]
[]
[null,"Código","Banco","Descrição","Tipo",null,"Und","Quant.","Valor Unit","Total"]
["Composição"," 86883 ","SINAPI","SIFÃO DO TIPO FLEXÍVEL EM PVC 1  X 1.1/2  - FORNECIMENTO E INSTALAÇÃO. AF_01/2020","INHI - INSTALAÇÕES HIDROS SANITÁRIAS",null,"UN",1,11.28,11.28]
["Composição Auxiliar"," 88316 ","SINAPI","SERVENTE COM ENCARGOS COMPLEMENTARES","SEDI - SERVIÇOS DIVERSOS",null,"H",2.6599999999999999E-2,15.9,0.42]
["Composição Auxiliar"," 88267 ","SINAPI","ENCANADOR OU BOMBEIRO HIDRÁULICO COM ENCARGOS COMPLEMENTARES","SEDI - SERVIÇOS DIVERSOS",null,"H",8.4500000000000006E-2,20.73,1.75]
["Insumo"," 00003146 ","SINAPI","FITA VEDA ROSCA EM ROLOS DE 18 MM X 10 M (L X C)","Material",null,"UN",3.32E-2,3.6,0.11]
["Insumo"," 00006148 ","SINAPI","SIFAO PLASTICO FLEXIVEL SAIDA VERTICAL PARA COLUNA LAVATORIO, 1 X 1.1/2 \"","Material",null,"UN",1,9,9]
[{"$nulls":4},"MO sem LS =>",1.86,"LS =>",0,"MO com LS =>",1.86]
[{"$nulls":4},"Valor do BDI =>",2.73,null,"Valor com BDI =>",null,14.01]
[]
[null,"Código","Banco","Descrição","Tipo",null,"Und","Quant.","Valor Unit","Total"]
["Composição"," 88317 ","SINAPI","SOLDADOR COM ENCARGOS COMPLEMENTARES","SEDI - SERVIÇOS DIVERSOS",null,"H",1,22.02,22.02]
["Composição Auxiliar"," 95379 ","SINAPI","CURSO DE CAPACITAÇÃO PARA SOLDADOR (ENCARGOS COMPLEMENTARES) - HORISTA","SEDI - SERVIÇOS DIVERSOS",null,"H",1,0.16,0.16]
["Insumo"," 00037370 ","SINAPI","ALIMENTACAO - HORISTA (COLETADO CAIXA)","Outros",null,"H",1,0.01,0.01]
["Insumo"," 00043492 ","SINAPI","EPI - FAMILIA SOLDADOR - HORISTA (ENCARGOS COMPLEMENTARES - COLETADO CAIXA)","Equipamento",null,"H",1,1.58,1.58]
["Insumo"," 00037372 ","SINAPI","EXAMES - HORISTA (COLETADO CAIXA)","Outros",null,"H",1,0.81,0.81]
["Insumo"," 00043468 ","SINAPI","FERRAMENTAS - FAMILIA SOLDADOR - HORISTA (ENCARGOS COMPLEMENTARES - COLETADO CAIXA)","Equipamento",null,"H",1,1.07,1.07]
["Insumo"," 00037373 ","SINAPI","SEGURO - HORISTA (COLETADO CAIXA)","Taxas",null,"H",1,0.01,0.01]
["Insumo"," 00006160 ","SINAPI","SOLDADOR (HORISTA)","Mão de Obra",null,"H",1,17.809999999999999,17.809999999999999]
["Insumo"," 00037371 ","SINAPI","TRANSPORTE - HORISTA (COLETADO CAIXA)","Serviços",null,"H",1,0.56999999999999995,0.56999999999999995]
[{"$nulls":4},"MO sem LS =>",17.97,"LS =>",0,"MO com LS =>",17.97]
[{"$nulls":4},"Valor do BDI =>",5.33,null,"Valor com BDI =>",null,27.35]
[]
[null,"Código","Banco","Descrição","Tipo",null,"Und","Quant.","Valor Unit","Total"]
["Composição"," 91945 ","SINAPI","SUPORTE PARAFUSADO COM PLACA DE ENCAIXE 4\" X 2\" ALTO (2,00 M DO PISO) PARA PONTO ELÉTRICO - FORNECIMENTO E INSTALAÇÃO. AF_12/2015","INEL - INSTALAÇÃO ELÉTRICA/ELETRIFICAÇÃO E ILUMINAÇÃO EXTERNA",null,"UN",1,8.25,8.25]
["Composição Auxiliar"," 88264 ","SINAPI","ELETRICISTA COM ENCARGOS COMPLEMENTARES","SEDI - SERVIÇOS DIVERSOS",null,"H",0.182,21.59,3.92]
["Insumo"," 00038094 ","SINAPI","ESPELHO / PLACA DE 3 POSTOS 4\" X 2\", PARA INSTALACAO DE TOMADAS E INTERRUPTORES","Material",null,"UN",1,2.85,2.85]
["Insumo"," 00038099 ","SINAPI","SUPORTE DE FIXACAO PARA ESPELHO / PLACA 4\" X 2\", PARA 3 MODULOS, PARA INSTALACAO DE TOMADAS E INTERRUPTORES (SOMENTE SUPORTE)","Material",null,"UN",1,1.48,1.48]
[{"$nulls":4},"MO sem LS =>",3.33,"LS =>",0,"MO com LS =>",3.33]
[{"$nulls":4},"Valor do BDI =>",1.99,null,"Valor com BDI =>",null,10.24]
[]
[null,"Código","Banco","Descrição","Tipo",null,"Und","Quant.","Valor Unit","Total"]
["Composição"," 91946 ","SINAPI","SUPORTE PARAFUSADO COM PLACA DE ENCAIXE 4\" X 2\" MÉDIO (1,30 M DO PISO) PARA PONTO ELÉTRICO - FORNECIMENTO E INSTALAÇÃO. AF_12/2015","INEL - INSTALAÇÃO ELÉTRICA/ELETRIFICAÇÃO E ILUMINAÇÃO EXTERNA",null,"UN",1,7,7]
["Composição Auxiliar"," 88264 ","SINAPI","ELETRICISTA COM ENCARGOS COMPLEMENTARES","SEDI - SERVIÇOS DIVERSOS",null,"H",0.124,21.59,2.67]
["Insumo"," 00038094 ","SINAPI","ESPELHO / PLACA DE 3 POSTOS 4\" X 2\", PARA INSTALACAO DE TOMADAS E INTERRUPTORES","Material",null,"UN",1,2.85,2.85]
["Insumo"," 00038099 ","SINAPI","SUPORTE DE FIXACAO PARA ESPELHO / PLACA 4\" X 2\", PARA 3 MODULOS, PARA INSTALACAO DE TOMADAS E INTERRUPTORES (SOMENTE SUPORTE)","Material",null,"UN",1,1.48,1.48]
[{"$nulls":4},"MO sem LS =>",2.27,"LS =>",0,"MO com LS =>",2.27]
[{"$nulls":4},"Valor do BDI =>",1.69,null,"Valor com BDI =>",null,8.69]
[]
[null,"Código","Banco","Descrição","Tipo",null,"Und","Quant.","Valor Unit","Total"]
["Composição"," 89796 ","SINAPI","TE, PVC, SERIE NORMAL, ESGOTO PREDIAL, DN 100 X 100 MM, JUNTA ELÁSTICA, FORNECIDO E INSTALADO EM RAMAL DE DESCARGA OU RAMAL DE ESGOTO SANITÁRIO. AF_12/2014","INHI - INSTALAÇÕES HIDROS SANITÁRIAS",null,"UN",1,41.74,41.74]
["Composição Auxiliar"," 88248 ","SINAPI","AUXILIAR DE ENCANADOR OU BOMBEIRO HIDRÁULICO COM ENCARGOS COMPLEMENTARES","SEDI - SERVIÇOS DIVERSOS",null,"H",0.33,16.11,5.31]
["Composição Auxiliar"," 88267 ","SINAPI","ENCANADOR OU BOMBEIRO HIDRÁULICO COM ENCARGOS COMPLEMENTARES","SEDI - SERVIÇOS DIVERSOS",null,"H",0.33,20.73,6.84]
["Insumo"," 00000301 ","SINAPI","ANEL BORRACHA PARA TUBO ESGOTO PREDIAL, DN 100 MM (NBR 5688)","Material",null,"UN",2,3.86,7.72]
["Insumo"," 00020078 ","SINAPI","PASTA LUBRIFICANTE PARA TUBOS E CONEXOES COM JUNTA ELASTICA, EMBALAGEM DE *400* GR (USO EM PVC, ACO, POLIETILENO E OUTROS)","Material",null,"UN",9.1999999999999998E-2,25.02,2.2999999999999998]
["Insumo"," 00007091 ","SINAPI","TE SANITARIO, PVC, DN 100 X 100 MM, SERIE NORMAL, PARA ESGOTO PREDIAL","Material",null,"UN",1,19.57,19.57]
[{"$nulls":4},"MO sem LS =>",10.39,"LS =>",0,"MO com LS =>",10.39]
[{"$nulls":4},"Valor do BDI =>",10.11,null,"Valor com BDI =>",null,51.85]
[]
[null,"Código","Banco","Descrição","Tipo",null,"Und","Quant.","Valor Unit","Total"]
["Composição"," 89784 ","SINAPI","TE, PVC, SERIE NORMAL, ESGOTO PREDIAL, DN 50 X 50 MM, JUNTA ELÁSTICA, FORNECIDO E INSTALADO EM RAMAL DE DESCARGA OU RAMAL DE ESGOTO SANITÁRIO. AF_12/2014","INHI - INSTALAÇÕES HIDROS SANITÁRIAS",null,"UN",1,20.3,20.3]
["Composição Auxiliar"," 88248 ","SINAPI","AUXILIAR DE ENCANADOR OU BOMBEIRO HIDRÁULICO COM ENCARGOS COMPLEMENTARES","SEDI - SERVIÇOS DIVERSOS",null,"H",0.17,16.11,2.73]
["Composição Auxiliar"," 88267 ","SINAPI","ENCANADOR OU BOMBEIRO HIDRÁULICO COM ENCARGOS COMPLEMENTARES","SEDI - SERVIÇOS DIVERSOS",null,"H",0.17,20.73,3.52]
["Insumo"," 00000296 ","SINAPI","ANEL BORRACHA PARA TUBO ESGOTO PREDIAL, DN 50 MM (NBR 5688)","Material",null,"UN",2,2.1800000000000002,4.3600000000000003]
["Insumo"," 00020078 ","SINAPI","PASTA LUBRIFICANTE PARA TUBOS E CONEXOES COM JUNTA ELASTICA, EMBALAGEM DE *400* GR (USO EM PVC, ACO, POLIETILENO E OUTROS)","Material",null,"UN",0.04,25.02,1]
["Insumo"," 00007097 ","SINAPI","TE SANITARIO, PVC, DN 50 X 50 MM, SERIE NORMAL, PARA ESGOTO PREDIAL","Material",null,"UN",1,8.69,8.69]
[{"$nulls":4},"MO sem LS =>",5.35,"LS =>",0,"MO com LS =>",5.35]
[{"$nulls":4},"Valor do BDI =>",4.91,null,"Valor com BDI =>",null,25.21]
[]
[null,"Código","Banco","Descrição","Tipo",null,"Und","Quant.","Valor Unit","Total"]
["Composição"," 89395 ","SINAPI","TE, PVC, SOLDÁVEL, DN 25MM, INSTALADO EM RAMAL OU SUB-RAMAL DE ÁGUA - FORNECIMENTO E INSTALAÇÃO. AF_12/2014","INHI - INSTALAÇÕES HIDROS SANITÁRIAS",null,"UN",1,10.59,10.59]
["Composição Auxiliar"," 88248 ","SINAPI","AUXILIAR DE ENCANADOR OU BOMBEIRO HIDRÁULICO COM ENCARGOS COMPLEMENTARES","SEDI - SERVIÇOS DIVERSOS",null,"H",0.2,16.11,3.22]
["Composição Auxiliar"," 88267 ","SINAPI","ENCANADOR OU BOMBEIRO HIDRÁULICO COM ENCARGOS COMPLEMENTARES","SEDI - SERVIÇOS DIVERSOS",null,"H",0.2,20.73,4.1399999999999997]
["Insumo"," 00000122 ","SINAPI","ADESIVO PLASTICO PARA PVC, FRASCO COM *850* GR","Material",null,"UN",1.0999999999999999E-2,60.63,0.66]
["Insumo"," 00038383 ","SINAPI","LIXA D'AGUA EM FOLHA, GRAO 100","Material",null,"UN",7.4999999999999997E-2,1.95,0.14000000000000001]
["Insumo"," 00020083 ","SINAPI","SOLUCAO PREPARADORA / LIMPADORA PARA PVC, FRASCO COM 1000 CM3","Material",null,"UN",1.2E-2,68.69,0.82]
["Insumo"," 00007139 ","SINAPI","TE SOLDAVEL, PVC, 90 GRAUS, 25 MM, PARA AGUA FRIA PREDIAL (NBR 5648)","Material",null,"UN",1,1.61,1.61]
[{"$nulls":4},"MO sem LS =>",6.3,"LS =>",0,"MO com LS =>",6.3]
[{"$nulls":4},"Valor do BDI =>",2.56,null,"Valor com BDI =>",null,13.15]
[]
[null,"Código","Banco","Descrição","Tipo",null,"Und","Quant.","Valor Unit","Total"]
["Composição"," 88323 ","SINAPI","TELHADISTA COM ENCARGOS COMPLEMENTARES","SEDI - SERVIÇOS DIVERSOS",null,"H",1,20.87,20.87]
["Composição Auxiliar"," 95385 ","SINAPI","CURSO DE CAPACITAÇÃO PARA TELHADISTA (ENCARGOS COMPLEMENTARES) - HORISTA","SEDI - SERVIÇOS DIVERSOS",null,"H",1,0.16,0.16]
["Insumo"," 00037370 ","SINAPI","ALIMENTACAO - HORISTA (COLETADO CAIXA)","Outros",null,"H",1,0.01,0.01]
["Insumo"," 00043483 ","SINAPI","EPI - FAMILIA CARPINTEIRO DE FORMAS - HORISTA (ENCARGOS COMPLEMENTARES - COLETADO CAIXA)","Equipamento",null,"H",1,1.26,1.26]
["Insumo"," 00043459 ","SINAPI","FERRAMENTAS - FAMILIA CARPINTEIRO DE FORMAS - HORISTA (ENCARGOS COMPLEMENTARES - COLETADO CAIXA)","Equipamento",null,"H",1,0.45,0.45]
["Insumo"," 00037372 ","SINAPI","EXAMES - HORISTA (COLETADO CAIXA)","Outros",null,"H",1,0.81,0.81]
["Insumo"," 00037373 ","SINAPI","SEGURO - HORISTA (COLETADO CAIXA)","Taxas",null,"H",1,0.01,0.01]
["Insumo"," 00012869 ","SINAPI","TELHADOR (HORISTA)","Mão de Obra",null,"H",1,17.600000000000001,17.600000000000001]
["Insumo"," 00037371 ","SINAPI","TRANSPORTE - HORISTA (COLETADO CAIXA)","Serviços",null,"H",1,0.56999999999999995,0.56999999999999995]
[{"$nulls":4},"MO sem LS =>",17.760000000000002,"LS =>",0,"MO com LS =>",17.760000000000002]
[{"$nulls":4},"Valor do BDI =>",5.05,null,"Valor com BDI =>",null,25.92]
[]
[null,"Código","Banco","Descrição","Tipo",null,"Und","Quant.","Valor Unit","Total"]
["Composição"," 94210 ","SINAPI","TELHAMENTO COM TELHA ONDULADA DE FIBROCIMENTO E = 6 MM, COM RECOBRIMENTO LATERAL DE 1 1/4 DE ONDA PARA TELHADO COM INCLINAÇÃO MÁXIMA DE 10°, COM ATÉ 2 ÁGUAS, INCLUSO IÇAMENTO. AF_07/2019","COBE - COBERTURA",null,"m²",1,64.430000000000007,64.430000000000007]
["Composição Auxiliar"," 93281 ","SINAPI","GUINCHO ELÉTRICO DE COLUNA, CAPACIDADE 400 KG, COM MOTO FREIO, MOTOR TRIFÁSICO DE 1,25 CV - CHP DIURNO. AF_03/2016","CHOR - CUSTOS HORÁRIOS DE MÁQUINAS E EQUIPAMENTOS",null,"CHP",5.3E-3,17.399999999999999,0.09]
["Composição Auxiliar"," 93282 ","SINAPI","GUINCHO ELÉTRICO DE COLUNA, CAPACIDADE 400 KG, COM MOTO FREIO, MOTOR TRIFÁSICO DE 1,25 CV - CHI DIURNO. AF_03/2016","CHOR - CUSTOS HORÁRIOS DE MÁQUINAS E EQUIPAMENTOS",null,"CHI",7.3000000000000001E-3,16.54,0.12]
["Composição Auxiliar"," 88323 ","SINAPI","TELHADISTA COM ENCARGOS COMPLEMENTARES","SEDI - SERVIÇOS DIVERSOS",null,"H",0.128,20.87,2.67]
["Composição Auxiliar"," 88316 ","SINAPI","SERVENTE COM ENCARGOS COMPLEMENTARES","SEDI - SERVIÇOS DIVERSOS",null,"H",0.16600000000000001,15.9,2.63]
["Insumo"," 00001607 ","SINAPI","CONJUNTO ARRUELAS DE VEDACAO 5/16\" PARA TELHA FIBROCIMENTO (UMA ARRUELA METALICA E UMA ARRUELA PVC - CONICAS)","Material",null,"CJ",1.26,0.28000000000000003,0.35]
["Insumo"," 00004302 ","SINAPI","PARAFUSO ZINCADO ROSCA SOBERBA, CABECA SEXTAVADA, 5/16 \" X 250 MM, PARA FIXACAO DE TELHA EM MADEIRA","Material",null,"UN",1.26,4.28,5.39]
["Insumo"," 00007194 ","SINAPI","TELHA DE FIBROCIMENTO ONDULADA E = 6 MM, DE 2,44 X 1,10 M (SEM AMIANTO)","Material",null,"m²",1.357,39.19,53.18]
[{"$nulls":4},"MO sem LS =>",4.5599999999999996,"LS =>",0,"MO com LS =>",4.5599999999999996]
[{"$nulls":4},"Valor do BDI =>",15.61,null,"Valor com BDI =>",null,80.040000000000006]
[]
[null,"Código","Banco","Descrição","Tipo",null,"Und","Quant.","Valor Unit","Total"]
["Composição"," 92000 ","SINAPI","TOMADA BAIXA DE EMBUTIR (1 MÓDULO), 2P+T 10 A, INCLUINDO SUPORTE E PLACA - FORNECIMENTO E INSTALAÇÃO. AF_12/2015","INEL - INSTALAÇÃO ELÉTRICA/ELETRIFICAÇÃO E ILUMINAÇÃO EXTERNA",null,"UN",1,23.7,23.7]
["Composição Auxiliar"," 91946 ","SINAPI","SUPORTE PARAFUSADO COM PLACA DE ENCAIXE 4\" X 2\" MÉDIO (1,30 M DO PISO) PARA PONTO ELÉTRICO - FORNECIMENTO E INSTALAÇÃO. AF_12/2015","INEL - INSTALAÇÃO ELÉTRICA/ELETRIFICAÇÃO E ILUMINAÇÃO EXTERNA",null,"UN",1,7,7]
["Composição Auxiliar"," 91998 ","SINAPI","TOMADA BAIXA DE EMBUTIR (1 MÓDULO), 2P+T 10 A, SEM SUPORTE E SEM PLACA - FORNECIMENTO E INSTALAÇÃO. AF_12/2015","INEL - INSTALAÇÃO ELÉTRICA/ELETRIFICAÇÃO E ILUMINAÇÃO EXTERNA",null,"UN",1,16.7,16.7]
[{"$nulls":4},"MO sem LS =>",9.7799999999999994,"LS =>",0,"MO com LS =>",9.7799999999999994]
[{"$nulls":4},"Valor do BDI =>",5.74,null,"Valor com BDI =>",null,29.44]
[]
[null,"Código","Banco","Descrição","Tipo",null,"Und","Quant.","Valor Unit","Total"]
["Composição"," 91998 ","SINAPI","TOMADA BAIXA DE EMBUTIR (1 MÓDULO), 2P+T 10 A, SEM SUPORTE E SEM PLACA - FORNECIMENTO E INSTALAÇÃO. AF_12/2015","INEL - INSTALAÇÃO ELÉTRICA/ELETRIFICAÇÃO E ILUMINAÇÃO EXTERNA",null,"UN",1,16.7,16.7]
["Composição Auxiliar"," 88264 ","SINAPI","ELETRICISTA COM ENCARGOS COMPLEMENTARES","SEDI - SERVIÇOS DIVERSOS",null,"H",0.23499999999999999,21.59,5.07]
["Composição Auxiliar"," 88247 ","SINAPI","AUXILIAR DE ELETRICISTA COM ENCARGOS COMPLEMENTARES","SEDI - SERVIÇOS DIVERSOS",null,"H",0.23499999999999999,16.91,3.97]
["Insumo"," 00038101 ","SINAPI","TOMADA 2P+T 10A, 250V  (APENAS MODULO)","Material",null,"UN",1,7.66,7.66]
[{"$nulls":4},"MO sem LS =>",7.51,"LS =>",0,"MO com LS =>",7.51]
[{"$nulls":4},"Valor do BDI =>",4.04,null,"Valor com BDI =>",null,20.74]
[]
[null,"Código","Banco","Descrição","Tipo",null,"Und","Quant.","Valor Unit","Total"]
["Composição"," 92008 ","SINAPI","TOMADA BAIXA DE EMBUTIR (2 MÓDULOS), 2P+T 10 A, INCLUINDO SUPORTE E PLACA - FORNECIMENTO E INSTALAÇÃO. AF_12/2015","INEL - INSTALAÇÃO ELÉTRICA/ELETRIFICAÇÃO E ILUMINAÇÃO EXTERNA",null,"UN",1,38.06,38.06]
["Composição Auxiliar"," 91946 ","SINAPI","SUPORTE PARAFUSADO COM PLACA DE ENCAIXE 4\" X 2\" MÉDIO (1,30 M DO PISO) PARA PONTO ELÉTRICO - FORNECIMENTO E INSTALAÇÃO. AF_12/2015","INEL - INSTALAÇÃO ELÉTRICA/ELETRIFICAÇÃO E ILUMINAÇÃO EXTERNA",null,"UN",1,7,7]
["Composição Auxiliar"," 92006 ","SINAPI","TOMADA BAIXA DE EMBUTIR (2 MÓDULOS), 2P+T 10 A, SEM SUPORTE E SEM PLACA - FORNECIMENTO E INSTALAÇÃO. AF_12/2015","INEL - INSTALAÇÃO ELÉTRICA/ELETRIFICAÇÃO E ILUMINAÇÃO EXTERNA",null,"UN",1,31.06,31.06]
[{"$nulls":4},"MO sem LS =>",15.35,"LS =>",0,"MO com LS =>",15.35]
[{"$nulls":4},"Valor do BDI =>",9.2200000000000006,null,"Valor com BDI =>",null,47.28]
[]
[null,"Código","Banco","Descrição","Tipo",null,"Und","Quant.","Valor Unit","Total"]
["Composição"," 92006 ","SINAPI","TOMADA BAIXA DE EMBUTIR (2 MÓDULOS), 2P+T 10 A, SEM SUPORTE E SEM PLACA - FORNECIMENTO E INSTALAÇÃO. AF_12/2015","INEL - INSTALAÇÃO ELÉTRICA/ELETRIFICAÇÃO E ILUMINAÇÃO EXTERNA",null,"UN",1,31.06,31.06]
["Composição Auxiliar"," 88264 ","SINAPI","ELETRICISTA COM ENCARGOS COMPLEMENTARES","SEDI - SERVIÇOS DIVERSOS",null,"H",0.40899999999999997,21.59,8.83]
["Composição Auxiliar"," 88247 ","SINAPI","AUXILIAR DE ELETRICISTA COM ENCARGOS COMPLEMENTARES","SEDI - SERVIÇOS DIVERSOS",null,"H",0.40899999999999997,16.91,6.91]
["Insumo"," 00038101 ","SINAPI","TOMADA 2P+T 10A, 250V  (APENAS MODULO)","Material",null,"UN",2,7.66,15.32]
[{"$nulls":4},"MO sem LS =>",13.08,"LS =>",0,"MO com LS =>",13.08]
[{"$nulls":4},"Valor do BDI =>",7.52,null,"Valor com BDI =>",null,38.58]
[]
[null,"Código","Banco","Descrição","Tipo",null,"Und","Quant.","Valor Unit","Total"]
["Composição"," 86906 ","SINAPI","TORNEIRA CROMADA DE MESA, 1/2\u0094 OU 3/4\u0094, PARA LAVATÓRIO, PADRÃO POPULAR - FORNECIMENTO E INSTALAÇÃO. AF_01/2020","INHI - INSTALAÇÕES HIDROS SANITÁRIAS",null,"UN",1,50.99,50.99]
["Composição Auxiliar"," 88267 ","SINAPI","ENCANADOR OU BOMBEIRO HIDRÁULICO COM ENCARGOS COMPLEMENTARES","SEDI - SERVIÇOS DIVERSOS",null,"H",9.6000000000000002E-2,20.73,1.99]
["Composição Auxiliar"," 88316 ","SINAPI","SERVENTE COM ENCARGOS COMPLEMENTARES","SEDI - SERVIÇOS DIVERSOS",null,"H",3.0300000000000001E-2,15.9,0.48]
["Insumo"," 00003146 ","SINAPI","FITA VEDA ROSCA EM ROLOS DE 18 MM X 10 M (L X C)","Material",null,"UN",2.1000000000000001E-2,3.6,7.0000000000000007E-2]
["Insumo"," 00013415 ","SINAPI","TORNEIRA DE MESA/BANCADA, PARA LAVATORIO, FIXA, METALICA CROMADA, PADRAO POPULAR, 1/2 \" OU 3/4 \" (REF 1193)","Material",null,"UN",1,48.45,48.45]
[{"$nulls":4},"MO sem LS =>",2.11,"LS =>",0,"MO com LS =>",2.11]
[{"$nulls":4},"Valor do BDI =>",12.35,null,"Valor com BDI =>",null,63.34]
[]
[null,"Código","Banco","Descrição","Tipo",null,"Und","Quant.","Valor Unit","Total"]
["Composição"," 86911 ","SINAPI","TORNEIRA CROMADA LONGA, DE PAREDE, 1/2\u0094 OU 3/4\u0094, PARA PIA DE COZINHA, PADRÃO POPULAR - FORNECIMENTO E INSTALAÇÃO. AF_01/2020","INHI - INSTALAÇÕES HIDROS SANITÁRIAS",null,"UN",1,59.67,59.67]
["Composição Auxiliar"," 88316 ","SINAPI","SERVENTE COM ENCARGOS COMPLEMENTARES","SEDI - SERVIÇOS DIVERSOS",null,"H",3.6700000000000003E-2,15.9,0.57999999999999996]
["Composição Auxiliar"," 88267 ","SINAPI","ENCANADOR OU BOMBEIRO HIDRÁULICO COM ENCARGOS COMPLEMENTARES","SEDI - SERVIÇOS DIVERSOS",null,"H",0.1164,20.73,2.41]
["Insumo"," 00003146 ","SINAPI","FITA VEDA ROSCA EM ROLOS DE 18 MM X 10 M (L X C)","Material",null,"UN",2.1000000000000001E-2,3.6,7.0000000000000007E-2]
["Insumo"," 00013416 ","SINAPI","TORNEIRA METALICA CROMADA, RETA, DE PAREDE, PARA COZINHA, SEM BICO, SEM AREJADOR, PADRAO POPULAR, 1/2 \" OU 3/4 \" (REF 1158)","Material",null,"UN",1,56.61,56.61]
[{"$nulls":4},"MO sem LS =>",2.56,"LS =>",0,"MO com LS =>",2.56]
[{"$nulls":4},"Valor do BDI =>",14.45,null,"Valor com BDI =>",null,74.12]
[]
[null,"Código","Banco","Descrição","Tipo",null,"Und","Quant.","Valor Unit","Total"]
["Composição"," 92543 ","SINAPI","TRAMA DE MADEIRA COMPOSTA POR TERÇAS PARA TELHADOS DE ATÉ 2 ÁGUAS PARA TELHA ONDULADA DE FIBROCIMENTO, METÁLICA, PLÁSTICA OU TERMOACÚSTICA, INCLUSO TRANSPORTE VERTICAL. AF_07/2019","COBE - COBERTURA",null,"m²",1,25.88,25.88]
["Composição Auxiliar"," 93281 ","SINAPI","GUINCHO ELÉTRICO DE COLUNA, CAPACIDADE 400 KG, COM MOTO FREIO, MOTOR TRIFÁSICO DE 1,25 CV - CHP DIURNO. AF_03/2016","CHOR - CUSTOS HORÁRIOS DE MÁQUINAS E EQUIPAMENTOS",null,"CHP",4.5999999999999999E-3,17.399999999999999,0.08]
["Composição Auxiliar"," 93282 ","SINAPI","GUINCHO ELÉTRICO DE COLUNA, CAPACIDADE 400 KG, COM MOTO FREIO, MOTOR TRIFÁSICO DE 1,25 CV - CHI DIURNO. AF_03/2016","CHOR - CUSTOS HORÁRIOS DE MÁQUINAS E EQUIPAMENTOS",null,"CHI",6.4000000000000003E-3,16.54,0.1]
["Composição Auxiliar"," 88239 ","SINAPI","AJUDANTE DE CARPINTEIRO COM ENCARGOS COMPLEMENTARES","SEDI - SERVIÇOS DIVERSOS",null,"H",6.5000000000000002E-2,16.52,1.07]
["Composição Auxiliar"," 88262 ","SINAPI","CARPINTEIRO DE FORMAS COM ENCARGOS COMPLEMENTARES","SEDI - SERVIÇOS DIVERSOS",null,"H",0.11799999999999999,21.08,2.48]
["Insumo"," 00040568 ","SINAPI","PREGO DE ACO POLIDO COM CABECA 22 X 48 (4 1/4 X 5)","Material",null,"KG",0.03,23.57,0.7]
["Insumo"," 00004425 ","SINAPI","VIGA NAO APARELHADA  *6 X 12* CM, EM MACARANDUBA, ANGELIM OU EQUIVALENTE DA REGIAO - BRUTA","Material",null,"M",0.63400000000000001,33.840000000000003,21.45]
[{"$nulls":4},"MO sem LS =>",3.13,"LS =>",0,"MO com LS =>",3.13]
[{"$nulls":4},"Valor do BDI =>",6.27,null,"Valor com BDI =>",null,32.15]
[]
[null,"Código","Banco","Descrição","Tipo",null,"Und","Quant.","Valor Unit","Total"]
["Composição"," 89714 ","SINAPI","TUBO PVC, SERIE NORMAL, ESGOTO PREDIAL, DN 100 MM, FORNECIDO E INSTALADO EM RAMAL DE DESCARGA OU RAMAL DE ESGOTO SANITÁRIO. AF_12/2014","INHI - INSTALAÇÕES HIDROS SANITÁRIAS",null,"M",1,52.82,52.82]
["Composição Auxiliar"," 88248 ","SINAPI","AUXILIAR DE ENCANADOR OU BOMBEIRO HIDRÁULICO COM ENCARGOS COMPLEMENTARES","SEDI - SERVIÇOS DIVERSOS",null,"H",0.74,16.11,11.92]
["Composição Auxiliar"," 88267 ","SINAPI","ENCANADOR OU BOMBEIRO HIDRÁULICO COM ENCARGOS COMPLEMENTARES","SEDI - SERVIÇOS DIVERSOS",null,"H",0.74,20.73,15.34]
["Insumo"," 00000122 ","SINAPI","ADESIVO PLASTICO PARA PVC, FRASCO COM *850* GR","Material",null,"UN",3.6299999999999999E-2,60.63,2.2000000000000002]
["Insumo"," 00038383 ","SINAPI","LIXA D'AGUA EM FOLHA, GRAO 100","Material",null,"UN",0.247,1.95,0.48]
["Insumo"," 00020083 ","SINAPI","SOLUCAO PREPARADORA / LIMPADORA PARA PVC, FRASCO COM 1000 CM3","Material",null,"UN",5.9299999999999999E-2,68.69,4.07]
["Insumo"," 00009836 ","SINAPI","TUBO PVC  SERIE NORMAL, DN 100 MM, PARA ESGOTO  PREDIAL (NBR 5688)","Material",null,"M",1.05,17.920000000000002,18.809999999999999]
[{"$nulls":4},"MO sem LS =>",23.32,"LS =>",0,"MO com LS =>",23.32]
[{"$nulls":4},"Valor do BDI =>",12.79,null,"Valor com BDI =>",null,65.61]
[]
[null,"Código","Banco","Descrição","Tipo",null,"Und","Quant.","Valor Unit","Total"]
["Composição"," 89711 ","SINAPI","TUBO PVC, SERIE NORMAL, ESGOTO PREDIAL, DN 40 MM, FORNECIDO E INSTALADO EM RAMAL DE DESCARGA OU RAMAL DE ESGOTO SANITÁRIO. AF_12/2014","INHI - INSTALAÇÕES HIDROS SANITÁRIAS",null,"M",1,18.010000000000002,18.010000000000002]
["Composição Auxiliar"," 88248 ","SINAPI","AUXILIAR DE ENCANADOR OU BOMBEIRO HIDRÁULICO COM ENCARGOS COMPLEMENTARES","SEDI - SERVIÇOS DIVERSOS",null,"H",0.3,16.11,4.83]
["Composição Auxiliar"," 88267 ","SINAPI","ENCANADOR OU BOMBEIRO HIDRÁULICO COM ENCARGOS COMPLEMENTARES","SEDI - SERVIÇOS DIVERSOS",null,"H",0.3,20.73,6.21]
["Insumo"," 00038383 ","SINAPI","LIXA D'AGUA EM FOLHA, GRAO 100","Material",null,"UN",0.1,1.95,0.19]
["Insumo"," 00009835 ","SINAPI","TUBO PVC  SERIE NORMAL, DN 40 MM, PARA ESGOTO  PREDIAL (NBR 5688)","Material",null,"M",1.05,6.46,6.78]
[{"$nulls":4},"MO sem LS =>",9.4499999999999993,"LS =>",0,"MO com LS =>",9.4499999999999993]
[{"$nulls":4},"Valor do BDI =>",4.3600000000000003,null,"Valor com BDI =>",null,22.37]
[]
[null,"Código","Banco","Descrição","Tipo",null,"Und","Quant.","Valor Unit","Total"]
["Composição"," 89712 ","SINAPI","TUBO PVC, SERIE NORMAL, ESGOTO PREDIAL, DN 50 MM, FORNECIDO E INSTALADO EM RAMAL DE DESCARGA OU RAMAL DE ESGOTO SANITÁRIO. AF_12/2014","INHI - INSTALAÇÕES HIDROS SANITÁRIAS",null,"M",1,27.54,27.54]
["Composição Auxiliar"," 88248 ","SINAPI","AUXILIAR DE ENCANADOR OU BOMBEIRO HIDRÁULICO COM ENCARGOS COMPLEMENTARES","SEDI - SERVIÇOS DIVERSOS",null,"H",0.38,16.11,6.12]
["Composição Auxiliar"," 88267 ","SINAPI","ENCANADOR OU BOMBEIRO HIDRÁULICO COM ENCARGOS COMPLEMENTARES","SEDI - SERVIÇOS DIVERSOS",null,"H",0.38,20.73,7.87]
["Insumo"," 00000122 ","SINAPI","ADESIVO PLASTICO PARA PVC, FRASCO COM *850* GR","Material",null,"UN",1.0800000000000001E-2,60.63,0.65]
["Insumo"," 00038383 ","SINAPI","LIXA D'AGUA EM FOLHA, GRAO 100","Material",null,"UN",0.127,1.95,0.24]
["Insumo"," 00020083 ","SINAPI","SOLUCAO PREPARADORA / LIMPADORA PARA PVC, FRASCO COM 1000 CM3","Material",null,"UN",1.6299999999999999E-2,68.69,1.1100000000000001]
["Insumo"," 00009838 ","SINAPI","TUBO PVC SERIE NORMAL, DN 50 MM, PARA ESGOTO PREDIAL (NBR 5688)","Material",null,"M",1.05,11,11.55]
[{"$nulls":4},"MO sem LS =>",11.97,"LS =>",0,"MO com LS =>",11.97]
[{"$nulls":4},"Valor do BDI =>",6.67,null,"Valor com BDI =>",null,34.21]
[]
[null,"Código","Banco","Descrição","Tipo",null,"Und","Quant.","Valor Unit","Total"]
["Composição"," 89356 ","SINAPI","TUBO, PVC, SOLDÁVEL, DN 25MM, INSTALADO EM RAMAL OU SUB-RAMAL DE ÁGUA - FORNECIMENTO E INSTALAÇÃO. AF_12/2014","INHI - INSTALAÇÕES HIDROS SANITÁRIAS",null,"M",1,18.93,18.93]
["Composição Auxiliar"," 88248 ","SINAPI","AUXILIAR DE ENCANADOR OU BOMBEIRO HIDRÁULICO COM ENCARGOS COMPLEMENTARES","SEDI - SERVIÇOS DIVERSOS",null,"H",0.36899999999999999,16.11,5.94]
["Composição Auxiliar"," 88267 ","SINAPI","ENCANADOR OU BOMBEIRO HIDRÁULICO COM ENCARGOS COMPLEMENTARES","SEDI - SERVIÇOS DIVERSOS",null,"H",0.36899999999999999,20.73,7.64]
["Insumo"," 00038383 ","SINAPI","LIXA D'AGUA EM FOLHA, GRAO 100","Material",null,"UN",0.123,1.95,0.23]
["Insumo"," 00009868 ","SINAPI","TUBO PVC, SOLDAVEL, DN 25 MM, AGUA FRIA (NBR-5648)","Material",null,"M",1.0609999999999999,4.83,5.12]
[{"$nulls":4},"MO sem LS =>",11.62,"LS =>",0,"MO com LS =>",11.62]
[{"$nulls":4},"Valor do BDI =>",4.58,null,"Valor com BDI =>",null,23.51]
[]
[null,"Código","Banco","Descrição","Tipo",null,"Und","Quant.","Valor Unit","Total"]
["Composição"," 5914374 ","SICRO3","Transporte com caminhão basculante de 10 m³ - rodovia em revestimento primário","",null,"tkm",1,0.82,0.82]
["A","Código","Banco","Equipamentos","Quantidade","Utilização",null,"Custo Operacional",null,"Custo Horário"]
[{"$nulls":5},"Operativa","Improdutiva","Operativa","Improdutiva"]
["Insumo","E9579","SICRO3","Caminhão basculante com capacidade de 10 m³ - 188 kW",1,1,0,248.8699,72.988900000000001,248.8699]
[{"$nulls":6},"Custo Horário de Equipamentos =>",null,null,248.8699]
[{"$nulls":6},"Custo Horário de Execução =>",null,null,248.8699]
[{"$nulls":6},"Fator de Influencia da Chuva - FIC =>",null,null,2.6599999999999999E-2]
[{"$nulls":6},"Custo do FIC =>",null,null,2.1299999999999999E-2]
[{"$nulls":6},"Produção de Equipe =>",null,null,311.25]
[{"$nulls":6},"Custo Unitário de Execução =>",null,null,0.79959999999999998]
[{"$nulls":4},"MO sem LS =>",0,"LS =>",0,"MO com LS =>",0]
[{"$nulls":4},"Valor do BDI =>",0.19,null,"Valor com BDI =>",null,1.01]
[]
[null,"Código","Banco","Descrição","Tipo",null,"Und","Quant.","Valor Unit","Total"]
["Composição"," 5914539 ","SICRO3","Transporte com caminhão betoneira - rodovia em leito natural","",null,"tkm",1,0.88,0.88]
["A","Código","Banco","Equipamentos","Quantidade","Utilização",null,"Custo Operacional",null,"Custo Horário"]
[{"$nulls":5},"Operativa","Improdutiva","Operativa","Improdutiva"]
["Insumo","E9600","SICRO3","Caminhão betoneira com capacidade de 8 m³ - 188 kW",1,1,0,272.52609999999999,87.536000000000001,272.52609999999999]
[{"$nulls":6},"Custo Horário de Equipamentos =>",null,null,272.52609999999999]
[{"$nulls":6},"Custo Horário de Execução =>",null,null,272.52609999999999]
[{"$nulls":6},"Fator de Influencia da Chuva - FIC =>",null,null,2.6599999999999999E-2]
[{"$nulls":6},"Custo do FIC =>",null,null,2.2800000000000001E-2]
[{"$nulls":6},"Produção de Equipe =>",null,null,318.72000000000003]
[{"$nulls":6},"Custo Unitário de Execução =>",null,null,0.85509999999999997]
[{"$nulls":4},"MO sem LS =>",0,"LS =>",0,"MO com LS =>",0]
[{"$nulls":4},"Valor do BDI =>",0.21,null,"Valor com BDI =>",null,1.0900000000000001]
[]
[null,"Código","Banco","Descrição","Tipo",null,"Und","Quant.","Valor Unit","Total"]
["Composição"," 5914554 ","SICRO3","Transporte com caminhão betoneira - rodovia em revestimento primário","",null,"tkm",1,0.7,0.7]
["A","Código","Banco","Equipamentos","Quantidade","Utilização",null,"Custo Operacional",null,"Custo Horário"]
[{"$nulls":5},"Operativa","Improdutiva","Operativa","Improdutiva"]
["Insumo","E9600","SICRO3","Caminhão betoneira com capacidade de 8 m³ - 188 kW",1,1,0,272.52609999999999,87.536000000000001,272.52609999999999]
[{"$nulls":6},"Custo Horário de Equipamentos =>",null,null,272.52609999999999]
[{"$nulls":6},"Custo Horário de Execução =>",null,null,272.52609999999999]
[{"$nulls":6},"Fator de Influencia da Chuva - FIC =>",null,null,2.6599999999999999E-2]
[{"$nulls":6},"Custo do FIC =>",null,null,1.8200000000000001E-2]
[{"$nulls":6},"Produção de Equipe =>",null,null,398.4]
[{"$nulls":6},"Custo Unitário de Execução =>",null,null,0.68410000000000004]
[{"$nulls":4},"MO sem LS =>",0,"LS =>",0,"MO com LS =>",0]
[{"$nulls":4},"Valor do BDI =>",0.16,null,"Valor com BDI =>",null,0.86]
[]
[null,"Código","Banco","Descrição","Tipo",null,"Und","Quant.","Valor Unit","Total"]
["Composição"," 5914569 ","SICRO3","Transporte com caminhão betoneira - rodovia pavimentada","",null,"tkm",1,0.56999999999999995,0.56999999999999995]
["A","Código","Banco","Equipamentos","Quantidade","Utilização",null,"Custo Operacional",null,"Custo Horário"]
[{"$nulls":5},"Operativa","Improdutiva","Operativa","Improdutiva"]
["Insumo","E9600","SICRO3","Caminhão betoneira com capacidade de 8 m³ - 188 kW",1,1,0,272.52609999999999,87.536000000000001,272.52609999999999]
[{"$nulls":6},"Custo Horário de Equipamentos =>",null,null,272.52609999999999]
[{"$nulls":6},"Custo Horário de Execução =>",null,null,272.52609999999999]
[{"$nulls":6},"Fator de Influencia da Chuva - FIC =>",null,null,0]
[{"$nulls":6},"Custo do FIC =>",null,null,0]
[{"$nulls":6},"Produção de Equipe =>",null,null,478.08]
[{"$nulls":6},"Custo Unitário de Execução =>",null,null,0.56999999999999995]
[{"$nulls":4},"MO sem LS =>",0,"LS =>",0,"MO com LS =>",0]
[{"$nulls":4},"Valor do BDI =>",0.13,null,"Valor com BDI =>",null,0.7]
[]
[null,"Código","Banco","Descrição","Tipo",null,"Und","Quant.","Valor Unit","Total"]
["Composição"," 5915012 ","SICRO3","Transporte com caminhão carroceria com capacidade de 11 t e com guindauto de 45 t.m - rodovia em leito natural","",null,"tkm",1,2.0299999999999998,2.0299999999999998]
["A","Código","Banco","Equipamentos","Quantidade","Utilização",null,"Custo Operacional",null,"Custo Horário"]
[{"$nulls":5},"Operativa","Improdutiva","Operativa","Improdutiva"]
["Insumo","E9041","SICRO3","Caminhão carroceria com guindauto com capacidade de 45 t.m - 188 kW",1,1,0,371.10169999999999,127.6996,371.10169999999999]
[{"$nulls":6},"Custo Horário de Equipamentos =>",null,null,371.10169999999999]
[{"$nulls":6},"Custo Horário de Execução =>",null,null,371.10169999999999]
[{"$nulls":6},"Fator de Influencia da Chuva - FIC =>",null,null,2.6599999999999999E-2]
[{"$nulls":6},"Custo do FIC =>",null,null,5.2600000000000001E-2]
[{"$nulls":6},"Produção de Equipe =>",null,null,187.91]
[{"$nulls":6},"Custo Unitário de Execução =>",null,null,1.9749000000000001]
[{"$nulls":4},"MO sem LS =>",0,"LS =>",0,"MO com LS =>",0]
[{"$nulls":4},"Valor do BDI =>",0.49,null,"Valor com BDI =>",null,2.52]
[]
[null,"Código","Banco","Descrição","Tipo",null,"Und","Quant.","Valor Unit","Total"]
["Composição"," 5915013 ","SICRO3","Transporte com caminhão carroceria com capacidade de 11 t e com guindauto de 45 t.m - rodovia em revestimento primário","",null,"tkm",1,1.62,1.62]
["A","Código","Banco","Equipamentos","Quantidade","Utilização",null,"Custo Operacional",null,"Custo Horário"]
[{"$nulls":5},"Operativa","Improdutiva","Operativa","Improdutiva"]
["Insumo","E9041","SICRO3","Caminhão carroceria com guindauto com capacidade de 45 t.m - 188 kW",1,1,0,371.10169999999999,127.6996,371.10169999999999]
[{"$nulls":6},"Custo Horário de Equipamentos =>",null,null,371.10169999999999]
[{"$nulls":6},"Custo Horário de Execução =>",null,null,371.10169999999999]
[{"$nulls":6},"Fator de Influencia da Chuva - FIC =>",null,null,2.6599999999999999E-2]
[{"$nulls":6},"Custo do FIC =>",null,null,4.2099999999999999E-2]
[{"$nulls":6},"Produção de Equipe =>",null,null,234.89]
[{"$nulls":6},"Custo Unitário de Execução =>",null,null,1.5799000000000001]
[{"$nulls":4},"MO sem LS =>",0,"LS =>",0,"MO com LS =>",0]
[{"$nulls":4},"Valor do BDI =>",0.39,null,"Valor com BDI =>",null,2.0099999999999998]
[]
[null,"Código","Banco","Descrição","Tipo",null,"Und","Quant.","Valor Unit","Total"]
["Composição"," 5915014 ","SICRO3","Transporte com caminhão carroceria com capacidade de 11 t e com guindauto de 45 t.m - rodovia pavimentada","",null,"tkm",1,1.32,1.32]
["A","Código","Banco","Equipamentos","Quantidade","Utilização",null,"Custo Operacional",null,"Custo Horário"]
[{"$nulls":5},"Operativa","Improdutiva","Operativa","Improdutiva"]
["Insumo","E9041","SICRO3","Caminhão carroceria com guindauto com capacidade de 45 t.m - 188 kW",1,1,0,371.10169999999999,127.6996,371.10169999999999]
[{"$nulls":6},"Custo Horário de Equipamentos =>",null,null,371.10169999999999]
[{"$nulls":6},"Custo Horário de Execução =>",null,null,371.10169999999999]
[{"$nulls":6},"Fator de Influencia da Chuva - FIC =>",null,null,0]
[{"$nulls":6},"Custo do FIC =>",null,null,0]
[{"$nulls":6},"Produção de Equipe =>",null,null,281.87]
[{"$nulls":6},"Custo Unitário de Execução =>",null,null,1.3166]
[{"$nulls":4},"MO sem LS =>",0,"LS =>",0,"MO com LS =>",0]
[{"$nulls":4},"Valor do BDI =>",0.31,null,"Valor com BDI =>",null,1.63]
[]
[null,"Código","Banco","Descrição","Tipo",null,"Und","Quant.","Valor Unit","Total"]
["Composição"," 5914449 ","SICRO3","Transporte com caminhão carroceria de 15 t - rodovia em leito natural","",null,"tkm",1,1.02,1.02]
["A","Código","Banco","Equipamentos","Quantidade","Utilização",null,"Custo Operacional",null,"Custo Horário"]
[{"$nulls":5},"Operativa","Improdutiva","Operativa","Improdutiva"]
["Insumo","E9592","SICRO3","Caminhão carroceria com capacidade de 15 t - 188 kW",1,1,0,247.6472,72.479299999999995,247.6472]
[{"$nulls":6},"Custo Horário de Equipamentos =>",null,null,247.6472]
[{"$nulls":6},"Custo Horário de Execução =>",null,null,247.6472]
[{"$nulls":6},"Fator de Influencia da Chuva - FIC =>",null,null,2.6599999999999999E-2]
[{"$nulls":6},"Custo do FIC =>",null,null,2.6499999999999999E-2]
[{"$nulls":6},"Produção de Equipe =>",null,null,248.59]
[{"$nulls":6},"Custo Unitário de Execução =>",null,null,0.99619999999999997]
[{"$nulls":4},"MO sem LS =>",0,"LS =>",0,"MO com LS =>",0]
[{"$nulls":4},"Valor do BDI =>",0.24,null,"Valor com BDI =>",null,1.26]
[]
[null,"Código","Banco","Descrição","Tipo",null,"Und","Quant.","Valor Unit","Total"]
["Composição"," 5914464 ","SICRO3","Transporte com caminhão carroceria de 15 t - rodovia em revestimento primário","",null,"tkm",1,0.82,0.82]
["A","Código","Banco","Equipamentos","Quantidade","Utilização",null,"Custo Operacional",null,"Custo Horário"]
[{"$nulls":5},"Operativa","Improdutiva","Operativa","Improdutiva"]
["Insumo","E9592","SICRO3","Caminhão carroceria com capacidade de 15 t - 188 kW",1,1,0,247.6472,72.479299999999995,247.6472]
[{"$nulls":6},"Custo Horário de Equipamentos =>",null,null,247.6472]
[{"$nulls":6},"Custo Horário de Execução =>",null,null,247.6472]
[{"$nulls":6},"Fator de Influencia da Chuva - FIC =>",null,null,2.6599999999999999E-2]
[{"$nulls":6},"Custo do FIC =>",null,null,2.12E-2]
[{"$nulls":6},"Produção de Equipe =>",null,null,310.73]
[{"$nulls":6},"Custo Unitário de Execução =>",null,null,0.79700000000000004]
[{"$nulls":4},"MO sem LS =>",0,"LS =>",0,"MO com LS =>",0]
[{"$nulls":4},"Valor do BDI =>",0.19,null,"Valor com BDI =>",null,1.01]
[]
[null,"Código","Banco","Descrição","Tipo",null,"Und","Quant.","Valor Unit","Total"]
["Composição"," 5914364 ","SICRO3","Transporte de cimento a granel com caminhão silo de 30 m³ - rodovia em leito natural","",null,"tkm",1,0.84,0.84]
["A","Código","Banco","Equipamentos","Quantidade","Utilização",null,"Custo Operacional",null,"Custo Horário"]
[{"$nulls":5},"Operativa","Improdutiva","Operativa","Improdutiva"]
["Insumo","E9146","SICRO3","Caminhão silo com capacidade de 30 m³ - 265 kW",1,1,0,423.02800000000002,102.9504,423.02800000000002]
[{"$nulls":6},"Custo Horário de Equipamentos =>",null,null,423.02800000000002]
[{"$nulls":6},"Custo Horário de Execução =>",null,null,423.02800000000002]
[{"$nulls":6},"Fator de Influencia da Chuva - FIC =>",null,null,2.6599999999999999E-2]
[{"$nulls":6},"Custo do FIC =>",null,null,2.1700000000000001E-2]
[{"$nulls":6},"Produção de Equipe =>",null,null,519.41]
[{"$nulls":6},"Custo Unitário de Execução =>",null,null,0.81440000000000001]
[{"$nulls":4},"MO sem LS =>",0,"LS =>",0,"MO com LS =>",0]
[{"$nulls":4},"Valor do BDI =>",0.2,null,"Valor com BDI =>",null,1.04]
[]
[null,"Código","Banco","Descrição","Tipo",null,"Und","Quant.","Valor Unit","Total"]
["Composição"," 5914365 ","SICRO3","Transporte de cimento a granel com caminhão silo de 30 m³ - rodovia em revestimento primário","",null,"tkm",1,0.67,0.67]
["A","Código","Banco","Equipamentos","Quantidade","Utilização",null,"Custo Operacional",null,"Custo Horário"]
[{"$nulls":5},"Operativa","Improdutiva","Operativa","Improdutiva"]
["Insumo","E9146","SICRO3","Caminhão silo com capacidade de 30 m³ - 265 kW",1,1,0,423.02800000000002,102.9504,423.02800000000002]
[{"$nulls":6},"Custo Horário de Equipamentos =>",null,null,423.02800000000002]
[{"$nulls":6},"Custo Horário de Execução =>",null,null,423.02800000000002]
[{"$nulls":6},"Fator de Influencia da Chuva - FIC =>",null,null,2.6599999999999999E-2]
[{"$nulls":6},"Custo do FIC =>",null,null,1.7299999999999999E-2]
[{"$nulls":6},"Produção de Equipe =>",null,null,649.27]
[{"$nulls":6},"Custo Unitário de Execução =>",null,null,0.65149999999999997]
[{"$nulls":4},"MO sem LS =>",0,"LS =>",0,"MO com LS =>",0]
[{"$nulls":4},"Valor do BDI =>",0.16,null,"Valor com BDI =>",null,0.83]
[]
[null,"Código","Banco","Descrição","Tipo",null,"Und","Quant.","Valor Unit","Total"]
["Composição"," 5914366 ","SICRO3","Transporte de cimento a granel com caminhão silo de 30 m³ - rodovia pavimentada","",null,"tkm",1,0.54,0.54]
["A","Código","Banco","Equipamentos","Quantidade","Utilização",null,"Custo Operacional",null,"Custo Horário"]
[{"$nulls":5},"Operativa","Improdutiva","Operativa","Improdutiva"]
["Insumo","E9146","SICRO3","Caminhão silo com capacidade de 30 m³ - 265 kW",1,1,0,423.02800000000002,102.9504,423.02800000000002]
[{"$nulls":6},"Custo Horário de Equipamentos =>",null,null,423.02800000000002]
[{"$nulls":6},"Custo Horário de Execução =>",null,null,423.02800000000002]
[{"$nulls":6},"Fator de Influencia da Chuva - FIC =>",null,null,0]
[{"$nulls":6},"Custo do FIC =>",null,null,0]
[{"$nulls":6},"Produção de Equipe =>",null,null,779.12]
[{"$nulls":6},"Custo Unitário de Execução =>",null,null,0.54300000000000004]
[{"$nulls":4},"MO sem LS =>",0,"LS =>",0,"MO com LS =>",0]
[{"$nulls":4},"Valor do BDI =>",0.13,null,"Valor com BDI =>",null,0.67]
[]
[null,"Código","Banco","Descrição","Tipo",null,"Und","Quant.","Valor Unit","Total"]
["Composição"," 6416078 ","SICRO3","Usinagem de concreto asfáltico - faixa C - areia e brita comerciais","",null,"t",1,148.44999999999999,148.44999999999999]
["A","Código","Banco","Equipamentos","Quantidade","Utilização",null,"Custo Operacional",null,"Custo Horário"]
[{"$nulls":5},"Operativa","Improdutiva","Operativa","Improdutiva"]
["Insumo","E9559","SICRO3","Aquecedor de fluido térmico - 12 kW",1,1,0,75.149699999999996,43.867600000000003,75.149699999999996]
["Insumo","E9584","SICRO3","Carregadeira de pneus com capacidade de 1,72 m³ - 113 kW",1,0.8,0.2,169.67580000000001,81.939800000000005,152.12860000000001]
["Insumo","E9021","SICRO3","Grupo gerador - 456 kVA",1,1,0,377.69920000000002,21.968900000000001,377.69920000000002]
["Insumo","E9558","SICRO3","Tanque de estocagem de asfalto com capacidade de 30.000 l",2,1,0,58.642800000000001,40.057299999999998,117.2856]
["Insumo","E9689","SICRO3","Usina de asfalto a quente gravimétrica com capacidade de 100/140 t/h - 260 kW",1,1,0,1061.9774,561.56179999999995,1061.9774]
[{"$nulls":6},"Custo Horário de Equipamentos =>",null,null,1784.2405000000001]
["B","Código","Banco","Mão de Obra","Quantidade","Salário Hora",null,null,null,"Custo Horário"]
["Insumo","P9824","SICRO3","Servente",4,null,null,null,17.772500000000001,71.09]
[{"$nulls":6},"Custo Horário da Mão de Obra =>",null,null,71.09]
[{"$nulls":6},"Adc.M.O. - Ferramentas (0,0%) =>",null,null,0]
[{"$nulls":6},"Custo Horário de Execução =>",null,null,1855.3305]
[{"$nulls":6},"Fator de Influencia da Chuva - FIC =>",null,null,0]
[{"$nulls":6},"Custo do FIC =>",null,null,0]
[{"$nulls":6},"Produção de Equipe =>",null,null,99.6]
[{"$nulls":6},"Custo Unitário de Execução =>",null,null,18.627800000000001]
["C","Banco","Código","Material","Quantidade","Unidade","Preço Unitário",null,null,"Custo Horário"]
["Insumo","SICRO3","M0028","Areia média",0.32474999999999998,"m³",81.406499999999994,null,null,26.436800000000002]
["Insumo","SICRO3","M0005","Brita 0",6.2449999999999999E-2,"m³",139.858,null,null,8.7340999999999998]
["Insumo","SICRO3","M0191","Brita 1",6.2449999999999999E-2,"m³",125.554,null,null,7.8407999999999998]
["Insumo","SICRO3","M0344","Cal hidratada - a granel",56.2,"kg",0.43669999999999998,null,null,24.5425]
["Insumo","SICRO3","M1943","Cimento asfáltico de petróleo - CAP 50/70",6.3229999999999995E-2,"t",1E-3,null,null,1E-4]
["Insumo","SICRO3","M1941","Óleo tipo A1",8,"l",5.1536,null,null,41.2288]
["Insumo","SICRO3","M1103","Pedrisco",0.13739000000000001,"m³",137.07689999999999,null,null,18.832999999999998]
[{"$nulls":6},"Custo Total do Material =>",null,null,127.6161]
["E","Banco","Insumo","Tempos Fixos","Código","Quantidade","Unidade","Preço Unitário",null,"Custo Horário"]
["Tempo Fixo","SICRO3","M0028","Carga, manobra e descarga de agregados ou solos em caminhão basculante de 10 m³ - carga com carregadeira de 3,40 m³(exclusa) e descarga livre",5914647,0.48713000000000001,"t",1.47,null,0.71609999999999996]
["Tempo Fixo","SICRO3","M0005","Carga, manobra e descarga de agregados ou solos em caminhão basculante de 10 m³ - carga com carregadeira de 3,40 m³(exclusa) e descarga livre",5914647,9.3679999999999999E-2,"t",1.47,null,0.13769999999999999]
["Tempo Fixo","SICRO3","M0191","Carga, manobra e descarga de agregados ou solos em caminhão basculante de 10 m³ - carga com carregadeira de 3,40 m³(exclusa) e descarga livre",5914647,9.3679999999999999E-2,"t",1.47,null,0.13769999999999999]
["Tempo Fixo","SICRO3","M0344","Carga, manobra e descarga de cimento a granel em caminhão silo de 30 m³",5914363,5.62E-2,"t",16.29,null,0.91549999999999998]
["Tempo Fixo","SICRO3","M1103","Carga, manobra e descarga de agregados ou solos em caminhão basculante de 10 m³ - carga com carregadeira de 3,40 m³(exclusa) e descarga livre",5914647,0.20609,"t",1.47,null,0.30299999999999999]
[{"$nulls":6},"Custo Total dos Tempos Fixos =>",null,null,2.21]
["F","Banco","Insumo","Momento de Transporte","Quantidade","Unidade","Distância Média de Transporte (DMT)",null,null,"Custo Horário"]
[{"$nulls":6},"LN","RP","P"]
["Momento de Transporte","SICRO3","M0028","Areia média - Caminhão basculante com capacidade de 10 m³ - 188 kW",0.48713000000000001,"tkm","5914359\n0,000\nR$  1,03","5914374\n0,000\nR$  0,82","5914389\n0,000\nR$  0,67",0]
["Momento de Transporte","SICRO3","M0005","Brita 0 - Caminhão basculante com capacidade de 10 m³ - 188 kW",9.3679999999999999E-2,"tkm","5914359\n0,000\nR$  1,03","5914374\n0,000\nR$  0,82","5914389\n0,000\nR$  0,67",0]
["Momento de Transporte","SICRO3","M0191","Brita 1 - Caminhão basculante com capacidade de 10 m³ - 188 kW",9.3679999999999999E-2,"tkm","5914359\n0,000\nR$  1,03","5914374\n0,000\nR$  0,82","5914389\n0,000\nR$  0,67",0]
["Momento de Transporte","SICRO3","M0344","Cal hidratada - a granel - Caminhão silo com capacidade de 30 m³ - 265 kW",5.62E-2,"tkm","5914364\n0,000\nR$  0,84","5914365\n0,000\nR$  0,67","5914366\n0,000\nR$  0,54",0]
["Momento de Transporte","SICRO3","M1103","Pedrisco - Caminhão basculante com capacidade de 10 m³ - 188 kW",0.20609,"tkm","5914359\n0,000\nR$  1,03","5914374\n0,000\nR$  0,82","5914389\n0,000\nR$  0,67",0]
[{"$nulls":6},"Custo total dos Momentos de Transportes =>",null,null,0]
[{"$nulls":4},"MO sem LS =>",0.71375502008032132,"LS =>",0,"MO com LS =>",0.71375502008032132]
[{"$nulls":4},"Valor do BDI =>",35.96,null,"Valor com BDI =>",null,184.41]
[]
[null,"Código","Banco","Descrição","Tipo",null,"Und","Quant.","Valor Unit","Total"]
["Composição"," 86888 ","SINAPI","VASO SANITÁRIO SIFONADO COM CAIXA ACOPLADA LOUÇA BRANCA - FORNECIMENTO E INSTALAÇÃO. AF_01/2020","INHI - INSTALAÇÕES HIDROS SANITÁRIAS",null,"UN",1,437.05,437.05]
["Composição Auxiliar"," 88316 ","SINAPI","SERVENTE COM ENCARGOS COMPLEMENTARES","SEDI - SERVIÇOS DIVERSOS",null,"H",0.43840000000000001,15.9,6.97]
["Composição Auxiliar"," 88267 ","SINAPI","ENCANADOR OU BOMBEIRO HIDRÁULICO COM ENCARGOS COMPLEMENTARES","SEDI - SERVIÇOS DIVERSOS",null,"H",0.77910000000000001,20.73,16.149999999999999]
["Insumo"," 00006138 ","SINAPI","ANEL DE VEDACAO, PVC FLEXIVEL, 100 MM, PARA SAIDA DE BACIA / VASO SANITARIO","Material",null,"UN",1,12.39,12.39]
["Insumo"," 00010422 ","SINAPI","BACIA SANITARIA (VASO) COM CAIXA ACOPLADA, SIFAO APARENTE, DE LOUCA BRANCA (SEM ASSENTO)","Material",null,"UN",1,342.34,342.34]
["Insumo"," 00004384 ","SINAPI","PARAFUSO NIQUELADO COM ACABAMENTO CROMADO PARA FIXAR PECA SANITARIA, INCLUI PORCA CEGA, ARRUELA E BUCHA DE NYLON TAMANHO S-10","Material",null,"UN",2,24.21,48.42]
["Insumo"," 00037329 ","SINAPI","REJUNTE EPOXI, QUALQUER COR","Material",null,"KG",8.8099999999999998E-2,122.43,10.78]
[{"$nulls":4},"MO sem LS =>",19.670000000000002,"LS =>",0,"MO com LS =>",19.670000000000002]
[{"$nulls":4},"Valor do BDI =>",105.89,null,"Valor com BDI =>",null,542.94000000000005]
[]
[null,"Código","Banco","Descrição","Tipo",null,"Und","Quant.","Valor Unit","Total"]
["Composição"," 90587 ","SINAPI","VIBRADOR DE IMERSÃO, DIÂMETRO DE PONTEIRA 45MM, MOTOR ELÉTRICO TRIFÁSICO POTÊNCIA DE 2 CV - CHI DIURNO. AF_06/2015","CHOR - CUSTOS HORÁRIOS DE MÁQUINAS E EQUIPAMENTOS",null,"CHI",1,0.56000000000000005,0.56000000000000005]
["Composição Auxiliar"," 90583 ","SINAPI","VIBRADOR DE IMERSÃO, DIÂMETRO DE PONTEIRA 45MM, MOTOR ELÉTRICO TRIFÁSICO POTÊNCIA DE 2 CV - JUROS. AF_06/2015","CHOR - CUSTOS HORÁRIOS DE MÁQUINAS E EQUIPAMENTOS",null,"H",1,0.06,0.06]
["Composição Auxiliar"," 90582 ","SINAPI","VIBRADOR DE IMERSÃO, DIÂMETRO DE PONTEIRA 45MM, MOTOR ELÉTRICO TRIFÁSICO POTÊNCIA DE 2 CV - DEPRECIAÇÃO. AF_06/2015","CHOR - CUSTOS HORÁRIOS DE MÁQUINAS E EQUIPAMENTOS",null,"H",1,0.5,0.5]
[{"$nulls":4},"MO sem LS =>",0,"LS =>",0,"MO com LS =>",0]
[{"$nulls":4},"Valor do BDI =>",0.13,null,"Valor com BDI =>",null,0.69]
[]
[null,"Código","Banco","Descrição","Tipo",null,"Und","Quant.","Valor Unit","Total"]
["Composição"," 90586 ","SINAPI","VIBRADOR DE IMERSÃO, DIÂMETRO DE PONTEIRA 45MM, MOTOR ELÉTRICO TRIFÁSICO POTÊNCIA DE 2 CV - CHP DIURNO. AF_06/2015","CHOR - CUSTOS HORÁRIOS DE MÁQUINAS E EQUIPAMENTOS",null,"CHP",1,1.33,1.33]
["Composição Auxiliar"," 90584 ","SINAPI","VIBRADOR DE IMERSÃO, DIÂMETRO DE PONTEIRA 45MM, MOTOR ELÉTRICO TRIFÁSICO POTÊNCIA DE 2 CV - MANUTENÇÃO. AF_06/2015","CHOR - CUSTOS HORÁRIOS DE MÁQUINAS E EQUIPAMENTOS",null,"H",1,0.39,0.39]
["Composição Auxiliar"," 90585 ","SINAPI","VIBRADOR DE IMERSÃO, DIÂMETRO DE PONTEIRA 45MM, MOTOR ELÉTRICO TRIFÁSICO POTÊNCIA DE 2 CV - MATERIAIS NA OPERAÇÃO. AF_06/2015","CHOR - CUSTOS HORÁRIOS DE MÁQUINAS E EQUIPAMENTOS",null,"H",1,0.38,0.38]
["Composição Auxiliar"," 90583 ","SINAPI","VIBRADOR DE IMERSÃO, DIÂMETRO DE PONTEIRA 45MM, MOTOR ELÉTRICO TRIFÁSICO POTÊNCIA DE 2 CV - JUROS. AF_06/2015","CHOR - CUSTOS HORÁRIOS DE MÁQUINAS E EQUIPAMENTOS",null,"H",1,0.06,0.06]
["Composição Auxiliar"," 90582 ","SINAPI","VIBRADOR DE IMERSÃO, DIÂMETRO DE PONTEIRA 45MM, MOTOR ELÉTRICO TRIFÁSICO POTÊNCIA DE 2 CV - DEPRECIAÇÃO. AF_06/2015","CHOR - CUSTOS HORÁRIOS DE MÁQUINAS E EQUIPAMENTOS",null,"H",1,0.5,0.5]
[{"$nulls":4},"MO sem LS =>",0,"LS =>",0,"MO com LS =>",0]
[{"$nulls":4},"Valor do BDI =>",0.32,null,"Valor com BDI =>",null,1.65]
[]
[null,"Código","Banco","Descrição","Tipo",null,"Und","Quant.","Valor Unit","Total"]
["Composição"," 90582 ","SINAPI","VIBRADOR DE IMERSÃO, DIÂMETRO DE PONTEIRA 45MM, MOTOR ELÉTRICO TRIFÁSICO POTÊNCIA DE 2 CV - DEPRECIAÇÃO. AF_06/2015","CHOR - CUSTOS HORÁRIOS DE MÁQUINAS E EQUIPAMENTOS",null,"H",1,0.5,0.5]
["Insumo"," 00013896 ","SINAPI","VIBRADOR DE IMERSAO, DIAMETRO DA PONTEIRA DE *45* MM, COM MOTOR ELETRICO TRIFASICO DE 2 HP (2 CV)","Equipamento",null,"UN",1.2799999999999999E-4,3978.58,0.5]
[{"$nulls":4},"MO sem LS =>",0,"LS =>",0,"MO com LS =>",0]
[{"$nulls":4},"Valor do BDI =>",0.12,null,"Valor com BDI =>",null,0.62]
[]
[null,"Código","Banco","Descrição","Tipo",null,"Und","Quant.","Valor Unit","Total"]
["Composição"," 90583 ","SINAPI","VIBRADOR DE IMERSÃO, DIÂMETRO DE PONTEIRA 45MM, MOTOR ELÉTRICO TRIFÁSICO POTÊNCIA DE 2 CV - JUROS. AF_06/2015","CHOR - CUSTOS HORÁRIOS DE MÁQUINAS E EQUIPAMENTOS",null,"H",1,0.06,0.06]
["Insumo"," 00013896 ","SINAPI","VIBRADOR DE IMERSAO, DIAMETRO DA PONTEIRA DE *45* MM, COM MOTOR ELETRICO TRIFASICO DE 2 HP (2 CV)","Equipamento",null,"UN",1.5099999999999999E-5,3978.58,0.06]
[{"$nulls":4},"MO sem LS =>",0,"LS =>",0,"MO com LS =>",0]
[{"$nulls":4},"Valor do BDI =>",0.01,null,"Valor com BDI =>",null,7.0000000000000007E-2]
[]
[null,"Código","Banco","Descrição","Tipo",null,"Und","Quant.","Valor Unit","Total"]
["Composição"," 90584 ","SINAPI","VIBRADOR DE IMERSÃO, DIÂMETRO DE PONTEIRA 45MM, MOTOR ELÉTRICO TRIFÁSICO POTÊNCIA DE 2 CV - MANUTENÇÃO. AF_06/2015","CHOR - CUSTOS HORÁRIOS DE MÁQUINAS E EQUIPAMENTOS",null,"H",1,0.39,0.39]
["Insumo"," 00013896 ","SINAPI","VIBRADOR DE IMERSAO, DIAMETRO DA PONTEIRA DE *45* MM, COM MOTOR ELETRICO TRIFASICO DE 2 HP (2 CV)","Equipamento",null,"UN",1E-4,3978.58,0.39]
[{"$nulls":4},"MO sem LS =>",0,"LS =>",0,"MO com LS =>",0]
[{"$nulls":4},"Valor do BDI =>",0.09,null,"Valor com BDI =>",null,0.48]
[]
[null,"Código","Banco","Descrição","Tipo",null,"Und","Quant.","Valor Unit","Total"]
["Composição"," 90585 ","SINAPI","VIBRADOR DE IMERSÃO, DIÂMETRO DE PONTEIRA 45MM, MOTOR ELÉTRICO TRIFÁSICO POTÊNCIA DE 2 CV - MATERIAIS NA OPERAÇÃO. AF_06/2015","CHOR - CUSTOS HORÁRIOS DE MÁQUINAS E EQUIPAMENTOS",null,"H",1,0.38,0.38]
["Insumo"," 00002705 ","SINAPI","ENERGIA ELETRICA ATE 2000 KWH INDUSTRIAL, SEM DEMANDA","Material",null,"KWH",0.52,0.74,0.38]
[{"$nulls":4},"MO sem LS =>",0,"LS =>",0,"MO com LS =>",0]
[{"$nulls":4},"Valor do BDI =>",0.09,null,"Valor com BDI =>",null,0.47]
[]
[null,"Código","Banco","Descrição","Tipo",null,"Und","Quant.","Valor Unit","Total"]
["Composição"," 86879 ","SINAPI","VÁLVULA EM PLÁSTICO 1\u0094 PARA PIA, TANQUE OU LAVATÓRIO, COM OU SEM LADRÃO - FORNECIMENTO E INSTALAÇÃO. AF_01/2020","INHI - INSTALAÇÕES HIDROS SANITÁRIAS",null,"UN",1,6.51,6.51]
["Composição Auxiliar"," 88316 ","SINAPI","SERVENTE COM ENCARGOS COMPLEMENTARES","SEDI - SERVIÇOS DIVERSOS",null,"H",3.8800000000000001E-2,15.9,0.61]
["Composição Auxiliar"," 88267 ","SINAPI","ENCANADOR OU BOMBEIRO HIDRÁULICO COM ENCARGOS COMPLEMENTARES","SEDI - SERVIÇOS DIVERSOS",null,"H",0.1232,20.73,2.5499999999999998]
["Insumo"," 00003146 ","SINAPI","FITA VEDA ROSCA EM ROLOS DE 18 MM X 10 M (L X C)","Material",null,"UN",3.32E-2,3.6,0.11]
["Insumo"," 00006153 ","SINAPI","VALVULA EM PLASTICO BRANCO PARA TANQUE OU LAVATORIO 1 \", SEM UNHO E SEM LADRAO","Material",null,"UN",1,3.24,3.24]
[{"$nulls":4},"MO sem LS =>",2.71,"LS =>",0,"MO com LS =>",2.71]
[{"$nulls":4},"Valor do BDI =>",1.57,null,"Valor com BDI =>",null,8.08]
[]
[null,"Código","Banco","Descrição","Tipo",null,"Und","Quant.","Valor Unit","Total"]
["Composição"," 86880 ","SINAPI","VÁLVULA EM PLÁSTICO CROMADO TIPO AMERICANA 3.1/2\u0094 X 1.1/2\u0094 SEM ADAPTADOR PARA PIA - FORNECIMENTO E INSTALAÇÃO. AF_01/2020","INHI - INSTALAÇÕES HIDROS SANITÁRIAS",null,"UN",1,19.350000000000001,19.350000000000001]
["Composição Auxiliar"," 88267 ","SINAPI","ENCANADOR OU BOMBEIRO HIDRÁULICO COM ENCARGOS COMPLEMENTARES","SEDI - SERVIÇOS DIVERSOS",null,"H",0.1232,20.73,2.5499999999999998]
["Composição Auxiliar"," 88316 ","SINAPI","SERVENTE COM ENCARGOS COMPLEMENTARES","SEDI - SERVIÇOS DIVERSOS",null,"H",3.8800000000000001E-2,15.9,0.61]
["Insumo"," 00003146 ","SINAPI","FITA VEDA ROSCA EM ROLOS DE 18 MM X 10 M (L X C)","Material",null,"UN",4.8000000000000001E-2,3.6,0.17]
["Insumo"," 00006155 ","SINAPI","VALVULA EM PLASTICO CROMADO TIPO AMERICANA PARA PIA DE COZINHA 3.1/2 \" X 1.1/2 \", SEM ADAPTADOR","Material",null,"UN",1,16.02,16.02]
[{"$nulls":4},"MO sem LS =>",2.71,"LS =>",0,"MO com LS =>",2.71]
[{"$nulls":4},"Valor do BDI =>",4.68,null,"Valor com BDI =>",null,24.03]

{"sheet":"Cronograma","index":3,"n_rows":35,"n_cols":54,"rows_kept":35,"cut":false,"hidden":false,"merged":[[6,3,7,3],[6,4,7,4],[8,3,9,3],[8,4,9,4],[10,3,11,3],[10,4,11,4],[18,3,19,3],[18,4,19,4],[12,4,13,4],[14,3,15,3],[14,4,15,4],[16,3,17,3],[16,4,17,4],[12,3,13,3]]}
[]
[]
[]
[]
[]
[null,null,null,"ITEM","DESCRIÇÃO","TOTAL POR ETAPA","MÊS 1","MÊS 2","MÊS 3","MÊS 4","MÊS 5","MÊS 6","MÊS 7","MÊS 8","MÊS 9","MÊS 10","MÊS 11","MÊS 12","MÊS 13","MÊS 14","MÊS 15","MÊS 16","MÊS 17","MÊS 18","MÊS 19","MÊS 20","MÊS 21","MÊS 22","MÊS 23","MÊS 24","MÊS 25","MÊS 26","MÊS 27","MÊS 28","MÊS 29","MÊS 30","MÊS 31","MÊS 32","MÊS 33","MÊS 34","MÊS 35","MÊS 36","MÊS 37","MÊS 38","MÊS 39","MÊS 40","MÊS 41","MÊS 42","MÊS 43","MÊS 44","MÊS 45","MÊS 46","MÊS 47","MÊS 48"]
[null,null,null,1,"ELABORAÇÃO DE PROJETO EXECUTIVO",1,{"$f":"$F$7/3","v":0.33333333333333331},{"$f":"$F$7/3","v":0.33333333333333331},{"$f":"$F$7/3","v":0.33333333333333331}]
[{"$nulls":5},820692.75,{"$f":"$F$8*G7","v":273564.25},{"$f":"$F$8*H7","v":273564.25},{"$f":"$F$8*I7","v":273564.25}]
[null,null,null,2,"SERVIÇOS INICIAIS",1,{"$f":"$F$9/48","v":2.0833333333333332E-2},{"$f":"$F$9/48","v":2.0833333333333332E-2},2.0833333333333332E-2,2.0833333333333332E-2,2.0833333333333332E-2,2.0833333333333332E-2,2.0833333333333332E-2,2.0833333333333332E-2,2.0833333333333332E-2,2.0833333333333332E-2,2.0833333333333332E-2,2.0833333333333332E-2,2.0833333333333332E-2,2.0833333333333332E-2,2.0833333333333332E-2,2.0833333333333332E-2,2.0833333333333332E-2,2.0833333333333332E-2,2.0833333333333332E-2,2.0833333333333332E-2,2.0833333333333332E-2,2.0833333333333332E-2,2.0833333333333332E-2,2.0833333333333332E-2,2.0833333333333332E-2,2.0833333333333332E-2,2.0833333333333332E-2,2.0833333333333332E-2,2.0833333333333332E-2,2.0833333333333332E-2,2.0833333333333332E-2,2.0833333333333332E-2,2.0833333333333332E-2,2.0833333333333332E-2,2.0833333333333332E-2,2.0833333333333332E-2,2.0833333333333332E-2,2.0833333333333332E-2,2.0833333333333332E-2,2.0833333333333332E-2,2.0833333333333332E-2,2.0833333333333332E-2,2.0833333333333332E-2,2.0833333333333332E-2,2.0833333333333332E-2,2.0833333333333332E-2,2.0833333333333332E-2,2.0833333333333332E-2]
[{"$nulls":5},1541485.82,{"$f":"$F$10*G9","v":32114.287916666668},{"$f":"$F$10*H9","v":32114.287916666668},{"$f":"$F$10*I9","v":32114.287916666668},32114.287916666668,32114.287916666668,32114.287916666668,32114.287916666668,32114.287916666668,32114.287916666668,32114.287916666668,32114.287916666668,32114.287916666668,32114.287916666668,32114.287916666668,32114.287916666668,32114.287916666668,32114.287916666668,32114.287916666668,32114.287916666668,32114.287916666668,32114.287916666668,32114.287916666668,32114.287916666668,32114.287916666668,32114.287916666668,32114.287916666668,32114.287916666668,32114.287916666668,32114.287916666668,32114.287916666668,32114.287916666668,32114.287916666668,32114.287916666668,32114.287916666668,32114.287916666668,32114.287916666668,32114.287916666668,32114.287916666668,32114.287916666668,32114.287916666668,32114.287916666668,32114.287916666668,32114.287916666668,32114.287916666668,32114.287916666668,32114.287916666668,32114.287916666668,32114.287916666668]
[null,null,null,3,"INFRA-ESTRUTURA E FUNDAÇÕES (6 EIXOS)",1,null,null,null,{"$f":"$F$11/13","v":7.6923076923076927E-2},{"$f":"$F$11/13","v":7.6923076923076927E-2},7.6923076923076927E-2,7.6923076923076927E-2,7.6923076923076927E-2,7.6923076923076927E-2,7.6923076923076927E-2,7.6923076923076927E-2,7.6923076923076927E-2,7.6923076923076927E-2,7.6923076923076927E-2,7.6923076923076927E-2,7.6923076923076927E-2]
[{"$nulls":5},6512456.2000000002,null,null,null,{"$f":"$F$12*J11","v":500958.16923076927},500958.16923076927,500958.16923076927,500958.16923076927,500958.16923076927,500958.16923076927,500958.16923076927,500958.16923076927,500958.16923076927,500958.16923076927,500958.16923076927,500958.16923076927,500958.16923076927]
[null,null,null,4,"MESO ESTRUTURAS EM CONCRETO ARMADO",1,{"$nulls":12},{"$f":"$F$13/21","v":4.7619047619047616E-2},{"$f":"$F$13/21","v":4.7619047619047616E-2},4.7619047619047616E-2,4.7619047619047616E-2,4.7619047619047616E-2,4.7619047619047616E-2,4.7619047619047616E-2,4.7619047619047616E-2,4.7619047619047616E-2,4.7619047619047616E-2,4.7619047619047616E-2,4.7619047619047616E-2,4.7619047619047616E-2,4.7619047619047616E-2,4.7619047619047616E-2,4.7619047619047616E-2,4.7619047619047616E-2,4.7619047619047616E-2,4.7619047619047616E-2,4.7619047619047616E-2,4.7619047619047616E-2]
[{"$nulls":5},777472.5,{"$nulls":12},{"$f":"$F$14*S13","v":37022.5},{"$f":"$F$14*T13","v":37022.5},37022.5,37022.5,37022.5,37022.5,37022.5,37022.5,37022.5,37022.5,37022.5,37022.5,37022.5,37022.5,37022.5,37022.5,37022.5,37022.5,37022.5,37022.5,37022.5]
[null,null,null,5,"SUPER ESTRUTURA",1,{"$nulls":12},{"$f":"$F$15/32","v":3.125E-2},3.125E-2,3.125E-2,3.125E-2,3.125E-2,3.125E-2,3.125E-2,3.125E-2,3.125E-2,3.125E-2,3.125E-2,3.125E-2,3.125E-2,3.125E-2,3.125E-2,3.125E-2,3.125E-2,3.125E-2,3.125E-2,3.125E-2,3.125E-2,3.125E-2,3.125E-2,3.125E-2,3.125E-2,3.125E-2,3.125E-2,3.125E-2,3.125E-2,3.125E-2,3.125E-2,3.125E-2]
[{"$nulls":5},10184925.199999999,{"$nulls":12},{"$f":"$F$16*S15","v":318278.91249999998},{"$f":"$F$16*T15","v":318278.91249999998},318278.91249999998,318278.91249999998,{"$f":"$F$16*W15","v":318278.91249999998},{"$f":"$F$16*X15","v":318278.91249999998},318278.91249999998,318278.91249999998,318278.91249999998,318278.91249999998,318278.91249999998,318278.91249999998,318278.91249999998,318278.91249999998,318278.91249999998,318278.91249999998,318278.91249999998,318278.91249999998,318278.91249999998,318278.91249999998,318278.91249999998,318278.91249999998,318278.91249999998,318278.91249999998,318278.91249999998,318278.91249999998,318278.91249999998,318278.91249999998,318278.91249999998,318278.91249999998,318278.91249999998,318278.91249999998]
[null,null,null,6,"RAMPAS DE ACESSO E ILUMINAÇÃO",1,{"$nulls":24},{"$f":"$F$17/24","v":4.1666666666666664E-2},4.1666666666666664E-2,4.1666666666666664E-2,4.1666666666666664E-2,4.1666666666666664E-2,4.1666666666666664E-2,4.1666666666666664E-2,4.1666666666666664E-2,4.1666666666666664E-2,4.1666666666666664E-2,4.1666666666666664E-2,4.1666666666666664E-2,4.1666666666666664E-2,4.1666666666666664E-2,4.1666666666666664E-2,4.1666666666666664E-2,4.1666666666666664E-2,4.1666666666666664E-2,4.1666666666666664E-2,4.1666666666666664E-2,4.1666666666666664E-2,4.1666666666666664E-2,4.1666666666666664E-2,4.1666666666666664E-2]
[{"$nulls":5},11030582.640000001,{"$nulls":24},{"$f":"$F$18*AE17","v":459607.61},{"$f":"$F$18*AF17","v":459607.61},459607.61,459607.61,459607.61,459607.61,459607.61,459607.61,459607.61,459607.61,459607.61,459607.61,459607.61,459607.61,459607.61,459607.61,459607.61,459607.61,459607.61,459607.61,459607.61,459607.61,459607.61,459607.61]
[null,null,null,7,"ILUMINAÇÃO E ASFALTAMENTO DA PONTE \nTRIZIDELA - PEDREIRAS - 136 m",1,{"$nulls":36},{"$f":"$F$17/12","v":8.3333333333333329E-2},{"$f":"$F$17/12","v":8.3333333333333329E-2},8.3333333333333329E-2,8.3333333333333329E-2,8.3333333333333329E-2,8.3333333333333329E-2,8.3333333333333329E-2,8.3333333333333329E-2,8.3333333333333329E-2,8.3333333333333329E-2,8.3333333333333329E-2,8.3333333333333329E-2]
[{"$nulls":5},149768.04,{"$nulls":36},{"$f":"$F$20*AQ19","v":12480.67},12480.67,12480.67,12480.67,12480.67,12480.67,12480.67,12480.67,12480.67,12480.67,12480.67,12480.67]
[]
[{"$nulls":5},"%/MÊS",{"$f":"G23/$F$35","v":9.8550717975918831E-3},9.8550717975918831E-3,9.8550717975918831E-3,1.7186248580981146E-2,1.7186248580981146E-2,1.7186248580981146E-2,1.7186248580981146E-2,1.7186248580981146E-2,1.7186248580981146E-2,1.7186248580981146E-2,1.7186248580981146E-2,1.7186248580981146E-2,2.8641161162798998E-2,2.8641161162798998E-2,2.8641161162798998E-2,2.8641161162798998E-2,1.2490276776191116E-2,1.2490276776191116E-2,1.2490276776191116E-2,1.2490276776191116E-2,1.2490276776191116E-2,1.2490276776191116E-2,1.2490276776191116E-2,1.2490276776191116E-2,2.7308019710123952E-2,2.7308019710123952E-2,2.7308019710123952E-2,2.7308019710123952E-2,2.7308019710123952E-2,2.7308019710123952E-2,2.7308019710123952E-2,2.7308019710123952E-2,2.7308019710123952E-2,2.6114414826663629E-2,2.6114414826663629E-2,2.6114414826663629E-2,2.651679145333273E-2,2.651679145333273E-2,2.651679145333273E-2,2.651679145333273E-2,2.651679145333273E-2,2.651679145333273E-2,2.651679145333273E-2,2.651679145333273E-2,1.6255483754975205E-2,1.6255483754975205E-2,1.6255483754975205E-2,1.6255483754975205E-2]
[{"$nulls":5},"R$/MÊS",{"$f":"G8+G10+G12+G14+G16+G18+G20","v":305678.53791666665},{"$f":"H8+H10+H12+H14+H16+H18+H20","v":305678.53791666665},305678.53791666665,533072.45714743598,533072.45714743598,533072.45714743598,533072.45714743598,533072.45714743598,533072.45714743598,533072.45714743598,533072.45714743598,533072.45714743598,888373.86964743596,888373.86964743596,888373.86964743596,888373.86964743596,387415.70041666663,387415.70041666663,387415.70041666663,387415.70041666663,387415.70041666663,387415.70041666663,387415.70041666663,387415.70041666663,847023.31041666656,847023.31041666656,847023.31041666656,847023.31041666656,847023.31041666656,847023.31041666656,847023.31041666656,847023.31041666656,847023.31041666656,810000.81041666656,810000.81041666656,810000.81041666656,822481.4804166666,822481.4804166666,822481.4804166666,822481.4804166666,822481.4804166666,822481.4804166666,822481.4804166666,822481.4804166666,504202.56791666662,504202.56791666662,504202.56791666662,504202.56791666662]
[{"$nulls":5},"% ACUMULADO",{"$f":"G22","v":9.8550717975918831E-3},{"$f":"G24+H22","v":1.9710143595183766E-2},{"$f":"H24+I22","v":2.9565215392775651E-2},4.6751463973756797E-2,6.3937712554737944E-2,8.1123961135719097E-2,9.8310209716700236E-2,0.11549645829768138,0.13268270687866252,0.14986895545964365,0.16705520404062479,0.18424145262160593,0.21288261378440493,0.24152377494720392,0.27016493611000292,0.29880609727280194,0.31129637404899307,0.32378665082518421,0.33627692760137534,0.34876720437756648,0.36125748115375761,0.37374775792994874,0.38623803470613988,0.39872831148233101,0.42603633119245499,0.45334435090257896,0.48065237061270294,0.50796039032282692,0.53526841003295089,0.56257642974307487,0.58988444945319884,0.61719246916332282,0.6445004888734468,0.67061490370011045,0.69672931852677411,0.72284373335343777,0.74936052480677051,0.77587731626010326,0.802394107713436,0.82891089916676874,0.85542769062010149,0.88194448207343423,0.90846127352676698,0.93497806498009972,0.95123354873507493,0.96748903249005014,0.98374451624502535,1.0000000000000004]
[{"$nulls":5},"R$ ACUMULADO",{"$f":"G23","v":305678.53791666665},{"$f":"G25+H23","v":611357.07583333331},917035.61375000002,1450108.070897436,1983180.528044872,2516252.9851923082,3049325.4423397444,3582397.8994871806,4115470.3566346169,4648542.8137820531,5181615.2709294893,5714687.7280769255,6603061.5977243613,7491435.4673717972,8379809.337019233,9268183.2066666689,9655598.9070833363,10043014.607500004,10430430.307916671,10817846.008333338,11205261.708750006,11592677.409166673,11980093.109583341,12367508.810000008,13214532.120416675,14061555.430833342,14908578.741250008,15755602.051666675,16602625.362083342,17449648.672500007,18296671.982916672,19143695.293333337,19990718.603750002,20800719.414166667,21610720.224583331,22420721.034999996,23243202.515416663,24065683.99583333,24888165.476249997,25710646.956666663,26533128.43708333,27355609.917499997,28178091.397916663,29000572.87833333,29504775.446249995,30008978.014166661,30513180.582083326,31017383.149999991]
[]
[{"$nulls":6},"ANO 1",{"$f":"SUM(G23:R23)","v":5714687.7280769255}]
[{"$nulls":6},"ANO 2",{"$f":"SUM(S23:AD23)","v":6652821.081923076}]
[{"$nulls":6},"ANO 3",{"$f":"SUM(AE23:AP23)","v":10053212.225}]
[{"$nulls":6},"ANO 4",{"$f":"SUM(AQ23:BB23)","v":8596662.1150000002}]
[{"$nulls":7},{"$f":"SUM(H27:H30)","v":31017383.150000006}]
[]
[]
[]
[{"$nulls":5},{"$f":"F20+F18+F16+F14+F12+F10+F8","v":31017383.149999999}]

{"sheet":"Curva ABC","index":4,"n_rows":63,"n_cols":10,"rows_kept":63,"cut":false,"hidden":false,"merged":[[0,4,0,6],[0,7,0,9],[1,4,1,6],[1,7,1,9],[2,0,2,9]]}
[null,null,"Obra","Bancos","B.D.I.",null,null,"Encargos Sociais"]
[null,null,"PROJETO BÁSICO DE UMA PONTE MISTA EM CONCRETO E AÇO SOBRE O RIO MEARIM LIGANDO PEDREIRAS A TRIZIDELA DO VALE COM EXTENSÃO DE 136M E LARGURA 12,20M CLASSE 45TON.","SINAPI - 05/2022 - Maranhão\nSBC - 07/2022 - Maranhão\nSICRO3 - 01/2022 - Maranhão\nSICRO2 - 11/2016 - Maranhão\nCAEMA - 12/2019 - Maranhão\n","24,23%"]
["Curva ABC de Serviços"]
["Código","Banco","Descrição","Tipo","Und","Quant.","Valor  Unit","Total","Peso (%)","Peso Acumulado (%)"]
[" COMP PRP - 0010 ","Próprio","Fornecimento, fabricação e montagem de estrutura em Aço ASTM A-588 (NBR 5008), para Vigamentos, transversinas, contraventamentos e demais acessórios, inclusive todos os serviços de nivelamento e ajustes de montagem, soldas, chumbadores, conectores e ligações. - BDI = 15,92","SEES - SERVIÇOS ESPECIAIS","KG","273.900,0","25,24","6.913.236,00","27,15","27,15"]
[" 2 S 05 303 08 ","SICRO2","Terra armada - ECE - encontro portante 6,0","Construção Rodoviária","m²","8.506,8","320,00","2.722.176,00","10,69","37,85"]
[" 6106319 ","SICRO3","Escavação manual de fuste de tubulão a ar comprimido em material de 2ª categoria na profundidade de 10 a 15 m","","m³","336,12","6.685,26","2.247.049,59","8,83","46,67"]
[" 0407819 ","SICRO3","Armação em aço CA-50 - fornecimento, preparo e colocação","","kg","149.535,25","12,48","1.866.199,92","7,33","54,00"]
[" 2 S 05 303 09 ","SICRO2","Escamas de concreto armado para terra armada","Construção Rodoviária","m³","1.968,11","881,94","1.735.754,93","6,82","60,82"]
[" 6106213 ","SICRO3","Escavação manual de base alargada de tubulão a ar comprimido em material de 3ª categoria na profundidade de 10 a 15 m","","m³","126,1","11.187,89","1.410.792,92","5,54","66,36"]
[" 055046 ","SBC","TUBO FERRO GALVANIZADO 3\"\"","INSTALACOES HIDRAULICAS - INCENDIO","M","6.036,0","183,59","1.108.149,24","4,35","70,71"]
[" 2 S 05 303 07 ","SICRO2","Terra armada - ECE - encontro portante 0,0","Construção Rodoviária","m²","3.586,2","238,00","853.515,60","3,35","74,07"]
[" 879 ","Próprio","ADMINISTRAÇÃO DA OBRA","ASTU - ASSENTAMENTO DE TUBOS E PECAS","MES","1,0","851.844,86","851.844,86","3,35","77,41"]
[" 1107900 ","SICRO3","Concreto fck = 30 MPa - confecção em betoneira e lançamento manual - areia e brita comerciais","","m³","1.906,06","439,05","836.855,64","3,29","80,70"]
[" 3108016 ","SICRO3","Fôrmas de compensado plastificado 14 mm - uso geral - utilização de 2 vezes - confecção, instalação e retirada","","m²","6.503,92","108,72","707.106,18","2,78","83,48"]
[" 2 S 03 119 01 ","SICRO2","Escoramento com madeira de OAE","Construção Rodoviária","m³","11.469,32","57,45","658.912,43","2,59","86,07"]
[" COMP PRP - 0002 ","Próprio","Contratação de Serviço para Detalhamento e Eleboraçâo de Projeto Executivo","SERP - SERVIÇOS PRELIMINARES","m²","1.659,2","389,59","646.407,72","2,54","88,60"]
[" COMP PRP - 0008 ","Próprio","PONTE BRANCA DE MADEIRA PARA ACESSO AOS TUBULOES E/OU BATE ESTACAS","SEES - SERVIÇOS ESPECIAIS","m³","3.362,88","187,77","631.447,97","2,48","91,08"]
[" 5 S 05 303 09 ","SICRO2","Escamas de concreto armado para terra armada","Restauração Rodoviária","m³","416,49","881,94","367.319,19","1,44","92,53"]
[" CP021 ","Próprio","AQUISIÇÃO DE CAP 50/70","PAVI - PAVIMENTAÇÃO","T","48,45","6.350,00","307.657,50","1,21","93,74"]
[" 93207 ","SINAPI","EXECUÇÃO DE ESCRITÓRIO EM CANTEIRO DE OBRA EM CHAPA DE MADEIRA COMPENSADA, NÃO INCLUSO MOBILIÁRIO E EQUIPAMENTOS. AF_02/2016","CANT - CANTEIRO DE OBRAS","m²","240,0","1.160,15","278.436,00","1,09","94,83"]
[" CPCF33 ","Próprio","Poste em ferro galvanizado 3\" x 8 m, completo, inclusive base sustentação - 01 luminária com lâmpada",96,"un","58,0","2.900,44","168.225,52","0,66","95,49"]
[" 2306113 ","SICRO3","Estaca trilho TR 68 - fornecimento e cravação","","m","384,0","374,70","143.884,80","0,57","96,06"]
[" 4011463 ","SICRO3","Concreto asfáltico - faixa C - areia e brita comerciais","","t","692,13","166,13","114.983,55","0,45","96,51"]
[" 2 S 05 303 10 ","SICRO2","Concr. soleira e arremates de maciço terra armada","Construção Rodoviária","m³","370,52","278,76","103.286,15","0,41","96,91"]
[" 2003323 ","SICRO3","Sarjeta triangular de concreto - STC 03 - escavação mecânica - areia e brita comerciais","","m","2.012,0","50,39","101.384,68","0,40","97,31"]
[" 5914389 ","SICRO3","Transporte com caminhão basculante de 10 m³ - rodovia pavimentada (Até 150 KM DA USINA)","","tkm","103.819,5","0,67","69.559,06","0,27","97,58"]
[" 00001581 ","Próprio","MOBILIZAÇÃO E DESMOBILIZAÇÃO DE OBRA","SEDI - SERVIÇOS DIVERSOS","UN","1,0","64.179,23","64.179,23","0,25","97,84"]
[" 5914479 ","SICRO3","Transporte com caminhão carroceria de 15 t - rodovia pavimentada","","tkm","82.170,0","0,66","54.232,20","0,21","98,05"]
[" 1106051 ","SICRO3","Lançamento livre de concreto usinado por meio de caminhão betoneira - confecção em central dosadora de 40 m³/h","","m³","1.443,84","34,26","49.465,95","0,19","98,24"]
[" CP724 ","Próprio","AQUISIÇÃO DE CM-30","SEDI - SERVIÇOS DIVERSOS","T","6,68","7.380,00","49.298,40","0,19","98,44"]
[" 210023 ","SBC","LIMPEZA FINAL DE OBRAS","LIMPEZA","m²","1.659,2","29,06","48.216,35","0,19","98,63"]
[" 5914359 ","SICRO3","Transporte com caminhão basculante de 10 m³ - rodovia em leito natural","","tkm","34.561,79","1,03","35.598,64","0,14","98,77"]
[" 91933 ","SINAPI","CABO DE COBRE FLEXÍVEL ISOLADO, 10 MM², ANTI-CHAMA 0,6/1,0 KV, PARA CIRCUITOS TERMINAIS - FORNECIMENTO E INSTALAÇÃO. AF_12/2015","INEL - INSTALAÇÃO ELÉTRICA/ELETRIFICAÇÃO E ILUMINAÇÃO EXTERNA","M","2.213,2","15,78","34.924,29","0,14","98,90"]
[" COMP PRP - 0009 ","Próprio","PLATAFORMA DE MADEIRA PARA CRAVAÇÃO DE ESTACAS EIXOS 1 E 6","SEES - SERVIÇOS ESPECIAIS","m³","180,0","187,77","33.798,60","0,13","99,04"]
[" CPCF35 ","Próprio","Poste PNG em ferro galvanizado 3\" x 8 m, completo, inclusive base sustentação - 02 luminária com lâmpada",96,"un","9,0","3.180,44","28.623,96","0,11","99,15"]
[" 97667 ","SINAPI","ELETRODUTO FLEXÍVEL CORRUGADO, PEAD, DN 50 (1 1/2\"), PARA REDE ENTERRADA DE DISTRIBUIÇÃO DE ENERGIA ELÉTRICA - FORNECIMENTO E INSTALAÇÃO. AF_12/2021","INEL - INSTALAÇÃO ELÉTRICA/ELETRIFICAÇÃO E ILUMINAÇÃO EXTERNA","M","2.102,0","9,12","19.170,24","0,08","99,22"]
[" CP010 ","Próprio","TRANSPORTE DE CAP 50/70","PAVI - PAVIMENTAÇÃO","T","48,45","385,58","18.681,35","0,07","99,30"]
[" COMP PRP - 0007 ","Próprio","LOCACAO DE CONTAINER 2,30 X 6,00 M, ALT. 2,50 M, PARA SANITARIO, COM 4 BACIAS, 8 CHUVEIROS,1 LAVATORIO E 1 MICTORIO","SEOP - SERVIÇOS OPERACIONAIS","MES","18,0","1.037,50","18.675,00","0,07","99,37"]
[" COMP PRP - 0006 ","Próprio","LOCACAO DE CONTAINER 2,30 X 6,00 M, ALT. 2,50 M, COM 1 SANITARIO, PARA ESCRITORIO, COMPLETO, SEM DIVISORIAS INTERNAS","SEOP - SERVIÇOS OPERACIONAIS","MES","18,0","830,00","14.940,00","0,06","99,43"]
[" 0307731 ","SICRO3","Aparelho de apoio de neoprene fretado para estruturas moldadas no local - fornecimento e instalação","","dm³","129,6","100,92","13.079,23","0,05","99,48"]
[" COMP PRP - 0004 ","Próprio","SONDAGEM DE PERCUSSAO  DE CONFIRMAÇÃO (M)","SERP - SERVIÇOS PRELIMINARES","M","100,0","128,00","12.800,00","0,05","99,53"]
[" 6106218 ","SICRO3","Colocação e retirada de campânula de ar comprimido em tubulão com apoio de guindaste","","un","30,0","411,27","12.338,10","0,05","99,58"]
[" COMP PRP - 0005 ","Próprio","LOCACAO DE CONTAINER 2,30 X 6,00 M, ALT. 2,50 M, PARA ESCRITORIO, SEM DIVISORIAS INTERNAS E SEM SANITARIO","SEOP - SERVIÇOS OPERACIONAIS","MES","18,0","648,43","11.671,74","0,05","99,63"]
[" 4011209 ","SICRO3","Regularização do subleito","","m²","12.093,0","0,96","11.609,28","0,05","99,67"]
[" 2006408 ","SICRO3","Dreno de PVC D = 75 mm para OAE - fornecimento e instalação","","m","164,0","64,32","10.548,48","0,04","99,71"]
[" 4016007 ","SICRO3","Escavação e carga de material de jazida com trator de 97 kW e carregadeira de 1,72 m³","","m³","2.418,6","4,22","10.206,49","0,04","99,75"]
[" 5502978 ","SICRO3","Compactação de aterros a 100% do Proctor normal","","m³","2.418,6","4,13","9.988,81","0,04","99,79"]
[" 91927 ","SINAPI","CABO DE COBRE FLEXÍVEL ISOLADO, 2,5 MM², ANTI-CHAMA 0,6/1,0 KV, PARA CIRCUITOS TERMINAIS - FORNECIMENTO E INSTALAÇÃO. AF_12/2015","INEL - INSTALAÇÃO ELÉTRICA/ELETRIFICAÇÃO E ILUMINAÇÃO EXTERNA","M","1.768,8","5,24","9.268,51","0,04","99,83"]
[" CPCF34 ","Próprio","CAIXA DE PASSAGEM 40X40X50CM FUNDO DE BRITA COM TAMPA",7,"Un","67,0","119,82","8.027,94","0,03","99,86"]
[" 020712 ","SBC","CORTE DE TRILHOS DE ACO TR-45/68Kgf/m COM ELETRODOS ELETRICOS","PREPARACAO DO TERRENO","M","384,0","20,86","8.010,24","0,03","99,89"]
[" 1100657 ","SICRO3","Adensamento de concreto por vibrador de imersão","","m³","1.906,06","3,07","5.851,60","0,02","99,91"]
[" 5914434 ","SICRO3","Transporte com caminhão carroceria de 9 t - rodovia pavimentada","","tkm","7.833,0","0,70","5.483,10","0,02","99,94"]
[" 1106057 ","SICRO3","Concreto magro - confecção em betoneira e lançamento manual - areia e brita comerciais","","m³","10,17","384,72","3.912,60","0,02","99,95"]
[" CP716 ","Próprio","Transporte de asfalto diluído tipo cm-30","ASTU - ASSENTAMENTO DE TUBOS E PECAS","T","6,68","385,58","2.575,67","0,01","99,96"]
[" 4011352 ","SICRO3","Imprimação com emulsão asfáltica","","m²","5.568,0","0,38","2.115,84","0,01","99,97"]
[" 3290 ","ORSE","Aterramento composto de haste de cobre l = 2,40m, interligada com cabo de cobre tipo cordoalha","Conversão InfoWOrca","un","22,0","87,84","1.932,48","0,01","99,98"]
[" CP193 ","Próprio","Aquisição de emulsão asfáltica rr-2c","ASTU - ASSENTAMENTO DE TUBOS E PECAS","t","0,39","3.960,65","1.544,65","0,01","99,98"]
[" COMP PRP - 0003 ","Próprio","Aprovações Órgãos Oficiais, Taxas e Registros de Obras","SERP - SERVIÇOS PRELIMINARES","und","1,0","1.426,50","1.426,50","0,01","99,99"]
[" 1108055 ","SICRO3","Argamassa autoadensável para reparos e grauteamento - confecção em misturador e lançamento manual","","m³","0,51","2.789,76","1.422,77","0,01","99,99"]
[" 016500 ","SBC","PLACA DE RESPONSABILIDADE TECNICA EM OBRAS","DESPESAS LEGAIS","m²","25,0","43,46","1.086,50","0,00","100,00"]
[" 4011353 ","SICRO3","Pintura de ligação","","m²","870,4","0,27","235,00","0,00","100,00"]
[" CP612 ","Próprio","TRANSPORTE DE EMULSÃO ASFÁLTICA RR-2C","TRAN - TRANSPORTES, CARGAS E DESCARGAS","t","0,39","385,58","150,37","0,00","100,00"]